{"text_format":"3","workbook":"xlsx","n_sheets":1,"sheets":["评估明细表-宁德时代1076台"],"not_rendered":{"defined_names":578},"read":"whole","date_system":"1900"}

{"sheet":"评估明细表-宁德时代1076台","index":0,"n_rows":1084,"n_cols":30,"rows_kept":1084,"merged":[[0,0,0,29],[1,0,1,29],[2,0,2,29],[3,0,4,0],[3,1,4,1],[3,2,4,2],[3,3,4,3],[3,4,4,4],[3,5,4,5],[3,6,4,6],[3,7,4,7],[3,8,4,8],[3,9,4,9],[3,10,4,10],[3,11,4,11],[3,12,4,12],[3,13,4,13],[3,14,4,14],[3,15,4,15],[3,16,4,16],[3,17,4,17],[3,18,4,18],[3,19,4,19],[3,20,4,20],[3,21,4,21],[3,22,4,22],[3,23,4,23],[3,24,4,24],[3,25,4,25],[3,26,4,26],[3,27,4,27],[3,28,4,28],[3,29,4,29],[1081,0,1081,15],[1082,0,1082,20]]}
["资产评估明细表"]
["评估基准日：2025年8月31日"]
["委托人：长沙公交运营有限公司"]
["序号","新自编号","所属业务部","所属车队","车队长","所属线路","旧自编号","新自编号","旧牌照号","新牌照号","车型","车辆识别代码（VIN码）","燃料","注册日期","注册日期","车身长度","载电量","电池品牌","载电量\n（度）","充电类型","厂牌","2025年运营状况","空调品牌","2025Miami1-4月平均百公里能耗","8.14确定换电、闲置","行驶里程","容量","评估单价\n（元/度）","评估总价\n（元）","备注"]
[]
[1,2824,"三业务部","10车队","吴亚武15116101410","38路",2824,2824,"湘AF5850","湘A98570D","TEG6106BEV11","LHWCJ95D9H1174370","电动",2017,"2017-12-18","10米","162度","宁德时代",162,"直流","中车时代","常规线路营运","精益",null,"换电",{"v":295975.461,"d":"295,975.46"},{"v":0.7939,"d":"79.39%"},{"v":82.5,"d":"82.50"},{"v":13365,"d":"13,365.00"}]
[2,2825,"三业务部","3车队","丁广新15367802570","365路",2825,2825,"湘AF5317","湘A90621D","TEG6106BEV11","LHWCJ95D0H1174371","电动",2017,"2017-12-18","10米","162度","宁德时代",162,"直流","中车时代","常规线路营运","精益",null,"换电",{"v":314436.886,"d":"314,436.89"},{"v":0.7688,"d":"76.88%"},{"v":82.5,"d":"82.50"},{"v":13365,"d":"13,365.00"}]
[3,2826,"三业务部","3车队","丁广新15367802570","365路",2826,2826,"湘AF5616","湘A08522D","TEG6106BEV11","LHWCJ95D2H1174372","电动",2017,"2017-12-18","10米","162度","宁德时代",162,"直流","中车时代","常规线路营运","精益",null,"换电",{"v":308825.816,"d":"308,825.82"},{"v":0.7574,"d":"75.74%"},{"v":82.5,"d":"82.50"},{"v":13365,"d":"13,365.00"}]
[4,2827,"三业务部","3车队","丁广新15367802570","124路",2827,2827,"湘AF5980","湘A04396D","TEG6106BEV11","LHWCJ95D4H1174373","电动",2017,"2017-12-18","10米","162度","宁德时代",162,"直流","中车时代","常规线路营运","精益",null,"换电",{"v":272193.007,"d":"272,193.01"},{"v":0.8609,"d":"86.09%"},{"v":82.5,"d":"82.50"},{"v":13365,"d":"13,365.00"}]
[5,2828,"三业务部","3车队","丁广新15367802570","124路",2828,2828,"湘AF5619","湘A97380D","TEG6106BEV11","LHWCJ95D6H1174374","电动",2017,"2017-12-18","10米","162度","宁德时代",162,"直流","中车时代","常规线路营运","精益",null,"换电",{"v":284297.989,"d":"284,297.99"},{"v":0.7848,"d":"78.48%"},{"v":82.5,"d":"82.50"},{"v":13365,"d":"13,365.00"}]
[6,2829,"三业务部","3车队","丁广新15367802570","124路",2829,2829,"湘AF5917","湘A95615D","TEG6106BEV11","LHWCJ95D8H1174375","电动",2017,"2017-12-18","10米","162度","宁德时代",162,"直流","中车时代","常规线路营运","精益",null,"换电",{"v":303609.725,"d":"303,609.73"},{"v":0.7508,"d":"75.08%"},{"v":82.5,"d":"82.50"},{"v":13365,"d":"13,365.00"}]
[7,2830,"三业务部","3车队","丁广新15367802570","124路",2830,2830,"湘AF5027","湘A96726D","TEG6106BEV11","LHWCJ95DXH1174376","电动",2017,"2017-12-18","10米","162度","宁德时代",162,"直流","中车时代","常规线路营运","精益",null,"换电",{"v":281427.764,"d":"281,427.76"},{"v":0.8182,"d":"81.82%"},{"v":82.5,"d":"82.50"},{"v":13365,"d":"13,365.00"}]
[8,2831,"三业务部","3车队","丁广新15367802570","39路",2831,2831,"湘AF5351","湘A99763D","TEG6106BEV11","LHWCJ95D1H1174377","电动",2017,"2017-12-18","10米","162度","宁德时代",162,"直流","中车时代","常规线路营运","精益",null,"换电",{"v":301026,"d":"301,026.00"},{"v":0.8558,"d":"85.58%"},{"v":82.5,"d":"82.50"},{"v":13365,"d":"13,365.00"}]
[9,2832,"二业务部","1车队","粟玉钢13974933549","809路",2832,2832,"湘AF5936","湘A03375D","TEG6106BEV11","LHWCJ95D3H1174378","电动",2017,"2017-12-18","10米","162度","宁德时代",162,"直流","中车时代","常规线路营运","精益",null,"换电",{"v":280149.071,"d":"280,149.07"},{"v":0.8526,"d":"85.26%"},{"v":82.5,"d":"82.50"},{"v":13365,"d":"13,365.00"}]
[10,2833,"三业务部","3车队","丁广新15367802570","124路",2833,2833,"湘AF5752","湘A99295D","TEG6106BEV11","LHWCJ95D5H1174379","电动",2017,"2017-12-18","10米","162度","宁德时代",162,"直流","中车时代","常规线路营运","精益",null,"换电",{"v":257924.716,"d":"257,924.72"},{"v":0.8479,"d":"84.79%"},{"v":82.5,"d":"82.50"},{"v":13365,"d":"13,365.00"}]
[11,2834,"三业务部","3车队","丁广新15367802570","124路",2834,2834,"湘AF5929","湘A92199D","TEG6106BEV11","LHWCJ95D1H1174380","电动",2017,"2017-12-18","10米","162度","宁德时代",162,"直流","中车时代","常规线路营运","精益",null,"换电",{"v":282853.389,"d":"282,853.39"},{"v":0.7764,"d":"77.64%"},{"v":82.5,"d":"82.50"},{"v":13365,"d":"13,365.00"}]
[12,2835,"二业务部","7车队","胡伟林13755159049","9路",2835,2835,"湘AF5993","湘A99362D","TEG6106BEV11","LHWCJ95D3H1174381","电动",2017,"2017-12-20","10米","162度","宁德时代",162,"直流","中车时代","常规线路营运","精益",null,"换电",{"v":313255.505,"d":"313,255.51"},{"v":0.7615,"d":"76.15%"},{"v":82.5,"d":"82.50"},{"v":13365,"d":"13,365.00"}]
[13,2836,"三业务部","8车队","黄泽左15367885799","120路",2836,2836,"湘AF5895","湘A91105D","TEG6106BEV11","LHWCJ95D5H1174382","电动",2017,"2017-12-19","10米","162度","宁德时代",162,"直流","中车时代","常规线路营运","精益",null,"换电",{"v":295621.845,"d":"295,621.85"},{"v":0.7059,"d":"70.59%"},{"v":82.5,"d":"82.50"},{"v":13365,"d":"13,365.00"}]
[14,2837,"二业务部","6车队","谭伟18008400878（主持工作）","217路",2837,2837,"湘AF5130","湘A93128D","TEG6106BEV11","LHWCJ95D7H1174383","电动",2017,"2017-12-20","10米","162度","宁德时代",162,"直流","中车时代","常规线路营运","精益",null,"换电",{"v":310299.881,"d":"310,299.88"},{"v":0.7625,"d":"76.25%"},{"v":82.5,"d":"82.50"},{"v":13365,"d":"13,365.00"}]
[15,2838,"二业务部","6车队","谭伟18008400878（主持工作）","217路",2838,2838,"湘AF5632","湘A95253D","TEG6106BEV11","LHWCJ95D9H1174384","电动",2017,"2017-12-20","10米","162度","宁德时代",162,"直流","中车时代","常规线路营运","精益",null,"换电",{"v":310547.32,"d":"310,547.32"},{"v":0.738,"d":"73.80%"},{"v":82.5,"d":"82.50"},{"v":13365,"d":"13,365.00"}]
[16,2839,"三业务部","3车队","丁广新15367802570","365路",2839,2839,"湘AF5802","湘A98317D","TEG6106BEV11","LHWCJ95D0H1174385","电动",2017,"2017-12-19","10米","162度","宁德时代",162,"直流","中车时代","常规线路营运","精益",null,"换电",{"v":291678.425,"d":"291,678.43"},{"v":0.7493,"d":"74.93%"},{"v":82.5,"d":"82.50"},{"v":13365,"d":"13,365.00"}]
[17,2900,"五业务部","3车队","朱志勇13975173864","356路",2900,2900,"湘AF5779","湘A04019D","TEG6106BEV13","LHWCJ95D2H1174386","电动",2017,"2017-12-11","10米","294度","宁德时代",294,"直流","中车时代","常规线路营运","华强",null,"换电",{"v":423192.882,"d":"423,192.88"},{"v":0.7634,"d":"76.34%"},{"v":82.5,"d":"82.50"},{"v":24255,"d":"24,255.00"}]
[18,2901,"五业务部","3车队","朱志勇13975173864","356路",2901,2901,"湘AF5071","湘A09944D","TEG6106BEV13","LHWCJ95D4H1174387","电动",2017,"2017-12-11","10米","294度","宁德时代",294,"直流","中车时代","常规线路营运","华强",null,"换电",{"v":401203.848,"d":"401,203.85"},{"v":0.7125,"d":"71.25%"},{"v":82.5,"d":"82.50"},{"v":24255,"d":"24,255.00"}]
[19,2902,"五业务部","3车队","朱志勇13975173864","356路",2902,2902,"湘AF5556","湘A04836D","TEG6106BEV13","LHWCJ95D6H1174388","电动",2017,"2017-12-11","10米","294度","宁德时代",294,"直流","中车时代","常规线路营运","华强",null,"换电",{"v":417490.175,"d":"417,490.18"},{"v":0.7962,"d":"79.62%"},{"v":82.5,"d":"82.50"},{"v":24255,"d":"24,255.00"}]
[20,2903,"一业务部","2车队","聂晓辉15387520328","7路",2903,2903,"湘AF5769","湘A02733D","TEG6106BEV13","LHWCJ95D8H1174389","电动",2017,"2017-12-11","10米","294度","宁德时代",294,"直流","中车时代","常规线路营运","华强",null,"换电",{"v":403667.6,"d":"403,667.60"},{"v":0.7498,"d":"74.98%"},{"v":82.5,"d":"82.50"},{"v":24255,"d":"24,255.00"}]
[21,2904,"一业务部","2车队","聂晓辉15387520328","7路",2904,2904,"湘AF5701","湘A04786D","TEG6106BEV13","LHWCJ95D4H1174390","电动",2017,"2017-12-11","10米","294度","宁德时代",294,"直流","中车时代","常规线路营运","华强",null,"换电",{"v":472787.349,"d":"472,787.35"},{"v":0.7411,"d":"74.11%"},{"v":82.5,"d":"82.50"},{"v":24255,"d":"24,255.00"}]
[22,2905,"一业务部","2车队","聂晓辉15387520328","7路",2905,2905,"湘AF5838","湘A03486D","TEG6106BEV13","LHWCJ95D6H1174391","电动",2017,"2017-12-11","10米","294度","宁德时代",294,"直流","中车时代","常规线路营运","华强",null,"换电",{"v":455926.23,"d":"455,926.23"},{"v":0.8277,"d":"82.77%"},{"v":82.5,"d":"82.50"},{"v":24255,"d":"24,255.00"}]
[23,2906,"一业务部","3车队","聂晓辉15387520328","114路",2906,2906,"湘AF5889","湘A09426D","TEG6106BEV13","LHWCJ95D8H1174392","电动",2017,"2017-12-11","10米","294度","宁德时代",294,"直流","中车时代","常规线路营运","华强",null,"换电",{"v":446897.404,"d":"446,897.40"},{"v":0.7369,"d":"73.69%"},{"v":82.5,"d":"82.50"},{"v":24255,"d":"24,255.00"}]
[24,2907,"一业务部","2车队","聂晓辉15387520328","7路",2907,2907,"湘AF5725","湘A04680D","TEG6106BEV13","LHWCJ95DXH1174393","电动",2017,"2017-12-11","10米","294度","宁德时代",294,"直流","中车时代","常规线路营运","华强",null,"换电",{"v":454852.712,"d":"454,852.71"},{"v":0.7555,"d":"75.55%"},{"v":82.5,"d":"82.50"},{"v":24255,"d":"24,255.00"}]
[25,2908,"一业务部","2车队","聂晓辉15387520328","107路",2908,2908,"湘AF5777","湘A04326D","TEG6106BEV13","LHWCJ95D1H1174394","电动",2017,"2017-12-11","10米","294度","宁德时代",294,"直流","中车时代","常规线路营运","华强",null,"换电",{"v":452519.157,"d":"452,519.16"},{"v":0.6276,"d":"62.76%"},{"v":82.5,"d":"82.50"},{"v":24255,"d":"24,255.00"}]
[26,2909,"一业务部","2车队","聂晓辉15387520328","107路",2909,2909,"湘AF5897","湘A04097D","TEG6106BEV13","LHWCJ95D3H1174395","电动",2017,"2017-12-11","10米","294度","宁德时代",294,"直流","中车时代","常规线路营运","华强",null,"换电",{"v":409126.086,"d":"409,126.09"},{"v":0.778,"d":"77.80%"},{"v":82.5,"d":"82.50"},{"v":24255,"d":"24,255.00"}]
[27,2910,"一业务部","2车队","聂晓辉15387520328","107路",2910,2910,"湘AF5797","湘A04136D","TEG6106BEV13","LHWCJ95D5H1174396","电动",2017,"2017-12-11","10米","294度","宁德时代",294,"直流","中车时代","常规线路营运","华强",null,"换电",{"v":440427.846,"d":"440,427.85"},{"v":0.7841,"d":"78.41%"},{"v":82.5,"d":"82.50"},{"v":24255,"d":"24,255.00"}]
[28,2911,"一业务部","2车队","聂晓辉15387520328","107路",2911,2911,"湘AF5135","湘A03408D","TEG6106BEV13","LHWCJ95D7H1174397","电动",2017,"2017-12-11","10米","294度","宁德时代",294,"直流","中车时代","常规线路营运","华强",null,"换电",{"v":423354.659,"d":"423,354.66"},{"v":0.7347,"d":"73.47%"},{"v":82.5,"d":"82.50"},{"v":24255,"d":"24,255.00"}]
[29,2912,"五业务部","3车队","朱志勇13975173864","356路",2912,2912,"湘AF5609","湘A12702D","TEG6106BEV13","LHWCJ95D9H1174398","电动",2017,"2017-12-11","10米","294度","宁德时代",294,"直流","中车时代","常规线路营运","华强",null,"换电",{"v":397746.579,"d":"397,746.58"},{"v":0.7126,"d":"71.26%"},{"v":82.5,"d":"82.50"},{"v":24255,"d":"24,255.00"}]
[30,2913,"一业务部","2车队","聂晓辉15387520328","107路",2913,2913,"湘AF5807","湘A04636D","TEG6106BEV13","LHWCJ95D0H1174399","电动",2017,"2017-12-11","10米","294度","宁德时代",294,"直流","中车时代","常规线路营运","华强",null,"换电",{"v":446468.069,"d":"446,468.07"},{"v":0.8665,"d":"86.65%"},{"v":82.5,"d":"82.50"},{"v":24255,"d":"24,255.00"}]
[31,2914,"三业务部","10车队","吴亚武15116101410","137路",2914,2914,"湘AF5655","湘A08561D","TEG6106BEV13","LHWCJ95D3H1174400","电动",2017,"2017-12-11","10米","294度","宁德时代",294,"直流","中车时代","常规线路营运","华强",null,"换电",{"v":451534.355,"d":"451,534.36"},{"v":0.779,"d":"77.90%"},{"v":82.5,"d":"82.50"},{"v":24255,"d":"24,255.00"}]
[32,2915,"一业务部","2车队","聂晓辉15387520328","107路",2915,2915,"湘AF5017","湘A04219D","TEG6106BEV13","LHWCJ95D5H1174401","电动",2017,"2017-12-11","10米","294度","宁德时代",294,"直流","中车时代","常规线路营运","华强",null,"换电",{"v":438982.701,"d":"438,982.70"},{"v":0.768,"d":"76.80%"},{"v":82.5,"d":"82.50"},{"v":24255,"d":"24,255.00"}]
[33,2916,"三业务部","10车队","吴亚武15116101410","137路",2916,2916,"湘AF5735","湘A04256D","TEG6106BEV13","LHWCJ95D7H1174402","电动",2017,"2017-12-11","10米","294度","宁德时代",294,"直流","中车时代","常规线路营运","华强",null,"换电",{"v":455674.672,"d":"455,674.67"},{"v":0.6566,"d":"65.66%"},{"v":82.5,"d":"82.50"},{"v":24255,"d":"24,255.00"}]
[34,2917,"一业务部","2车队","聂晓辉15387520328","107路",2917,2917,"湘AF5760","湘A04926D","TEG6106BEV13","LHWCJ95D9H1174403","电动",2017,"2017-12-11","10米","294度","宁德时代",294,"直流","中车时代","常规线路营运","华强",null,"换电",{"v":418015.39,"d":"418,015.39"},{"v":0.7676,"d":"76.76%"},{"v":82.5,"d":"82.50"},{"v":24255,"d":"24,255.00"}]
[35,2918,"三业务部","1车队","胡宇13755042141","11路",2918,2918,"湘AF5010","湘A12023D","TEG6106BEV13","LHWCJ95D0H1174404","电动",2017,"2017-12-11","10米","294度","宁德时代",294,"直流","中车时代","常规线路营运","华强",null,"换电",{"v":425102.878,"d":"425,102.88"},{"v":0.8277,"d":"82.77%"},{"v":82.5,"d":"82.50"},{"v":24255,"d":"24,255.00"}]
[36,2919,"一业务部","3车队","聂晓辉15387520328","114路",2919,2919,"湘AF5582","湘A01412D","TEG6106BEV13","LHWCJ95D2H1174405","电动",2017,"2017-12-11","10米","294度","宁德时代",294,"直流","中车时代","常规线路营运","华强",null,"换电",{"v":427127.783,"d":"427,127.78"},{"v":0.7732,"d":"77.32%"},{"v":82.5,"d":"82.50"},{"v":24255,"d":"24,255.00"}]
[37,2920,"一业务部","10车队","蒋庆13017182129","132路",2920,2920,"湘AF5571","湘A04378D","TEG6106BEV13","LHWCJ95D4H1174406","电动",2017,"2017-12-11","10米","294度","宁德时代",294,"直流","中车时代","定制线路营运","华强",null,"换电",{"v":391204.449,"d":"391,204.45"},{"v":0.7827,"d":"78.27%"},{"v":82.5,"d":"82.50"},{"v":24255,"d":"24,255.00"}]
[38,2921,"三业务部","1车队","胡宇13755042141","15路",2921,2921,"湘AF5687","湘A04970D","TEG6106BEV13","LHWCJ95D6H1174407","电动",2017,"2017-12-11","10米","294度","宁德时代",294,"直流","中车时代","常规线路营运","华强",null,"换电",{"v":434495.019,"d":"434,495.02"},{"v":0.7516,"d":"75.16%"},{"v":82.5,"d":"82.50"},{"v":24255,"d":"24,255.00"}]
[39,2922,"一业务部","10车队","蒋庆13017182129","132路",2922,2922,"湘AF5861","湘A08490D","TEG6106BEV13","LHWCJ95D8H1174408","电动",2017,"2017-12-11","10米","294度","宁德时代",294,"直流","中车时代","定制线路营运","华强",null,"换电",{"v":444156.886,"d":"444,156.89"},{"v":0.7306,"d":"73.06%"},{"v":82.5,"d":"82.50"},{"v":24255,"d":"24,255.00"}]
[40,2923,"三业务部","1车队","胡宇13755042141","15路",2923,2923,"湘AF5738","湘A08309D","TEG6106BEV13","LHWCJ95DXH1174409","电动",2017,"2017-12-11","10米","294度","宁德时代",294,"直流","中车时代","常规线路营运","华强",null,"换电",{"v":441826.13,"d":"441,826.13"},{"v":0.7443,"d":"74.43%"},{"v":82.5,"d":"82.50"},{"v":24255,"d":"24,255.00"}]
[41,2924,"一业务部","1车队","李正15274991377","立珊专线",2924,2924,"湘AF5815","湘A02468D","TEG6106BEV13","LHWCJ95D6H1174410","电动",2017,"2017-12-11","10米","294度","宁德时代",294,"直流","中车时代","常规线路营运","华强",null,"换电",{"v":417602.612,"d":"417,602.61"},{"v":0.7058,"d":"70.58%"},{"v":82.5,"d":"82.50"},{"v":24255,"d":"24,255.00"}]
[42,2925,"一业务部","2车队","聂晓辉15387520328","7路",2925,2925,"湘AF5091","湘A92832D","TEG6106BEV13","LHWCJ95D8H1174411","电动",2017,"2017-12-11","10米","294度","宁德时代",294,"直流","中车时代","常规线路营运","华强",null,"换电",{"v":435361.195,"d":"435,361.20"},{"v":0.7674,"d":"76.74%"},{"v":82.5,"d":"82.50"},{"v":24255,"d":"24,255.00"}]
[43,2926,"三业务部","10车队","吴亚武15116101410","137路",2926,2926,"湘AF5326","湘A04252D","TEG6106BEV13","LHWCJ95DXH1174412","电动",2017,"2017-12-11","10米","294度","宁德时代",294,"直流","中车时代","常规线路营运","华强",null,"换电",{"v":406961.339,"d":"406,961.34"},{"v":0.7935,"d":"79.35%"},{"v":82.5,"d":"82.50"},{"v":24255,"d":"24,255.00"}]
[44,2927,"一业务部","2车队","聂晓辉15387520328","7路",2927,2927,"湘AF5826","湘A00738D","TEG6106BEV13","LHWCJ95D1H1174413","电动",2017,"2017-12-11","10米","294度","宁德时代",294,"直流","中车时代","常规线路营运","华强",null,"换电",{"v":351676.295,"d":"351,676.30"},{"v":0.8094,"d":"80.94%"},{"v":82.5,"d":"82.50"},{"v":24255,"d":"24,255.00"}]
[45,2928,"三业务部","10车队","吴亚武15116101410","137路",2928,2928,"湘AF5302","湘A04922D","TEG6106BEV13","LHWCJ95D3H1174414","电动",2017,"2017-12-11","10米","294度","宁德时代",294,"直流","中车时代","常规线路营运","华强",null,"换电",{"v":398682.112,"d":"398,682.11"},{"v":0.7913,"d":"79.13%"},{"v":82.5,"d":"82.50"},{"v":24255,"d":"24,255.00"}]
[46,2929,"三业务部","10车队","吴亚武15116101410","137路",2929,2929,"湘AF5757","湘A19937D","TEG6106BEV13","LHWCJ95D5H1174415","电动",2017,"2017-12-11","10米","294度","宁德时代",294,"直流","中车时代","常规线路营运","华强",null,"换电",{"v":408256.431,"d":"408,256.43"},{"v":0.7975,"d":"79.75%"},{"v":82.5,"d":"82.50"},{"v":24255,"d":"24,255.00"}]
[47,2930,"一业务部","2车队","聂晓辉15387520328","7路",2930,2930,"湘AF5809","湘A01613D","TEG6106BEV13","LHWCJ95D7H1174416","电动",2017,"2017-12-11","10米","294度","宁德时代",294,"直流","中车时代","常规线路营运","华强",null,"换电",{"v":430197.743,"d":"430,197.74"},{"v":0.7223,"d":"72.23%"},{"v":82.5,"d":"82.50"},{"v":24255,"d":"24,255.00"}]
[48,2931,"三业务部","10车队","吴亚武15116101410","137路",2931,2931,"湘AF5827","湘A00033D","TEG6106BEV13","LHWCJ95D9H1174417","电动",2017,"2017-12-11","10米","294度","宁德时代",294,"直流","中车时代","常规线路营运","华强",null,"换电",{"v":416566.5,"d":"416,566.50"},{"v":0.764,"d":"76.40%"},{"v":82.5,"d":"82.50"},{"v":24255,"d":"24,255.00"}]
[49,2932,"三业务部","10车队","吴亚武15116101410","137路",2932,2932,"湘AF5568","湘A10620D","TEG6106BEV13","LHWCJ95D0H1174418","电动",2017,"2017-12-11","10米","294度","宁德时代",294,"直流","中车时代","常规线路营运","华强",null,"换电",{"v":420834.259,"d":"420,834.26"},{"v":0.7575,"d":"75.75%"},{"v":82.5,"d":"82.50"},{"v":24255,"d":"24,255.00"}]
[50,2933,"一业务部","2车队","聂晓辉15387520328","7路",2933,2933,"湘AF5650","湘A03183D","TEG6106BEV13","LHWCJ95D2H1174419","电动",2017,"2017-12-11","10米","294度","宁德时代",294,"直流","中车时代","常规线路营运","华强",null,"换电",{"v":411295.935,"d":"411,295.94"},{"v":0.7964,"d":"79.64%"},{"v":82.5,"d":"82.50"},{"v":24255,"d":"24,255.00"}]
[51,2934,"三业务部","10车队","吴亚武15116101410","602路",2934,2934,"湘AF5127","湘A04993D","TEG6106BEV13","LHWCJ95D9H1174420","电动",2017,"2017-12-11","10米","294度","宁德时代",294,"直流","中车时代","常规线路营运","华强",null,"换电",{"v":447244.643,"d":"447,244.64"},{"v":0.7792,"d":"77.92%"},{"v":82.5,"d":"82.50"},{"v":24255,"d":"24,255.00"}]
[52,2935,"一业务部","2车队","聂晓辉15387520328","7路",2935,2935,"湘AF5581","湘A02489D","TEG6106BEV13","LHWCJ95D0H1174421","电动",2017,"2017-12-11","10米","294度","宁德时代",294,"直流","中车时代","常规线路营运","华强",null,"换电",{"v":434286.387,"d":"434,286.39"},{"v":0.7648,"d":"76.48%"},{"v":82.5,"d":"82.50"},{"v":24255,"d":"24,255.00"}]
[53,2936,"四业务部","9车队","曹辉13637473078","68路",2936,2936,"湘AF5517","湘A01418D","TEG6106BEV13","LHWCJ95D2H1174422","电动",2017,"2017-12-11","10米","294度","宁德时代",294,"直流","中车时代","常规线路营运","华强",null,"换电",{"v":482702.121,"d":"482,702.12"},{"v":0.7881,"d":"78.81%"},{"v":82.5,"d":"82.50"},{"v":24255,"d":"24,255.00"}]
[54,2937,"三业务部","1车队","胡宇13755042141","6路",2937,2937,"湘AF5821","湘A04826D","TEG6106BEV13","LHWCJ95D4H1174423","电动",2017,"2017-12-11","10米","294度","宁德时代",294,"直流","中车时代","常规线路营运","华强",null,"换电",{"v":427234.092,"d":"427,234.09"},{"v":0.7103,"d":"71.03%"},{"v":82.5,"d":"82.50"},{"v":24255,"d":"24,255.00"}]
[55,2938,"三业务部","1车队","胡宇13755042141","6路",2938,2938,"湘AF5759","湘A04792D","TEG6106BEV13","LHWCJ95D6H1174424","电动",2017,"2017-12-11","10米","294度","宁德时代",294,"直流","中车时代","常规线路营运","华强",null,"换电",{"v":488147.29,"d":"488,147.29"},{"v":0.7898,"d":"78.98%"},{"v":82.5,"d":"82.50"},{"v":24255,"d":"24,255.00"}]
[56,2939,"三业务部","1车队","胡宇13755042141","6路",2939,2939,"湘AF5792","湘A03426D","TEG6106BEV13","LHWCJ95D8H1174425","电动",2017,"2017-12-11","10米","294度","宁德时代",294,"直流","中车时代","常规线路营运","华强",null,"换电",{"v":459167.426,"d":"459,167.43"},{"v":0.8138,"d":"81.38%"},{"v":82.5,"d":"82.50"},{"v":24255,"d":"24,255.00"}]
[57,2940,"三业务部","1车队","胡宇13755042141","6路",2940,2940,"湘AF5859","湘A04266D","TEG6106BEV13","LHWCJ95DXH1174426","电动",2017,"2017-12-11","10米","294度","宁德时代",294,"直流","中车时代","常规线路营运","华强",null,"换电",{"v":439571.841,"d":"439,571.84"},{"v":0.7136,"d":"71.36%"},{"v":82.5,"d":"82.50"},{"v":24255,"d":"24,255.00"}]
[58,2941,"三业务部","1车队","胡宇13755042141","6路",2941,2941,"湘AF5825","湘A04916D","TEG6106BEV13","LHWCJ95D1H1174427","电动",2017,"2017-12-11","10米","294度","宁德时代",294,"直流","中车时代","常规线路营运","华强",null,"换电",{"v":450938.473,"d":"450,938.47"},{"v":0.859,"d":"85.90%"},{"v":82.5,"d":"82.50"},{"v":24255,"d":"24,255.00"}]
[59,2942,"三业务部","1车队","胡宇13755042141","6路",2942,2942,"湘AF5532","湘A04225D","TEG6106BEV13","LHWCJ95D3H1174428","电动",2017,"2017-12-11","10米","294度","宁德时代",294,"直流","中车时代","常规线路营运","华强",null,"换电",{"v":481977.844,"d":"481,977.84"},{"v":0.8259,"d":"82.59%"},{"v":82.5,"d":"82.50"},{"v":24255,"d":"24,255.00"}]
[60,2943,"三业务部","1车队","胡宇13755042141","6路",2943,2943,"湘AF5367","湘A09273D","TEG6106BEV13","LHWCJ95D5H1174429","电动",2017,"2017-12-11","10米","294度","宁德时代",294,"直流","中车时代","常规线路营运","华强",null,"换电",{"v":435162.672,"d":"435,162.67"},{"v":0.7705,"d":"77.05%"},{"v":82.5,"d":"82.50"},{"v":24255,"d":"24,255.00"}]
[61,2944,"三业务部","1车队","胡宇13755042141","6路",2944,2944,"湘AF5790","湘A04960D","TEG6106BEV13","LHWCJ95D1H1174430","电动",2017,"2017-12-11","10米","294度","宁德时代",294,"直流","中车时代","常规线路营运","华强",null,"换电",{"v":432008.214,"d":"432,008.21"},{"v":0.7111,"d":"71.11%"},{"v":82.5,"d":"82.50"},{"v":24255,"d":"24,255.00"}]
[62,2945,"三业务部","1车队","胡宇13755042141","6路",2945,2945,"湘AF5359","湘A03872D","TEG6106BEV13","LHWCJ95D3H1174431","电动",2017,"2017-12-11","10米","294度","宁德时代",294,"直流","中车时代","常规线路营运","华强",null,"换电",{"v":442208.716,"d":"442,208.72"},{"v":0.7621,"d":"76.21%"},{"v":82.5,"d":"82.50"},{"v":24255,"d":"24,255.00"}]
[63,2946,"三业务部","3车队","丁广新15367802570","16路",2946,2946,"湘AF5697","湘A04338D","TEG6106BEV13","LHWCJ95D5H1174432","电动",2017,"2017-12-11","10米","294度","宁德时代",294,"直流","中车时代","常规线路营运","华强",null,"换电",{"v":469168.199,"d":"469,168.20"},{"v":0.6861,"d":"68.61%"},{"v":82.5,"d":"82.50"},{"v":24255,"d":"24,255.00"}]
[64,2947,"二业务部","6车队","谭伟18008400878（主持工作）","158路",2947,2947,"湘AF5829","湘A04202D","TEG6106BEV13","LHWCJ95D7H1174433","电动",2017,"2017-12-11","10米","294度","宁德时代",294,"直流","中车时代","常规线路营运","华强",null,"换电",{"v":419693.768,"d":"419,693.77"},{"v":0.7892,"d":"78.92%"},{"v":82.5,"d":"82.50"},{"v":24255,"d":"24,255.00"}]
[65,2948,"二业务部","6车队","谭伟18008400878（主持工作）","158路",2948,2948,"湘AF5012","湘A04870D","TEG6106BEV13","LHWCJ95D9H1174434","电动",2017,"2017-12-11","10米","294度","宁德时代",294,"直流","中车时代","常规线路营运","松芝",null,"换电",{"v":420071.281,"d":"420,071.28"},{"v":0.7112,"d":"71.12%"},{"v":82.5,"d":"82.50"},{"v":24255,"d":"24,255.00"}]
[66,2949,"二业务部","6车队","谭伟18008400878（主持工作）","158路",2949,2949,"湘AF5736","湘A13317D","TEG6106BEV13","LHWCJ95D0H1174435","电动",2017,"2017-12-11","10米","294度","宁德时代",294,"直流","中车时代","常规线路营运","松芝",null,"换电",{"v":445490.917,"d":"445,490.92"},{"v":0.768,"d":"76.80%"},{"v":82.5,"d":"82.50"},{"v":24255,"d":"24,255.00"}]
[67,2950,"五业务部","3车队","朱志勇13975173864","356路",2950,2950,"湘AF5602","湘A04670D","TEG6106BEV13","LHWCJ95D2H1174436","电动",2017,"2017-12-11","10米","294度","宁德时代",294,"直流","中车时代","常规线路营运","松芝",null,"换电",{"v":382997.93,"d":"382,997.93"},{"v":0.7361,"d":"73.61%"},{"v":82.5,"d":"82.50"},{"v":24255,"d":"24,255.00"}]
[68,2951,"二业务部","6车队","谭伟18008400878（主持工作）","158路",2951,2951,"湘AF5160","湘A04392D","TEG6106BEV13","LHWCJ95D4H1174437","电动",2017,"2017-12-11","10米","294度","宁德时代",294,"直流","中车时代","常规线路营运","松芝",null,"换电",{"v":412162.333,"d":"412,162.33"},{"v":0.7733,"d":"77.33%"},{"v":82.5,"d":"82.50"},{"v":24255,"d":"24,255.00"}]
[69,2952,"五业务部","3车队","朱志勇13975173864","356路",2952,2952,"湘AF5131","湘A11270D","TEG6106BEV13","LHWCJ95D6H1174438","电动",2017,"2017-12-11","10米","294度","宁德时代",294,"直流","中车时代","常规线路营运","松芝",null,"换电",{"v":419717.948,"d":"419,717.95"},{"v":0.7422,"d":"74.22%"},{"v":82.5,"d":"82.50"},{"v":24255,"d":"24,255.00"}]
[70,2953,"五业务部","8车队","傅志龙18108418317（主持工作）","226路",2953,2953,"湘AF5816","湘A02456D","TEG6106BEV13","LHWCJ95D8H1174439","电动",2017,"2017-12-11","10米","294度","宁德时代",294,"直流","中车时代","常规线路营运","松芝",null,"换电",{"v":421773.002,"d":"421,773.00"},{"v":0.7844,"d":"78.44%"},{"v":82.5,"d":"82.50"},{"v":24255,"d":"24,255.00"}]
[71,2954,"五业务部","6车队","谭飞15874001715","276路",2954,2954,"湘AF5570","湘A08459D","TEG6106BEV13","LHWCJ95D4H1174440","电动",2017,"2017-12-11","10米","294度","宁德时代",294,"直流","中车时代","常规线路营运","松芝",null,"换电",{"v":411233.916,"d":"411,233.92"},{"v":0.7269,"d":"72.69%"},{"v":82.5,"d":"82.50"},{"v":24255,"d":"24,255.00"}]
[72,2955,"五业务部","9车队","彭景13787029829","319路",2955,2955,"湘AF5391","湘A03016D","TEG6106BEV13","LHWCJ95D6H1174441","电动",2017,"2017-12-11","10米","294度","宁德时代",294,"直流","中车时代","常规线路营运","松芝",null,"换电",{"v":409041.913,"d":"409,041.91"},{"v":0.8111,"d":"81.11%"},{"v":82.5,"d":"82.50"},{"v":24255,"d":"24,255.00"}]
[73,2956,"四业务部","2车队","邹倜18229925148","907路",2956,2956,"湘AF5577","湘A04611D","TEG6106BEV13","LHWCJ95D8H1174442","电动",2017,"2017-12-11","10米","294度","宁德时代",294,"直流","中车时代","常规线路营运","松芝",null,"换电",{"v":450283.23,"d":"450,283.23"},{"v":0.793,"d":"79.30%"},{"v":82.5,"d":"82.50"},{"v":24255,"d":"24,255.00"}]
[74,2957,"三业务部","10车队","吴亚武15116101410","137路",2957,2957,"湘AF5661","湘A03458D","TEG6106BEV13","LHWCJ95DXH1174443","电动",2017,"2017-12-11","10米","294度","宁德时代",294,"直流","中车时代","常规线路营运","松芝",null,"换电",{"v":463607.17,"d":"463,607.17"},{"v":0.7776,"d":"77.76%"},{"v":82.5,"d":"82.50"},{"v":24255,"d":"24,255.00"}]
[75,2958,"三业务部","10车队","吴亚武15116101410","137路",2958,2958,"湘AF5319","湘A04358D","TEG6106BEV13","LHWCJ95D1H1174444","电动",2017,"2017-12-11","10米","294度","宁德时代",294,"直流","中车时代","常规线路营运","松芝",null,"换电",{"v":476016.287,"d":"476,016.29"},{"v":0.7331,"d":"73.31%"},{"v":82.5,"d":"82.50"},{"v":24255,"d":"24,255.00"}]
[76,2959,"三业务部","10车队","吴亚武15116101410","137路",2959,2959,"湘AF5707","湘A04089D","TEG6106BEV13","LHWCJ95D3H1174445","电动",2017,"2017-12-11","10米","294度","宁德时代",294,"直流","中车时代","常规线路营运","松芝",null,"换电",{"v":469940.041,"d":"469,940.04"},{"v":0.7771,"d":"77.71%"},{"v":82.5,"d":"82.50"},{"v":24255,"d":"24,255.00"}]
[77,2960,"三业务部","10车队","吴亚武15116101410","137路",2960,2960,"湘AF5836","湘A04386D","TEG6106BEV13","LHWCJ95D5H1174446","电动",2017,"2017-12-11","10米","294度","宁德时代",294,"直流","中车时代","常规线路营运","松芝",null,"换电",{"v":469308.426,"d":"469,308.43"},{"v":0.7863,"d":"78.63%"},{"v":82.5,"d":"82.50"},{"v":24255,"d":"24,255.00"}]
[78,2961,"三业务部","10车队","吴亚武15116101410","137路",2961,2961,"湘AF5096","湘A04316D","TEG6106BEV13","LHWCJ95D7H1174447","电动",2017,"2017-12-11","10米","294度","宁德时代",294,"直流","中车时代","常规线路营运","松芝",null,"换电",{"v":436672.031,"d":"436,672.03"},{"v":0.7766,"d":"77.66%"},{"v":82.5,"d":"82.50"},{"v":24255,"d":"24,255.00"}]
[79,2962,"三业务部","10车队","吴亚武15116101410","137路",2962,2962,"湘AF5722","湘A04259D","TEG6106BEV13","LHWCJ95D9H1174448","电动",2017,"2017-12-11","10米","294度","宁德时代",294,"直流","中车时代","常规线路营运","松芝",null,"换电",{"v":453876.227,"d":"453,876.23"},{"v":0.7691,"d":"76.91%"},{"v":82.5,"d":"82.50"},{"v":24255,"d":"24,255.00"}]
[80,2963,"三业务部","10车队","吴亚武15116101410","137路",2963,2963,"湘AF5718","湘A04766D","TEG6106BEV13","LHWCJ95D0H1174449","电动",2017,"2017-12-11","10米","294度","宁德时代",294,"直流","中车时代","常规线路营运","松芝",null,"换电",{"v":454217.076,"d":"454,217.08"},{"v":0.7264,"d":"72.64%"},{"v":82.5,"d":"82.50"},{"v":24255,"d":"24,255.00"}]
[81,2964,"三业务部","10车队","吴亚武15116101410","137路",2964,2964,"湘AF5567","湘A02496D","TEG6106BEV13","LHWCJ95D7H1174450","电动",2017,"2017-12-11","10米","294度","宁德时代",294,"直流","中车时代","常规线路营运","松芝",null,"换电",{"v":416146.304,"d":"416,146.30"},{"v":0.753,"d":"75.30%"},{"v":82.5,"d":"82.50"},{"v":24255,"d":"24,255.00"}]
[82,2965,"三业务部","10车队","吴亚武15116101410","602路",2965,2965,"湘AF5021","湘A93617D","TEG6106BEV13","LHWCJ95D9H1174451","电动",2017,"2017-12-11","10米","294度","宁德时代",294,"直流","中车时代","常规线路营运","松芝",null,"换电",{"v":470730.32,"d":"470,730.32"},{"v":0.7926,"d":"79.26%"},{"v":82.5,"d":"82.50"},{"v":24255,"d":"24,255.00"}]
[83,2966,"三业务部","10车队","吴亚武15116101410","602路",2966,2966,"湘AF5785","湘A92020D","TEG6106BEV13","LHWCJ95D0H1174452","电动",2017,"2017-12-11","10米","294度","宁德时代",294,"直流","中车时代","常规线路营运","松芝",null,"换电",{"v":476759.299,"d":"476,759.30"},{"v":0.7561,"d":"75.61%"},{"v":82.5,"d":"82.50"},{"v":24255,"d":"24,255.00"}]
[84,2967,"三业务部","10车队","吴亚武15116101410","137路",2967,2967,"湘AF5011","湘A96118D","TEG6106BEV13","LHWCJ95D2H1174453","电动",2017,"2017-12-11","10米","294度","宁德时代",294,"直流","中车时代","常规线路营运","松芝",null,"换电",{"v":445341.388,"d":"445,341.39"},{"v":0.7782,"d":"77.82%"},{"v":82.5,"d":"82.50"},{"v":24255,"d":"24,255.00"}]
[85,2968,"三业务部","10车队","吴亚武15116101410","602路",2968,2968,"湘AF5670","湘A97790D","TEG6106BEV13","LHWCJ95D4H1174454","电动",2017,"2017-12-11","10米","294度","宁德时代",294,"直流","中车时代","常规线路营运","松芝",null,"换电",{"v":484959.354,"d":"484,959.35"},{"v":0.7958,"d":"79.58%"},{"v":82.5,"d":"82.50"},{"v":24255,"d":"24,255.00"}]
[86,2969,"四业务部","5车队","刘忠民13874908456","201路",2969,2969,"湘AF5120","湘A09454D","TEG6106BEV13","LHWCJ95D6H1174455","电动",2017,"2017-12-11","10米","294度","宁德时代",294,"直流","中车时代","常规线路营运","松芝",null,"换电",{"v":399427.516,"d":"399,427.52"},{"v":0.7931,"d":"79.31%"},{"v":82.5,"d":"82.50"},{"v":24255,"d":"24,255.00"}]
[87,2970,"四业务部","7车队","覃小军13298692758","211路",2970,2970,"湘AF5717","湘A93665D","TEG6106BEV13","LHWCJ95D8H1174456","电动",2017,"2017-12-11","10米","294度","宁德时代",294,"直流","中车时代","常规线路营运","松芝",null,"换电",{"v":418080.523,"d":"418,080.52"},{"v":0.8518,"d":"85.18%"},{"v":82.5,"d":"82.50"},{"v":24255,"d":"24,255.00"}]
[88,2971,"四业务部","9车队","曹辉13637473078","68路",2971,2971,"湘AF5081","湘A09232D","TEG6106BEV13","LHWCJ95DXH1174457","电动",2017,"2017-12-11","10米","294度","宁德时代",294,"直流","中车时代","常规线路营运","松芝",null,"换电",{"v":416988.067,"d":"416,988.07"},{"v":0.7965,"d":"79.65%"},{"v":82.5,"d":"82.50"},{"v":24255,"d":"24,255.00"}]
[89,2972,"三业务部","9车队","刘爱华13507319148","26路",2972,2972,"湘AF5327","湘A05083D","TEG6106BEV13","LHWCJ95D1H1174458","电动",2017,"2017-12-11","10米","294度","宁德时代",294,"直流","中车时代","常规线路营运","松芝",null,"换电",{"v":421660.164,"d":"421,660.16"},{"v":0.8445,"d":"84.45%"},{"v":82.5,"d":"82.50"},{"v":24255,"d":"24,255.00"}]
[90,2973,"三业务部","9车队","刘爱华13507319148","167路",2973,2973,"湘AF5586","湘A99155D","TEG6106BEV13","LHWCJ95D3H1174459","电动",2017,"2017-12-11","10米","294度","宁德时代",294,"直流","中车时代","常规线路营运","松芝",null,"换电",{"v":415118.747,"d":"415,118.75"},{"v":0.7111,"d":"71.11%"},{"v":82.5,"d":"82.50"},{"v":24255,"d":"24,255.00"}]
[91,2974,"三业务部","9车队","刘爱华13507319148","26路",2974,2974,"湘AF5810","湘A90193D","TEG6106BEV13","LHWCJ95DXH1174460","电动",2017,"2017-12-11","10米","294度","宁德时代",294,"直流","中车时代","常规线路营运","松芝",null,"换电",{"v":410327.435,"d":"410,327.44"},{"v":0.7823,"d":"78.23%"},{"v":82.5,"d":"82.50"},{"v":24255,"d":"24,255.00"}]
[92,2975,"三业务部","9车队","刘爱华13507319148","26路",2975,2975,"湘AF5630","湘A91229D","TEG6106BEV13","LHWCJ95D1H1174461","电动",2017,"2017-12-11","10米","294度","宁德时代",294,"直流","中车时代","常规线路营运","松芝",null,"换电",{"v":387356.658,"d":"387,356.66"},{"v":0.6138,"d":"61.38%"},{"v":82.5,"d":"82.50"},{"v":24255,"d":"24,255.00"}]
[93,2976,"三业务部","9车队","刘爱华13507319148","26路",2976,2976,"湘AF5817","湘A99992D","TEG6106BEV13","LHWCJ95D3H1174462","电动",2017,"2017-12-11","10米","294度","宁德时代",294,"直流","中车时代","常规线路营运","松芝",null,"换电",{"v":419092.718,"d":"419,092.72"},{"v":0.8436,"d":"84.36%"},{"v":82.5,"d":"82.50"},{"v":24255,"d":"24,255.00"}]
[94,2977,"三业务部","9车队","刘爱华13507319148","26路",2977,2977,"湘AF5015","湘A93526D","TEG6106BEV13","LHWCJ95D5H1174463","电动",2017,"2017-12-11","10米","294度","宁德时代",294,"直流","中车时代","常规线路营运","松芝",null,"换电",{"v":415524.606,"d":"415,524.61"},{"v":0.7103,"d":"71.03%"},{"v":82.5,"d":"82.50"},{"v":24255,"d":"24,255.00"}]
[95,2978,"二业务部","4车队","文专辉15580930345","28路",2978,2978,"湘AF5575","湘A92066D","TEG6106BEV13","LHWCJ95D7H1174464","电动",2017,"2017-12-11","10米","294度","宁德时代",294,"直流","中车时代","常规线路营运","松芝",null,"换电",{"v":394581.878,"d":"394,581.88"},{"v":0.7628,"d":"76.28%"},{"v":82.5,"d":"82.50"},{"v":24255,"d":"24,255.00"}]
[96,2979,"一业务部","1车队","李正15274991377","立珊专线",2979,2979,"湘AF5539","湘A99873D","TEG6106BEV13","LHWCJ95D9H1174465","电动",2017,"2017-12-11","10米","294度","宁德时代",294,"直流","中车时代","常规线路营运","松芝",null,"换电",{"v":538061.51,"d":"538,061.51"},{"v":0.7298,"d":"72.98%"},{"v":82.5,"d":"82.50"},{"v":24255,"d":"24,255.00"}]
[97,2980,"一业务部","7车队","唐笔13973197928（主持工作）","2路",2980,2980,"湘AF5730","湘A95213D","TEG6106BEV13","LHWCJ95D0H1174466","电动",2017,"2017-12-11","10米","294度","宁德时代",294,"直流","中车时代","常规线路营运","松芝",null,"换电",{"v":469575.872,"d":"469,575.87"},{"v":0.7841,"d":"78.41%"},{"v":82.5,"d":"82.50"},{"v":24255,"d":"24,255.00"}]
[98,2981,"一业务部","7车队","唐笔13973197928（主持工作）","2路",2981,2981,"湘AF5599","湘A92387D","TEG6106BEV13","LHWCJ95D2H1174467","电动",2017,"2017-12-11","10米","294度","宁德时代",294,"直流","中车时代","常规线路营运","松芝",null,"换电",{"v":476640.727,"d":"476,640.73"},{"v":0.7949,"d":"79.49%"},{"v":82.5,"d":"82.50"},{"v":24255,"d":"24,255.00"}]
[99,2982,"一业务部","7车队","唐笔13973197928（主持工作）","2路",2982,2982,"湘AF5772","湘A95382D","TEG6106BEV13","LHWCJ95D4H1174468","电动",2017,"2017-12-11","10米","294度","宁德时代",294,"直流","中车时代","常规线路营运","松芝",null,"换电",{"v":499131.537,"d":"499,131.54"},{"v":0.726,"d":"72.60%"},{"v":82.5,"d":"82.50"},{"v":24255,"d":"24,255.00"}]
[100,2983,"二业务部","6车队","谭伟18008400878（主持工作）","217路",2983,2983,"湘AF5558","湘A92853D","TEG6106BEV13","LHWCJ95D6H1174469","电动",2017,"2017-12-11","10米","294度","宁德时代",294,"直流","中车时代","常规线路营运","松芝",null,"换电",{"v":420038.296,"d":"420,038.30"},{"v":0.8252,"d":"82.52%"},{"v":82.5,"d":"82.50"},{"v":24255,"d":"24,255.00"}]
[101,2984,"二业务部","2车队","黄文伟13547210197","503路",2984,2984,"湘AF5595","湘A04307D","TEG6106BEV13","LHWCJ95D2H1174470","电动",2017,"2017-12-11","10米","294度","宁德时代",294,"直流","中车时代","常规线路营运","松芝",null,"换电",{"v":449700.124,"d":"449,700.12"},{"v":0.7109,"d":"71.09%"},{"v":82.5,"d":"82.50"},{"v":24255,"d":"24,255.00"}]
[102,2985,"二业务部","6车队","谭伟18008400878（主持工作）","217路",2985,2985,"湘AF5379","湘A92315D","TEG6106BEV13","LHWCJ95D4H1174471","电动",2017,"2017-12-11","10米","294度","宁德时代",294,"直流","中车时代","常规线路营运","松芝",null,"换电",{"v":456159.473,"d":"456,159.47"},{"v":0.759,"d":"75.90%"},{"v":82.5,"d":"82.50"},{"v":24255,"d":"24,255.00"}]
[103,2986,"二业务部","6车队","谭伟18008400878（主持工作）","217路",2986,2986,"湘AF5306","湘A92715D","TEG6106BEV13","LHWCJ95D6H1174472","电动",2017,"2017-12-11","10米","294度","宁德时代",294,"直流","中车时代","常规线路营运","松芝",null,"换电",{"v":458388.821,"d":"458,388.82"},{"v":0.781,"d":"78.10%"},{"v":82.5,"d":"82.50"},{"v":24255,"d":"24,255.00"}]
[104,2987,"二业务部","6车队","谭伟18008400878（主持工作）","217路",2987,2987,"湘AF5187","湘A92123D","TEG6106BEV13","LHWCJ95D8H1174473","电动",2017,"2017-12-11","10米","294度","宁德时代",294,"直流","中车时代","常规线路营运","松芝",null,"换电",{"v":478383.081,"d":"478,383.08"},{"v":0.7756,"d":"77.56%"},{"v":82.5,"d":"82.50"},{"v":24255,"d":"24,255.00"}]
[105,2988,"二业务部","6车队","谭伟18008400878（主持工作）","217路",2988,2988,"湘AF5720","湘A95378D","TEG6106BEV13","LHWCJ95DXH1174474","电动",2017,"2017-12-11","10米","294度","宁德时代",294,"直流","中车时代","常规线路营运","松芝",null,"换电",{"v":480820.147,"d":"480,820.15"},{"v":0.6736,"d":"67.36%"},{"v":82.5,"d":"82.50"},{"v":24255,"d":"24,255.00"}]
[106,2989,"二业务部","6车队","谭伟18008400878（主持工作）","217路",2989,2989,"湘AF5737","湘A90975D","TEG6106BEV13","LHWCJ95D1H1174475","电动",2017,"2017-12-11","10米","294度","宁德时代",294,"直流","中车时代","常规线路营运","松芝",null,"换电",{"v":455040.839,"d":"455,040.84"},{"v":0.7198,"d":"71.98%"},{"v":82.5,"d":"82.50"},{"v":24255,"d":"24,255.00"}]
[107,2990,"二业务部","6车队","谭伟18008400878（主持工作）","217路",2990,2990,"湘AF5876","湘A91702D","TEG6106BEV13","LHWCJ95D3H1174476","电动",2017,"2017-12-11","10米","294度","宁德时代",294,"直流","中车时代","常规线路营运","松芝",null,"换电",{"v":431916.931,"d":"431,916.93"},{"v":0.8043,"d":"80.43%"},{"v":82.5,"d":"82.50"},{"v":24255,"d":"24,255.00"}]
[108,2991,"二业务部","6车队","谭伟18008400878（主持工作）","217路",2991,2991,"湘AF5868","湘A99913D","TEG6106BEV13","LHWCJ95D5H1174477","电动",2017,"2017-12-11","10米","294度","宁德时代",294,"直流","中车时代","常规线路营运","松芝",null,"换电",{"v":455178.206,"d":"455,178.21"},{"v":0.7663,"d":"76.63%"},{"v":82.5,"d":"82.50"},{"v":24255,"d":"24,255.00"}]
[109,2992,"二业务部","6车队","谭伟18008400878（主持工作）","217路",2992,2992,"湘AF5851","湘A99688D","TEG6106BEV13","LHWCJ95D7H1174478","电动",2017,"2017-12-11","10米","294度","宁德时代",294,"直流","中车时代","常规线路营运","松芝",null,"换电",{"v":469507.601,"d":"469,507.60"},{"v":0.7617,"d":"76.17%"},{"v":82.5,"d":"82.50"},{"v":24255,"d":"24,255.00"}]
[110,2993,"三业务部","10车队","吴亚武15116101410","137路",2993,2993,"湘AF5879","湘A92858D","TEG6106BEV13","LHWCJ95D9H1174479","电动",2017,"2017-12-11","10米","294度","宁德时代",294,"直流","中车时代","常规线路营运","松芝",null,"换电",{"v":459047.798,"d":"459,047.80"},{"v":0.6883,"d":"68.83%"},{"v":82.5,"d":"82.50"},{"v":24255,"d":"24,255.00"}]
[111,2994,"三业务部","10车队","吴亚武15116101410","137路",2994,2994,"湘AF5592","湘A95360D","TEG6106BEV13","LHWCJ95D5H1174480","电动",2017,"2017-12-11","10米","294度","宁德时代",294,"直流","中车时代","常规线路营运","松芝",null,"换电",{"v":459071.798,"d":"459,071.80"},{"v":0.7524,"d":"75.24%"},{"v":82.5,"d":"82.50"},{"v":24255,"d":"24,255.00"}]
[112,2995,"三业务部","10车队","吴亚武15116101410","137路",2995,2995,"湘AF5117","湘A02416D","TEG6106BEV13","LHWCJ95D7H1174481","电动",2017,"2017-12-11","10米","294度","宁德时代",294,"直流","中车时代","常规线路营运","松芝",null,"换电",{"v":454291.43,"d":"454,291.43"},{"v":0.7924,"d":"79.24%"},{"v":82.5,"d":"82.50"},{"v":24255,"d":"24,255.00"}]
[113,4468,"四业务部","8车队","何晔13739094979","308路","ZA081",4468,"湘AF3875","湘A95802D","TEG6106BEV20","LHWCJ95D6H1174276","电动",2017,"2017-12-06","10米","221度","宁德时代",221,"直流","中车时代","常规线路营运","华强",77.4932545096256,"换电",{"v":318686.624,"d":"318,686.62"},{"v":0.7933,"d":"79.33%"},{"v":82.5,"d":"82.50"},{"v":18232.5,"d":"18,232.50"}]
[114,4469,"四业务部","8车队","何晔13739094979","308路","ZA082",4469,"湘AF3730","湘A93851D","TEG6106BEV20","LHWCJ95D8H1174277","电动",2017,"2017-12-06","10米","221度","宁德时代",221,"直流","中车时代","常规线路营运","华强",81.3913948935816,"换电",{"v":304127.242,"d":"304,127.24"},{"v":0.7109,"d":"71.09%"},{"v":82.5,"d":"82.50"},{"v":18232.5,"d":"18,232.50"}]
[115,4470,"四业务部","10车队","王政威13017281978","213路","ZA083",4470,"湘AF3706","湘A92096D","TEG6106BEV20","LHWCJ95DXH1174278","电动",2017,"2017-12-06","10米","221度","宁德时代",221,"直流","中车时代","常规线路营运","华强",76.2640709945635,"换电",{"v":311418.787,"d":"311,418.79"},{"v":0.7073,"d":"70.73%"},{"v":82.5,"d":"82.50"},{"v":18232.5,"d":"18,232.50"}]
[116,4471,"四业务部","8车队","何晔13739094979","308路","ZA085",4471,"湘AF3928","湘A90188D","TEG6106BEV20","LHWCJ95D8H1174280","电动",2017,"2017-12-06","10米","221度","宁德时代",221,"直流","中车时代","常规线路营运","华强",78.9371453138435,"换电",{"v":300347.945,"d":"300,347.95"},{"v":0.7055,"d":"70.55%"},{"v":82.5,"d":"82.50"},{"v":18232.5,"d":"18,232.50"}]
[117,4472,"四业务部","8车队","何晔13739094979","308路","ZA086",4472,"湘AF3160","湘A96153D","TEG6106BEV20","LHWCJ95DXH1174281","电动",2017,"2017-12-06","10米","221度","宁德时代",221,"直流","中车时代","常规线路营运","华强",78.7277441053849,"换电",{"v":292861.281,"d":"292,861.28"},{"v":0.7894,"d":"78.94%"},{"v":82.5,"d":"82.50"},{"v":18232.5,"d":"18,232.50"}]
[118,4473,"四业务部","8车队","何晔13739094979","308路","ZA087",4473,"湘AF3911","湘A97539D","TEG6106BEV20","LHWCJ95D1H1174282","电动",2017,"2017-12-06","10米","221度","宁德时代",221,"直流","中车时代","常规线路营运","华强",80.8432302129369,"换电",{"v":295045.382,"d":"295,045.38"},{"v":0.7471,"d":"74.71%"},{"v":82.5,"d":"82.50"},{"v":18232.5,"d":"18,232.50"}]
[119,4474,"四业务部","8车队","何晔13739094979","308路","ZA089",4474,"湘AF3922","湘A93301D","TEG6106BEV20","LHWCJ95D5H1174284","电动",2017,"2017-12-06","10米","221度","宁德时代",221,"直流","中车时代","常规线路营运","华强",86.9287655865729,"换电",{"v":280819.329,"d":"280,819.33"},{"v":0.7462,"d":"74.62%"},{"v":82.5,"d":"82.50"},{"v":18232.5,"d":"18,232.50"}]
[120,4475,"一业务部","7车队","唐笔13973197928（主持工作）","139路","ZA090",4475,"湘AF3905","湘A96503D","TEG6106BEV20","LHWCJ95D7H1174285","电动",2017,"2017-12-06","10米","221度","宁德时代",221,"直流","中车时代","常规线路营运","华强",81.6449769929847,"换电",{"v":288048.494,"d":"288,048.49"},{"v":0.7395,"d":"73.95%"},{"v":82.5,"d":"82.50"},{"v":18232.5,"d":"18,232.50"}]
[121,4476,"一业务部","7车队","唐笔13973197928（主持工作）","139路","ZA091",4476,"湘AF3317","湘A95601D","TEG6106BEV20","LHWCJ95D9H1174286","电动",2017,"2017-12-06","10米","221度","宁德时代",221,"直流","中车时代","常规线路营运","华强",78.6893679505508,"换电",{"v":300195.821,"d":"300,195.82"},{"v":0.74,"d":"74.00%"},{"v":82.5,"d":"82.50"},{"v":18232.5,"d":"18,232.50"}]
[122,4477,"一业务部","7车队","唐笔13973197928（主持工作）","139路","ZA092",4477,"湘AF3530","湘A96655D","TEG6106BEV20","LHWCJ95D0H1174287","电动",2017,"2017-12-06","10米","221度","宁德时代",221,"直流","中车时代","常规线路营运","华强",76.0023803718504,"换电",{"v":302445.043,"d":"302,445.04"},{"v":0.7418,"d":"74.18%"},{"v":82.5,"d":"82.50"},{"v":18232.5,"d":"18,232.50"}]
[123,4478,"一业务部","7车队","唐笔13973197928（主持工作）","139路","ZA093",4478,"湘AF3700","湘A98716D","TEG6106BEV20","LHWCJ95D2H1174288","电动",2017,"2017-12-06","10米","221度","宁德时代",221,"直流","中车时代","常规线路营运","华强",84.1829340169861,"换电",{"v":283772.335,"d":"283,772.34"},{"v":0.7701,"d":"77.01%"},{"v":82.5,"d":"82.50"},{"v":18232.5,"d":"18,232.50"}]
[124,4479,"一业务部","7车队","唐笔13973197928（主持工作）","139路","ZA094",4479,"湘AF3962","湘A96918D","TEG6106BEV20","LHWCJ95D4H1174289","电动",2017,"2017-12-06","10米","221度","宁德时代",221,"直流","中车时代","常规线路营运","华强",85.3615347415676,"换电",{"v":287487.559,"d":"287,487.56"},{"v":0.7504,"d":"75.04%"},{"v":82.5,"d":"82.50"},{"v":18232.5,"d":"18,232.50"}]
[125,4480,"一业务部","7车队","唐笔13973197928（主持工作）","139路","ZA095",4480,"湘AF3660","湘A97213D","TEG6106BEV20","LHWCJ95D0H1174290","电动",2017,"2017-12-06","10米","221度","宁德时代",221,"直流","中车时代","常规线路营运","华强",81.3070313813443,"换电",{"v":276545.903,"d":"276,545.90"},{"v":0.8418,"d":"84.18%"},{"v":82.5,"d":"82.50"},{"v":18232.5,"d":"18,232.50"}]
[126,4481,"一业务部","7车队","唐笔13973197928（主持工作）","138路","ZA097",4481,"湘AF3935","湘A96373D","TEG6106BEV20","LHWCJ95D4H1174292","电动",2017,"2017-12-06","10米","221度","宁德时代",221,"直流","中车时代","常规线路营运","华强",97.2449167382357,"换电",{"v":291620.216,"d":"291,620.22"},{"v":0.7731,"d":"77.31%"},{"v":82.5,"d":"82.50"},{"v":18232.5,"d":"18,232.50"}]
[127,4482,"一业务部","7车队","唐笔13973197928（主持工作）","138路","ZA098",4482,"湘AF3677","湘A93252D","TEG6106BEV20","LHWCJ95D6H1174293","电动",2017,"2017-12-06","10米","221度","宁德时代",221,"直流","中车时代","常规线路营运","华强",89.6255630884376,"换电",{"v":290597.137,"d":"290,597.14"},{"v":0.8289,"d":"82.89%"},{"v":82.5,"d":"82.50"},{"v":18232.5,"d":"18,232.50"}]
[128,4483,"一业务部","4车队","常壮志13667381112","812路","ZA099",4483,"湘AF3682","湘A96910D","TEG6106BEV20","LHWCJ95D8H1174294","电动",2017,"2017-12-06","10米","221度","宁德时代",221,"直流","中车时代","常规线路营运","华强",76.6095763381554,"换电",{"v":285651.004,"d":"285,651.00"},{"v":0.7522,"d":"75.22%"},{"v":82.5,"d":"82.50"},{"v":18232.5,"d":"18,232.50"}]
[129,4484,"一业务部","4车队","常壮志13667381112","812路","ZA100",4484,"湘AF3612","湘A95391D","TEG6106BEV20","LHWCJ95DXH1174295","电动",2017,"2017-12-06","10米","221度","宁德时代",221,"直流","中车时代","常规线路营运","华强",75.6132376138815,"换电",{"v":305691.026,"d":"305,691.03"},{"v":0.736,"d":"73.60%"},{"v":82.5,"d":"82.50"},{"v":18232.5,"d":"18,232.50"}]
[130,4485,"三业务部","5车队","牛巍巍13755111011","125路","ZA031",4485,"湘AF3659","湘A96183D","TEG6106BEV20","LHWCJ95D2H1174226","电动",2017,"2017-12-06","10米","221度","宁德时代",221,"直流","中车时代","常规线路营运","华强",70.0347876041235,"换电",{"v":371013.051,"d":"371,013.05"},{"v":0.7406,"d":"74.06%"},{"v":82.5,"d":"82.50"},{"v":18232.5,"d":"18,232.50"}]
[131,4486,"三业务部","5车队","牛巍巍13755111011","125路","ZA033",4486,"湘AF3796","湘A96753D","TEG6106BEV20","LHWCJ95D6H1174228","电动",2017,"2017-12-06","10米","221度","宁德时代",221,"直流","中车时代","常规线路营运","华强",71.7931827833843,"换电",{"v":362817.544,"d":"362,817.54"},{"v":0.7503,"d":"75.03%"},{"v":82.5,"d":"82.50"},{"v":18232.5,"d":"18,232.50"}]
[132,4487,"三业务部","5车队","牛巍巍13755111011","212路","ZA037",4487,"湘AF3995","湘A96325D","TEG6106BEV20","LHWCJ95D8H1174232","电动",2017,"2017-12-06","10米","221度","宁德时代",221,"直流","中车时代","常规线路营运","华强",79.265506699285,"换电",{"v":385795.129,"d":"385,795.13"},{"v":0.7486,"d":"74.86%"},{"v":82.5,"d":"82.50"},{"v":18232.5,"d":"18,232.50"}]
[133,4488,"四业务部","8车队","何晔13739094979","308路","ZA041",4488,"湘AF3960","湘A97620D","TEG6106BEV20","LHWCJ95D5H1174236","电动",2017,"2017-12-06","10米","221度","宁德时代",221,"直流","中车时代","常规线路营运","华强",86.1599237368923,"换电",{"v":297127.96,"d":"297,127.96"},{"v":0.8121,"d":"81.21%"},{"v":82.5,"d":"82.50"},{"v":18232.5,"d":"18,232.50"}]
[134,4489,"一业务部","9车队","李刃15874081178","321路","ZA048",4489,"湘AF3551","湘A99790D","TEG6106BEV20","LHWCJ95D2H1174243","电动",2017,"2017-12-06","10米","221度","宁德时代",221,"直流","中车时代","常规线路营运","华强",69.8783812532995,"换电",{"v":320698.379,"d":"320,698.38"},{"v":0.8287,"d":"82.87%"},{"v":82.5,"d":"82.50"},{"v":18232.5,"d":"18,232.50"}]
[135,4490,"一业务部","9车队","李刃15874081178","321路","ZA049",4490,"湘AF3965","湘A11181D","TEG6106BEV20","LHWCJ95D4H1174244","电动",2017,"2017-12-06","10米","221度","宁德时代",221,"直流","中车时代","常规线路营运","华强",70.3478034361303,"换电",{"v":319390.224,"d":"319,390.22"},{"v":0.6533,"d":"65.33%"},{"v":82.5,"d":"82.50"},{"v":18232.5,"d":"18,232.50"}]
[136,4491,"一业务部","9车队","李刃15874081178","321路","ZA050",4491,"湘AF3709","湘A96291D","TEG6106BEV20","LHWCJ95D6H1174245","电动",2017,"2017-12-06","10米","221度","宁德时代",221,"直流","中车时代","常规线路营运","华强",68.2958468017588,"换电",{"v":311147.665,"d":"311,147.67"},{"v":0.8824,"d":"88.24%"},{"v":82.5,"d":"82.50"},{"v":18232.5,"d":"18,232.50"}]
[137,4492,"一业务部","2车队","聂晓辉15387520328","7路","ZA001",4492,"湘AF3727","湘A96169D","TEG6106BEV20","LHWCJ95D8H1174196","电动",2017,"2017-12-06","10米","221度","宁德时代",221,"直流","中车时代","常规线路营运","华强",89.2290208410084,"换电",{"v":286627.887,"d":"286,627.89"},{"v":0.7324,"d":"73.24%"},{"v":82.5,"d":"82.50"},{"v":18232.5,"d":"18,232.50"}]
[138,4493,"一业务部","1车队","李正15274991377","立珊专线","ZA003",4493,"湘AF3702","湘A96336D","TEG6106BEV20","LHWCJ95D1H1174198","电动",2017,"2017-12-06","10米","221度","宁德时代",221,"直流","中车时代","常规线路营运","华强",72.8122957319965,"换电",{"v":333102.284,"d":"333,102.28"},{"v":0.7971,"d":"79.71%"},{"v":82.5,"d":"82.50"},{"v":18232.5,"d":"18,232.50"}]
[139,4494,"一业务部","1车队","李正15274991377","立珊专线","ZA004",4494,"湘AF3070","湘A95139D","TEG6106BEV20","LHWCJ95D3H1174199","电动",2017,"2017-12-06","10米","221度","宁德时代",221,"直流","中车时代","常规线路营运","华强",78.7388361282099,"换电",{"v":302365.647,"d":"302,365.65"},{"v":0.7791,"d":"77.91%"},{"v":82.5,"d":"82.50"},{"v":18232.5,"d":"18,232.50"}]
[140,4495,"一业务部","9车队","李刃15874081178","222路","ZA006",4495,"湘AF3533","湘A09637D","TEG6106BEV20","LHWCJ95D8H1174201","电动",2017,"2017-12-06","10米","221度","宁德时代",221,"直流","中车时代","常规线路营运","华强",75.0164075976373,"换电",{"v":289444.325,"d":"289,444.33"},{"v":0.7307,"d":"73.07%"},{"v":82.5,"d":"82.50"},{"v":18232.5,"d":"18,232.50"}]
[141,4496,"三业务部","9车队","刘爱华13507319148","406路","ZA008",4496,"湘AF3757","湘A95629D","TEG6106BEV20","LHWCJ95D1H1174203","电动",2017,"2017-12-06","10米","221度","宁德时代",221,"直流","中车时代","常规线路营运","华强",80.9087283039713,"换电",{"v":354027.431,"d":"354,027.43"},{"v":0.8178,"d":"81.78%"},{"v":82.5,"d":"82.50"},{"v":18232.5,"d":"18,232.50"}]
[142,4497,"三业务部","5车队","牛巍巍13755111011","289路","ZA009",4497,"湘AF3909","湘A96107D","TEG6106BEV20","LHWCJ95D3H1174204","电动",2017,"2017-12-06","10米","221度","宁德时代",221,"直流","中车时代","常规线路营运","华强",75.738301833257,"换电",{"v":344856.953,"d":"344,856.95"},{"v":0.7916,"d":"79.16%"},{"v":82.5,"d":"82.50"},{"v":18232.5,"d":"18,232.50"}]
[143,4498,"三业务部","9车队","刘爱华13507319148","406路","ZA010",4498,"湘AF3692","湘A96563D","TEG6106BEV20","LHWCJ95D5H1174205","电动",2017,"2017-12-06","10米","221度","宁德时代",221,"直流","中车时代","常规线路营运","华强",84.7057453402654,"换电",{"v":319758.237,"d":"319,758.24"},{"v":0.7943,"d":"79.43%"},{"v":82.5,"d":"82.50"},{"v":18232.5,"d":"18,232.50"}]
[144,4499,"一业务部","7车队","唐笔13973197928（主持工作）","138路","ZA017",4499,"湘AF3959","湘A98736D","TEG6106BEV20","LHWCJ95D2H1174212","电动",2017,"2017-12-06","10米","221度","宁德时代",221,"直流","中车时代","常规线路营运","华强",97.1904007979063,"换电",{"v":319149.566,"d":"319,149.57"},{"v":0.7259,"d":"72.59%"},{"v":82.5,"d":"82.50"},{"v":18232.5,"d":"18,232.50"}]
[145,4500,"一业务部","1车队","李正15274991377","立珊专线","ZA018",4500,"湘AF3680","湘A96705D","TEG6106BEV20","LHWCJ95D4H1174213","电动",2017,"2017-12-06","10米","221度","宁德时代",221,"直流","中车时代","常规线路营运","华强",79.3535987153607,"换电",{"v":350281.592,"d":"350,281.59"},{"v":0.6361,"d":"63.61%"},{"v":82.5,"d":"82.50"},{"v":18232.5,"d":"18,232.50"}]
[146,4501,"一业务部","3车队","聂晓辉15387520328","114路","ZA019",4501,"湘AF3978","湘A99061D","TEG6106BEV20","LHWCJ95D6H1174214","电动",2017,"2017-12-06","10米","221度","宁德时代",221,"直流","中车时代","常规线路营运","华强",77.134293214972,"换电",{"v":315996.112,"d":"315,996.11"},{"v":0.7533,"d":"75.33%"},{"v":82.5,"d":"82.50"},{"v":18232.5,"d":"18,232.50"}]
[147,4502,"一业务部","1车队","李正15274991377","立珊专线","ZA020",4502,"湘AF3755","湘A96305D","TEG6106BEV20","LHWCJ95D8H1174215","电动",2017,"2017-12-06","10米","221度","宁德时代",221,"直流","中车时代","常规线路营运","华强",76.1409713225253,"换电",{"v":362303.106,"d":"362,303.11"},{"v":0.7304,"d":"73.04%"},{"v":82.5,"d":"82.50"},{"v":18232.5,"d":"18,232.50"}]
[148,4503,"一业务部","2车队","聂晓辉15387520328","107路","ZA021",4503,"湘AF3616","湘A95059D","TEG6106BEV20","LHWCJ95DXH1174216","电动",2017,"2017-12-06","10米","221度","宁德时代",221,"直流","中车时代","常规线路营运","华强",86.834043534932,"换电",{"v":316426.633,"d":"316,426.63"},{"v":0.7247,"d":"72.47%"},{"v":82.5,"d":"82.50"},{"v":18232.5,"d":"18,232.50"}]
[149,4504,"一业务部","2车队","聂晓辉15387520328","107路","ZA022",4504,"湘AF3511","湘A92010D","TEG6106BEV20","LHWCJ95D1H1174217","电动",2017,"2017-12-06","10米","221度","宁德时代",221,"直流","中车时代","常规线路营运","华强",79.8946370739516,"换电",{"v":330610.625,"d":"330,610.63"},{"v":0.8942,"d":"89.42%"},{"v":82.5,"d":"82.50"},{"v":18232.5,"d":"18,232.50"}]
[150,4505,"一业务部","2车队","聂晓辉15387520328","107路","ZA023",4505,"湘AF3656","湘A97528D","TEG6106BEV20","LHWCJ95D3H1174218","电动",2017,"2017-12-06","10米","221度","宁德时代",221,"直流","中车时代","常规线路营运","华强",87.4058507855998,"换电",{"v":313216.404,"d":"313,216.40"},{"v":0.7701,"d":"77.01%"},{"v":82.5,"d":"82.50"},{"v":18232.5,"d":"18,232.50"}]
[151,4506,"一业务部","2车队","聂晓辉15387520328","7路","ZA024",4506,"湘AF3650","湘A96232D","TEG6106BEV20","LHWCJ95D5H1174219","电动",2017,"2017-12-06","10米","221度","宁德时代",221,"直流","中车时代","常规线路营运","华强",91.4462367613817,"换电",{"v":258400.807,"d":"258,400.81"},{"v":0.7112,"d":"71.12%"},{"v":82.5,"d":"82.50"},{"v":18232.5,"d":"18,232.50"}]
[152,4507,"一业务部","9车队","李刃15874081178","906路","ZA025",4507,"湘AF3585","湘A95381D","TEG6106BEV20","LHWCJ95D1H1174220","电动",2017,"2017-12-06","10米","221度","宁德时代",221,"直流","中车时代","常规线路营运","华强",84.1675738172672,"换电",{"v":295624.75,"d":"295,624.75"},{"v":0.807,"d":"80.70%"},{"v":82.5,"d":"82.50"},{"v":18232.5,"d":"18,232.50"}]
[153,4508,"四业务部","8车队","何晔13739094979","308路","ZA064",4508,"湘AF3525","湘A95323D","TEG6106BEV20","LHWCJ95D6H1174259","电动",2017,"2017-12-06","10米","221度","宁德时代",221,"直流","中车时代","常规线路营运","华强",80.6077508768928,"换电",{"v":268860.376,"d":"268,860.38"},{"v":0.8219,"d":"82.19%"},{"v":82.5,"d":"82.50"},{"v":18232.5,"d":"18,232.50"}]
[154,4509,"四业务部","7车队","覃小军13298692758","315路","ZA066",4509,"湘AF3505","湘A96971D","TEG6106BEV20","LHWCJ95D4H1174261","电动",2017,"2017-12-06","10米","221度","宁德时代",221,"直流","中车时代","常规线路营运","华强",82.0454862313529,"换电",{"v":263016.008,"d":"263,016.01"},{"v":0.8173,"d":"81.73%"},{"v":82.5,"d":"82.50"},{"v":18232.5,"d":"18,232.50"}]
[155,4510,"一业务部","2车队","聂晓辉15387520328","121路","ZA069",4510,"湘AF3582","湘A96131D","TEG6106BEV20","LHWCJ95DXH1174264","电动",2017,"2017-12-06","10米","221度","宁德时代",221,"直流","中车时代","常规线路营运","华强",79.193860706999,"换电",{"v":275878.76,"d":"275,878.76"},{"v":0.7849,"d":"78.49%"},{"v":82.5,"d":"82.50"},{"v":18232.5,"d":"18,232.50"}]
[156,4511,"一业务部","2车队","聂晓辉15387520328","121路","ZA073",4511,"湘AF3769","湘A95751D","TEG6106BEV20","LHWCJ95D7H1174268","电动",2017,"2017-12-06","10米","221度","宁德时代",221,"直流","中车时代","常规线路营运","华强",77.6050932648923,"换电",{"v":287537.957,"d":"287,537.96"},{"v":0.7197,"d":"71.97%"},{"v":82.5,"d":"82.50"},{"v":18232.5,"d":"18,232.50"}]
[157,4512,"一业务部","2车队","聂晓辉15387520328","121路","ZA076",4512,"湘AF3771","湘A96895D","TEG6106BEV20","LHWCJ95D7H1174271","电动",2017,"2017-12-06","10米","221度","宁德时代",221,"直流","中车时代","常规线路营运","华强",82.8423464895599,"换电",{"v":283277.699,"d":"283,277.70"},{"v":0.7652,"d":"76.52%"},{"v":82.5,"d":"82.50"},{"v":18232.5,"d":"18,232.50"}]
[158,4513,"一业务部","2车队","聂晓辉15387520328","121路","ZA077",4513,"湘AF3986","湘A09623D","TEG6106BEV20","LHWCJ95D9H1174272","电动",2017,"2017-12-06","10米","221度","宁德时代",221,"直流","中车时代","常规线路营运","华强",82.8597824540573,"换电",{"v":297994.357,"d":"297,994.36"},{"v":0.8393,"d":"83.93%"},{"v":82.5,"d":"82.50"},{"v":18232.5,"d":"18,232.50"}]
[159,4514,"四业务部","5车队","刘忠民13874908456","317路","ZA078",4514,"湘AF3638","湘A96321D","TEG6106BEV20","LHWCJ95D0H1174273","电动",2017,"2017-12-06","10米","221度","宁德时代",221,"直流","中车时代","常规线路营运","华强",70.6843564950154,"换电",{"v":297274.168,"d":"297,274.17"},{"v":0.8272,"d":"82.72%"},{"v":82.5,"d":"82.50"},{"v":18232.5,"d":"18,232.50"}]
[160,4515,"四业务部","5车队","刘忠民13874908456","317路","ZA079",4515,"湘AF3686","湘A95153D","TEG6106BEV20","LHWCJ95D2H1174274","电动",2017,"2017-12-06","10米","221度","宁德时代",221,"直流","中车时代","常规线路营运","华强",68.1812927764095,"换电",{"v":313781.529,"d":"313,781.53"},{"v":0.7732,"d":"77.32%"},{"v":82.5,"d":"82.50"},{"v":18232.5,"d":"18,232.50"}]
[161,4516,"四业务部","5车队","刘忠民13874908456","317路","ZA080",4516,"湘AF3950","湘A96385D","TEG6106BEV20","LHWCJ95D4H1174275","电动",2017,"2017-12-06","10米","221度","宁德时代",221,"直流","中车时代","常规线路营运","华强",66.9666339103485,"换电",{"v":291070.415,"d":"291,070.42"},{"v":0.8005,"d":"80.05%"},{"v":82.5,"d":"82.50"},{"v":18232.5,"d":"18,232.50"}]
[162,4517,"四业务部","8车队","何晔13739094979","308路","ZA084",4517,"湘AF3733","湘A96332D","TEG6106BEV20","LHWCJ95D1H1174279","电动",2017,"2017-12-07","10米","221度","宁德时代",221,"直流","中车时代","常规线路营运","华强",79.0240427426536,"换电",{"v":290228.684,"d":"290,228.68"},{"v":0.7729,"d":"77.29%"},{"v":82.5,"d":"82.50"},{"v":18232.5,"d":"18,232.50"}]
[163,4518,"四业务部","8车队","何晔13739094979","308路","ZA088",4518,"湘AF3927","湘A99263D","TEG6106BEV20","LHWCJ95D3H1174283","电动",2017,"2017-12-07","10米","221度","宁德时代",221,"直流","中车时代","常规线路营运","华强",80.2063690408573,"换电",{"v":298163.277,"d":"298,163.28"},{"v":0.7708,"d":"77.08%"},{"v":82.5,"d":"82.50"},{"v":18232.5,"d":"18,232.50"}]
[164,4519,"四业务部","8车队","何晔13739094979","308路","ZA096",4519,"湘AF3622","湘A08386D","TEG6106BEV20","LHWCJ95D2H1174291","电动",2017,"2017-12-07","10米","221度","宁德时代",221,"直流","中车时代","常规线路营运","华强",79.2355399864655,"换电",{"v":278758.205,"d":"278,758.21"},{"v":0.7123,"d":"71.23%"},{"v":82.5,"d":"82.50"},{"v":18232.5,"d":"18,232.50"}]
[165,4520,"三业务部","6车队","刘永恒13272411406","802路","ZA032",4520,"湘AF3190","湘A99927D","TEG6106BEV20","LHWCJ95D4H1174227","电动",2017,"2017-12-07","10米","221度","宁德时代",221,"直流","中车时代","常规线路营运","华强",74.6944920838373,"换电",{"v":361412.422,"d":"361,412.42"},{"v":0.7973,"d":"79.73%"},{"v":82.5,"d":"82.50"},{"v":18232.5,"d":"18,232.50"}]
[166,4521,"三业务部","6车队","刘永恒13272411406","802路","ZA034",4521,"湘AF3670","湘A92197D","TEG6106BEV20","LHWCJ95D8H1174229","电动",2017,"2017-12-07","10米","221度","宁德时代",221,"直流","中车时代","常规线路营运","华强",77.6147955455529,"换电",{"v":367982.273,"d":"367,982.27"},{"v":0.6576,"d":"65.76%"},{"v":82.5,"d":"82.50"},{"v":18232.5,"d":"18,232.50"}]
[167,4522,"三业务部","6车队","刘永恒13272411406","802路","ZA035",4522,"湘AF3605","湘A95776D","TEG6106BEV20","LHWCJ95D4H1174230","电动",2017,"2017-12-07","10米","221度","宁德时代",221,"直流","中车时代","常规线路营运","华强",77.3466184186438,"换电",{"v":374857.996,"d":"374,858.00"},{"v":0.7357,"d":"73.57%"},{"v":82.5,"d":"82.50"},{"v":18232.5,"d":"18,232.50"}]
[168,4523,"三业务部","6车队","刘永恒13272411406","802路","ZA036",4523,"湘AF3908","湘A99153D","TEG6106BEV20","LHWCJ95D6H1174231","电动",2017,"2017-12-07","10米","221度","宁德时代",221,"直流","中车时代","常规线路营运","华强",78.2052233676976,"换电",{"v":358020.5,"d":"358,020.50"},{"v":0.7746,"d":"77.46%"},{"v":82.5,"d":"82.50"},{"v":18232.5,"d":"18,232.50"}]
[169,4524,"三业务部","6车队","刘永恒13272411406","802路","ZA038",4524,"湘AF3865","湘A95221D","TEG6106BEV20","LHWCJ95DXH1174233","电动",2017,"2017-12-07","10米","221度","宁德时代",221,"直流","中车时代","常规线路营运","华强",74.543016683922,"换电",{"v":368641.841,"d":"368,641.84"},{"v":0.7741,"d":"77.41%"},{"v":82.5,"d":"82.50"},{"v":18232.5,"d":"18,232.50"}]
[170,4525,"三业务部","6车队","刘永恒13272411406","802路","ZA039",4525,"湘AF3609","湘A99538D","TEG6106BEV20","LHWCJ95D1H1174234","电动",2017,"2017-12-07","10米","221度","宁德时代",221,"直流","中车时代","常规线路营运","华强",74.9389402071936,"换电",{"v":361532.387,"d":"361,532.39"},{"v":0.693,"d":"69.30%"},{"v":82.5,"d":"82.50"},{"v":18232.5,"d":"18,232.50"}]
[171,4526,"四业务部","8车队","何晔13739094979","308路","ZA040",4526,"湘AF3663","湘A16009D","TEG6106BEV20","LHWCJ95D3H1174235","电动",2017,"2017-12-07","10米","221度","宁德时代",221,"直流","中车时代","常规线路营运","华强",80.3173952267695,"换电",{"v":306744.622,"d":"306,744.62"},{"v":0.7552,"d":"75.52%"},{"v":82.5,"d":"82.50"},{"v":18232.5,"d":"18,232.50"}]
[172,4527,"四业务部","8车队","何晔13739094979","3路","ZA042",4527,"湘AF3320","湘A93750D","TEG6106BEV20","LHWCJ95D7H1174237","电动",2017,"2017-12-07","10米","221度","宁德时代",221,"直流","中车时代","常规线路营运","华强",90.1008961490618,"换电",{"v":274835.534,"d":"274,835.53"},{"v":0.8085,"d":"80.85%"},{"v":82.5,"d":"82.50"},{"v":18232.5,"d":"18,232.50"}]
[173,4528,"四业务部","8车队","何晔13739094979","3路","ZA043",4528,"湘AF3312","湘A03757D","TEG6106BEV20","LHWCJ95D9H1174238","电动",2017,"2017-12-07","10米","221度","宁德时代",221,"直流","中车时代","常规线路营运","华强",87.6445035509312,"换电",{"v":269382.613,"d":"269,382.61"},{"v":0.814,"d":"81.40%"},{"v":82.5,"d":"82.50"},{"v":18232.5,"d":"18,232.50"}]
[174,4529,"一业务部","9车队","李刃15874081178","321路","ZA044",4529,"湘AF3728","湘A95726D","TEG6106BEV20","LHWCJ95D0H1174239","电动",2017,"2017-12-07","10米","221度","宁德时代",221,"直流","中车时代","常规线路营运","华强",73.6439610487608,"换电",{"v":278603.276,"d":"278,603.28"},{"v":0.7021,"d":"70.21%"},{"v":82.5,"d":"82.50"},{"v":18232.5,"d":"18,232.50"}]
[175,4530,"一业务部","9车队","李刃15874081178","321路","ZA045",4530,"湘AF3765","湘A97615D","TEG6106BEV20","LHWCJ95D7H1174240","电动",2017,"2017-12-07","10米","221度","宁德时代",221,"直流","中车时代","常规线路营运","华强",67.167466092154,"换电",{"v":279418.745,"d":"279,418.75"},{"v":0.7565,"d":"75.65%"},{"v":82.5,"d":"82.50"},{"v":18232.5,"d":"18,232.50"}]
[176,4531,"一业务部","9车队","李刃15874081178","321路","ZA046",4531,"湘AF3952","湘A95502D","TEG6106BEV20","LHWCJ95D9H1174241","电动",2017,"2017-12-07","10米","221度","宁德时代",221,"直流","中车时代","常规线路营运","华强",69.0177605336885,"换电",{"v":296086.102,"d":"296,086.10"},{"v":0.7271,"d":"72.71%"},{"v":82.5,"d":"82.50"},{"v":18232.5,"d":"18,232.50"}]
[177,4532,"一业务部","9车队","李刃15874081178","321路","ZA047",4532,"湘AF3710","湘A99231D","TEG6106BEV20","LHWCJ95D0H1174242","电动",2017,"2017-12-07","10米","221度","宁德时代",221,"直流","中车时代","常规线路营运","华强",71.902159396766,"换电",{"v":303334.535,"d":"303,334.54"},{"v":0.7912,"d":"79.12%"},{"v":82.5,"d":"82.50"},{"v":18232.5,"d":"18,232.50"}]
[178,4533,"一业务部","9车队","李刃15874081178","321路","ZA051",4533,"湘AF3991","湘A97863D","TEG6106BEV20","LHWCJ95D8H1174246","电动",2017,"2017-12-07","10米","221度","宁德时代",221,"直流","中车时代","常规线路营运","华强",74.9063362215015,"换电",{"v":270868.241,"d":"270,868.24"},{"v":0.7849,"d":"78.49%"},{"v":82.5,"d":"82.50"},{"v":18232.5,"d":"18,232.50"}]
[179,4534,"一业务部","9车队","李刃15874081178","222路","ZA052",4534,"湘AF3900","湘A98010D","TEG6106BEV20","LHWCJ95DXH1174247","电动",2017,"2017-12-07","10米","221度","宁德时代",221,"直流","中车时代","常规线路营运","华强",69.6265939281041,"换电",{"v":303690.21,"d":"303,690.21"},{"v":0.6472,"d":"64.72%"},{"v":82.5,"d":"82.50"},{"v":18232.5,"d":"18,232.50"}]
[180,4535,"一业务部","9车队","李刃15874081178","222路","ZA053",4535,"湘AF3639","湘A95621D","TEG6106BEV20","LHWCJ95D1H1174248","电动",2017,"2017-12-07","10米","221度","宁德时代",221,"直流","中车时代","常规线路营运","华强",73.9263145260417,"换电",{"v":320791.689,"d":"320,791.69"},{"v":0.7255,"d":"72.55%"},{"v":82.5,"d":"82.50"},{"v":18232.5,"d":"18,232.50"}]
[181,4536,"一业务部","9车队","李刃15874081178","222路","ZA054",4536,"湘AF3169","湘A93085D","TEG6106BEV20","LHWCJ95D3H1174249","电动",2017,"2017-12-07","10米","221度","宁德时代",221,"直流","中车时代","常规线路营运","华强",69.0488319545008,"换电",{"v":293220.917,"d":"293,220.92"},{"v":0.8109,"d":"81.09%"},{"v":82.5,"d":"82.50"},{"v":18232.5,"d":"18,232.50"}]
[182,4537,"一业务部","9车队","李刃15874081178","222路","ZA055",4537,"湘AF3601","湘A96533D","TEG6106BEV20","LHWCJ95DXH1174250","电动",2017,"2017-12-07","10米","221度","宁德时代",221,"直流","中车时代","常规线路营运","华强",72.3220400384052,"换电",{"v":301108.2,"d":"301,108.20"},{"v":0.7958,"d":"79.58%"},{"v":82.5,"d":"82.50"},{"v":18232.5,"d":"18,232.50"}]
[183,4538,"一业务部","7车队","唐笔13973197928（主持工作）","2路","ZA002",4538,"湘AF3773","湘A97236D","TEG6106BEV20","LHWCJ95DXH1174197","电动",2017,"2017-12-07","10米","221度","宁德时代",221,"直流","中车时代","常规线路营运","华强",74.5133608095819,"换电",{"v":321712.691,"d":"321,712.69"},{"v":0.7995,"d":"79.95%"},{"v":82.5,"d":"82.50"},{"v":18232.5,"d":"18,232.50"}]
[184,4539,"一业务部","7车队","唐笔13973197928（主持工作）","2路","ZA005",4539,"湘AF3608","湘A96530D","TEG6106BEV20","LHWCJ95D6H1174200","电动",2017,"2017-12-07","10米","221度","宁德时代",221,"直流","中车时代","常规线路营运","华强",76.9419365401836,"换电",{"v":292595.319,"d":"292,595.32"},{"v":0.8023,"d":"80.23%"},{"v":82.5,"d":"82.50"},{"v":18232.5,"d":"18,232.50"}]
[185,4540,"一业务部","1车队","李正15274991377","401路","ZA007",4540,"湘AF3351","湘A97270D","TEG6106BEV20","LHWCJ95DXH1174202","电动",2017,"2017-12-07","10米","221度","宁德时代",221,"直流","中车时代","常规线路营运","华强",77.903095401963,"换电",{"v":283454.392,"d":"283,454.39"},{"v":0.7104,"d":"71.04%"},{"v":82.5,"d":"82.50"},{"v":18232.5,"d":"18,232.50"}]
[186,4541,"三业务部","9车队","刘爱华13507319148","220路","ZA011",4541,"湘AF3711","湘A95823D","TEG6106BEV20","LHWCJ95D7H1174206","电动",2017,"2017-12-07","10米","221度","宁德时代",221,"直流","中车时代","常规线路营运","华强",61.4765396535476,"换电",{"v":348495.003,"d":"348,495.00"},{"v":0.7378,"d":"73.78%"},{"v":82.5,"d":"82.50"},{"v":18232.5,"d":"18,232.50"}]
[187,4542,"三业务部","9车队","刘爱华13507319148","220路","ZA012",4542,"湘AF3606","湘A96759D","TEG6106BEV20","LHWCJ95D9H1174207","电动",2017,"2017-12-07","10米","221度","宁德时代",221,"直流","中车时代","常规线路营运","华强",64.0375916614759,"换电",{"v":356190.864,"d":"356,190.86"},{"v":0.7956,"d":"79.56%"},{"v":82.5,"d":"82.50"},{"v":18232.5,"d":"18,232.50"}]
[188,4543,"三业务部","9车队","刘爱华13507319148","406路","ZA013",4543,"湘AF3615","湘A95910D","TEG6106BEV20","LHWCJ95D0H1174208","电动",2017,"2017-12-07","10米","221度","宁德时代",221,"直流","中车时代","常规线路营运","华强",79.6965416840059,"换电",{"v":338509.768,"d":"338,509.77"},{"v":0.8498,"d":"84.98%"},{"v":82.5,"d":"82.50"},{"v":18232.5,"d":"18,232.50"}]
[189,4544,"一业务部","7车队","唐笔13973197928（主持工作）","138路","ZA014",4544,"湘AF3705","湘A92552D","TEG6106BEV20","LHWCJ95D2H1174209","电动",2017,"2017-12-07","10米","221度","宁德时代",221,"直流","中车时代","常规线路营运","华强",89.6521181046182,"换电",{"v":340277.843,"d":"340,277.84"},{"v":0.659,"d":"65.90%"},{"v":82.5,"d":"82.50"},{"v":18232.5,"d":"18,232.50"}]
[190,4545,"一业务部","7车队","唐笔13973197928（主持工作）","138路","ZA015",4545,"湘AF3610","湘A96501D","TEG6106BEV20","LHWCJ95D9H1174210","电动",2017,"2017-12-07","10米","221度","宁德时代",221,"直流","中车时代","常规线路营运","华强",96.310084512612,"换电",{"v":337911.864,"d":"337,911.86"},{"v":0.7803,"d":"78.03%"},{"v":82.5,"d":"82.50"},{"v":18232.5,"d":"18,232.50"}]
[191,4546,"一业务部","7车队","唐笔13973197928（主持工作）","138路","ZA016",4546,"湘AF3669","湘A95200D","TEG6106BEV20","LHWCJ95D0H1174211","电动",2017,"2017-12-07","10米","221度","宁德时代",221,"直流","中车时代","常规线路营运","华强",91.3067050232352,"换电",{"v":345876.882,"d":"345,876.88"},{"v":0.7895,"d":"78.95%"},{"v":82.5,"d":"82.50"},{"v":18232.5,"d":"18,232.50"}]
[192,4547,"三业务部","9车队","刘爱华13507319148","167路","ZA026",4547,"湘AF3976","湘A96737D","TEG6106BEV20","LHWCJ95D3H1174221","电动",2017,"2017-12-07","10米","221度","宁德时代",221,"直流","中车时代","常规线路营运","华强",82.2230057114671,"换电",{"v":349606.18,"d":"349,606.18"},{"v":0.8543,"d":"85.43%"},{"v":82.5,"d":"82.50"},{"v":18232.5,"d":"18,232.50"}]
[193,4548,"三业务部","9车队","刘爱华13507319148","167路","ZA027",4548,"湘AF3695","湘A96775D","TEG6106BEV20","LHWCJ95D5H1174222","电动",2017,"2017-12-07","10米","221度","宁德时代",221,"直流","中车时代","常规线路营运","华强",82.3652734630459,"换电",{"v":355110.615,"d":"355,110.62"},{"v":0.7864,"d":"78.64%"},{"v":82.5,"d":"82.50"},{"v":18232.5,"d":"18,232.50"}]
[194,4549,"三业务部","9车队","刘爱华13507319148","167路","ZA028",4549,"湘AF3929","湘A95089D","TEG6106BEV20","LHWCJ95D7H1174223","电动",2017,"2017-12-07","10米","221度","宁德时代",221,"直流","中车时代","常规线路营运","华强",84.4053205316411,"换电",{"v":361649.098,"d":"361,649.10"},{"v":0.7111,"d":"71.11%"},{"v":82.5,"d":"82.50"},{"v":18232.5,"d":"18,232.50"}]
[195,4550,"三业务部","9车队","刘爱华13507319148","167路","ZA029",4550,"湘AF3985","湘A96270D","TEG6106BEV20","LHWCJ95D9H1174224","电动",2017,"2017-12-07","10米","221度","宁德时代",221,"直流","中车时代","常规线路营运","华强",82.5176409330507,"换电",{"v":359649.053,"d":"359,649.05"},{"v":0.8013,"d":"80.13%"},{"v":82.5,"d":"82.50"},{"v":18232.5,"d":"18,232.50"}]
[196,4551,"三业务部","5车队","牛巍巍13755111011","125路","ZA030",4551,"湘AF3296","湘A97230D","TEG6106BEV20","LHWCJ95D0H1174225","电动",2017,"2017-12-07","10米","221度","宁德时代",221,"直流","中车时代","常规线路营运","华强",81.6826551231226,"换电",{"v":350485.415,"d":"350,485.42"},{"v":0.6682,"d":"66.82%"},{"v":82.5,"d":"82.50"},{"v":18232.5,"d":"18,232.50"}]
[197,4552,"四业务部","6车队","刘得良13807492332","916路","ZA056",4552,"湘AF3920","湘A95650D","TEG6106BEV20","LHWCJ95D1H1174251","电动",2017,"2017-12-07","10米","221度","宁德时代",221,"直流","中车时代","常规线路营运","华强",73.7304657079072,"换电",{"v":305134.973,"d":"305,134.97"},{"v":0.709,"d":"70.90%"},{"v":82.5,"d":"82.50"},{"v":18232.5,"d":"18,232.50"}]
[198,4553,"四业务部","1车队","黄建新13875895531","918路","ZA057",4553,"湘AF3617","湘A99579D","TEG6106BEV20","LHWCJ95D3H1174252","电动",2017,"2017-12-07","10米","221度","宁德时代",221,"直流","中车时代","常规线路营运","华强",78.4389668114459,"换电",{"v":287896.578,"d":"287,896.58"},{"v":0.8321,"d":"83.21%"},{"v":82.5,"d":"82.50"},{"v":18232.5,"d":"18,232.50"}]
[199,4554,"四业务部","1车队","黄建新13875895531","918路","ZA058",4554,"湘AF3871","湘A98615D","TEG6106BEV20","LHWCJ95D5H1174253","电动",2017,"2017-12-07","10米","221度","宁德时代",221,"直流","中车时代","常规线路营运","华强",80.0374405231648,"换电",{"v":291805.107,"d":"291,805.11"},{"v":0.7738,"d":"77.38%"},{"v":82.5,"d":"82.50"},{"v":18232.5,"d":"18,232.50"}]
[200,4555,"四业务部","1车队","黄建新13875895531","918路","ZA059",4555,"湘AF3509","湘A98357D","TEG6106BEV20","LHWCJ95D7H1174254","电动",2017,"2017-12-07","10米","221度","宁德时代",221,"直流","中车时代","常规线路营运","华强",82.2526841118161,"换电",{"v":295623.793,"d":"295,623.79"},{"v":0.8091,"d":"80.91%"},{"v":82.5,"d":"82.50"},{"v":18232.5,"d":"18,232.50"}]
[201,4556,"四业务部","6车队","刘得良13807492332","916路","ZA060",4556,"湘AF3620","湘A93307D","TEG6106BEV20","LHWCJ95D9H1174255","电动",2017,"2017-12-07","10米","221度","宁德时代",221,"直流","中车时代","常规线路营运","华强",76.6884697292364,"换电",{"v":311436.238,"d":"311,436.24"},{"v":0.8266,"d":"82.66%"},{"v":82.5,"d":"82.50"},{"v":18232.5,"d":"18,232.50"}]
[202,4557,"四业务部","1车队","黄建新13875895531","918路","ZA061",4557,"湘AF3767","湘A95953D","TEG6106BEV20","LHWCJ95D0H1174256","电动",2017,"2017-12-07","10米","221度","宁德时代",221,"直流","中车时代","常规线路营运","华强",79.2587889164608,"换电",{"v":288842.235,"d":"288,842.24"},{"v":0.6962,"d":"69.62%"},{"v":82.5,"d":"82.50"},{"v":18232.5,"d":"18,232.50"}]
[203,4558,"四业务部","1车队","黄建新13875895531","918路","ZA062",4558,"湘AF3718","湘A95013D","TEG6106BEV20","LHWCJ95D2H1174257","电动",2017,"2017-12-07","10米","221度","宁德时代",221,"直流","中车时代","常规线路营运","华强",80.7097761227332,"换电",{"v":286411.126,"d":"286,411.13"},{"v":0.8517,"d":"85.17%"},{"v":82.5,"d":"82.50"},{"v":18232.5,"d":"18,232.50"}]
[204,4559,"四业务部","4车队","刘果13755037587","367路","ZA063",4559,"湘AF3815","湘A93339D","TEG6106BEV20","LHWCJ95D4H1174258","电动",2017,"2017-12-07","10米","221度","宁德时代",221,"直流","中车时代","常规线路营运","华强",77.0983791124436,"换电",{"v":301871.301,"d":"301,871.30"},{"v":0.749,"d":"74.90%"},{"v":82.5,"d":"82.50"},{"v":18232.5,"d":"18,232.50"}]
[205,4560,"四业务部","1车队","黄建新13875895531","918路","ZA065",4560,"湘AF3676","湘A93510D","TEG6106BEV20","LHWCJ95D2H1174260","电动",2017,"2017-12-07","10米","221度","宁德时代",221,"直流","中车时代","常规线路营运","华强",80.0584241191084,"换电",{"v":281580.432,"d":"281,580.43"},{"v":0.8152,"d":"81.52%"},{"v":82.5,"d":"82.50"},{"v":18232.5,"d":"18,232.50"}]
[206,4561,"四业务部","4车队","刘果13755037587","367路","ZA067",4561,"湘AF3690","湘A98979D","TEG6106BEV20","LHWCJ95D6H1174262","电动",2017,"2017-12-07","10米","221度","宁德时代",221,"直流","中车时代","常规线路营运","华强",77.5080697338137,"换电",{"v":301373.298,"d":"301,373.30"},{"v":0.7548,"d":"75.48%"},{"v":82.5,"d":"82.50"},{"v":18232.5,"d":"18,232.50"}]
[207,4562,"四业务部","1车队","黄建新13875895531","918路","ZA068",4562,"湘AF3687","湘A97136D","TEG6106BEV20","LHWCJ95D8H1174263","电动",2017,"2017-12-07","10米","221度","宁德时代",221,"直流","中车时代","常规线路营运","华强",86.3758768108087,"换电",{"v":288814.771,"d":"288,814.77"},{"v":0.8297,"d":"82.97%"},{"v":82.5,"d":"82.50"},{"v":18232.5,"d":"18,232.50"}]
[208,4563,"四业务部","1车队","黄建新13875895531","918路","ZA070",4563,"湘AF3812","湘A93369D","TEG6106BEV20","LHWCJ95D1H1174265","电动",2017,"2017-12-07","10米","221度","宁德时代",221,"直流","中车时代","常规线路营运","华强",88.2135512633987,"换电",{"v":292883.568,"d":"292,883.57"},{"v":0.7455,"d":"74.55%"},{"v":82.5,"d":"82.50"},{"v":18232.5,"d":"18,232.50"}]
[209,4564,"四业务部","1车队","黄建新13875895531","918路","ZA071",4564,"湘AF3992","湘A11816D","TEG6106BEV20","LHWCJ95D3H1174266","电动",2017,"2017-12-07","10米","221度","宁德时代",221,"直流","中车时代","常规线路营运","华强",84.9198421152665,"换电",{"v":294626.84,"d":"294,626.84"},{"v":0.7589,"d":"75.89%"},{"v":82.5,"d":"82.50"},{"v":18232.5,"d":"18,232.50"}]
[210,4565,"四业务部","1车队","黄建新13875895531","918路","ZA072",4565,"湘AF3661","湘A97802D","TEG6106BEV20","LHWCJ95D5H1174267","电动",2017,"2017-12-07","10米","221度","宁德时代",221,"直流","中车时代","常规线路营运","华强",80.6650596550594,"换电",{"v":291639.092,"d":"291,639.09"},{"v":0.7751,"d":"77.51%"},{"v":82.5,"d":"82.50"},{"v":18232.5,"d":"18,232.50"}]
[211,4566,"四业务部","1车队","黄建新13875895531","918路","ZA074",4566,"湘AF3970","湘A93952D","TEG6106BEV20","LHWCJ95D9H1174269","电动",2017,"2017-12-07","10米","221度","宁德时代",221,"直流","中车时代","常规线路营运","华强",78.4131080756935,"换电",{"v":287651.171,"d":"287,651.17"},{"v":0.8087,"d":"80.87%"},{"v":82.5,"d":"82.50"},{"v":18232.5,"d":"18,232.50"}]
[212,4567,"四业务部","1车队","黄建新13875895531","918路","ZA075",4567,"湘AF3906","湘A93579D","TEG6106BEV20","LHWCJ95D5H1174270","电动",2017,"2017-12-07","10米","221度","宁德时代",221,"直流","中车时代","常规线路营运","华强",84.8428566572623,"换电",{"v":291203.269,"d":"291,203.27"},{"v":0.8289,"d":"82.89%"},{"v":82.5,"d":"82.50"},{"v":18232.5,"d":"18,232.50"}]
[213,5506,"一业务部","8车队","周兴中13787411279","141路",1026,5506,"湘AF1527","湘A02317D","TEG6106BEV11","LHWCJ95D9H1171632","电动",2017,"2017-11-09","10米","162度","宁德时代",162,"直流","中车时代","常规线路营运","劲达",null,"换电",{"v":297577.943,"d":"297,577.94"},{"v":0.782,"d":"78.20%"},{"v":82.5,"d":"82.50"},{"v":13365,"d":"13,365.00"}]
[214,5507,"一业务部","8车队","周兴中13787411279","141路",1027,5507,"湘AF1156","湘A98720D","TEG6106BEV11","LHWCJ95D0H1171633","电动",2017,"2017-11-09","10米","162度","宁德时代",162,"直流","中车时代","常规线路营运","劲达",null,"换电",{"v":312841.76,"d":"312,841.76"},{"v":0.8012,"d":"80.12%"},{"v":82.5,"d":"82.50"},{"v":13365,"d":"13,365.00"}]
[215,5616,"一业务部","2车队","聂晓辉15387520328","135路",1028,5616,"湘AF3821","湘A08703D","TEG6106BEV11","LHWCJ95D6H1171703","电动",2017,"2017-12-11","10米","162度","宁德时代",162,"直流","中车时代","常规线路营运","劲达",null,"换电",{"v":275942.879,"d":"275,942.88"},{"v":0.7644,"d":"76.44%"},{"v":82.5,"d":"82.50"},{"v":13365,"d":"13,365.00"}]
[216,5617,"一业务部","6车队","常壮志13667381112","228路",1029,5617,"湘AF3679","湘A90019D","TEG6106BEV11","LHWCJ95D8H1171704","电动",2017,"2017-12-11","10米","162度","宁德时代",162,"直流","中车时代","常规线路营运","劲达",null,"换电",{"v":298322.26,"d":"298,322.26"},{"v":0.7509,"d":"75.09%"},{"v":82.5,"d":"82.50"},{"v":13365,"d":"13,365.00"}]
[217,5618,"四业务部","5车队","刘忠民13874908456","385路",1031,5618,"湘AF0282","湘A96512D","TEG6106BEV11","LHWCJ95D1H1171706","电动",2017,"2017-12-11","10米","162度","宁德时代",162,"直流","中车时代","常规线路营运","劲达",null,"换电",{"v":263125.292,"d":"263,125.29"},{"v":0.6224,"d":"62.24%"},{"v":82.5,"d":"82.50"},{"v":13365,"d":"13,365.00"}]
[218,5619,"一业务部","5车队","代红伟13787092278","143路",1032,5619,"湘AF3217","湘A99103D","TEG6106BEV11","LHWCJ95D5H1171708","电动",2017,"2017-12-11","10米","162度","宁德时代",162,"直流","中车时代","常规线路营运","劲达",null,"换电",{"v":302449.271,"d":"302,449.27"},{"v":0.7377,"d":"73.77%"},{"v":82.5,"d":"82.50"},{"v":13365,"d":"13,365.00"}]
[219,5620,"一业务部","5车队","代红伟13787092278","143路",1033,5620,"湘AF1631","湘A01593D","TEG6106BEV11","LHWCJ95D7H1171709","电动",2017,"2017-12-11","10米","162度","宁德时代",162,"直流","中车时代","常规线路营运","劲达",null,"换电",{"v":295747.21,"d":"295,747.21"},{"v":0.8006,"d":"80.06%"},{"v":82.5,"d":"82.50"},{"v":13365,"d":"13,365.00"}]
[220,5621,"一业务部","6车队","常壮志13667381112","805路",1035,5621,"湘AF1535","湘A01328D","TEG6106BEV11","LHWCJ95D7H1171712","电动",2017,"2017-12-11","10米","162度","宁德时代",162,"直流","中车时代","常规线路营运","劲达",null,"换电",{"v":288680.18,"d":"288,680.18"},{"v":0.8223,"d":"82.23%"},{"v":82.5,"d":"82.50"},{"v":13365,"d":"13,365.00"}]
[221,5622,"一业务部","6车队","常壮志13667381112","805路",1037,5622,"湘AF1652","湘A01336D","TEG6106BEV11","LHWCJ95D2H1171715","电动",2017,"2017-12-11","10米","162度","宁德时代",162,"直流","中车时代","常规线路营运","劲达",null,"换电",{"v":311542.858,"d":"311,542.86"},{"v":0.8037,"d":"80.37%"},{"v":82.5,"d":"82.50"},{"v":13365,"d":"13,365.00"}]
[222,5623,"一业务部","6车队","常壮志13667381112","805路",1039,5623,"湘AF3651","湘A97288D","TEG6106BEV11","LHWCJ95D8H1171718","电动",2017,"2017-12-11","10米","162度","宁德时代",162,"直流","中车时代","常规线路营运","劲达",null,"换电",{"v":303249.126,"d":"303,249.13"},{"v":0.7363,"d":"73.63%"},{"v":82.5,"d":"82.50"},{"v":13365,"d":"13,365.00"}]
[223,5624,"一业务部","6车队","常壮志13667381112","805路",1041,5624,"湘AF3975","湘A08565D","TEG6106BEV11","LHWCJ95D7H1171726","电动",2017,"2017-12-11","10米","162度","宁德时代",162,"直流","中车时代","常规线路营运","劲达",null,"换电",{"v":290141.027,"d":"290,141.03"},{"v":0.8486,"d":"84.86%"},{"v":82.5,"d":"82.50"},{"v":13365,"d":"13,365.00"}]
[224,5625,"一业务部","6车队","常壮志13667381112","805路",1042,5625,"湘AF1173","湘A02656D","TEG6106BEV11","LHWCJ95D9H1171727","电动",2017,"2017-12-11","10米","162度","宁德时代",162,"直流","中车时代","常规线路营运","劲达",null,"换电",{"v":301533.25,"d":"301,533.25"},{"v":0.7231,"d":"72.31%"},{"v":82.5,"d":"82.50"},{"v":13365,"d":"13,365.00"}]
[225,5626,"一业务部","8车队","周兴中13787411279","141路",1043,5626,"湘AF1132","湘A92863D","TEG6106BEV11","LHWCJ95D2H1171729","电动",2017,"2017-12-11","10米","162度","宁德时代",162,"直流","中车时代","常规线路营运","劲达",null,"换电",{"v":282659.098,"d":"282,659.10"},{"v":0.7895,"d":"78.95%"},{"v":82.5,"d":"82.50"},{"v":13365,"d":"13,365.00"}]
[226,5627,"一业务部","6车队","常壮志13667381112","805路",1045,5627,"湘AF3519","湘A03823D","TEG6106BEV11","LHWCJ95D9H1171730","电动",2017,"2017-12-11","10米","162度","宁德时代",162,"直流","中车时代","常规线路营运","劲达",null,"换电",{"v":309064.928,"d":"309,064.93"},{"v":0.7275,"d":"72.75%"},{"v":82.5,"d":"82.50"},{"v":13365,"d":"13,365.00"}]
[227,5628,"一业务部","6车队","常壮志13667381112","805路",1046,5628,"湘AF3210","湘A93317D","TEG6106BEV11","LHWCJ95D0H1171731","电动",2017,"2017-12-11","10米","162度","宁德时代",162,"直流","中车时代","常规线路营运","劲达",null,"换电",{"v":308561.812,"d":"308,561.81"},{"v":0.66,"d":"66.00%"},{"v":82.5,"d":"82.50"},{"v":13365,"d":"13,365.00"}]
[228,5629,"一业务部","6车队","常壮志13667381112","805路",1047,5629,"湘AF1205","湘A91339D","TEG6106BEV11","LHWCJ95D2H1171732","电动",2017,"2017-12-11","10米","162度","宁德时代",162,"直流","中车时代","常规线路营运","劲达",null,"换电",{"v":305117.148,"d":"305,117.15"},{"v":0.7706,"d":"77.06%"},{"v":82.5,"d":"82.50"},{"v":13365,"d":"13,365.00"}]
[229,5630,"一业务部","6车队","常壮志13667381112","805路",1048,5630,"湘AF3632","湘A97623D","TEG6106BEV11","LHWCJ95D4H1171733","电动",2017,"2017-12-11","10米","162度","宁德时代",162,"直流","中车时代","常规线路营运","劲达",null,"换电",{"v":290463.766,"d":"290,463.77"},{"v":0.7298,"d":"72.98%"},{"v":82.5,"d":"82.50"},{"v":13365,"d":"13,365.00"}]
[230,5631,"五业务部","7车队","张泽17607317210（主持工作）","150路",1049,5631,"湘AF3731","湘A90167D","TEG6106BEV11","LHWCJ95D6H1171734","电动",2017,"2017-12-11","10米","162度","宁德时代",162,"直流","中车时代","常规线路营运","劲达",null,"换电",{"v":308613.06,"d":"308,613.06"},{"v":0.6639,"d":"66.39%"},{"v":82.5,"d":"82.50"},{"v":13365,"d":"13,365.00"}]
[231,5632,"五业务部","7车队","张泽17607317210（主持工作）","150路",1050,5632,"湘AF3756","湘A98757D","TEG6106BEV11","LHWCJ95DXH1171736","电动",2017,"2017-12-11","10米","162度","宁德时代",162,"直流","中车时代","常规线路营运","劲达",null,"换电",{"v":307147.324,"d":"307,147.32"},{"v":0.7103,"d":"71.03%"},{"v":82.5,"d":"82.50"},{"v":13365,"d":"13,365.00"}]
[232,5633,"五业务部","7车队","张泽17607317210（主持工作）","150路",1051,5633,"湘AF1031","湘A99808D","TEG6106BEV11","LHWCJ95D1H1171737","电动",2017,"2017-12-11","10米","162度","宁德时代",162,"直流","中车时代","常规线路营运","劲达",null,"换电",{"v":304192.971,"d":"304,192.97"},{"v":0.6948,"d":"69.48%"},{"v":82.5,"d":"82.50"},{"v":13365,"d":"13,365.00"}]
[233,5634,"五业务部","7车队","张泽17607317210（主持工作）","150路",1052,5634,"湘AF3981","湘A97771D","TEG6106BEV11","LHWCJ95D3H1171738","电动",2017,"2017-12-11","10米","162度","宁德时代",162,"直流","中车时代","常规线路营运","劲达",null,"换电",{"v":304937.949,"d":"304,937.95"},{"v":0.6877,"d":"68.77%"},{"v":82.5,"d":"82.50"},{"v":13365,"d":"13,365.00"}]
[234,5635,"五业务部","7车队","张泽17607317210（主持工作）","804路",1053,5635,"湘AF3657","湘A98888D","TEG6106BEV11","LHWCJ95D5H1171739","电动",2017,"2017-12-11","10米","162度","宁德时代",162,"直流","中车时代","常规线路营运","劲达",null,"换电",{"v":324378.517,"d":"324,378.52"},{"v":0.7259,"d":"72.59%"},{"v":82.5,"d":"82.50"},{"v":13365,"d":"13,365.00"}]
[235,5636,"五业务部","7车队","张泽17607317210（主持工作）","804路",1054,5636,"湘AF3722","湘A92219D","TEG6106BEV11","LHWCJ95D3H1171741","电动",2017,"2017-12-11","10米","162度","宁德时代",162,"直流","中车时代","常规线路营运","劲达",null,"换电",{"v":316120.576,"d":"316,120.58"},{"v":0.635,"d":"63.50%"},{"v":82.5,"d":"82.50"},{"v":13365,"d":"13,365.00"}]
[236,5637,"五业务部","7车队","张泽17607317210（主持工作）","804路",1055,5637,"湘AF1021","湘A99296D","TEG6106BEV11","LHWCJ95D5H1171742","电动",2017,"2017-12-11","10米","162度","宁德时代",162,"直流","中车时代","常规线路营运","劲达",null,"换电",{"v":331505.721,"d":"331,505.72"},{"v":0.6562,"d":"65.62%"},{"v":82.5,"d":"82.50"},{"v":13365,"d":"13,365.00"}]
[237,5638,"五业务部","7车队","张泽17607317210（主持工作）","804路",1057,5638,"湘AF1365","湘A97810D","TEG6106BEV11","LHWCJ95D2H1171746","电动",2017,"2017-12-11","10米","162度","宁德时代",162,"直流","中车时代","常规线路营运","劲达",null,"换电",{"v":311250.807,"d":"311,250.81"},{"v":0.7084,"d":"70.84%"},{"v":82.5,"d":"82.50"},{"v":13365,"d":"13,365.00"}]
[238,5639,"一业务部","6车队","常壮志13667381112","228路",1059,5639,"湘AF0271","湘A96908D","TEG6106BEV11","LHWCJ95D8H1171749","电动",2017,"2017-12-11","10米","162度","宁德时代",162,"直流","中车时代","常规线路营运","劲达",null,"换电",{"v":293522.115,"d":"293,522.12"},{"v":0.7231,"d":"72.31%"},{"v":82.5,"d":"82.50"},{"v":13365,"d":"13,365.00"}]
[239,5640,"一业务部","6车队","常壮志13667381112","228路",1064,5640,"湘AF3761","湘A97823D","TEG6106BEV11","LHWCJ95D3H1171755","电动",2017,"2017-12-11","10米","162度","宁德时代",162,"直流","中车时代","常规线路营运","劲达",null,"换电",{"v":284081.57,"d":"284,081.57"},{"v":0.8618,"d":"86.18%"},{"v":82.5,"d":"82.50"},{"v":13365,"d":"13,365.00"}]
[240,5641,"一业务部","6车队","常壮志13667381112","228路",1065,5641,"湘AF1951","湘A08864D","TEG6106BEV11","LHWCJ95D5H1171756","电动",2017,"2017-12-11","10米","162度","宁德时代",162,"直流","中车时代","常规线路营运","劲达",null,"换电",{"v":305301.361,"d":"305,301.36"},{"v":0.8029,"d":"80.29%"},{"v":82.5,"d":"82.50"},{"v":13365,"d":"13,365.00"}]
[241,5642,"一业务部","6车队","常壮志13667381112","228路",1066,5642,"湘AF1387","湘A90512D","TEG6106BEV11","LHWCJ95D7H1171757","电动",2017,"2017-12-11","10米","162度","宁德时代",162,"直流","中车时代","常规线路营运","劲达",null,"换电",{"v":311255.126,"d":"311,255.13"},{"v":0.7424,"d":"74.24%"},{"v":82.5,"d":"82.50"},{"v":13365,"d":"13,365.00"}]
[242,5643,"一业务部","5车队","代红伟13787092278","143路",1079,5643,"湘AF5996","湘A98673D","TEG6106BEV11","LHWCJ95D4H1171781","电动",2017,"2017-12-15","10米","162度","宁德时代",162,"直流","中车时代","常规线路营运","劲达",null,"换电",{"v":306588.301,"d":"306,588.30"},{"v":0.7818,"d":"78.18%"},{"v":82.5,"d":"82.50"},{"v":13365,"d":"13,365.00"}]
[243,5644,"一业务部","5车队","代红伟13787092278","143路",1080,5644,"湘AF5905","湘A98378D","TEG6106BEV11","LHWCJ95D8H1171783","电动",2017,"2017-12-15","10米","162度","宁德时代",162,"直流","中车时代","常规线路营运","劲达",null,"换电",{"v":273577.851,"d":"273,577.85"},{"v":0.8342,"d":"83.42%"},{"v":82.5,"d":"82.50"},{"v":13365,"d":"13,365.00"}]
[244,5645,"一业务部","5车队","代红伟13787092278","143路",1081,5645,"湘AF5971","湘A93698D","TEG6106BEV11","LHWCJ95DXH1171784","电动",2017,"2017-12-15","10米","162度","宁德时代",162,"直流","中车时代","常规线路营运","劲达",null,"换电",{"v":284156.963,"d":"284,156.96"},{"v":0.7467,"d":"74.67%"},{"v":82.5,"d":"82.50"},{"v":13365,"d":"13,365.00"}]
[245,5646,"一业务部","2车队","聂晓辉15387520328","107路",1082,5646,"湘AF5875","湘A98611D","TEG6106BEV11","LHWCJ95D1H1171785","电动",2017,"2017-12-15","10米","162度","宁德时代",162,"直流","中车时代","常规线路营运","劲达",null,"换电",{"v":290037.308,"d":"290,037.31"},{"v":0.7314,"d":"73.14%"},{"v":82.5,"d":"82.50"},{"v":13365,"d":"13,365.00"}]
[246,5647,"一业务部","6车队","常壮志13667381112","228路",1083,5647,"湘AF5672","湘A95587D","TEG6106BEV11","LHWCJ95D3H1171786","电动",2017,"2017-12-15","10米","162度","宁德时代",162,"直流","中车时代","常规线路营运","劲达",null,"换电",{"v":309433.472,"d":"309,433.47"},{"v":0.6182,"d":"61.82%"},{"v":82.5,"d":"82.50"},{"v":13365,"d":"13,365.00"}]
[247,5648,"一业务部","6车队","常壮志13667381112","228路",1084,5648,"湘AF5852","湘A91317D","TEG6106BEV11","LHWCJ95D5H1171787","电动",2017,"2017-12-15","10米","162度","宁德时代",162,"直流","中车时代","常规线路营运","劲达",null,"换电",{"v":319357.376,"d":"319,357.38"},{"v":0.7097,"d":"70.97%"},{"v":82.5,"d":"82.50"},{"v":13365,"d":"13,365.00"}]
[248,5649,"一业务部","6车队","常壮志13667381112","228路",1085,5649,"湘AF5332","湘A92183D","TEG6106BEV11","LHWCJ95D5H1171790","电动",2017,"2017-12-15","10米","162度","宁德时代",162,"直流","中车时代","常规线路营运","劲达",null,"换电",{"v":317673.765,"d":"317,673.77"},{"v":0.7485,"d":"74.85%"},{"v":82.5,"d":"82.50"},{"v":13365,"d":"13,365.00"}]
[249,5650,"一业务部","6车队","常壮志13667381112","228路",1086,5650,"湘AF5700","湘A97126D","TEG6106BEV11","LHWCJ95D7H1171791","电动",2017,"2017-12-15","10米","162度","宁德时代",162,"直流","中车时代","常规线路营运","劲达",null,"换电",{"v":310288.92,"d":"310,288.92"},{"v":0.85,"d":"85.00%"},{"v":82.5,"d":"82.50"},{"v":13365,"d":"13,365.00"}]
[250,5651,"一业务部","6车队","常壮志13667381112","805路",1036,5651,"湘AF5226","湘A93828D","TEG6106BEV11","LHWCJ95D9H1171713","电动",2017,"2017-12-19","10米","162度","宁德时代",162,"直流","中车时代","常规线路营运","劲达",null,"换电",{"v":304209.377,"d":"304,209.38"},{"v":0.6548,"d":"65.48%"},{"v":82.5,"d":"82.50"},{"v":13365,"d":"13,365.00"}]
[251,5652,"一业务部","6车队","常壮志13667381112","805路",1038,5652,"湘AF5310","湘A91180D","TEG6106BEV11","LHWCJ95D6H1171717","电动",2017,"2017-12-19","10米","162度","宁德时代",162,"直流","中车时代","常规线路营运","劲达",null,"换电",{"v":317439.951,"d":"317,439.95"},{"v":0.66,"d":"66.00%"},{"v":82.5,"d":"82.50"},{"v":13365,"d":"13,365.00"}]
[252,5653,"一业务部","6车队","常壮志13667381112","805路",1067,5653,"湘AF5857","湘A97875D","TEG6106BEV11","LHWCJ95D0H1171759","电动",2017,"2017-12-19","10米","162度","宁德时代",162,"直流","中车时代","常规线路营运","劲达",null,"换电",{"v":303948.45,"d":"303,948.45"},{"v":0.7287,"d":"72.87%"},{"v":82.5,"d":"82.50"},{"v":13365,"d":"13,365.00"}]
[253,5654,"一业务部","8车队","周兴中13787411279","141路",1069,5654,"湘AF5312","湘A95873D","TEG6106BEV11","LHWCJ95D2H1171763","电动",2017,"2017-12-19","10米","162度","宁德时代",162,"直流","中车时代","常规线路营运","劲达",null,"换电",{"v":299337.916,"d":"299,337.92"},{"v":0.7492,"d":"74.92%"},{"v":82.5,"d":"82.50"},{"v":13365,"d":"13,365.00"}]
[254,5655,"一业务部","8车队","周兴中13787411279","141路",1072,5655,"湘AF5393","湘A08161D","TEG6106BEV11","LHWCJ95D1H1171768","电动",2017,"2017-12-19","10米","162度","宁德时代",162,"直流","中车时代","常规线路营运","劲达",null,"换电",{"v":312522.638,"d":"312,522.64"},{"v":0.7103,"d":"71.03%"},{"v":82.5,"d":"82.50"},{"v":13365,"d":"13,365.00"}]
[255,5656,"一业务部","8车队","周兴中13787411279","141路",1076,5656,"湘AF5780","湘A97697D","TEG6106BEV11","LHWCJ95D2H1171777","电动",2017,"2017-12-19","10米","162度","宁德时代",162,"直流","中车时代","常规线路营运","劲达",null,"换电",{"v":300734.347,"d":"300,734.35"},{"v":0.6307,"d":"63.07%"},{"v":82.5,"d":"82.50"},{"v":13365,"d":"13,365.00"}]
[256,5657,"五业务部","7车队","张泽17607317210（主持工作）","804路",1056,5657,"湘AF5191","湘A98099D","TEG6106BEV11","LHWCJ95D9H1171744","电动",2017,"2017-12-19","10米","162度","宁德时代",162,"直流","中车时代","常规线路营运","劲达",null,"换电",{"v":333581.264,"d":"333,581.26"},{"v":0.7109,"d":"71.09%"},{"v":82.5,"d":"82.50"},{"v":13365,"d":"13,365.00"}]
[257,5658,"一业务部","6车队","常壮志13667381112","228路",1063,5658,"湘AF5092","湘A96756D","TEG6106BEV11","LHWCJ95D1H1171754","电动",2017,"2017-12-19","10米","162度","宁德时代",162,"直流","中车时代","常规线路营运","劲达",null,"换电",{"v":294783.13,"d":"294,783.13"},{"v":0.7608,"d":"76.08%"},{"v":82.5,"d":"82.50"},{"v":13365,"d":"13,365.00"}]
[258,5659,"一业务部","6车队","常壮志13667381112","228路",1034,5659,"湘AF5972","湘A98633D","TEG6106BEV11","LHWCJ95D5H1171711","电动",2017,"2017-12-19","10米","162度","宁德时代",162,"直流","中车时代","常规线路营运","劲达",null,"换电",{"v":302624.06,"d":"302,624.06"},{"v":0.7126,"d":"71.26%"},{"v":82.5,"d":"82.50"},{"v":13365,"d":"13,365.00"}]
[259,5660,"一业务部","6车队","常壮志13667381112","228路",1040,5660,"湘AF5295","湘A96622D","TEG6106BEV11","LHWCJ95DXH1171719","电动",2017,"2017-12-19","10米","162度","宁德时代",162,"直流","中车时代","常规线路营运","劲达",null,"换电",{"v":308356.28,"d":"308,356.28"},{"v":0.6953,"d":"69.53%"},{"v":82.5,"d":"82.50"},{"v":13365,"d":"13,365.00"}]
[260,5661,"一业务部","6车队","常壮志13667381112","805路",1030,5661,"湘AF5633","湘A96295D","TEG6106BEV11","LHWCJ95DXH1171705","电动",2017,"2017-12-20","10米","162度","宁德时代",162,"直流","中车时代","常规线路营运","劲达",null,"换电",{"v":311870.276,"d":"311,870.28"},{"v":0.7596,"d":"75.96%"},{"v":82.5,"d":"82.50"},{"v":13365,"d":"13,365.00"}]
[261,5662,"一业务部","6车队","常壮志13667381112","805路",1068,5662,"湘AF5870","湘A98711D","TEG6106BEV11","LHWCJ95D9H1171761","电动",2017,"2017-12-20","10米","162度","宁德时代",162,"直流","中车时代","常规线路营运","劲达",null,"换电",{"v":309256.307,"d":"309,256.31"},{"v":0.7604,"d":"76.04%"},{"v":82.5,"d":"82.50"},{"v":13365,"d":"13,365.00"}]
[262,5663,"一业务部","6车队","常壮志13667381112","131路",1070,5663,"湘AF5806","湘A06773D","TEG6106BEV11","LHWCJ95D6H1171765","电动",2017,"2017-12-20","10米","162度","宁德时代",162,"直流","中车时代","常规线路营运","劲达",null,"换电",{"v":298325.19,"d":"298,325.19"},{"v":0.8415,"d":"84.15%"},{"v":82.5,"d":"82.50"},{"v":13365,"d":"13,365.00"}]
[263,5664,"一业务部","6车队","常壮志13667381112","805路",1071,5664,"湘AF5238","湘A02631D","TEG6106BEV11","LHWCJ95DXH1171767","电动",2017,"2017-12-20","10米","162度","宁德时代",162,"直流","中车时代","常规线路营运","劲达",null,"换电",{"v":315931.298,"d":"315,931.30"},{"v":0.7869,"d":"78.69%"},{"v":82.5,"d":"82.50"},{"v":13365,"d":"13,365.00"}]
[264,5665,"一业务部","6车队","常壮志13667381112","805路",1073,5665,"湘AF5957","湘A90051D","TEG6106BEV11","LHWCJ95D5H1171773","电动",2017,"2017-12-20","10米","162度","宁德时代",162,"直流","中车时代","常规线路营运","劲达",null,"换电",{"v":301895.187,"d":"301,895.19"},{"v":0.8554,"d":"85.54%"},{"v":82.5,"d":"82.50"},{"v":13365,"d":"13,365.00"}]
[265,5666,"一业务部","6车队","常壮志13667381112","131路",1074,5666,"湘AF5225","湘A09846D","TEG6106BEV11","LHWCJ95D7H1171774","电动",2017,"2017-12-20","10米","162度","宁德时代",162,"直流","中车时代","常规线路营运","劲达",null,"换电",{"v":313799.11,"d":"313,799.11"},{"v":0.8067,"d":"80.67%"},{"v":82.5,"d":"82.50"},{"v":13365,"d":"13,365.00"}]
[266,5667,"一业务部","6车队","常壮志13667381112","131路",1075,5667,"湘AF5915","湘A95118D","TEG6106BEV11","LHWCJ95D9H1171775","电动",2017,"2017-12-20","10米","162度","宁德时代",162,"直流","中车时代","常规线路营运","劲达",null,"换电",{"v":294943.189,"d":"294,943.19"},{"v":0.8486,"d":"84.86%"},{"v":82.5,"d":"82.50"},{"v":13365,"d":"13,365.00"}]
[267,5668,"一业务部","8车队","周兴中13787411279","141路",1077,5668,"湘AF5803","湘A93083D","TEG6106BEV11","LHWCJ95D6H1171779","电动",2017,"2017-12-20","10米","162度","宁德时代",162,"直流","中车时代","常规线路营运","劲达",null,"换电",{"v":296698.059,"d":"296,698.06"},{"v":0.751,"d":"75.10%"},{"v":82.5,"d":"82.50"},{"v":13365,"d":"13,365.00"}]
[268,5669,"一业务部","6车队","常壮志13667381112","805路",1078,5669,"湘AF5121","湘A97769D","TEG6106BEV11","LHWCJ95D2H1171780","电动",2017,"2017-12-20","10米","162度","宁德时代",162,"直流","中车时代","常规线路营运","劲达",null,"换电",{"v":307206.627,"d":"307,206.63"},{"v":0.7443,"d":"74.43%"},{"v":82.5,"d":"82.50"},{"v":13365,"d":"13,365.00"}]
[269,5670,"五业务部","7车队","张泽17607317210（主持工作）","804路",1058,5670,"湘AF5593","湘A92882D","TEG6106BEV11","LHWCJ95D4H1171747","电动",2017,"2017-12-20","10米","162度","宁德时代",162,"直流","中车时代","常规线路营运","劲达",null,"换电",{"v":311479.94,"d":"311,479.94"},{"v":0.7101,"d":"71.01%"},{"v":82.5,"d":"82.50"},{"v":13365,"d":"13,365.00"}]
[270,5671,"一业务部","6车队","常壮志13667381112","805路",1060,5671,"湘AF5622","湘A99181D","TEG6106BEV11","LHWCJ95D4H1171750","电动",2017,"2017-12-20","10米","162度","宁德时代",162,"直流","中车时代","常规线路营运","劲达",null,"换电",{"v":302071.493,"d":"302,071.49"},{"v":0.7179,"d":"71.79%"},{"v":82.5,"d":"82.50"},{"v":13365,"d":"13,365.00"}]
[271,5672,"一业务部","6车队","常壮志13667381112","228路",1061,5672,"湘AF5975","湘A97195D","TEG6106BEV11","LHWCJ95D6H1171751","电动",2017,"2017-12-20","10米","162度","宁德时代",162,"直流","中车时代","常规线路营运","劲达",null,"换电",{"v":319997.22,"d":"319,997.22"},{"v":0.6964,"d":"69.64%"},{"v":82.5,"d":"82.50"},{"v":13365,"d":"13,365.00"}]
[272,5673,"一业务部","6车队","常壮志13667381112","228路",1062,5673,"湘AF5129","湘A03871D","TEG6106BEV11","LHWCJ95D8H1171752","电动",2017,"2017-12-20","10米","162度","宁德时代",162,"直流","中车时代","常规线路营运","劲达",null,"换电",{"v":311210.627,"d":"311,210.63"},{"v":0.7534,"d":"75.34%"},{"v":82.5,"d":"82.50"},{"v":13365,"d":"13,365.00"}]
[273,6073,"一业务部","10车队","蒋庆13017182129","115路",847,6073,"湘AF1051","湘A92978D","TEG6106BEV11","LHWCJ95D9H1171677","电动",2017,"2017-12-11","10米","162度","宁德时代",162,"直流","中车时代","常规线路营运","劲达",null,"换电",{"v":257619.726,"d":"257,619.73"},{"v":0.7323,"d":"73.23%"},{"v":82.5,"d":"82.50"},{"v":13365,"d":"13,365.00"}]
[274,6074,"一业务部","10车队","蒋庆13017182129","115路",848,6074,"湘AF1237","湘A01688D","TEG6106BEV11","LHWCJ95D0H1171678","电动",2017,"2017-12-11","10米","162度","宁德时代",162,"直流","中车时代","常规线路营运","劲达",null,"换电",{"v":255923.731,"d":"255,923.73"},{"v":0.728,"d":"72.80%"},{"v":82.5,"d":"82.50"},{"v":13365,"d":"13,365.00"}]
[275,6075,"一业务部","10车队","蒋庆13017182129","115路",849,6075,"湘AF1271","湘A95896D","TEG6106BEV11","LHWCJ95D2H1171679","电动",2017,"2017-12-11","10米","162度","宁德时代",162,"直流","中车时代","常规线路营运","劲达",null,"换电",{"v":249627.124,"d":"249,627.12"},{"v":0.736,"d":"73.60%"},{"v":82.5,"d":"82.50"},{"v":13365,"d":"13,365.00"}]
[276,6076,"一业务部","10车队","蒋庆13017182129","115路",851,6076,"湘AF3512","湘A96878D","TEG6106BEV11","LHWCJ95D2H1171682","电动",2017,"2017-12-11","10米","162度","宁德时代",162,"直流","中车时代","常规线路营运","劲达",null,"换电",{"v":248856.194553,"d":"248,856.19"},{"v":0.7501,"d":"75.01%"},{"v":82.5,"d":"82.50"},{"v":13365,"d":"13,365.00"}]
[277,6077,"一业务部","10车队","蒋庆13017182129","115路",852,6077,"湘AF3230","湘A91990D","TEG6106BEV11","LHWCJ95D6H1171684","电动",2017,"2017-12-11","10米","162度","宁德时代",162,"直流","中车时代","常规线路营运","劲达",null,"换电",{"v":263839.046,"d":"263,839.05"},{"v":0.7704,"d":"77.04%"},{"v":82.5,"d":"82.50"},{"v":13365,"d":"13,365.00"}]
[278,6078,"一业务部","8车队","周兴中13787411279","160路",853,6078,"湘AF1120","湘A97268D","TEG6106BEV11","LHWCJ95DXH1171686","电动",2017,"2017-12-11","10米","162度","宁德时代",162,"直流","中车时代","常规线路营运","劲达",null,"换电",{"v":284562.273,"d":"284,562.27"},{"v":0.7322,"d":"73.22%"},{"v":82.5,"d":"82.50"},{"v":13365,"d":"13,365.00"}]
[279,6079,"一业务部","10车队","蒋庆13017182129","115路",854,6079,"湘AF3667","湘A97587D","TEG6106BEV11","LHWCJ95D3H1171688","电动",2017,"2017-12-11","10米","162度","宁德时代",162,"直流","中车时代","常规线路营运","劲达",null,"换电",{"v":268832.76,"d":"268,832.76"},{"v":0.73,"d":"73.00%"},{"v":82.5,"d":"82.50"},{"v":13365,"d":"13,365.00"}]
[280,6080,"三业务部","5车队","牛巍巍13755111011","212路",855,6080,"湘AF0521","湘A99071D","TEG6106BEV11","LHWCJ95D3H1171691","电动",2017,"2017-12-11","10米","162度","宁德时代",162,"直流","中车时代","常规线路营运","劲达",null,"换电",{"v":249359.747,"d":"249,359.75"},{"v":0.8471,"d":"84.71%"},{"v":82.5,"d":"82.50"},{"v":13365,"d":"13,365.00"}]
[281,6081,"三业务部","5车队","牛巍巍13755111011","212路",858,6081,"湘AF3781","湘A97962D","TEG6106BEV11","LHWCJ95D9H1171694","电动",2017,"2017-12-11","10米","162度","宁德时代",162,"直流","中车时代","常规线路营运","劲达",null,"换电",{"v":257863.638,"d":"257,863.64"},{"v":0.8172,"d":"81.72%"},{"v":82.5,"d":"82.50"},{"v":13365,"d":"13,365.00"}]
[282,6082,"三业务部","5车队","牛巍巍13755111011","212路",859,6082,"湘AF3696","湘A99259D","TEG6106BEV11","LHWCJ95D4H1171697","电动",2017,"2017-12-11","10米","162度","宁德时代",162,"直流","中车时代","常规线路营运","劲达",null,"换电",{"v":236325.959,"d":"236,325.96"},{"v":0.8655,"d":"86.55%"},{"v":82.5,"d":"82.50"},{"v":13365,"d":"13,365.00"}]
[283,6083,"二业务部","1车队","粟玉钢13974933549","701路",860,6083,"湘AF3271","湘A91578D","TEG6106BEV11","LHWCJ95D8H1171699","电动",2017,"2017-12-11","10米","162度","宁德时代",162,"直流","中车时代","常规线路营运","劲达",null,"换电",{"v":264021.992,"d":"264,021.99"},{"v":0.8586,"d":"85.86%"},{"v":82.5,"d":"82.50"},{"v":13365,"d":"13,365.00"}]
[284,6084,"三业务部","7车队","赵星13973190486","702路",862,6084,"湘AF5989","湘A96880D","TEG6106BEV11","LHWCJ95D4H1171795","电动",2017,"2017-12-15","10米","162度","宁德时代",162,"直流","中车时代","常规线路营运","劲达",null,"换电",{"v":230803.815,"d":"230,803.82"},{"v":0.8228,"d":"82.28%"},{"v":82.5,"d":"82.50"},{"v":13365,"d":"13,365.00"}]
[285,6085,"二业务部","1车队","粟玉钢13974933549","701路",863,6085,"湘AF5605","湘A96899D","TEG6106BEV11","LHWCJ95D6H1171796","电动",2017,"2017-12-15","10米","162度","宁德时代",162,"直流","中车时代","常规线路营运","劲达",null,"换电",{"v":269634.65,"d":"269,634.65"},{"v":0.7311,"d":"73.11%"},{"v":82.5,"d":"82.50"},{"v":13365,"d":"13,365.00"}]
[286,6086,"二业务部","1车队","粟玉钢13974933549","809路",864,6086,"湘AF5956","湘A99566D","TEG6106BEV11","LHWCJ95D8H1171797","电动",2017,"2017-12-15","10米","162度","宁德时代",162,"直流","中车时代","常规线路营运","劲达",null,"换电",{"v":259360.039,"d":"259,360.04"},{"v":0.7574,"d":"75.74%"},{"v":82.5,"d":"82.50"},{"v":13365,"d":"13,365.00"}]
[287,6087,"二业务部","5车队","李国华13487583532","808路",865,6087,"湘AF5617","湘A92256D","TEG6106BEV11","LHWCJ95DXH1171798","电动",2017,"2017-12-15","10米","162度","宁德时代",162,"直流","中车时代","常规线路营运","劲达",null,"换电",{"v":260385.202,"d":"260,385.20"},{"v":0.766,"d":"76.60%"},{"v":82.5,"d":"82.50"},{"v":13365,"d":"13,365.00"}]
[288,6088,"二业务部","5车队","李国华13487583532","808路",866,6088,"湘AF5381","湘A98258D","TEG6106BEV11","LHWCJ95D1H1171799","电动",2017,"2017-12-15","10米","162度","宁德时代",162,"直流","中车时代","常规线路营运","劲达",null,"换电",{"v":272377.255,"d":"272,377.26"},{"v":0.727,"d":"72.70%"},{"v":82.5,"d":"82.50"},{"v":13365,"d":"13,365.00"}]
[289,6089,"二业务部","5车队","李国华13487583532","808路",867,6089,"湘AF5607","湘A99916D","TEG6106BEV11","LHWCJ95D8H1171802","电动",2017,"2017-12-15","10米","162度","宁德时代",162,"直流","中车时代","常规线路营运","劲达",null,"换电",{"v":263746.86,"d":"263,746.86"},{"v":0.7404,"d":"74.04%"},{"v":82.5,"d":"82.50"},{"v":13365,"d":"13,365.00"}]
[290,6090,"二业务部","1车队","粟玉钢13974933549","809路",868,6090,"湘AF5768","湘A90179D","TEG6106BEV11","LHWCJ95DXH1171803","电动",2017,"2017-12-15","10米","162度","宁德时代",162,"直流","中车时代","常规线路营运","劲达",null,"换电",{"v":252729.616,"d":"252,729.62"},{"v":0.8209,"d":"82.09%"},{"v":82.5,"d":"82.50"},{"v":13365,"d":"13,365.00"}]
[291,6091,"二业务部","1车队","粟玉钢13974933549","809路",869,6091,"湘AF5529","湘A98229D","TEG6106BEV11","LHWCJ95D3H1171805","电动",2017,"2017-12-15","10米","162度","宁德时代",162,"直流","中车时代","常规线路营运","劲达",null,"换电",{"v":256752.17,"d":"256,752.17"},{"v":0.7461,"d":"74.61%"},{"v":82.5,"d":"82.50"},{"v":13365,"d":"13,365.00"}]
[292,6092,"二业务部","5车队","李国华13487583532","808路",870,6092,"湘AF5022","湘A99765D","TEG6106BEV11","LHWCJ95D5H1171806","电动",2017,"2017-12-15","10米","162度","宁德时代",162,"直流","中车时代","常规线路营运","劲达",null,"换电",{"v":274051.93,"d":"274,051.93"},{"v":0.7557,"d":"75.57%"},{"v":82.5,"d":"82.50"},{"v":13365,"d":"13,365.00"}]
[293,6093,"二业务部","10车队","李卓13469458288","微循环定制公交15路",871,6093,"湘AF5657","湘A95570D","TEG6106BEV11","LHWCJ95D7H1171807","电动",2017,"2017-12-15","10米","162度","宁德时代",162,"直流","中车时代","常规线路营运","劲达",null,"换电",{"v":244958.509,"d":"244,958.51"},{"v":0.6538,"d":"65.38%"},{"v":82.5,"d":"82.50"},{"v":13365,"d":"13,365.00"}]
[294,6094,"二业务部","10车队","李卓13469458288","微循环定制公交15路",872,6094,"湘AF5767","湘A90109D","TEG6106BEV11","LHWCJ95D9H1171808","电动",2017,"2017-12-15","10米","162度","宁德时代",162,"直流","中车时代","常规线路营运","劲达",null,"换电",{"v":246420.11,"d":"246,420.11"},{"v":0.7124,"d":"71.24%"},{"v":82.5,"d":"82.50"},{"v":13365,"d":"13,365.00"}]
[295,6095,"二业务部","1车队","粟玉钢13974933549","809路",873,6095,"湘AF5138","湘A96805D","TEG6106BEV11","LHWCJ95D0H1171809","电动",2017,"2017-12-15","10米","162度","宁德时代",162,"直流","中车时代","常规线路营运","劲达",null,"换电",{"v":255995.176,"d":"255,995.18"},{"v":0.7638,"d":"76.38%"},{"v":82.5,"d":"82.50"},{"v":13365,"d":"13,365.00"}]
[296,6096,"二业务部","2车队","黄文伟13547210197","703路",874,6096,"湘AF5922","湘A96059D","TEG6106BEV11","LHWCJ95D7H1171810","电动",2017,"2017-12-15","10米","162度","宁德时代",162,"直流","中车时代","常规线路营运","劲达",null,"换电",{"v":259706.947,"d":"259,706.95"},{"v":0.7807,"d":"78.07%"},{"v":82.5,"d":"82.50"},{"v":13365,"d":"13,365.00"}]
[297,6097,"二业务部","1车队","粟玉钢13974933549","809路",875,6097,"湘AF5392","湘A08108D","TEG6106BEV11","LHWCJ95D0H1171812","电动",2017,"2017-12-15","10米","162度","宁德时代",162,"直流","中车时代","常规线路营运","劲达",null,"换电",{"v":259894.173,"d":"259,894.17"},{"v":0.7564,"d":"75.64%"},{"v":82.5,"d":"82.50"},{"v":13365,"d":"13,365.00"}]
[298,6098,"一业务部","8车队","周兴中13787411279","160路",846,6098,"湘AF5323","湘A91682D","TEG6106BEV11","LHWCJ95D3H1171657","电动",2017,"2017-12-19","10米","162度","宁德时代",162,"直流","中车时代","常规线路营运","劲达",null,"换电",{"v":275259.364,"d":"275,259.36"},{"v":0.7539,"d":"75.39%"},{"v":82.5,"d":"82.50"},{"v":13365,"d":"13,365.00"}]
[299,6099,"二业务部","2车队","黄文伟13547210197","703路",856,6099,"湘AF5733","湘A99158D","TEG6106BEV11","LHWCJ95D5H1171692","电动",2017,"2017-12-19","10米","162度","宁德时代",162,"直流","中车时代","常规线路营运","劲达",null,"换电",{"v":242033.412,"d":"242,033.41"},{"v":0.7658,"d":"76.58%"},{"v":82.5,"d":"82.50"},{"v":13365,"d":"13,365.00"}]
[300,6100,"二业务部","2车队","黄文伟13547210197","703路",877,6100,"湘AF5681","湘A98862D","TEG6106BEV11","LHWCJ95D4H1171814","电动",2017,"2017-12-19","10米","162度","宁德时代",162,"直流","中车时代","常规线路营运","劲达",null,"换电",{"v":267575.417,"d":"267,575.42"},{"v":0.7112,"d":"71.12%"},{"v":82.5,"d":"82.50"},{"v":13365,"d":"13,365.00"}]
[301,6101,"二业务部","2车队","黄文伟13547210197","703路",880,6101,"湘AF5255","湘A99280D","TEG6106BEV11","LHWCJ95D1H1171818","电动",2017,"2017-12-19","10米","162度","宁德时代",162,"直流","中车时代","常规线路营运","劲达",null,"换电",{"v":254324.49,"d":"254,324.49"},{"v":0.7209,"d":"72.09%"},{"v":82.5,"d":"82.50"},{"v":13365,"d":"13,365.00"}]
[302,6102,"一业务部","10车队","蒋庆13017182129","115路",885,6102,"湘AF5629","湘A91099D","TEG6106BEV11","LHWCJ95D7H1171824","电动",2017,"2017-12-19","10米","162度","宁德时代",162,"直流","中车时代","常规线路营运","劲达",null,"换电",{"v":272382.35,"d":"272,382.35"},{"v":0.6732,"d":"67.32%"},{"v":82.5,"d":"82.50"},{"v":13365,"d":"13,365.00"}]
[303,6103,"一业务部","5车队","代红伟13787092278","143路",887,6103,"湘AF5739","湘A97088D","TEG6106BEV11","LHWCJ95D4H1171828","电动",2017,"2017-12-19","10米","162度","宁德时代",162,"直流","中车时代","常规线路营运","劲达",null,"换电",{"v":271046.592,"d":"271,046.59"},{"v":0.6922,"d":"69.22%"},{"v":82.5,"d":"82.50"},{"v":13365,"d":"13,365.00"}]
[304,6104,"二业务部","2车队","黄文伟13547210197","703路",888,6104,"湘AF5290","湘A99681D","TEG6106BEV11","LHWCJ95D6H1171829","电动",2017,"2017-12-19","10米","162度","宁德时代",162,"直流","中车时代","常规线路营运","劲达",null,"换电",{"v":242060.893,"d":"242,060.89"},{"v":0.7162,"d":"71.62%"},{"v":82.5,"d":"82.50"},{"v":13365,"d":"13,365.00"}]
[305,6105,"一业务部","10车队","蒋庆13017182129","115路",889,6105,"湘AF5223","湘A07269D","TEG6106BEV11","LHWCJ95D2H1171830","电动",2017,"2017-12-19","10米","162度","宁德时代",162,"直流","中车时代","常规线路营运","劲达",null,"换电",{"v":272530.237,"d":"272,530.24"},{"v":0.7269,"d":"72.69%"},{"v":82.5,"d":"82.50"},{"v":13365,"d":"13,365.00"}]
[306,6106,"二业务部","2车队","黄文伟13547210197","703路",890,6106,"湘AF5732","湘A95882D","TEG6106BEV11","LHWCJ95D6H1171832","电动",2017,"2017-12-19","10米","162度","宁德时代",162,"直流","中车时代","常规线路营运","劲达",null,"换电",{"v":263481.455,"d":"263,481.46"},{"v":0.7656,"d":"76.56%"},{"v":82.5,"d":"82.50"},{"v":13365,"d":"13,365.00"}]
[307,6107,"二业务部","2车队","黄文伟13547210197","703路",891,6107,"湘AF5357","湘A90967D","TEG6106BEV11","LHWCJ95D8H1171833","电动",2017,"2017-12-19","10米","162度","宁德时代",162,"直流","中车时代","常规线路营运","劲达",null,"换电",{"v":273677.079,"d":"273,677.08"},{"v":0.7561,"d":"75.61%"},{"v":82.5,"d":"82.50"},{"v":13365,"d":"13,365.00"}]
[308,6108,"一业务部","10车队","蒋庆13017182129","115路",892,6108,"湘AF5615","湘A96817D","TEG6106BEV11","LHWCJ95DXH1171834","电动",2017,"2017-12-19","10米","162度","宁德时代",162,"直流","中车时代","常规线路营运","劲达",null,"换电",{"v":273598.41,"d":"273,598.41"},{"v":0.7424,"d":"74.24%"},{"v":82.5,"d":"82.50"},{"v":13365,"d":"13,365.00"}]
[309,6109,"一业务部","8车队","周兴中13787411279","160路",894,6109,"湘AF5783","湘A98986D","TEG6106BEV11","LHWCJ95D5H1171837","电动",2017,"2017-12-19","10米","162度","宁德时代",162,"直流","中车时代","常规线路营运","劲达",null,"换电",{"v":263735.483,"d":"263,735.48"},{"v":0.6811,"d":"68.11%"},{"v":82.5,"d":"82.50"},{"v":13365,"d":"13,365.00"}]
[310,6110,"一业务部","10车队","蒋庆13017182129","115路",896,6110,"湘AF5026","湘A99972D","TEG6106BEV11","LHWCJ95D9H1171839","电动",2017,"2017-12-19","10米","162度","宁德时代",162,"直流","中车时代","常规线路营运","劲达",null,"换电",{"v":273336.558,"d":"273,336.56"},{"v":0.7314,"d":"73.14%"},{"v":82.5,"d":"82.50"},{"v":13365,"d":"13,365.00"}]
[311,6111,"一业务部","10车队","蒋庆13017182129","115路",898,6111,"湘AF5973","湘A99657D","TEG6106BEV11","LHWCJ95D7H1171841","电动",2017,"2017-12-19","10米","162度","宁德时代",162,"直流","中车时代","常规线路营运","劲达",null,"换电",{"v":267630.131,"d":"267,630.13"},{"v":0.7338,"d":"73.38%"},{"v":82.5,"d":"82.50"},{"v":13365,"d":"13,365.00"}]
[312,6112,"一业务部","10车队","蒋庆13017182129","115路",899,6112,"湘AF5793","湘A96188D","TEG6106BEV11","LHWCJ95D9H1171842","电动",2017,"2017-12-19","10米","162度","宁德时代",162,"直流","中车时代","常规线路营运","劲达",null,"换电",{"v":268491.717,"d":"268,491.72"},{"v":0.7104,"d":"71.04%"},{"v":82.5,"d":"82.50"},{"v":13365,"d":"13,365.00"}]
[313,6113,"二业务部","1车队","粟玉钢13974933549","701路",900,6113,"湘AF5239","湘A92892D","TEG6106BEV11","LHWCJ95D0H1171843","电动",2017,"2017-12-19","10米","162度","宁德时代",162,"直流","中车时代","常规线路营运","劲达",null,"换电",{"v":273121.895,"d":"273,121.90"},{"v":0.7316,"d":"73.16%"},{"v":82.5,"d":"82.50"},{"v":13365,"d":"13,365.00"}]
[314,6114,"一业务部","10车队","蒋庆13017182129","115路",901,6114,"湘AF5252","湘A90507D","TEG6106BEV11","LHWCJ95D2H1171844","电动",2017,"2017-12-19","10米","162度","宁德时代",162,"直流","中车时代","常规线路营运","劲达",null,"换电",{"v":274445.426,"d":"274,445.43"},{"v":0.7275,"d":"72.75%"},{"v":82.5,"d":"82.50"},{"v":13365,"d":"13,365.00"}]
[315,6115,"二业务部","1车队","粟玉钢13974933549","701路",902,6115,"湘AF5911","湘A95862D","TEG6106BEV11","LHWCJ95D4H1171845","电动",2017,"2017-12-19","10米","162度","宁德时代",162,"直流","中车时代","常规线路营运","劲达",null,"换电",{"v":270739.87,"d":"270,739.87"},{"v":0.7253,"d":"72.53%"},{"v":82.5,"d":"82.50"},{"v":13365,"d":"13,365.00"}]
[316,6116,"一业务部","8车队","周兴中13787411279","160路",903,6116,"湘AF5692","湘A95875D","TEG6106BEV11","LHWCJ95D6H1171846","电动",2017,"2017-12-19","10米","162度","宁德时代",162,"直流","中车时代","常规线路营运","劲达",null,"换电",{"v":269698.351,"d":"269,698.35"},{"v":0.7264,"d":"72.64%"},{"v":82.5,"d":"82.50"},{"v":13365,"d":"13,365.00"}]
[317,6117,"三业务部","7车队","赵星13973190486","702路",905,6117,"湘AF5063","湘A98278D","TEG6106BEV11","LHWCJ95D1H1171849","电动",2017,"2017-12-19","10米","162度","宁德时代",162,"直流","中车时代","常规线路营运","劲达",null,"换电",{"v":220489.294,"d":"220,489.29"},{"v":0.7104,"d":"71.04%"},{"v":82.5,"d":"82.50"},{"v":13365,"d":"13,365.00"}]
[318,6118,"三业务部","3车队","丁广新15367802570","365路",910,6118,"湘AF5269","湘A99127D","TEG6106BEV11","LHWCJ95D7H1171855","电动",2017,"2017-12-19","10米","162度","宁德时代",162,"直流","中车时代","常规线路营运","劲达",null,"换电",{"v":234404.535,"d":"234,404.54"},{"v":0.8536,"d":"85.36%"},{"v":82.5,"d":"82.50"},{"v":13365,"d":"13,365.00"}]
[319,6119,"三业务部","3车队","丁广新15367802570","365路",911,6119,"湘AF5113","湘A98277D","TEG6106BEV11","LHWCJ95D9H1171856","电动",2017,"2017-12-19","10米","162度","宁德时代",162,"直流","中车时代","常规线路营运","劲达",null,"换电",{"v":236701.035,"d":"236,701.04"},{"v":0.8296,"d":"82.96%"},{"v":82.5,"d":"82.50"},{"v":13365,"d":"13,365.00"}]
[320,6120,"四业务部","5车队","刘忠民13874908456","385路",913,6120,"湘AF5951","湘A98871D","TEG6106BEV11","LHWCJ95D4H1171859","电动",2017,"2017-12-19","10米","162度","宁德时代",162,"直流","中车时代","常规线路营运","劲达",null,"换电",{"v":239595.217,"d":"239,595.22"},{"v":0.8574,"d":"85.74%"},{"v":82.5,"d":"82.50"},{"v":13365,"d":"13,365.00"}]
[321,6121,"三业务部","8车队","黄泽左15367885799","266路",916,6121,"湘AF5236","湘A91567D","TEG6106BEV11","LHWCJ95D4H1171862","电动",2017,"2017-12-19","10米","162度","宁德时代",162,"直流","中车时代","常规线路营运","劲达",null,"换电",{"v":221518.039,"d":"221,518.04"},{"v":0.8684,"d":"86.84%"},{"v":82.5,"d":"82.50"},{"v":13365,"d":"13,365.00"}]
[322,6122,"一业务部","8车队","周兴中13787411279","101路",919,6122,"湘AF5572","湘A98715D","TEG6106BEV11","LHWCJ95DXH1171865","电动",2017,"2017-12-19","10米","162度","宁德时代",162,"直流","中车时代","常规线路营运","劲达",null,"换电",{"v":270987.957,"d":"270,987.96"},{"v":0.7277,"d":"72.77%"},{"v":82.5,"d":"82.50"},{"v":13365,"d":"13,365.00"}]
[323,6123,"二业务部","1车队","粟玉钢13974933549","809路",922,6123,"湘AF5910","湘A98111D","TEG6106BEV11","LHWCJ95D5H1171868","电动",2017,"2017-12-19","10米","162度","宁德时代",162,"直流","中车时代","常规线路营运","劲达",null,"换电",{"v":265366.16,"d":"265,366.16"},{"v":0.6708,"d":"67.08%"},{"v":82.5,"d":"82.50"},{"v":13365,"d":"13,365.00"}]
[324,6124,"二业务部","1车队","粟玉钢13974933549","701路",925,6124,"湘AF5352","湘A92568D","TEG6106BEV11","LHWCJ95D5H1171871","电动",2017,"2017-12-19","10米","162度","宁德时代",162,"直流","中车时代","常规线路营运","劲达",null,"换电",{"v":262522.3307825,"d":"262,522.33"},{"v":0.6307,"d":"63.07%"},{"v":82.5,"d":"82.50"},{"v":13365,"d":"13,365.00"}]
[325,6125,"一业务部","10车队","蒋庆13017182129","115路",926,6125,"湘AF5636","湘A96159D","TEG6106BEV11","LHWCJ95D7H1171872","电动",2017,"2017-12-19","10米","162度","宁德时代",162,"直流","中车时代","常规线路营运","劲达",null,"换电",{"v":265571.877,"d":"265,571.88"},{"v":0.8541,"d":"85.41%"},{"v":82.5,"d":"82.50"},{"v":13365,"d":"13,365.00"}]
[326,6126,"三业务部","3车队","丁广新15367802570","365路",927,6126,"湘AF5501","湘A98679D","TEG6106BEV11","LHWCJ95D9H1171873","电动",2017,"2017-12-19","10米","162度","宁德时代",162,"直流","中车时代","常规线路营运","劲达",null,"换电",{"v":262930.437,"d":"262,930.44"},{"v":0.8203,"d":"82.03%"},{"v":82.5,"d":"82.50"},{"v":13365,"d":"13,365.00"}]
[327,6127,"一业务部","8车队","周兴中13787411279","160路",928,6127,"湘AF5931","湘A90777D","TEG6106BEV11","LHWCJ95D0H1171874","电动",2017,"2017-12-19","10米","162度","宁德时代",162,"直流","中车时代","常规线路营运","劲达",null,"换电",{"v":258614.7495925,"d":"258,614.75"},{"v":0.6224,"d":"62.24%"},{"v":82.5,"d":"82.50"},{"v":13365,"d":"13,365.00"}]
[328,6128,"一业务部","10车队","蒋庆13017182129","115路",934,6128,"湘AF5230","湘A98921D","TEG6106BEV11","LHWCJ95D6H1171880","电动",2017,"2017-12-19","10米","162度","宁德时代",162,"直流","中车时代","常规线路营运","劲达",null,"换电",{"v":286426.136,"d":"286,426.14"},{"v":0.7435,"d":"74.35%"},{"v":82.5,"d":"82.50"},{"v":13365,"d":"13,365.00"}]
[329,6129,"一业务部","10车队","蒋庆13017182129","115路",936,6129,"湘AF5620","湘A96871D","TEG6106BEV11","LHWCJ95DXH1171882","电动",2017,"2017-12-19","10米","162度","宁德时代",162,"直流","中车时代","常规线路营运","劲达",null,"换电",{"v":278363.4547735,"d":"278,363.45"},{"v":0.7112,"d":"71.12%"},{"v":82.5,"d":"82.50"},{"v":13365,"d":"13,365.00"}]
[330,6130,"一业务部","6车队","常壮志13667381112","805路",938,6130,"湘AF5292","湘A96795D","TEG6106BEV11","LHWCJ95D3H1171884","电动",2017,"2017-12-19","10米","162度","宁德时代",162,"直流","中车时代","常规线路营运","劲达",null,"换电",{"v":279178.5779655,"d":"279,178.58"},{"v":0.7143,"d":"71.43%"},{"v":82.5,"d":"82.50"},{"v":13365,"d":"13,365.00"}]
[331,6131,"一业务部","8车队","周兴中13787411279","101路",939,6131,"湘AF5211","湘A90617D","TEG6106BEV11","LHWCJ95D7H1171886","电动",2017,"2017-12-19","10米","162度","宁德时代",162,"直流","中车时代","常规线路营运","劲达",null,"换电",{"v":282529.653,"d":"282,529.65"},{"v":0.7691,"d":"76.91%"},{"v":82.5,"d":"82.50"},{"v":13365,"d":"13,365.00"}]
[332,6132,"一业务部","8车队","周兴中13787411279","160路",941,6132,"湘AF5712","湘A97919D","TEG6106BEV11","LHWCJ95D0H1171888","电动",2017,"2017-12-19","10米","162度","宁德时代",162,"直流","中车时代","常规线路营运","劲达",null,"换电",{"v":300479.581874,"d":"300,479.58"},{"v":0.7566,"d":"75.66%"},{"v":82.5,"d":"82.50"},{"v":13365,"d":"13,365.00"}]
[333,6133,"一业务部","10车队","蒋庆13017182129","115路",942,6133,"湘AF5771","湘A95722D","TEG6106BEV11","LHWCJ95D2H1171889","电动",2017,"2017-12-19","10米","162度","宁德时代",162,"直流","中车时代","常规线路营运","劲达",null,"换电",{"v":269965.1317355,"d":"269,965.13"},{"v":0.7584,"d":"75.84%"},{"v":82.5,"d":"82.50"},{"v":13365,"d":"13,365.00"}]
[334,6134,"一业务部","10车队","蒋庆13017182129","115路",845,6134,"湘AF5093","湘A92879D","TEG6106BEV11","LHWCJ95D5H1171644","电动",2017,"2017-12-20","10米","162度","宁德时代",162,"直流","中车时代","常规线路营运","劲达",null,"换电",{"v":265891.277,"d":"265,891.28"},{"v":0.8391,"d":"83.91%"},{"v":82.5,"d":"82.50"},{"v":13365,"d":"13,365.00"}]
[335,6135,"一业务部","10车队","蒋庆13017182129","115路",850,6135,"湘AF5811","湘A95785D","TEG6106BEV11","LHWCJ95D9H1171680","电动",2017,"2017-12-20","10米","162度","宁德时代",162,"直流","中车时代","常规线路营运","劲达",null,"换电",{"v":264038.312,"d":"264,038.31"},{"v":0.8017,"d":"80.17%"},{"v":82.5,"d":"82.50"},{"v":13365,"d":"13,365.00"}]
[336,6136,"三业务部","5车队","牛巍巍13755111011","58路",857,6136,"湘AF5950","湘A96760D","TEG6106BEV11","LHWCJ95D7H1171693","电动",2017,"2017-12-20","10米","162度","宁德时代",162,"直流","中车时代","常规线路营运","劲达",null,"换电",{"v":252597.713,"d":"252,597.71"},{"v":0.804,"d":"80.40%"},{"v":82.5,"d":"82.50"},{"v":13365,"d":"13,365.00"}]
[337,6137,"三业务部","8车队","黄泽左15367885799","266路",861,6137,"湘AF5987","湘A90902D","TEG6106BEV11","LHWCJ95D2H1171701","电动",2017,"2017-12-20","10米","162度","宁德时代",162,"直流","中车时代","常规线路营运","劲达",null,"换电",{"v":230104.042,"d":"230,104.04"},{"v":0.8131,"d":"81.31%"},{"v":82.5,"d":"82.50"},{"v":13365,"d":"13,365.00"}]
[338,6138,"二业务部","2车队","黄文伟13547210197","703路",876,6138,"湘AF5919","湘A98922D","TEG6106BEV11","LHWCJ95D2H1171813","电动",2017,"2017-12-20","10米","162度","宁德时代",162,"直流","中车时代","常规线路营运","劲达",null,"换电",{"v":273245.234,"d":"273,245.23"},{"v":0.7151,"d":"71.51%"},{"v":82.5,"d":"82.50"},{"v":13365,"d":"13,365.00"}]
[339,6139,"二业务部","2车队","黄文伟13547210197","703路",878,6139,"湘AF5721","湘A96508D","TEG6106BEV11","LHWCJ95D6H1171815","电动",2017,"2017-12-20","10米","162度","宁德时代",162,"直流","中车时代","常规线路营运","劲达",null,"换电",{"v":270917.75,"d":"270,917.75"},{"v":0.7402,"d":"74.02%"},{"v":82.5,"d":"82.50"},{"v":13365,"d":"13,365.00"}]
[340,6140,"二业务部","2车队","黄文伟13547210197","703路",879,6140,"湘AF5315","湘A95879D","TEG6106BEV11","LHWCJ95DXH1171817","电动",2017,"2017-12-20","10米","162度","宁德时代",162,"直流","中车时代","常规线路营运","劲达",null,"换电",{"v":274804,"d":"274,804.00"},{"v":0.7861,"d":"78.61%"},{"v":82.5,"d":"82.50"},{"v":13365,"d":"13,365.00"}]
[341,6141,"二业务部","2车队","黄文伟13547210197","703路",881,6141,"湘AF5502","湘A91585D","TEG6106BEV11","LHWCJ95D3H1171819","电动",2017,"2017-12-20","10米","162度","宁德时代",162,"直流","中车时代","常规线路营运","劲达",null,"换电",{"v":269735.478803,"d":"269,735.48"},{"v":0.75,"d":"75.00%"},{"v":82.5,"d":"82.50"},{"v":13365,"d":"13,365.00"}]
[342,6142,"一业务部","6车队","常壮志13667381112","805路",882,6142,"湘AF5257","湘A97728D","TEG6106BEV11","LHWCJ95DXH1171820","电动",2017,"2017-12-20","10米","162度","宁德时代",162,"直流","中车时代","常规线路营运","劲达",null,"换电",{"v":246214.09,"d":"246,214.09"},{"v":0.7379,"d":"73.79%"},{"v":82.5,"d":"82.50"},{"v":13365,"d":"13,365.00"}]
[343,6143,"二业务部","2车队","黄文伟13547210197","703路",883,6143,"湘AF2513","湘A97269D","TEG6106BEV11","LHWCJ95D3H1171822","电动",2017,"2017-12-20","10米","162度","宁德时代",162,"直流","中车时代","常规线路营运","劲达",null,"换电",{"v":277638.94,"d":"277,638.94"},{"v":0.721,"d":"72.10%"},{"v":82.5,"d":"82.50"},{"v":13365,"d":"13,365.00"}]
[344,6144,"二业务部","1车队","粟玉钢13974933549","701路",884,6144,"湘AF5639","湘A92299D","TEG6106BEV11","LHWCJ95D5H1171823","电动",2017,"2017-12-20","10米","162度","宁德时代",162,"直流","中车时代","常规线路营运","劲达",null,"换电",{"v":267907.57,"d":"267,907.57"},{"v":0.7111,"d":"71.11%"},{"v":82.5,"d":"82.50"},{"v":13365,"d":"13,365.00"}]
[345,6145,"二业务部","1车队","粟玉钢13974933549","701路",886,6145,"湘AF5902","湘A98951D","TEG6106BEV11","LHWCJ95D0H1171826","电动",2017,"2017-12-20","10米","162度","宁德时代",162,"直流","中车时代","常规线路营运","劲达",null,"换电",{"v":273077.52,"d":"273,077.52"},{"v":0.7112,"d":"71.12%"},{"v":82.5,"d":"82.50"},{"v":13365,"d":"13,365.00"}]
[346,6146,"一业务部","5车队","代红伟13787092278","143路",893,6146,"湘AF5869","湘A95806D","TEG6106BEV11","LHWCJ95D3H1171836","电动",2017,"2017-12-20","10米","162度","宁德时代",162,"直流","中车时代","常规线路营运","劲达",null,"换电",{"v":269002.369,"d":"269,002.37"},{"v":0.721,"d":"72.10%"},{"v":82.5,"d":"82.50"},{"v":13365,"d":"13,365.00"}]
[347,6147,"二业务部","1车队","粟玉钢13974933549","701路",895,6147,"湘AF5621","湘A95708D","TEG6106BEV11","LHWCJ95D7H1171838","电动",2017,"2017-12-20","10米","162度","宁德时代",162,"直流","中车时代","常规线路营运","劲达",null,"换电",{"v":263169.86,"d":"263,169.86"},{"v":0.7421,"d":"74.21%"},{"v":82.5,"d":"82.50"},{"v":13365,"d":"13,365.00"}]
[348,6148,"二业务部","1车队","粟玉钢13974933549","701路",904,6148,"湘AF5258","湘A95769D","TEG6106BEV11","LHWCJ95D8H1171847","电动",2017,"2017-12-20","10米","162度","宁德时代",162,"直流","中车时代","常规线路营运","劲达",null,"换电",{"v":270551.372,"d":"270,551.37"},{"v":0.7974,"d":"79.74%"},{"v":82.5,"d":"82.50"},{"v":13365,"d":"13,365.00"}]
[349,6149,"二业务部","1车队","粟玉钢13974933549","701路",906,6149,"湘AF5981","湘A91697D","TEG6106BEV11","LHWCJ95D8H1171850","电动",2017,"2017-12-20","10米","162度","宁德时代",162,"直流","中车时代","常规线路营运","劲达",null,"换电",{"v":264083.091,"d":"264,083.09"},{"v":0.7569,"d":"75.69%"},{"v":82.5,"d":"82.50"},{"v":13365,"d":"13,365.00"}]
[350,6150,"二业务部","1车队","粟玉钢13974933549","809路",907,6150,"湘AF5967","湘A91991D","TEG6106BEV11","LHWCJ95DXH1171851","电动",2017,"2017-12-20","10米","162度","宁德时代",162,"直流","中车时代","常规线路营运","劲达",null,"换电",{"v":257379.7,"d":"257,379.70"},{"v":0.7547,"d":"75.47%"},{"v":82.5,"d":"82.50"},{"v":13365,"d":"13,365.00"}]
[351,6151,"二业务部","1车队","粟玉钢13974933549","809路",908,6151,"湘AF5901","湘A99355D","TEG6106BEV11","LHWCJ95D3H1171853","电动",2017,"2017-12-20","10米","162度","宁德时代",162,"直流","中车时代","常规线路营运","劲达",null,"换电",{"v":258115.2,"d":"258,115.20"},{"v":0.7507,"d":"75.07%"},{"v":82.5,"d":"82.50"},{"v":13365,"d":"13,365.00"}]
[352,6152,"二业务部","2车队","黄文伟13547210197","703路",909,6152,"湘AF5926","湘A00067D","TEG6106BEV11","LHWCJ95D5H1171854","电动",2017,"2017-12-20","10米","162度","宁德时代",162,"直流","中车时代","常规线路营运","劲达",null,"换电",{"v":250986.554,"d":"250,986.55"},{"v":0.7609,"d":"76.09%"},{"v":82.5,"d":"82.50"},{"v":13365,"d":"13,365.00"}]
[353,6153,"二业务部","1车队","粟玉钢13974933549","701路",912,6153,"湘AF5231","湘A91565D","TEG6106BEV11","LHWCJ95D0H1171857","电动",2017,"2017-12-20","10米","162度","宁德时代",162,"直流","中车时代","常规线路营运","劲达",null,"换电",{"v":253592.856,"d":"253,592.86"},{"v":0.7448,"d":"74.48%"},{"v":82.5,"d":"82.50"},{"v":13365,"d":"13,365.00"}]
[354,6154,"二业务部","1车队","粟玉钢13974933549","701路",914,6154,"湘AF5573","湘A96298D","TEG6106BEV11","LHWCJ95D0H1171860","电动",2017,"2017-12-20","10米","162度","宁德时代",162,"直流","中车时代","常规线路营运","劲达",null,"换电",{"v":260076.452,"d":"260,076.45"},{"v":0.8218,"d":"82.18%"},{"v":82.5,"d":"82.50"},{"v":13365,"d":"13,365.00"}]
[355,6155,"三业务部","9车队","刘爱华13507319148","26路",915,6155,"湘AF5197","湘A96172D","TEG6106BEV11","LHWCJ95D2H1171861","电动",2017,"2017-12-20","10米","162度","宁德时代",162,"直流","中车时代","常规线路营运","劲达",null,"换电",{"v":265441.876,"d":"265,441.88"},{"v":0.7109,"d":"71.09%"},{"v":82.5,"d":"82.50"},{"v":13365,"d":"13,365.00"}]
[356,6156,"二业务部","2车队","黄文伟13547210197","703路",917,6156,"湘AF5952","湘A99116D","TEG6106BEV11","LHWCJ95D6H1171863","电动",2017,"2017-12-20","10米","162度","宁德时代",162,"直流","中车时代","常规线路营运","劲达",null,"换电",{"v":267633.141,"d":"267,633.14"},{"v":0.7815,"d":"78.15%"},{"v":82.5,"d":"82.50"},{"v":13365,"d":"13,365.00"}]
[357,6157,"一业务部","10车队","蒋庆13017182129","115路",918,6157,"湘AF5266","湘A96696D","TEG6106BEV11","LHWCJ95D8H1171864","电动",2017,"2017-12-20","10米","162度","宁德时代",162,"直流","中车时代","常规线路营运","劲达",null,"换电",{"v":265466.319,"d":"265,466.32"},{"v":0.7264,"d":"72.64%"},{"v":82.5,"d":"82.50"},{"v":13365,"d":"13,365.00"}]
[358,6158,"二业务部","1车队","粟玉钢13974933549","701路",920,6158,"湘AF5281","湘A98779D","TEG6106BEV11","LHWCJ95D1H1171866","电动",2017,"2017-12-20","10米","162度","宁德时代",162,"直流","中车时代","常规线路营运","劲达",null,"换电",{"v":276046.22,"d":"276,046.22"},{"v":0.7479,"d":"74.79%"},{"v":82.5,"d":"82.50"},{"v":13365,"d":"13,365.00"}]
[359,6159,"三业务部","9车队","刘爱华13507319148","26路",921,6159,"湘AF5073","湘A95718D","TEG6106BEV11","LHWCJ95D3H1171867","电动",2017,"2017-12-20","10米","162度","宁德时代",162,"直流","中车时代","常规线路营运","劲达",null,"换电",{"v":264728.08,"d":"264,728.08"},{"v":0.8067,"d":"80.67%"},{"v":82.5,"d":"82.50"},{"v":13365,"d":"13,365.00"}]
[360,6160,"二业务部","1车队","粟玉钢13974933549","701路",923,6160,"湘AF5965","湘A95598D","TEG6106BEV11","LHWCJ95D7H1171869","电动",2017,"2017-12-20","10米","162度","宁德时代",162,"直流","中车时代","常规线路营运","劲达",null,"换电",{"v":276086.803,"d":"276,086.80"},{"v":0.749,"d":"74.90%"},{"v":82.5,"d":"82.50"},{"v":13365,"d":"13,365.00"}]
[361,6161,"三业务部","9车队","刘爱华13507319148","26路",924,6161,"湘AF5037","湘A99829D","TEG6106BEV11","LHWCJ95D3H1171870","电动",2017,"2017-12-20","10米","162度","宁德时代",162,"直流","中车时代","常规线路营运","劲达",null,"换电",{"v":269388.975,"d":"269,388.98"},{"v":0.7968,"d":"79.68%"},{"v":82.5,"d":"82.50"},{"v":13365,"d":"13,365.00"}]
[362,6162,"二业务部","2车队","黄文伟13547210197","703路",929,6162,"湘AF5705","湘A95687D","TEG6106BEV11","LHWCJ95D2H1171875","电动",2017,"2017-12-20","10米","162度","宁德时代",162,"直流","中车时代","常规线路营运","劲达",null,"换电",{"v":269291.2397285,"d":"269,291.24"},{"v":0.727,"d":"72.70%"},{"v":82.5,"d":"82.50"},{"v":13365,"d":"13,365.00"}]
[363,6163,"一业务部","10车队","蒋庆13017182129","115路",930,6163,"湘AF5690","湘A99586D","TEG6106BEV11","LHWCJ95D4H1171876","电动",2017,"2017-12-20","10米","162度","宁德时代",162,"直流","中车时代","常规线路营运","劲达",null,"换电",{"v":283349.3707305,"d":"283,349.37"},{"v":0.7528,"d":"75.28%"},{"v":82.5,"d":"82.50"},{"v":13365,"d":"13,365.00"}]
[364,6164,"一业务部","10车队","蒋庆13017182129","115路",931,6164,"湘AF5133","湘A92760D","TEG6106BEV11","LHWCJ95D6H1171877","电动",2017,"2017-12-20","10米","162度","宁德时代",162,"直流","中车时代","常规线路营运","劲达",null,"换电",{"v":283182.53,"d":"283,182.53"},{"v":0.7286,"d":"72.86%"},{"v":82.5,"d":"82.50"},{"v":13365,"d":"13,365.00"}]
[365,6165,"一业务部","10车队","蒋庆13017182129","115路",932,6165,"湘AF5865","湘A96598D","TEG6106BEV11","LHWCJ95D8H1171878","电动",2017,"2017-12-20","10米","162度","宁德时代",162,"直流","中车时代","常规线路营运","劲达",null,"换电",{"v":267256.097145,"d":"267,256.10"},{"v":0.7553,"d":"75.53%"},{"v":82.5,"d":"82.50"},{"v":13365,"d":"13,365.00"}]
[366,6166,"一业务部","10车队","蒋庆13017182129","115路",933,6166,"湘AF5132","湘A98987D","TEG6106BEV11","LHWCJ95DXH1171879","电动",2017,"2017-12-20","10米","162度","宁德时代",162,"直流","中车时代","常规线路营运","劲达",null,"换电",{"v":280777.8778595,"d":"280,777.88"},{"v":0.7405,"d":"74.05%"},{"v":82.5,"d":"82.50"},{"v":13365,"d":"13,365.00"}]
[367,6167,"一业务部","10车队","蒋庆13017182129","115路",935,6167,"湘AF5716","湘A97125D","TEG6106BEV11","LHWCJ95D8H1171881","电动",2017,"2017-12-20","10米","162度","宁德时代",162,"直流","中车时代","常规线路营运","劲达",null,"换电",{"v":277371.372042,"d":"277,371.37"},{"v":0.7449,"d":"74.49%"},{"v":82.5,"d":"82.50"},{"v":13365,"d":"13,365.00"}]
[368,6168,"三业务部","3车队","丁广新15367802570","365路",937,6168,"湘AF5279","湘A99005D","TEG6106BEV11","LHWCJ95D1H1171883","电动",2017,"2017-12-20","10米","162度","宁德时代",162,"直流","中车时代","常规线路营运","劲达",null,"换电",{"v":275661.20401,"d":"275,661.20"},{"v":0.7864,"d":"78.64%"},{"v":82.5,"d":"82.50"},{"v":13365,"d":"13,365.00"}]
[369,6169,"一业务部","10车队","蒋庆13017182129","115路",940,6169,"湘AF5361","湘A99826D","TEG6106BEV11","LHWCJ95D9H1171887","电动",2017,"2017-12-20","10米","162度","宁德时代",162,"直流","中车时代","常规线路营运","劲达",null,"换电",{"v":265368.532243,"d":"265,368.53"},{"v":0.8349,"d":"83.49%"},{"v":82.5,"d":"82.50"},{"v":13365,"d":"13,365.00"}]
[370,6170,"一业务部","10车队","蒋庆13017182129","115路",943,6170,"湘AF5606","湘A96917D","TEG6106BEV11","LHWCJ95D9H1171890","电动",2017,"2017-12-20","10米","162度","宁德时代",162,"直流","中车时代","常规线路营运","劲达",null,"换电",{"v":263315.2179905,"d":"263,315.22"},{"v":0.7202,"d":"72.02%"},{"v":82.5,"d":"82.50"},{"v":13365,"d":"13,365.00"}]
[371,6171,"一业务部","8车队","周兴中13787411279","101路",944,6171,"湘AF5751","湘A96965D","TEG6106BEV11","LHWCJ95D0H1171891","电动",2017,"2017-12-20","10米","162度","宁德时代",162,"直流","中车时代","常规线路营运","劲达",null,"换电",{"v":272645.14,"d":"272,645.14"},{"v":0.8129,"d":"81.29%"},{"v":82.5,"d":"82.50"},{"v":13365,"d":"13,365.00"}]
[372,6172,"一业务部","10车队","蒋庆13017182129","115路",897,6172,"湘AF5256","湘A97609D","TEG6106BEV11","LHWCJ95D5H1171840","电动",2017,"2017-12-22","10米","162度","宁德时代",162,"直流","中车时代","常规线路营运","劲达",null,"换电",{"v":264995.452,"d":"264,995.45"},{"v":0.774,"d":"77.40%"},{"v":82.5,"d":"82.50"},{"v":13365,"d":"13,365.00"}]
[373,6173,"三业务部","8车队","黄泽左15367885799","微循环定制公交21路",745,6173,"湘A08797D","湘A08797D","TEG6106BEV11","LHWCJ95D6H1176738","电动",2017,"2017-12-26","10米","162度","宁德时代",162,"直流","中车时代","常规线路营运","劲达",null,"换电",{"v":253931.503645,"d":"253,931.50"},{"v":0.7346,"d":"73.46%"},{"v":82.5,"d":"82.50"},{"v":13365,"d":"13,365.00"}]
[374,6174,"一业务部","10车队","蒋庆13017182129","115路",746,6174,"湘A08662D","湘A08662D","TEG6106BEV11","LHWCJ95D8H1176739","电动",2017,"2017-12-26","10米","162度","宁德时代",162,"直流","中车时代","常规线路营运","劲达",null,"换电",{"v":264115.520681,"d":"264,115.52"},{"v":0.6787,"d":"67.87%"},{"v":82.5,"d":"82.50"},{"v":13365,"d":"13,365.00"}]
[375,6175,"一业务部","5车队","代红伟13787092278","210路",747,6175,"湘A08821D","湘A08821D","TEG6106BEV11","LHWCJ95D4H1176740","电动",2017,"2017-12-26","10米","162度","宁德时代",162,"直流","中车时代","常规线路营运","劲达",null,"换电",{"v":258648.329,"d":"258,648.33"},{"v":0.6284,"d":"62.84%"},{"v":82.5,"d":"82.50"},{"v":13365,"d":"13,365.00"}]
[376,6176,"一业务部","5车队","代红伟13787092278","210路",748,6176,"湘A08833D","湘A08833D","TEG6106BEV11","LHWCJ95D6H1176741","电动",2017,"2017-12-26","10米","162度","宁德时代",162,"直流","中车时代","常规线路营运","劲达",null,"换电",{"v":259945.666,"d":"259,945.67"},{"v":0.617,"d":"61.70%"},{"v":82.5,"d":"82.50"},{"v":13365,"d":"13,365.00"}]
[377,6177,"一业务部","5车队","代红伟13787092278","社区巴士23号线",749,6177,"湘A08707D","湘A08707D","TEG6106BEV11","LHWCJ95D8H1176742","电动",2017,"2017-12-26","10米","162度","宁德时代",162,"直流","中车时代","常规线路营运","劲达",null,"换电",{"v":185827.876,"d":"185,827.88"},{"v":0.6068,"d":"60.68%"},{"v":82.5,"d":"82.50"},{"v":13365,"d":"13,365.00"}]
[378,6178,"一业务部","10车队","蒋庆13017182129","115路",750,6178,"湘A08705D","湘A08705D","TEG6106BEV11","LHWCJ95DXH1176743","电动",2017,"2017-12-26","10米","162度","宁德时代",162,"直流","中车时代","常规线路营运","劲达",null,"换电",{"v":267197.641,"d":"267,197.64"},{"v":0.7504,"d":"75.04%"},{"v":82.5,"d":"82.50"},{"v":13365,"d":"13,365.00"}]
[379,6179,"二业务部","1车队","粟玉钢13974933549","809路",751,6179,"湘A08691D","湘A08691D","TEG6106BEV11","LHWCJ95D1H1176744","电动",2017,"2017-12-26","10米","162度","宁德时代",162,"直流","中车时代","常规线路营运","劲达",null,"换电",{"v":252729.75,"d":"252,729.75"},{"v":0.7838,"d":"78.38%"},{"v":82.5,"d":"82.50"},{"v":13365,"d":"13,365.00"}]
[380,6180,"二业务部","2车队","黄文伟13547210197","703路",752,6180,"湘A08805D","湘A08805D","TEG6106BEV11","LHWCJ95D3H1176745","电动",2017,"2017-12-26","10米","162度","宁德时代",162,"直流","中车时代","常规线路营运","劲达",null,"换电",{"v":241902.77,"d":"241,902.77"},{"v":0.6259,"d":"62.59%"},{"v":82.5,"d":"82.50"},{"v":13365,"d":"13,365.00"}]
[381,6181,"二业务部","2车队","黄文伟13547210197","703路",753,6181,"湘A08669D","湘A08669D","TEG6106BEV11","LHWCJ95D5H1176746","电动",2017,"2017-12-26","10米","162度","宁德时代",162,"直流","中车时代","常规线路营运","劲达",null,"换电",{"v":264685.8,"d":"264,685.80"},{"v":0.818,"d":"81.80%"},{"v":82.5,"d":"82.50"},{"v":13365,"d":"13,365.00"}]
[382,6182,"一业务部","5车队","代红伟13787092278","215路",754,6182,"湘A08611D","湘A08611D","TEG6106BEV11","LHWCJ95D7H1176747","电动",2017,"2017-12-26","10米","162度","宁德时代",162,"直流","中车时代","常规线路营运","劲达",null,"换电",{"v":260690.74,"d":"260,690.74"},{"v":0.8014,"d":"80.14%"},{"v":82.5,"d":"82.50"},{"v":13365,"d":"13,365.00"}]
[383,6183,"一业务部","10车队","蒋庆13017182129","115路",755,6183,"湘A08829D","湘A08829D","TEG6106BEV11","LHWCJ95D9H1176748","电动",2017,"2017-12-26","10米","162度","宁德时代",162,"直流","中车时代","常规线路营运","劲达",null,"换电",{"v":248419.791,"d":"248,419.79"},{"v":0.6458,"d":"64.58%"},{"v":82.5,"d":"82.50"},{"v":13365,"d":"13,365.00"}]
[384,6184,"一业务部","8车队","周兴中13787411279","101路",756,6184,"湘A08632D","湘A08632D","TEG6106BEV11","LHWCJ95D0H1176749","电动",2017,"2017-12-26","10米","162度","宁德时代",162,"直流","中车时代","常规线路营运","劲达",null,"换电",{"v":273196.187,"d":"273,196.19"},{"v":0.6224,"d":"62.24%"},{"v":82.5,"d":"82.50"},{"v":13365,"d":"13,365.00"}]
[385,6185,"一业务部","10车队","蒋庆13017182129","115路",757,6185,"湘A08867D","湘A08867D","TEG6106BEV11","LHWCJ95D7H1176750","电动",2017,"2017-12-26","10米","162度","宁德时代",162,"直流","中车时代","常规线路营运","劲达",null,"换电",{"v":265870.186,"d":"265,870.19"},{"v":0.7792,"d":"77.92%"},{"v":82.5,"d":"82.50"},{"v":13365,"d":"13,365.00"}]
[386,6186,"一业务部","5车队","代红伟13787092278","215路",758,6186,"湘A08898D","湘A08898D","TEG6106BEV11","LHWCJ95D9H1176751","电动",2017,"2017-12-26","10米","162度","宁德时代",162,"直流","中车时代","常规线路营运","劲达",null,"换电",{"v":253730.345,"d":"253,730.35"},{"v":0.7641,"d":"76.41%"},{"v":82.5,"d":"82.50"},{"v":13365,"d":"13,365.00"}]
[387,6187,"三业务部","3车队","丁广新15367802570","365路",759,6187,"湘A08892D","湘A08892D","TEG6106BEV11","LHWCJ95D0H1176752","电动",2017,"2017-12-26","10米","162度","宁德时代",162,"直流","中车时代","常规线路营运","劲达",null,"换电",{"v":262310.224,"d":"262,310.22"},{"v":0.6662,"d":"66.62%"},{"v":82.5,"d":"82.50"},{"v":13365,"d":"13,365.00"}]
[388,6188,"一业务部","8车队","周兴中13787411279","101路",760,6188,"湘A08835D","湘A08835D","TEG6106BEV11","LHWCJ95D2H1176753","电动",2017,"2017-12-26","10米","162度","宁德时代",162,"直流","中车时代","常规线路营运","劲达",null,"换电",{"v":253961.347,"d":"253,961.35"},{"v":0.7463,"d":"74.63%"},{"v":82.5,"d":"82.50"},{"v":13365,"d":"13,365.00"}]
[389,6189,"一业务部","5车队","代红伟13787092278","215路",761,6189,"湘A08706D","湘A08706D","TEG6106BEV11","LHWCJ95D4H1176754","电动",2017,"2017-12-26","10米","162度","宁德时代",162,"直流","中车时代","常规线路营运","劲达",null,"换电",{"v":249982.258,"d":"249,982.26"},{"v":0.612,"d":"61.20%"},{"v":82.5,"d":"82.50"},{"v":13365,"d":"13,365.00"}]
[390,6190,"一业务部","5车队","代红伟13787092278","215路",762,6190,"湘A08852D","湘A08852D","TEG6106BEV11","LHWCJ95D6H1176755","电动",2017,"2017-12-26","10米","162度","宁德时代",162,"直流","中车时代","常规线路营运","劲达",null,"换电",{"v":258928.833,"d":"258,928.83"},{"v":0.6252,"d":"62.52%"},{"v":82.5,"d":"82.50"},{"v":13365,"d":"13,365.00"}]
[391,6191,"一业务部","8车队","周兴中13787411279","101路",763,6191,"湘A08809D","湘A08809D","TEG6106BEV11","LHWCJ95D8H1176756","电动",2017,"2017-12-26","10米","162度","宁德时代",162,"直流","中车时代","常规线路营运","劲达",null,"换电",{"v":269940.768,"d":"269,940.77"},{"v":0.7269,"d":"72.69%"},{"v":82.5,"d":"82.50"},{"v":13365,"d":"13,365.00"}]
[392,6192,"一业务部","8车队","周兴中13787411279","101路",764,6192,"湘A08781D","湘A08781D","TEG6106BEV11","LHWCJ95DXH1176757","电动",2017,"2017-12-26","10米","162度","宁德时代",162,"直流","中车时代","常规线路营运","劲达",null,"换电",{"v":259580.173,"d":"259,580.17"},{"v":0.6458,"d":"64.58%"},{"v":82.5,"d":"82.50"},{"v":13365,"d":"13,365.00"}]
[393,6193,"一业务部","5车队","代红伟13787092278","215路",765,6193,"湘A08702D","湘A08702D","TEG6106BEV11","LHWCJ95D1H1176758","电动",2017,"2017-12-26","10米","162度","宁德时代",162,"直流","中车时代","常规线路营运","劲达",null,"换电",{"v":268806.478,"d":"268,806.48"},{"v":0.8147,"d":"81.47%"},{"v":82.5,"d":"82.50"},{"v":13365,"d":"13,365.00"}]
[394,6194,"二业务部","5车队","李国华13487583532","808路",766,6194,"湘A08825D","湘A08825D","TEG6106BEV11","LHWCJ95D3H1176759","电动",2017,"2017-12-26","10米","162度","宁德时代",162,"直流","中车时代","常规线路营运","劲达",null,"换电",{"v":244215.201,"d":"244,215.20"},{"v":0.6307,"d":"63.07%"},{"v":82.5,"d":"82.50"},{"v":13365,"d":"13,365.00"}]
[395,6195,"一业务部","5车队","代红伟13787092278","215路",767,6195,"湘A08796D","湘A08796D","TEG6106BEV11","LHWCJ95DXH1176760","电动",2017,"2017-12-26","10米","162度","宁德时代",162,"直流","中车时代","常规线路营运","劲达",null,"换电",{"v":244478.03,"d":"244,478.03"},{"v":0.6401,"d":"64.01%"},{"v":82.5,"d":"82.50"},{"v":13365,"d":"13,365.00"}]
[396,6196,"一业务部","5车队","代红伟13787092278","215路",768,6196,"湘A08831D","湘A08831D","TEG6106BEV11","LHWCJ95D1H1176761","电动",2017,"2017-12-26","10米","162度","宁德时代",162,"直流","中车时代","常规线路营运","劲达",null,"换电",{"v":280025.53,"d":"280,025.53"},{"v":0.6182,"d":"61.82%"},{"v":82.5,"d":"82.50"},{"v":13365,"d":"13,365.00"}]
[397,6197,"一业务部","8车队","周兴中13787411279","101路",769,6197,"湘A08651D","湘A08651D","TEG6106BEV11","LHWCJ95D3H1176762","电动",2017,"2017-12-26","10米","162度","宁德时代",162,"直流","中车时代","常规线路营运","劲达",null,"换电",{"v":256259.125,"d":"256,259.13"},{"v":0.6138,"d":"61.38%"},{"v":82.5,"d":"82.50"},{"v":13365,"d":"13,365.00"}]
[398,6198,"三业务部","3车队","丁广新15367802570","365路",770,6198,"湘A08770D","湘A08770D","TEG6106BEV11","LHWCJ95D5H1176763","电动",2017,"2017-12-26","10米","162度","宁德时代",162,"直流","中车时代","常规线路营运","劲达",null,"换电",{"v":274844.044,"d":"274,844.04"},{"v":0.8085,"d":"80.85%"},{"v":82.5,"d":"82.50"},{"v":13365,"d":"13,365.00"}]
[399,6199,"二业务部","2车队","黄文伟13547210197","703路",771,6199,"湘A08865D","湘A08865D","TEG6106BEV11","LHWCJ95D7H1176764","电动",2017,"2017-12-26","10米","162度","宁德时代",162,"直流","中车时代","常规线路营运","劲达",null,"换电",{"v":240077.286,"d":"240,077.29"},{"v":0.6834,"d":"68.34%"},{"v":82.5,"d":"82.50"},{"v":13365,"d":"13,365.00"}]
[400,6200,"一业务部","5车队","代红伟13787092278","215路",772,6200,"湘A08751D","湘A08751D","TEG6106BEV11","LHWCJ95D9H1176765","电动",2017,"2017-12-26","10米","162度","宁德时代",162,"直流","中车时代","常规线路营运","劲达",null,"换电",{"v":291103.637,"d":"291,103.64"},{"v":0.6127,"d":"61.27%"},{"v":82.5,"d":"82.50"},{"v":13365,"d":"13,365.00"}]
[401,6201,"一业务部","5车队","代红伟13787092278","215路",773,6201,"湘A08612D","湘A08612D","TEG6106BEV11","LHWCJ95D0H1176766","电动",2017,"2017-12-26","10米","162度","宁德时代",162,"直流","中车时代","常规线路营运","劲达",null,"换电",{"v":289092.885,"d":"289,092.89"},{"v":0.6224,"d":"62.24%"},{"v":82.5,"d":"82.50"},{"v":13365,"d":"13,365.00"}]
[402,6202,"一业务部","5车队","代红伟13787092278","215路",774,6202,"湘A08775D","湘A08775D","TEG6106BEV11","LHWCJ95D2H1176767","电动",2017,"2017-12-26","10米","162度","宁德时代",162,"直流","中车时代","常规线路营运","劲达",null,"换电",{"v":299562.44,"d":"299,562.44"},{"v":0.6394,"d":"63.94%"},{"v":82.5,"d":"82.50"},{"v":13365,"d":"13,365.00"}]
[403,6203,"二业务部","5车队","李国华13487583532","808路",775,6203,"湘A08655D","湘A08655D","TEG6106BEV11","LHWCJ95D4H1176768","电动",2017,"2017-12-26","10米","162度","宁德时代",162,"直流","中车时代","常规线路营运","劲达",null,"换电",{"v":266423.264,"d":"266,423.26"},{"v":0.6896,"d":"68.96%"},{"v":82.5,"d":"82.50"},{"v":13365,"d":"13,365.00"}]
[404,6204,"一业务部","5车队","代红伟13787092278","215路",776,6204,"湘A08810D","湘A08810D","TEG6106BEV11","LHWCJ95D6H1176769","电动",2017,"2017-12-26","10米","162度","宁德时代",162,"直流","中车时代","常规线路营运","劲达",null,"换电",{"v":299893.018,"d":"299,893.02"},{"v":0.6307,"d":"63.07%"},{"v":82.5,"d":"82.50"},{"v":13365,"d":"13,365.00"}]
[405,6205,"一业务部","5车队","代红伟13787092278","143路",777,6205,"湘A08787D","湘A08787D","TEG6106BEV11","LHWCJ95D2H1176770","电动",2017,"2017-12-26","10米","162度","宁德时代",162,"直流","中车时代","常规线路营运","劲达",null,"换电",{"v":273161.453,"d":"273,161.45"},{"v":0.7147,"d":"71.47%"},{"v":82.5,"d":"82.50"},{"v":13365,"d":"13,365.00"}]
[406,6206,"一业务部","5车队","代红伟13787092278","143路",778,6206,"湘A08701D","湘A08701D","TEG6106BEV11","LHWCJ95D4H1176771","电动",2017,"2017-12-26","10米","162度","宁德时代",162,"直流","中车时代","常规线路营运","劲达",null,"换电",{"v":260794.817,"d":"260,794.82"},{"v":0.6269,"d":"62.69%"},{"v":82.5,"d":"82.50"},{"v":13365,"d":"13,365.00"}]
[407,6207,"一业务部","5车队","代红伟13787092278","143路",779,6207,"湘A08735D","湘A08735D","TEG6106BEV11","LHWCJ95D6H1176772","电动",2017,"2017-12-26","10米","162度","宁德时代",162,"直流","中车时代","常规线路营运","劲达",null,"换电",{"v":249529.82,"d":"249,529.82"},{"v":0.6472,"d":"64.72%"},{"v":82.5,"d":"82.50"},{"v":13365,"d":"13,365.00"}]
[408,6208,"一业务部","5车队","代红伟13787092278","143路",780,6208,"湘A08671D","湘A08671D","TEG6106BEV11","LHWCJ95D8H1176773","电动",2017,"2017-12-26","10米","162度","宁德时代",162,"直流","中车时代","常规线路营运","劲达",null,"换电",{"v":251989.747,"d":"251,989.75"},{"v":0.6138,"d":"61.38%"},{"v":82.5,"d":"82.50"},{"v":13365,"d":"13,365.00"}]
[409,6209,"一业务部","10车队","蒋庆13017182129","115路",781,6209,"湘A08650D","湘A08650D","TEG6106BEV11","LHWCJ95DXH1176774","电动",2017,"2017-12-26","10米","162度","宁德时代",162,"直流","中车时代","常规线路营运","劲达",null,"换电",{"v":269062.47,"d":"269,062.47"},{"v":0.6307,"d":"63.07%"},{"v":82.5,"d":"82.50"},{"v":13365,"d":"13,365.00"}]
[410,6210,"一业务部","10车队","蒋庆13017182129","115路",782,6210,"湘A08752D","湘A08752D","TEG6106BEV11","LHWCJ95D1H1176775","电动",2017,"2017-12-26","10米","162度","宁德时代",162,"直流","中车时代","常规线路营运","劲达",null,"换电",{"v":274967.041,"d":"274,967.04"},{"v":0.6138,"d":"61.38%"},{"v":82.5,"d":"82.50"},{"v":13365,"d":"13,365.00"}]
[411,6211,"一业务部","9车队","李刃15874081178","368路",785,6211,"湘A08801D","湘A08801D","TEG6106BEV11","LHWCJ95D7H1176778","电动",2017,"2017-12-26","10米","162度","宁德时代",162,"直流","中车时代","常规线路营运","劲达",null,"换电",{"v":233299.989,"d":"233,299.99"},{"v":0.6458,"d":"64.58%"},{"v":82.5,"d":"82.50"},{"v":13365,"d":"13,365.00"}]
[412,6212,"一业务部","9车队","李刃15874081178","368路",786,6212,"湘A08709D","湘A08709D","TEG6106BEV11","LHWCJ95D9H1176779","电动",2017,"2017-12-26","10米","162度","宁德时代",162,"直流","中车时代","常规线路营运","劲达",null,"换电",{"v":223758.822,"d":"223,758.82"},{"v":0.6472,"d":"64.72%"},{"v":82.5,"d":"82.50"},{"v":13365,"d":"13,365.00"}]
[413,6213,"二业务部","5车队","李国华13487583532","808路",787,6213,"湘A08857D","湘A08857D","TEG6106BEV11","LHWCJ95D5H1176780","电动",2017,"2017-12-26","10米","162度","宁德时代",162,"直流","中车时代","常规线路营运","劲达",null,"换电",{"v":258413.378,"d":"258,413.38"},{"v":0.6477,"d":"64.77%"},{"v":82.5,"d":"82.50"},{"v":13365,"d":"13,365.00"}]
[414,6214,"二业务部","5车队","李国华13487583532","808路",788,6214,"湘A08762D","湘A08762D","TEG6106BEV11","LHWCJ95D7H1176781","电动",2017,"2017-12-26","10米","162度","宁德时代",162,"直流","中车时代","常规线路营运","劲达",null,"换电",{"v":243887.606,"d":"243,887.61"},{"v":0.7046,"d":"70.46%"},{"v":82.5,"d":"82.50"},{"v":13365,"d":"13,365.00"}]
[415,6215,"一业务部","6车队","常壮志13667381112","805路",789,6215,"湘A08879D","湘A08879D","TEG6106BEV11","LHWCJ95D9H1176782","电动",2017,"2017-12-26","10米","162度","宁德时代",162,"直流","中车时代","常规线路营运","劲达",null,"换电",{"v":246463.15,"d":"246,463.15"},{"v":0.6177,"d":"61.77%"},{"v":82.5,"d":"82.50"},{"v":13365,"d":"13,365.00"}]
[416,6216,"一业务部","5车队","代红伟13787092278","215路",790,6216,"湘A08779D","湘A08779D","TEG6106BEV11","LHWCJ95D0H1176783","电动",2017,"2017-12-26","10米","162度","宁德时代",162,"直流","中车时代","常规线路营运","劲达",null,"换电",{"v":292582.302,"d":"292,582.30"},{"v":0.6138,"d":"61.38%"},{"v":82.5,"d":"82.50"},{"v":13365,"d":"13,365.00"}]
[417,6217,"一业务部","5车队","代红伟13787092278","215路",791,6217,"湘A08738D","湘A08738D","TEG6106BEV11","LHWCJ95D2H1176784","电动",2017,"2017-12-26","10米","162度","宁德时代",162,"直流","中车时代","常规线路营运","劲达",null,"换电",{"v":247508.211,"d":"247,508.21"},{"v":0.8027,"d":"80.27%"},{"v":82.5,"d":"82.50"},{"v":13365,"d":"13,365.00"}]
[418,6218,"一业务部","5车队","代红伟13787092278","215路",794,6218,"湘A08672D","湘A08672D","TEG6106BEV11","LHWCJ95D8H1176787","电动",2017,"2017-12-26","10米","162度","宁德时代",162,"直流","中车时代","常规线路营运","劲达",null,"换电",{"v":269992.694,"d":"269,992.69"},{"v":0.6307,"d":"63.07%"},{"v":82.5,"d":"82.50"},{"v":13365,"d":"13,365.00"}]
[419,6219,"二业务部","1车队","粟玉钢13974933549","701路",795,6219,"湘A08897D","湘A08897D","TEG6106BEV11","LHWCJ95DXH1176788","电动",2017,"2017-12-26","10米","162度","宁德时代",162,"直流","中车时代","常规线路营运","劲达",null,"换电",{"v":269807.159,"d":"269,807.16"},{"v":0.8149,"d":"81.49%"},{"v":82.5,"d":"82.50"},{"v":13365,"d":"13,365.00"}]
[420,6220,"一业务部","6车队","常壮志13667381112","805路",796,6220,"湘A08629D","湘A08629D","TEG6106BEV11","LHWCJ95D1H1176789","电动",2017,"2017-12-26","10米","162度","宁德时代",162,"直流","中车时代","常规线路营运","劲达",null,"换电",{"v":251684.458,"d":"251,684.46"},{"v":0.758,"d":"75.80%"},{"v":82.5,"d":"82.50"},{"v":13365,"d":"13,365.00"}]
[421,6221,"二业务部","1车队","粟玉钢13974933549","701路",797,6221,"湘A08791D","湘A08791D","TEG6106BEV11","LHWCJ95D8H1176790","电动",2017,"2017-12-26","10米","162度","宁德时代",162,"直流","中车时代","常规线路营运","劲达",null,"换电",{"v":245510.884187,"d":"245,510.88"},{"v":0.6472,"d":"64.72%"},{"v":82.5,"d":"82.50"},{"v":13365,"d":"13,365.00"}]
[422,6222,"二业务部","1车队","粟玉钢13974933549","701路",799,6222,"湘A08871D","湘A08871D","TEG6106BEV11","LHWCJ95D1H1176792","电动",2017,"2017-12-26","10米","162度","宁德时代",162,"直流","中车时代","常规线路营运","劲达",null,"换电",{"v":250307.466,"d":"250,307.47"},{"v":0.6664,"d":"66.64%"},{"v":82.5,"d":"82.50"},{"v":13365,"d":"13,365.00"}]
[423,6223,"二业务部","1车队","粟玉钢13974933549","701路",801,6223,"湘A08733D","湘A08733D","TEG6106BEV11","LHWCJ95D5H1176794","电动",2017,"2017-12-26","10米","162度","宁德时代",162,"直流","中车时代","常规线路营运","劲达",null,"换电",{"v":268186.645,"d":"268,186.65"},{"v":0.6673,"d":"66.73%"},{"v":82.5,"d":"82.50"},{"v":13365,"d":"13,365.00"}]
[424,6224,"二业务部","1车队","粟玉钢13974933549","701路",802,6224,"湘A08638D","湘A08638D","TEG6106BEV11","LHWCJ95D7H1176795","电动",2017,"2017-12-26","10米","162度","宁德时代",162,"直流","中车时代","常规线路营运","劲达",null,"换电",{"v":272093.945,"d":"272,093.95"},{"v":0.6585,"d":"65.85%"},{"v":82.5,"d":"82.50"},{"v":13365,"d":"13,365.00"}]
[425,6225,"二业务部","2车队","黄文伟13547210197","703路",803,6225,"湘A08687D","湘A08687D","TEG6106BEV11","LHWCJ95D9H1176796","电动",2017,"2017-12-26","10米","162度","宁德时代",162,"直流","中车时代","常规线路营运","劲达",null,"换电",{"v":262268.776,"d":"262,268.78"},{"v":0.6528,"d":"65.28%"},{"v":82.5,"d":"82.50"},{"v":13365,"d":"13,365.00"}]
[426,6226,"二业务部","1车队","粟玉钢13974933549","701路",804,6226,"湘A05517D","湘A05517D","TEG6106BEV11","LHWCJ95D0H1176797","电动",2017,"2017-12-26","10米","162度","宁德时代",162,"直流","中车时代","常规线路营运","劲达",null,"换电",{"v":265186.675,"d":"265,186.68"},{"v":0.6224,"d":"62.24%"},{"v":82.5,"d":"82.50"},{"v":13365,"d":"13,365.00"}]
[427,6227,"一业务部","8车队","周兴中13787411279","160路",805,6227,"湘A08827D","湘A08827D","TEG6106BEV11","LHWCJ95D2H1176798","电动",2017,"2017-12-26","10米","162度","宁德时代",162,"直流","中车时代","常规线路营运","劲达",null,"换电",{"v":276187.44,"d":"276,187.44"},{"v":0.7216,"d":"72.16%"},{"v":82.5,"d":"82.50"},{"v":13365,"d":"13,365.00"}]
[428,6228,"二业务部","2车队","黄文伟13547210197","703路",806,6228,"湘A08790D","湘A08790D","TEG6106BEV11","LHWCJ95D4H1176799","电动",2017,"2017-12-26","10米","162度","宁德时代",162,"直流","中车时代","常规线路营运","劲达",null,"换电",{"v":221757.194,"d":"221,757.19"},{"v":0.7801,"d":"78.01%"},{"v":82.5,"d":"82.50"},{"v":13365,"d":"13,365.00"}]
[429,6229,"一业务部","10车队","蒋庆13017182129","115路",807,6229,"湘A08615D","湘A08615D","TEG6106BEV11","LHWCJ95D7H1176800","电动",2017,"2017-12-26","10米","162度","宁德时代",162,"直流","中车时代","常规线路营运","劲达",null,"换电",{"v":257461.22,"d":"257,461.22"},{"v":0.6027,"d":"60.27%"},{"v":82.5,"d":"82.50"},{"v":13365,"d":"13,365.00"}]
[430,6230,"一业务部","8车队","周兴中13787411279","101路",808,6230,"湘A08606D","湘A08606D","TEG6106BEV11","LHWCJ95D9H1176801","电动",2017,"2017-12-26","10米","162度","宁德时代",162,"直流","中车时代","常规线路营运","劲达",null,"换电",{"v":257532.218,"d":"257,532.22"},{"v":0.6313,"d":"63.13%"},{"v":82.5,"d":"82.50"},{"v":13365,"d":"13,365.00"}]
[431,6231,"一业务部","10车队","蒋庆13017182129","115路",809,6231,"湘A08828D","湘A08828D","TEG6106BEV11","LHWCJ95D0H1176802","电动",2017,"2017-12-26","10米","162度","宁德时代",162,"直流","中车时代","常规线路营运","劲达",null,"换电",{"v":263940.71,"d":"263,940.71"},{"v":0.6307,"d":"63.07%"},{"v":82.5,"d":"82.50"},{"v":13365,"d":"13,365.00"}]
[432,6232,"一业务部","8车队","周兴中13787411279","160路",810,6232,"湘A08601D","湘A08601D","TEG6106BEV11","LHWCJ95D2H1176803","电动",2017,"2017-12-26","10米","162度","宁德时代",162,"直流","中车时代","常规线路营运","劲达",null,"换电",{"v":272547.016,"d":"272,547.02"},{"v":0.6048,"d":"60.48%"},{"v":82.5,"d":"82.50"},{"v":13365,"d":"13,365.00"}]
[433,6233,"三业务部","2车队","夏维13047216088","147路",811,6233,"湘A08799D","湘A08799D","TEG6106BEV11","LHWCJ95D4H1176804","电动",2017,"2017-12-26","10米","162度","宁德时代",162,"直流","中车时代","常规线路营运","劲达",null,"换电",{"v":247142.058,"d":"247,142.06"},{"v":0.6989,"d":"69.89%"},{"v":82.5,"d":"82.50"},{"v":13365,"d":"13,365.00"}]
[434,6234,"一业务部","8车队","周兴中13787411279","160路",812,6234,"湘A08856D","湘A08856D","TEG6106BEV11","LHWCJ95D6H1176805","电动",2017,"2017-12-26","10米","162度","宁德时代",162,"直流","中车时代","常规线路营运","劲达",null,"换电",{"v":289190.985,"d":"289,190.99"},{"v":0.6884,"d":"68.84%"},{"v":82.5,"d":"82.50"},{"v":13365,"d":"13,365.00"}]
[435,6235,"二业务部","2车队","黄文伟13547210197","703路",813,6235,"湘A08761D","湘A08761D","TEG6106BEV11","LHWCJ95D8H1176806","电动",2017,"2017-12-26","10米","162度","宁德时代",162,"直流","中车时代","常规线路营运","劲达",null,"换电",{"v":239464.873,"d":"239,464.87"},{"v":0.7839,"d":"78.39%"},{"v":82.5,"d":"82.50"},{"v":13365,"d":"13,365.00"}]
[436,6236,"三业务部","1车队","胡宇13755042141","6路",814,6236,"湘A08715D","湘A08715D","TEG6106BEV11","LHWCJ95DXH1176807","电动",2017,"2017-12-26","10米","162度","宁德时代",162,"直流","中车时代","常规线路营运","劲达",null,"换电",{"v":247308.927,"d":"247,308.93"},{"v":0.689,"d":"68.90%"},{"v":82.5,"d":"82.50"},{"v":13365,"d":"13,365.00"}]
[437,6237,"一业务部","8车队","周兴中13787411279","160路",815,6237,"湘A08792D","湘A08792D","TEG6106BEV11","LHWCJ95D1H1176808","电动",2017,"2017-12-26","10米","162度","宁德时代",162,"直流","中车时代","常规线路营运","劲达",null,"换电",{"v":283710.451332,"d":"283,710.45"},{"v":0.684,"d":"68.40%"},{"v":82.5,"d":"82.50"},{"v":13365,"d":"13,365.00"}]
[438,6238,"三业务部","1车队","胡宇13755042141","6路",816,6238,"湘A08696D","湘A08696D","TEG6106BEV11","LHWCJ95D3H1176809","电动",2017,"2017-12-26","10米","162度","宁德时代",162,"直流","中车时代","常规线路营运","劲达",null,"换电",{"v":240383.99,"d":"240,383.99"},{"v":0.6459,"d":"64.59%"},{"v":82.5,"d":"82.50"},{"v":13365,"d":"13,365.00"}]
[439,6239,"一业务部","10车队","蒋庆13017182129","115路",817,6239,"湘A08875D","湘A08875D","TEG6106BEV11","LHWCJ95DXH1176810","电动",2017,"2017-12-26","10米","162度","宁德时代",162,"直流","中车时代","常规线路营运","劲达",null,"换电",{"v":258596.684,"d":"258,596.68"},{"v":0.814,"d":"81.40%"},{"v":82.5,"d":"82.50"},{"v":13365,"d":"13,365.00"}]
[440,6240,"一业务部","10车队","蒋庆13017182129","115路",818,6240,"湘A08622D","湘A08622D","TEG6106BEV11","LHWCJ95D1H1176811","电动",2017,"2017-12-26","10米","162度","宁德时代",162,"直流","中车时代","常规线路营运","劲达",null,"换电",{"v":263099.09,"d":"263,099.09"},{"v":0.7771,"d":"77.71%"},{"v":82.5,"d":"82.50"},{"v":13365,"d":"13,365.00"}]
[441,6241,"一业务部","6车队","常壮志13667381112","805路",819,6241,"湘A08772D","湘A08772D","TEG6106BEV11","LHWCJ95D3H1176812","电动",2017,"2017-12-26","10米","162度","宁德时代",162,"直流","中车时代","常规线路营运","劲达",null,"换电",{"v":250290.672,"d":"250,290.67"},{"v":0.6472,"d":"64.72%"},{"v":82.5,"d":"82.50"},{"v":13365,"d":"13,365.00"}]
[442,6242,"一业务部","10车队","蒋庆13017182129","115路",820,6242,"湘A08730D","湘A08730D","TEG6106BEV11","LHWCJ95D5H1176813","电动",2017,"2017-12-26","10米","162度","宁德时代",162,"直流","中车时代","常规线路营运","劲达",null,"换电",{"v":242850.874,"d":"242,850.87"},{"v":0.6103,"d":"61.03%"},{"v":82.5,"d":"82.50"},{"v":13365,"d":"13,365.00"}]
[443,6243,"一业务部","10车队","蒋庆13017182129","115路",821,6243,"湘A08869D","湘A08869D","TEG6106BEV11","LHWCJ95D7H1176814","电动",2017,"2017-12-26","10米","162度","宁德时代",162,"直流","中车时代","常规线路营运","劲达",null,"换电",{"v":266361.171443,"d":"266,361.17"},{"v":0.6307,"d":"63.07%"},{"v":82.5,"d":"82.50"},{"v":13365,"d":"13,365.00"}]
[444,6244,"一业务部","10车队","蒋庆13017182129","115路",822,6244,"湘A08820D","湘A08820D","TEG6106BEV11","LHWCJ95D9H1176815","电动",2017,"2017-12-26","10米","162度","宁德时代",162,"直流","中车时代","常规线路营运","劲达",null,"换电",{"v":271789.053,"d":"271,789.05"},{"v":0.627,"d":"62.70%"},{"v":82.5,"d":"82.50"},{"v":13365,"d":"13,365.00"}]
[445,6245,"一业务部","10车队","蒋庆13017182129","115路",825,6245,"湘A08767D","湘A08767D","TEG6106BEV11","LHWCJ95D4H1176818","电动",2017,"2017-12-26","10米","162度","宁德时代",162,"直流","中车时代","常规线路营运","劲达",null,"换电",{"v":262656.361,"d":"262,656.36"},{"v":0.6138,"d":"61.38%"},{"v":82.5,"d":"82.50"},{"v":13365,"d":"13,365.00"}]
[446,6246,"一业务部","10车队","蒋庆13017182129","115路",826,6246,"湘A08862D","湘A08862D","TEG6106BEV11","LHWCJ95D6H1176819","电动",2017,"2017-12-26","10米","162度","宁德时代",162,"直流","中车时代","常规线路营运","劲达",null,"换电",{"v":261351.017,"d":"261,351.02"},{"v":0.8135,"d":"81.35%"},{"v":82.5,"d":"82.50"},{"v":13365,"d":"13,365.00"}]
[447,6247,"一业务部","10车队","蒋庆13017182129","115路",827,6247,"湘A08850D","湘A08850D","TEG6106BEV11","LHWCJ95D2H1176820","电动",2017,"2017-12-26","10米","162度","宁德时代",162,"直流","中车时代","常规线路营运","劲达",null,"换电",{"v":268377.19,"d":"268,377.19"},{"v":0.7796,"d":"77.96%"},{"v":82.5,"d":"82.50"},{"v":13365,"d":"13,365.00"}]
[448,6248,"一业务部","8车队","周兴中13787411279","160路",828,6248,"湘A08803D","湘A08803D","TEG6106BEV11","LHWCJ95D4H1176821","电动",2017,"2017-12-26","10米","162度","宁德时代",162,"直流","中车时代","常规线路营运","劲达",null,"换电",{"v":285748.023,"d":"285,748.02"},{"v":0.8885,"d":"88.85%"},{"v":82.5,"d":"82.50"},{"v":13365,"d":"13,365.00"}]
[449,6249,"一业务部","10车队","蒋庆13017182129","115路",829,6249,"湘A08620D","湘A08620D","TEG6106BEV11","LHWCJ95D6H1176822","电动",2017,"2017-12-26","10米","162度","宁德时代",162,"直流","中车时代","常规线路营运","劲达",null,"换电",{"v":254107.4632045,"d":"254,107.46"},{"v":0.6138,"d":"61.38%"},{"v":82.5,"d":"82.50"},{"v":13365,"d":"13,365.00"}]
[450,6250,"一业务部","10车队","蒋庆13017182129","115路",830,6250,"湘A08726D","湘A08726D","TEG6106BEV11","LHWCJ95D8H1176823","电动",2017,"2017-12-26","10米","162度","宁德时代",162,"直流","中车时代","常规线路营运","劲达",null,"换电",{"v":257480.945,"d":"257,480.95"},{"v":0.6582,"d":"65.82%"},{"v":82.5,"d":"82.50"},{"v":13365,"d":"13,365.00"}]
[451,6251,"一业务部","10车队","蒋庆13017182129","115路",831,6251,"湘A08605D","湘A08605D","TEG6106BEV11","LHWCJ95DXH1176824","电动",2017,"2017-12-26","10米","162度","宁德时代",162,"直流","中车时代","常规线路营运","劲达",null,"换电",{"v":261100.139,"d":"261,100.14"},{"v":0.6019,"d":"60.19%"},{"v":82.5,"d":"82.50"},{"v":13365,"d":"13,365.00"}]
[452,6252,"一业务部","8车队","周兴中13787411279","101路",832,6252,"湘A08708D","湘A08708D","TEG6106BEV11","LHWCJ95D1H1176825","电动",2017,"2017-12-26","10米","162度","宁德时代",162,"直流","中车时代","常规线路营运","劲达",null,"换电",{"v":260275.256,"d":"260,275.26"},{"v":0.6161,"d":"61.61%"},{"v":82.5,"d":"82.50"},{"v":13365,"d":"13,365.00"}]
[453,6253,"一业务部","8车队","周兴中13787411279","160路",833,6253,"湘A08722D","湘A08722D","TEG6106BEV11","LHWCJ95D3H1176826","电动",2017,"2017-12-26","10米","162度","宁德时代",162,"直流","中车时代","常规线路营运","劲达",null,"换电",{"v":279808.638,"d":"279,808.64"},{"v":0.7652,"d":"76.52%"},{"v":82.5,"d":"82.50"},{"v":13365,"d":"13,365.00"}]
[454,6254,"一业务部","10车队","蒋庆13017182129","115路",834,6254,"湘A08877D","湘A08877D","TEG6106BEV11","LHWCJ95D5H1176827","电动",2017,"2017-12-26","10米","162度","宁德时代",162,"直流","中车时代","常规线路营运","劲达",null,"换电",{"v":263312.833,"d":"263,312.83"},{"v":0.6458,"d":"64.58%"},{"v":82.5,"d":"82.50"},{"v":13365,"d":"13,365.00"}]
[455,6255,"一业务部","10车队","蒋庆13017182129","115路",835,6255,"湘A08890D","湘A08890D","TEG6106BEV11","LHWCJ95D7H1176828","电动",2017,"2017-12-26","10米","162度","宁德时代",162,"直流","中车时代","常规线路营运","劲达",null,"换电",{"v":259431.418,"d":"259,431.42"},{"v":0.7881,"d":"78.81%"},{"v":82.5,"d":"82.50"},{"v":13365,"d":"13,365.00"}]
[456,6256,"一业务部","8车队","周兴中13787411279","101路",836,6256,"湘A08807D","湘A08807D","TEG6106BEV11","LHWCJ95D9H1176829","电动",2017,"2017-12-26","10米","162度","宁德时代",162,"直流","中车时代","常规线路营运","劲达",null,"换电",{"v":259271.714,"d":"259,271.71"},{"v":0.7104,"d":"71.04%"},{"v":82.5,"d":"82.50"},{"v":13365,"d":"13,365.00"}]
[457,6257,"一业务部","8车队","周兴中13787411279","160路",837,6257,"湘A08697D","湘A08697D","TEG6106BEV11","LHWCJ95D5H1176830","电动",2017,"2017-12-26","10米","162度","宁德时代",162,"直流","中车时代","常规线路营运","劲达",null,"换电",{"v":280102.307,"d":"280,102.31"},{"v":0.75,"d":"75.00%"},{"v":82.5,"d":"82.50"},{"v":13365,"d":"13,365.00"}]
[458,6258,"一业务部","8车队","周兴中13787411279","160路",838,6258,"湘A08806D","湘A08806D","TEG6106BEV11","LHWCJ95D7H1176831","电动",2017,"2017-12-26","10米","162度","宁德时代",162,"直流","中车时代","常规线路营运","劲达",null,"换电",{"v":281609.199,"d":"281,609.20"},{"v":0.6954,"d":"69.54%"},{"v":82.5,"d":"82.50"},{"v":13365,"d":"13,365.00"}]
[459,6259,"一业务部","10车队","蒋庆13017182129","115路",839,6259,"湘A08711D","湘A08711D","TEG6106BEV11","LHWCJ95D9H1176832","电动",2017,"2017-12-26","10米","162度","宁德时代",162,"直流","中车时代","常规线路营运","劲达",null,"换电",{"v":257970.972,"d":"257,970.97"},{"v":0.7553,"d":"75.53%"},{"v":82.5,"d":"82.50"},{"v":13365,"d":"13,365.00"}]
[460,6260,"一业务部","10车队","蒋庆13017182129","115路",840,6260,"湘A08610D","湘A08610D","TEG6106BEV11","LHWCJ95D0H1176833","电动",2017,"2017-12-26","10米","162度","宁德时代",162,"直流","中车时代","常规线路营运","劲达",null,"换电",{"v":259054.120705,"d":"259,054.12"},{"v":0.6372,"d":"63.72%"},{"v":82.5,"d":"82.50"},{"v":13365,"d":"13,365.00"}]
[461,6261,"一业务部","6车队","常壮志13667381112","805路",841,6261,"湘A08876D","湘A08876D","TEG6106BEV11","LHWCJ95D2H1176834","电动",2017,"2017-12-26","10米","162度","宁德时代",162,"直流","中车时代","常规线路营运","劲达",null,"换电",{"v":257493.15,"d":"257,493.15"},{"v":0.6458,"d":"64.58%"},{"v":82.5,"d":"82.50"},{"v":13365,"d":"13,365.00"}]
[462,6262,"一业务部","4车队","常壮志13667381112","810路",842,6262,"湘A08895D","湘A08895D","TEG6106BEV11","LHWCJ95D4H1176835","电动",2017,"2017-12-26","10米","162度","宁德时代",162,"直流","中车时代","常规线路营运","劲达",null,"换电",{"v":229623.100473,"d":"229,623.10"},{"v":0.817,"d":"81.70%"},{"v":82.5,"d":"82.50"},{"v":13365,"d":"13,365.00"}]
[463,6263,"一业务部","8车队","周兴中13787411279","160路",843,6263,"湘A08710D","湘A08710D","TEG6106BEV11","LHWCJ95D6H1176836","电动",2017,"2017-12-26","10米","162度","宁德时代",162,"直流","中车时代","常规线路营运","劲达",null,"换电",{"v":258171.4019505,"d":"258,171.40"},{"v":0.6877,"d":"68.77%"},{"v":82.5,"d":"82.50"},{"v":13365,"d":"13,365.00"}]
[464,6264,"一业务部","8车队","周兴中13787411279","101路",844,6264,"湘A08700D","湘A08700D","TEG6106BEV11","LHWCJ95D8H1176837","电动",2017,"2017-12-26","10米","162度","宁德时代",162,"直流","中车时代","常规线路营运","劲达",null,"换电",{"v":261018.793,"d":"261,018.79"},{"v":0.7438,"d":"74.38%"},{"v":82.5,"d":"82.50"},{"v":13365,"d":"13,365.00"}]
[465,6265,"一业务部","4车队","常壮志13667381112","810路",783,6265,"湘A08670D","湘A08670D","TEG6106BEV11","LHWCJ95D3H1176776","电动",2017,"2017-12-27","10米","162度","宁德时代",162,"直流","中车时代","常规线路营运","劲达",null,"换电",{"v":235910.188,"d":"235,910.19"},{"v":0.6525,"d":"65.25%"},{"v":82.5,"d":"82.50"},{"v":13365,"d":"13,365.00"}]
[466,6266,"二业务部","5车队","李国华13487583532","808路",784,6266,"湘A08600D","湘A08600D","TEG6106BEV11","LHWCJ95D5H1176777","电动",2017,"2017-12-27","10米","162度","宁德时代",162,"直流","中车时代","常规线路营运","劲达",null,"换电",{"v":263347.933,"d":"263,347.93"},{"v":0.6316,"d":"63.16%"},{"v":82.5,"d":"82.50"},{"v":13365,"d":"13,365.00"}]
[467,6267,"一业务部","5车队","代红伟13787092278","215路",792,6267,"湘A08673D","湘A08673D","TEG6106BEV11","LHWCJ95D4H1176785","电动",2017,"2017-12-27","10米","162度","宁德时代",162,"直流","中车时代","常规线路营运","劲达",null,"换电",{"v":300976.462,"d":"300,976.46"},{"v":0.8029,"d":"80.29%"},{"v":82.5,"d":"82.50"},{"v":13365,"d":"13,365.00"}]
[468,6268,"一业务部","5车队","代红伟13787092278","215路",793,6268,"湘A08893D","湘A08893D","TEG6106BEV11","LHWCJ95D6H1176786","电动",2017,"2017-12-27","10米","162度","宁德时代",162,"直流","中车时代","常规线路营运","劲达",null,"换电",{"v":298077.366,"d":"298,077.37"},{"v":0.6581,"d":"65.81%"},{"v":82.5,"d":"82.50"},{"v":13365,"d":"13,365.00"}]
[469,6269,"二业务部","1车队","粟玉钢13974933549","701路",798,6269,"湘A08637D","湘A08637D","TEG6106BEV11","LHWCJ95DXH1176791","电动",2017,"2017-12-27","10米","162度","宁德时代",162,"直流","中车时代","常规线路营运","劲达",null,"换电",{"v":257474.033504,"d":"257,474.03"},{"v":0.7352,"d":"73.52%"},{"v":82.5,"d":"82.50"},{"v":13365,"d":"13,365.00"}]
[470,6270,"二业务部","2车队","黄文伟13547210197","703路",800,6270,"湘A08603D","湘A08603D","TEG6106BEV11","LHWCJ95D3H1176793","电动",2017,"2017-12-27","10米","162度","宁德时代",162,"直流","中车时代","常规线路营运","劲达",null,"换电",{"v":232962.995,"d":"232,963.00"},{"v":0.7847,"d":"78.47%"},{"v":82.5,"d":"82.50"},{"v":13365,"d":"13,365.00"}]
[471,6271,"一业务部","4车队","常壮志13667381112","810路",823,6271,"湘A08663D","湘A08663D","TEG6106BEV11","LHWCJ95D0H1176816","电动",2017,"2017-12-27","10米","162度","宁德时代",162,"直流","中车时代","常规线路营运","劲达",null,"换电",{"v":224837.843,"d":"224,837.84"},{"v":0.6805,"d":"68.05%"},{"v":82.5,"d":"82.50"},{"v":13365,"d":"13,365.00"}]
[472,6272,"一业务部","10车队","蒋庆13017182129","115路",824,6272,"湘A08872D","湘A08872D","TEG6106BEV11","LHWCJ95D2H1176817","电动",2017,"2017-12-27","10米","162度","宁德时代",162,"直流","中车时代","常规线路营运","劲达",null,"换电",{"v":251869.188,"d":"251,869.19"},{"v":0.63,"d":"63.00%"},{"v":82.5,"d":"82.50"},{"v":13365,"d":"13,365.00"}]
[473,6763,"一业务部","5车队","代红伟13787092278","210路",1285,6763,"湘A05930D","湘A05930D","ZK6105BEVG23","LZYTBGBW9H1065120","电动",2017,"2017-12-25","10米","162度","宁德时代",162,"直流","宇通客车","常规线路营运","科林",null,"换电",{"v":309237.527,"d":"309,237.53"},{"v":0.84,"d":"84.00%"},{"v":82.5,"d":"82.50"},{"v":13365,"d":"13,365.00"}]
[474,6764,"一业务部","5车队","代红伟13787092278","210路",1286,6764,"湘A05977D","湘A05977D","ZK6105BEVG23","LZYTBGBW0H1065121","电动",2017,"2017-12-25","10米","162度","宁德时代",162,"直流","宇通客车","常规线路营运","科林",null,"换电",{"v":316744.504,"d":"316,744.50"},{"v":0.72,"d":"72.00%"},{"v":82.5,"d":"82.50"},{"v":13365,"d":"13,365.00"}]
[475,6765,"一业务部","5车队","代红伟13787092278","210路",1287,6765,"湘A05950D","湘A05950D","ZK6105BEVG23","LZYTBGBW2H1065122","电动",2017,"2017-12-25","10米","162度","宁德时代",162,"直流","宇通客车","常规线路营运","科林",null,"换电",{"v":308688.939,"d":"308,688.94"},{"v":0.72,"d":"72.00%"},{"v":82.5,"d":"82.50"},{"v":13365,"d":"13,365.00"}]
[476,6766,"一业务部","5车队","代红伟13787092278","210路",1288,6766,"湘A05957D","湘A05957D","ZK6105BEVG23","LZYTBGBW4H1065123","电动",2017,"2017-12-25","10米","162度","宁德时代",162,"直流","宇通客车","常规线路营运","科林",null,"换电",{"v":313194.651,"d":"313,194.65"},{"v":0.71,"d":"71.00%"},{"v":82.5,"d":"82.50"},{"v":13365,"d":"13,365.00"}]
[477,6767,"一业务部","5车队","代红伟13787092278","210路",1289,6767,"湘A05992D","湘A05992D","ZK6105BEVG23","LZYTBGBW6H1065124","电动",2017,"2017-12-25","10米","162度","宁德时代",162,"直流","宇通客车","常规线路营运","科林",null,"换电",{"v":316298.2,"d":"316,298.20"},{"v":0.75,"d":"75.00%"},{"v":82.5,"d":"82.50"},{"v":13365,"d":"13,365.00"}]
[478,6768,"一业务部","5车队","代红伟13787092278","210路",1290,6768,"湘A05985D","湘A05985D","ZK6105BEVG23","LZYTBGBW8H1065125","电动",2017,"2017-12-25","10米","162度","宁德时代",162,"直流","宇通客车","常规线路营运","科林",null,"换电",{"v":308180.379,"d":"308,180.38"},{"v":0.79,"d":"79.00%"},{"v":82.5,"d":"82.50"},{"v":13365,"d":"13,365.00"}]
[479,6769,"一业务部","5车队","代红伟13787092278","210路",1291,6769,"湘A05989D","湘A05989D","ZK6105BEVG23","LZYTBGBWXH1065126","电动",2017,"2017-12-25","10米","162度","宁德时代",162,"直流","宇通客车","常规线路营运","科林",null,"换电",{"v":279586.551,"d":"279,586.55"},{"v":0.79,"d":"79.00%"},{"v":82.5,"d":"82.50"},{"v":13365,"d":"13,365.00"}]
[480,6770,"一业务部","5车队","代红伟13787092278","210路",1292,6770,"湘A05906D","湘A05906D","ZK6105BEVG23","LZYTBGBW1H1065127","电动",2017,"2017-12-25","10米","162度","宁德时代",162,"直流","宇通客车","常规线路营运","科林",null,"换电",{"v":308343.582,"d":"308,343.58"},{"v":0.69,"d":"69.00%"},{"v":82.5,"d":"82.50"},{"v":13365,"d":"13,365.00"}]
[481,6771,"一业务部","5车队","代红伟13787092278","210路",1293,6771,"湘A05975D","湘A05975D","ZK6105BEVG23","LZYTBGBW3H1065128","电动",2017,"2017-12-25","10米","162度","宁德时代",162,"直流","宇通客车","常规线路营运","科林",null,"换电",{"v":310076.235,"d":"310,076.24"},{"v":0.76,"d":"76.00%"},{"v":82.5,"d":"82.50"},{"v":13365,"d":"13,365.00"}]
[482,6772,"一业务部","5车队","代红伟13787092278","210路",1295,6772,"湘A05969D","湘A05969D","ZK6105BEVG23","LZYTBGBW5H1065129","电动",2017,"2017-12-25","10米","162度","宁德时代",162,"直流","宇通客车","常规线路营运","科林",null,"换电",{"v":298341.773,"d":"298,341.77"},{"v":0.76,"d":"76.00%"},{"v":82.5,"d":"82.50"},{"v":13365,"d":"13,365.00"}]
[483,6773,"一业务部","5车队","代红伟13787092278","210路",1296,6773,"湘A05921D","湘A05921D","ZK6105BEVG23","LZYTBGBW1H1065130","电动",2017,"2017-12-25","10米","162度","宁德时代",162,"直流","宇通客车","常规线路营运","科林",null,"换电",{"v":294960.914,"d":"294,960.91"},{"v":0.76,"d":"76.00%"},{"v":82.5,"d":"82.50"},{"v":13365,"d":"13,365.00"}]
[484,6774,"一业务部","5车队","代红伟13787092278","210路",1297,6774,"湘A05932D","湘A05932D","ZK6105BEVG23","LZYTBGBW3H1065131","电动",2017,"2017-12-25","10米","162度","宁德时代",162,"直流","宇通客车","常规线路营运","科林",null,"换电",{"v":306131.928,"d":"306,131.93"},{"v":0.72,"d":"72.00%"},{"v":82.5,"d":"82.50"},{"v":13365,"d":"13,365.00"}]
[485,6775,"一业务部","5车队","代红伟13787092278","210路",1298,6775,"湘A05910D","湘A05910D","ZK6105BEVG23","LZYTBGBW5H1065132","电动",2017,"2017-12-25","10米","162度","宁德时代",162,"直流","宇通客车","常规线路营运","科林",null,"换电",{"v":299170.946,"d":"299,170.95"},{"v":0.72,"d":"72.00%"},{"v":82.5,"d":"82.50"},{"v":13365,"d":"13,365.00"}]
[486,6776,"一业务部","5车队","代红伟13787092278","210路",1299,6776,"湘A05980D","湘A05980D","ZK6105BEVG23","LZYTBGBW7H1065133","电动",2017,"2017-12-25","10米","162度","宁德时代",162,"直流","宇通客车","常规线路营运","科林",null,"换电",{"v":286809.772,"d":"286,809.77"},{"v":0.6,"d":"60.00%"},{"v":82.5,"d":"82.50"},{"v":13365,"d":"13,365.00"}]
[487,6777,"一业务部","5车队","代红伟13787092278","210路",1300,6777,"湘A05987D","湘A05987D","ZK6105BEVG23","LZYTBGBW9H1065134","电动",2017,"2017-12-25","10米","162度","宁德时代",162,"直流","宇通客车","常规线路营运","科林",null,"换电",{"v":290574.53,"d":"290,574.53"},{"v":0.76,"d":"76.00%"},{"v":82.5,"d":"82.50"},{"v":13365,"d":"13,365.00"}]
[488,6778,"一业务部","5车队","代红伟13787092278","210路",1301,6778,"湘A05981D","湘A05981D","ZK6105BEVG23","LZYTBGBW0H1065135","电动",2017,"2017-12-25","10米","162度","宁德时代",162,"直流","宇通客车","常规线路营运","科林",null,"换电",{"v":279440.922,"d":"279,440.92"},{"v":0.75,"d":"75.00%"},{"v":82.5,"d":"82.50"},{"v":13365,"d":"13,365.00"}]
[489,6779,"一业务部","5车队","代红伟13787092278","210路",1302,6779,"湘A05915D","湘A05915D","ZK6105BEVG23","LZYTBGBW2H1065136","电动",2017,"2017-12-25","10米","162度","宁德时代",162,"直流","宇通客车","常规线路营运","科林",null,"换电",{"v":280096.238,"d":"280,096.24"},{"v":0.75,"d":"75.00%"},{"v":82.5,"d":"82.50"},{"v":13365,"d":"13,365.00"}]
[490,6780,"一业务部","5车队","代红伟13787092278","210路",1303,6780,"湘A05911D","湘A05911D","ZK6105BEVG23","LZYTBGBW4H1065137","电动",2017,"2017-12-25","10米","162度","宁德时代",162,"直流","宇通客车","常规线路营运","科林",null,"换电",{"v":265396.68,"d":"265,396.68"},{"v":0.68,"d":"68.00%"},{"v":82.5,"d":"82.50"},{"v":13365,"d":"13,365.00"}]
[491,6781,"一业务部","5车队","代红伟13787092278","210路",1305,6781,"湘A05922D","湘A05922D","ZK6105BEVG23","LZYTBGBW6H1065138","电动",2017,"2017-12-25","10米","162度","宁德时代",162,"直流","宇通客车","常规线路营运","科林",null,"换电",{"v":265561.306,"d":"265,561.31"},{"v":0.75,"d":"75.00%"},{"v":82.5,"d":"82.50"},{"v":13365,"d":"13,365.00"}]
[492,6782,"一业务部","5车队","代红伟13787092278","210路",1306,6782,"湘A05978D","湘A05978D","ZK6105BEVG23","LZYTBGBW8H1065139","电动",2017,"2017-12-25","10米","162度","宁德时代",162,"直流","宇通客车","常规线路营运","科林",null,"换电",{"v":267198.909,"d":"267,198.91"},{"v":0.72,"d":"72.00%"},{"v":82.5,"d":"82.50"},{"v":13365,"d":"13,365.00"}]
[493,6783,"一业务部","5车队","代红伟13787092278","210路",1307,6783,"湘A05929D","湘A05929D","ZK6105BEVG23","LZYTBGBW4H1065140","电动",2017,"2017-12-25","10米","162度","宁德时代",162,"直流","宇通客车","常规线路营运","科林",null,"换电",{"v":268872.372,"d":"268,872.37"},{"v":0.71,"d":"71.00%"},{"v":82.5,"d":"82.50"},{"v":13365,"d":"13,365.00"}]
[494,6784,"一业务部","5车队","代红伟13787092278","210路",1308,6784,"湘A05972D","湘A05972D","ZK6105BEVG23","LZYTBGBW6H1065141","电动",2017,"2017-12-25","10米","162度","宁德时代",162,"直流","宇通客车","常规线路营运","科林",null,"换电",{"v":265516.11,"d":"265,516.11"},{"v":0.72,"d":"72.00%"},{"v":82.5,"d":"82.50"},{"v":13365,"d":"13,365.00"}]
[495,6785,"一业务部","5车队","代红伟13787092278","210路",1309,6785,"湘A05900D","湘A05900D","ZK6105BEVG23","LZYTBGBW8H1065142","电动",2017,"2017-12-25","10米","162度","宁德时代",162,"直流","宇通客车","常规线路营运","科林",null,"换电",{"v":264705.817,"d":"264,705.82"},{"v":0.74,"d":"74.00%"},{"v":82.5,"d":"82.50"},{"v":13365,"d":"13,365.00"}]
[496,6786,"一业务部","5车队","代红伟13787092278","210路",1310,6786,"湘A05993D","湘A05993D","ZK6105BEVG23","LZYTBGBWXH1065143","电动",2017,"2017-12-25","10米","162度","宁德时代",162,"直流","宇通客车","常规线路营运","科林",null,"换电",{"v":264755.382,"d":"264,755.38"},{"v":0.66,"d":"66.00%"},{"v":82.5,"d":"82.50"},{"v":13365,"d":"13,365.00"}]
[497,6787,"一业务部","5车队","代红伟13787092278","210路",1311,6787,"湘A05928D","湘A05928D","ZK6105BEVG23","LZYTBGBW1H1065144","电动",2017,"2017-12-25","10米","162度","宁德时代",162,"直流","宇通客车","常规线路营运","科林",null,"换电",{"v":274361.811,"d":"274,361.81"},{"v":0.65,"d":"65.00%"},{"v":82.5,"d":"82.50"},{"v":13365,"d":"13,365.00"}]
[498,6788,"一业务部","5车队","代红伟13787092278","210路",1312,6788,"湘A05996D","湘A05996D","ZK6105BEVG23","LZYTBGBW3H1065145","电动",2017,"2017-12-25","10米","162度","宁德时代",162,"直流","宇通客车","常规线路营运","科林",null,"换电",{"v":272458.738,"d":"272,458.74"},{"v":0.72,"d":"72.00%"},{"v":82.5,"d":"82.50"},{"v":13365,"d":"13,365.00"}]
[499,6789,"一业务部","5车队","代红伟13787092278","210路",1313,6789,"湘A05913D","湘A05913D","ZK6105BEVG23","LZYTBGBW5H1065146","电动",2017,"2017-12-25","10米","162度","宁德时代",162,"直流","宇通客车","常规线路营运","科林",null,"换电",{"v":269775.026,"d":"269,775.03"},{"v":0.73,"d":"73.00%"},{"v":82.5,"d":"82.50"},{"v":13365,"d":"13,365.00"}]
[500,6790,"一业务部","5车队","代红伟13787092278","210路",1315,6790,"湘A05982D","湘A05982D","ZK6105BEVG23","LZYTBGBW7H1065147","电动",2017,"2017-12-25","10米","162度","宁德时代",162,"直流","宇通客车","常规线路营运","科林",null,"换电",{"v":272948.528,"d":"272,948.53"},{"v":0.73,"d":"73.00%"},{"v":82.5,"d":"82.50"},{"v":13365,"d":"13,365.00"}]
[501,6791,"一业务部","5车队","代红伟13787092278","210路",1316,6791,"湘A05959D","湘A05959D","ZK6105BEVG23","LZYTBGBW9H1065148","电动",2017,"2017-12-25","10米","162度","宁德时代",162,"直流","宇通客车","常规线路营运","科林",null,"换电",{"v":276657.698,"d":"276,657.70"},{"v":0.68,"d":"68.00%"},{"v":82.5,"d":"82.50"},{"v":13365,"d":"13,365.00"}]
[502,6792,"一业务部","5车队","代红伟13787092278","210路",1317,6792,"湘A02060D","湘A02060D","ZK6105BEVG23","LZYTBGBW0H1065149","电动",2017,"2017-12-25","10米","162度","宁德时代",162,"直流","宇通客车","常规线路营运","科林",null,"换电",{"v":275454.984,"d":"275,454.98"},{"v":0.68,"d":"68.00%"},{"v":82.5,"d":"82.50"},{"v":13365,"d":"13,365.00"}]
[503,6793,"五业务部","2车队","钟声峰18874705317","908路",1318,6793,"湘A05961D","湘A05961D","ZK6105BEVG23","LZYTBGBW7H1065150","电动",2017,"2017-12-25","10米","162度","宁德时代",162,"直流","宇通客车","常规线路营运","科林",null,"换电",{"v":329607.047,"d":"329,607.05"},{"v":0.66,"d":"66.00%"},{"v":82.5,"d":"82.50"},{"v":13365,"d":"13,365.00"}]
[504,6794,"五业务部","9车队","彭景13787029829","370路",1319,6794,"湘A05962D","湘A05962D","ZK6105BEVG23","LZYTBGBW9H1065151","电动",2017,"2017-12-25","10米","162度","宁德时代",162,"直流","宇通客车","常规线路营运","科林",null,"换电",{"v":340753.38,"d":"340,753.38"},{"v":0.73,"d":"73.00%"},{"v":82.5,"d":"82.50"},{"v":13365,"d":"13,365.00"}]
[505,6795,"五业务部","7车队","张泽17607317210（主持工作）","804路",1320,6795,"湘A05917D","湘A05917D","ZK6105BEVG23","LZYTBGBW0H1065152","电动",2017,"2017-12-25","10米","162度","宁德时代",162,"直流","宇通客车","常规线路营运","科林",null,"换电",{"v":336359.1,"d":"336,359.10"},{"v":0.69,"d":"69.00%"},{"v":82.5,"d":"82.50"},{"v":13365,"d":"13,365.00"}]
[506,6796,"五业务部","5车队","刘向科13507497484（主持工作）","大科城1号线",1321,6796,"湘A05956D","湘A05956D","ZK6105BEVG23","LZYTBGBW2H1065153","电动",2017,"2017-12-25","10米","162度","宁德时代",162,"直流","宇通客车","常规线路营运","科林",null,"换电",{"v":315338.443,"d":"315,338.44"},{"v":0.69,"d":"69.00%"},{"v":82.5,"d":"82.50"},{"v":13365,"d":"13,365.00"}]
[507,6797,"五业务部","5车队","刘向科13507497484（主持工作）","大科城1号线",1322,6797,"湘A05960D","湘A05960D","ZK6105BEVG23","LZYTBGBW4H1065154","电动",2017,"2017-12-25","10米","162度","宁德时代",162,"直流","宇通客车","常规线路营运","科林",null,"换电",{"v":321704.275,"d":"321,704.28"},{"v":0.75,"d":"75.00%"},{"v":82.5,"d":"82.50"},{"v":13365,"d":"13,365.00"}]
[508,6798,"五业务部","5车队","刘向科13507497484（主持工作）","大科城1号线",1323,6798,"湘A07570D","湘A07570D","ZK6105BEVG23","LZYTBGBW6H1065155","电动",2017,"2017-12-25","10米","162度","宁德时代",162,"直流","宇通客车","常规线路营运","科林",null,"换电",{"v":321375.598,"d":"321,375.60"},{"v":0.73,"d":"73.00%"},{"v":82.5,"d":"82.50"},{"v":13365,"d":"13,365.00"}]
[509,6799,"五业务部","2车队","钟声峰18874705317","908路",1325,6799,"湘A05976D","湘A05976D","ZK6105BEVG23","LZYTBGBW8H1065156","电动",2017,"2017-12-25","10米","162度","宁德时代",162,"直流","宇通客车","常规线路营运","科林",null,"换电",{"v":320814.381,"d":"320,814.38"},{"v":0.73,"d":"73.00%"},{"v":82.5,"d":"82.50"},{"v":13365,"d":"13,365.00"}]
[510,6800,"五业务部","6车队","谭飞15874001715","601路",1326,6800,"湘A05973D","湘A05973D","ZK6105BEVG23","LZYTBGBWXH1065157","电动",2017,"2017-12-25","10米","162度","宁德时代",162,"直流","宇通客车","常规线路营运","科林",null,"换电",{"v":309969.421,"d":"309,969.42"},{"v":0.68,"d":"68.00%"},{"v":82.5,"d":"82.50"},{"v":13365,"d":"13,365.00"}]
[511,6801,"五业务部","6车队","谭飞15874001715","旅1路",1327,6801,"湘A05901D","湘A05901D","ZK6105BEVG23","LZYTBGBW1H1065158","电动",2017,"2017-12-25","10米","162度","宁德时代",162,"直流","宇通客车","常规线路营运","科林",null,"换电",{"v":313147.1,"d":"313,147.10"},{"v":0.72,"d":"72.00%"},{"v":82.5,"d":"82.50"},{"v":13365,"d":"13,365.00"}]
[512,6802,"五业务部","6车队","谭飞15874001715","大科城2号线",1328,6802,"湘A05918D","湘A05918D","ZK6105BEVG23","LZYTBGBW3H1065159","电动",2017,"2017-12-25","10米","162度","宁德时代",162,"直流","宇通客车","常规线路营运","科林",null,"换电",{"v":326069.22,"d":"326,069.22"},{"v":0.68,"d":"68.00%"},{"v":82.5,"d":"82.50"},{"v":13365,"d":"13,365.00"}]
[513,6803,"五业务部","6车队","谭飞15874001715","大科城2号线",1329,6803,"湘A05997D","湘A05997D","ZK6105BEVG23","LZYTBGBWXH1065160","电动",2017,"2017-12-25","10米","162度","宁德时代",162,"直流","宇通客车","常规线路营运","科林",null,"换电",{"v":321766.802,"d":"321,766.80"},{"v":0.72,"d":"72.00%"},{"v":82.5,"d":"82.50"},{"v":13365,"d":"13,365.00"}]
[514,6804,"五业务部","6车队","谭飞15874001715","大科城2号线",1330,6804,"湘A05931D","湘A05931D","ZK6105BEVG23","LZYTBGBW1H1065161","电动",2017,"2017-12-25","10米","162度","宁德时代",162,"直流","宇通客车","常规线路营运","科林",null,"换电",{"v":329732.472,"d":"329,732.47"},{"v":0.68,"d":"68.00%"},{"v":82.5,"d":"82.50"},{"v":13365,"d":"13,365.00"}]
[515,6805,"五业务部","6车队","谭飞15874001715","大科城2号线",1331,6805,"湘A05988D","湘A05988D","ZK6105BEVG23","LZYTBGBW3H1065162","电动",2017,"2017-12-25","10米","162度","宁德时代",162,"直流","宇通客车","常规线路营运","科林",null,"换电",{"v":333168.309,"d":"333,168.31"},{"v":0.79,"d":"79.00%"},{"v":82.5,"d":"82.50"},{"v":13365,"d":"13,365.00"}]
[516,6806,"五业务部","4车队","黄学13787078668","311路",1332,6806,"湘A05991D","湘A05991D","ZK6105BEVG23","LZYTBGBW5H1065163","电动",2017,"2017-12-25","10米","162度","宁德时代",162,"直流","宇通客车","常规线路营运","科林",null,"换电",{"v":323562.245,"d":"323,562.25"},{"v":0.74,"d":"74.00%"},{"v":82.5,"d":"82.50"},{"v":13365,"d":"13,365.00"}]
[517,6807,"五业务部","4车队","黄学13787078668","311路",1333,6807,"湘A05905D","湘A05905D","ZK6105BEVG23","LZYTBGBW7H1065164","电动",2017,"2017-12-25","10米","162度","宁德时代",162,"直流","宇通客车","常规线路营运","科林",null,"换电",{"v":319687.233,"d":"319,687.23"},{"v":0.75,"d":"75.00%"},{"v":82.5,"d":"82.50"},{"v":13365,"d":"13,365.00"}]
[518,6808,"三业务部","1车队","胡宇13755042141","6路",1335,6808,"湘A05968D","湘A05968D","ZK6105BEVG23","LZYTBGBW9H1065165","电动",2017,"2017-12-25","10米","162度","宁德时代",162,"直流","宇通客车","常规线路营运","科林",null,"换电",{"v":337174.306,"d":"337,174.31"},{"v":0.73,"d":"73.00%"},{"v":82.5,"d":"82.50"},{"v":13365,"d":"13,365.00"}]
[519,6809,"三业务部","1车队","胡宇13755042141","6路",1336,6809,"湘A05926D","湘A05926D","ZK6105BEVG23","LZYTBGBW0H1065166","电动",2017,"2017-12-25","10米","162度","宁德时代",162,"直流","宇通客车","常规线路营运","科林",null,"换电",{"v":334515.574,"d":"334,515.57"},{"v":0.72,"d":"72.00%"},{"v":82.5,"d":"82.50"},{"v":13365,"d":"13,365.00"}]
[520,6810,"三业务部","2车队","夏维13047216088","102路",1337,6810,"湘A00370D","湘A00370D","ZK6105BEVG23","LZYTBGBW2H1065167","电动",2017,"2017-12-25","10米","162度","宁德时代",162,"直流","宇通客车","常规线路营运","科林",null,"换电",{"v":328289.236,"d":"328,289.24"},{"v":0.71,"d":"71.00%"},{"v":82.5,"d":"82.50"},{"v":13365,"d":"13,365.00"}]
[521,6811,"三业务部","2车队","夏维13047216088","102路",1338,6811,"湘A05902D","湘A05902D","ZK6105BEVG23","LZYTBGBW4H1065168","电动",2017,"2017-12-25","10米","162度","宁德时代",162,"直流","宇通客车","常规线路营运","科林",null,"换电",{"v":331776.334,"d":"331,776.33"},{"v":0.67,"d":"67.00%"},{"v":82.5,"d":"82.50"},{"v":13365,"d":"13,365.00"}]
[522,6812,"三业务部","2车队","夏维13047216088","102路",1339,6812,"湘A05990D","湘A05990D","ZK6105BEVG23","LZYTBGBW6H1065169","电动",2017,"2017-12-25","10米","162度","宁德时代",162,"直流","宇通客车","常规线路营运","科林",null,"换电",{"v":332714.793,"d":"332,714.79"},{"v":0.7,"d":"70.00%"},{"v":82.5,"d":"82.50"},{"v":13365,"d":"13,365.00"}]
[523,7676,"三业务部","5车队","牛巍巍13755111011","212路",7676,7676,"湘A09087D","湘A09087D","ZK6105BEVG21","LZYTBGBW7H1050146","电动",2017,"2017-12-26","10米","142度","宁德时代",142,"直流","宇通客车","常规线路营运","科林",null,"换电",{"v":268285.998,"d":"268,286.00"},{"v":0.67,"d":"67.00%"},{"v":82.5,"d":"82.50"},{"v":11715,"d":"11,715.00"}]
[524,7677,"三业务部","5车队","牛巍巍13755111011","212路",7677,7677,"湘A09388D","湘A09388D","ZK6105BEVG21","LZYTBGBW9H1050147","电动",2017,"2017-12-26","10米","142度","宁德时代",142,"直流","宇通客车","常规线路营运","科林",null,"换电",{"v":266918.527,"d":"266,918.53"},{"v":0.62,"d":"62.00%"},{"v":82.5,"d":"82.50"},{"v":11715,"d":"11,715.00"}]
[525,7678,"三业务部","3车队","丁广新15367802570","8路",7678,7678,"湘A09376D","湘A09376D","ZK6105BEVG21","LZYTBGBW0H1050148","电动",2017,"2017-12-26","10米","142度","宁德时代",142,"直流","宇通客车","常规线路营运","科林",null,"换电",{"v":202300.814,"d":"202,300.81"},{"v":0.69,"d":"69.00%"},{"v":82.5,"d":"82.50"},{"v":11715,"d":"11,715.00"}]
[526,7679,"三业务部","3车队","丁广新15367802570","8路",7679,7679,"湘A09055D","湘A09055D","ZK6105BEVG21","LZYTBGBW2H1050149","电动",2017,"2017-12-26","10米","142度","宁德时代",142,"直流","宇通客车","常规线路营运","科林",null,"换电",{"v":202232.554,"d":"202,232.55"},{"v":0.66,"d":"66.00%"},{"v":82.5,"d":"82.50"},{"v":11715,"d":"11,715.00"}]
[527,7680,"五业务部","6车队","谭飞15874001715","大科城2号线",7680,7680,"湘A09039D","湘A09039D","ZK6105BEVG21","LZYTBGBW9H1050150","电动",2017,"2017-12-26","10米","142度","宁德时代",142,"直流","宇通客车","常规线路营运","科林",null,"换电",{"v":226596.101,"d":"226,596.10"},{"v":0.68,"d":"68.00%"},{"v":82.5,"d":"82.50"},{"v":11715,"d":"11,715.00"}]
[528,7681,"五业务部","6车队","谭飞15874001715","大科城2号线",7681,7681,"湘A09028D","湘A09028D","ZK6105BEVG21","LZYTBGBW0H1050151","电动",2017,"2017-12-26","10米","142度","宁德时代",142,"直流","宇通客车","常规线路营运","科林",null,"换电",{"v":218425.564,"d":"218,425.56"},{"v":0.71,"d":"71.00%"},{"v":82.5,"d":"82.50"},{"v":11715,"d":"11,715.00"}]
[529,7682,"五业务部","6车队","谭飞15874001715","大科城2号线",7682,7682,"湘A09330D","湘A09330D","ZK6105BEVG21","LZYTBGBW2H1050152","电动",2017,"2017-12-26","10米","142度","宁德时代",142,"直流","宇通客车","常规线路营运","科林",null,"换电",{"v":213157.969,"d":"213,157.97"},{"v":0.68,"d":"68.00%"},{"v":82.5,"d":"82.50"},{"v":11715,"d":"11,715.00"}]
[530,7683,"五业务部","6车队","谭飞15874001715","大科城2号线",7683,7683,"湘A09057D","湘A09057D","ZK6105BEVG21","LZYTBGBW4H1050153","电动",2017,"2017-12-26","10米","142度","宁德时代",142,"直流","宇通客车","常规线路营运","科林",null,"换电",{"v":212578.184,"d":"212,578.18"},{"v":0.72,"d":"72.00%"},{"v":82.5,"d":"82.50"},{"v":11715,"d":"11,715.00"}]
[531,7684,"五业务部","6车队","谭飞15874001715","31路",7684,7684,"湘A09380D","湘A09380D","ZK6105BEVG21","LZYTBGBW6H1050154","电动",2017,"2017-12-26","10米","142度","宁德时代",142,"直流","宇通客车","常规线路营运","科林",null,"换电",{"v":214732.084,"d":"214,732.08"},{"v":0.7,"d":"70.00%"},{"v":82.5,"d":"82.50"},{"v":11715,"d":"11,715.00"}]
[532,7685,"四业务部","5车队","刘忠民13874908456","355路",7685,7685,"湘A09390D","湘A09390D","ZK6105BEVG21","LZYTBGBW8H1050155","电动",2017,"2017-12-26","10米","142度","宁德时代",142,"直流","宇通客车","常规线路营运","科林",null,"换电",{"v":237034.383,"d":"237,034.38"},{"v":0.64,"d":"64.00%"},{"v":82.5,"d":"82.50"},{"v":11715,"d":"11,715.00"}]
[533,7686,"四业务部","3车队","赵青西13787063198","微循环定制公交7路",7686,7686,"湘A09059D","湘A09059D","ZK6105BEVG21","LZYTBGBWXH1050156","电动",2017,"2017-12-26","10米","142度","宁德时代",142,"直流","宇通客车","常规线路营运","科林",null,"换电",{"v":264262.132,"d":"264,262.13"},{"v":0.7,"d":"70.00%"},{"v":82.5,"d":"82.50"},{"v":11715,"d":"11,715.00"}]
[534,7687,"四业务部","3车队","赵青西13787063198","微循环定制公交7路",7687,7687,"湘A09025D","湘A09025D","ZK6105BEVG21","LZYTBGBW1H1050157","电动",2017,"2017-12-26","10米","142度","宁德时代",142,"直流","宇通客车","常规线路营运","科林",null,"换电",{"v":258042.201,"d":"258,042.20"},{"v":0.65,"d":"65.00%"},{"v":82.5,"d":"82.50"},{"v":11715,"d":"11,715.00"}]
[535,7688,"四业务部","3车队","赵青西13787063198","微循环定制公交7路",7688,7688,"湘A09365D","湘A09365D","ZK6105BEVG21","LZYTBGBW3H1050158","电动",2017,"2017-12-26","10米","142度","宁德时代",142,"直流","宇通客车","常规线路营运","科林",null,"换电",{"v":256840.237,"d":"256,840.24"},{"v":0.68,"d":"68.00%"},{"v":82.5,"d":"82.50"},{"v":11715,"d":"11,715.00"}]
[536,7689,"四业务部","3车队","赵青西13787063198","微循环定制公交7路",7689,7689,"湘A09339D","湘A09339D","ZK6105BEVG21","LZYTBGBW5H1050159","电动",2017,"2017-12-26","10米","142度","宁德时代",142,"直流","宇通客车","常规线路营运","科林",null,"换电",{"v":263545.132,"d":"263,545.13"},{"v":0.67,"d":"67.00%"},{"v":82.5,"d":"82.50"},{"v":11715,"d":"11,715.00"}]
[537,7690,"四业务部","3车队","赵青西13787063198","微循环定制公交7路",7690,7690,"湘A09396D","湘A09396D","ZK6105BEVG21","LZYTBGBW1H1050160","电动",2017,"2017-12-26","10米","142度","宁德时代",142,"直流","宇通客车","常规线路营运","科林",null,"换电",{"v":258674.858,"d":"258,674.86"},{"v":0.7,"d":"70.00%"},{"v":82.5,"d":"82.50"},{"v":11715,"d":"11,715.00"}]
[538,7691,"四业务部","3车队","赵青西13787063198","微循环定制公交7路",7691,7691,"湘A09080D","湘A09080D","ZK6105BEVG21","LZYTBGBW3H1050161","电动",2017,"2017-12-26","10米","142度","宁德时代",142,"直流","宇通客车","常规线路营运","科林",null,"换电",{"v":218839.356,"d":"218,839.36"},{"v":0.67,"d":"67.00%"},{"v":82.5,"d":"82.50"},{"v":11715,"d":"11,715.00"}]
[539,7692,"四业务部","5车队","刘忠民13874908456","355路",7692,7692,"湘A09385D","湘A09385D","ZK6105BEVG21","LZYTBGBW5H1050162","电动",2017,"2017-12-26","10米","142度","宁德时代",142,"直流","宇通客车","常规线路营运","科林",null,"换电",{"v":254344.168,"d":"254,344.17"},{"v":0.66,"d":"66.00%"},{"v":82.5,"d":"82.50"},{"v":11715,"d":"11,715.00"}]
[540,7693,"四业务部","3车队","赵青西13787063198","288路",7693,7693,"湘A09068D","湘A09068D","ZK6105BEVG21","LZYTBGBW7H1050163","电动",2017,"2017-12-26","10米","142度","宁德时代",142,"直流","宇通客车","常规线路营运","科林",null,"换电",{"v":251935.275,"d":"251,935.28"},{"v":0.77,"d":"77.00%"},{"v":82.5,"d":"82.50"},{"v":11715,"d":"11,715.00"}]
[541,7694,"四业务部","3车队","赵青西13787063198","357路",7694,7694,"湘A09335D","湘A09335D","ZK6105BEVG21","LZYTBGBW9H1050164","电动",2017,"2017-12-26","10米","142度","宁德时代",142,"直流","宇通客车","常规线路营运","科林",null,"换电",{"v":260517.866,"d":"260,517.87"},{"v":0.79,"d":"79.00%"},{"v":82.5,"d":"82.50"},{"v":11715,"d":"11,715.00"}]
[542,7695,"三业务部","5车队","牛巍巍13755111011","212路",7695,7695,"湘A09332D","湘A09332D","ZK6105BEVG21","LZYTBGBW0H1050165","电动",2017,"2017-12-26","10米","142度","宁德时代",142,"直流","宇通客车","常规线路营运","科林",null,"换电",{"v":259250.873,"d":"259,250.87"},{"v":0.68,"d":"68.00%"},{"v":82.5,"d":"82.50"},{"v":11715,"d":"11,715.00"}]
[543,7696,"三业务部","5车队","牛巍巍13755111011","212路",7696,7696,"湘A09007D","湘A09007D","ZK6105BEVG21","LZYTBGBW2H1050166","电动",2017,"2017-12-26","10米","142度","宁德时代",142,"直流","宇通客车","常规线路营运","科林",null,"换电",{"v":237257.012,"d":"237,257.01"},{"v":0.72,"d":"72.00%"},{"v":82.5,"d":"82.50"},{"v":11715,"d":"11,715.00"}]
[544,7697,"三业务部","5车队","牛巍巍13755111011","212路",7697,7697,"湘A09019D","湘A09019D","ZK6105BEVG21","LZYTBGBW4H1050167","电动",2017,"2017-12-26","10米","142度","宁德时代",142,"直流","宇通客车","常规线路营运","科林",null,"换电",{"v":254141.594,"d":"254,141.59"},{"v":0.68,"d":"68.00%"},{"v":82.5,"d":"82.50"},{"v":11715,"d":"11,715.00"}]
[545,7698,"三业务部","5车队","牛巍巍13755111011","212路",7698,7698,"湘A09026D","湘A09026D","ZK6105BEVG21","LZYTBGBW6H1050168","电动",2017,"2017-12-26","10米","142度","宁德时代",142,"直流","宇通客车","常规线路营运","科林",null,"换电",{"v":236595.698,"d":"236,595.70"},{"v":0.71,"d":"71.00%"},{"v":82.5,"d":"82.50"},{"v":11715,"d":"11,715.00"}]
[546,7699,"三业务部","8车队","黄泽左15367885799","261路",7699,7699,"湘A09367D","湘A09367D","ZK6105BEVG21","LZYTBGBW8H1050169","电动",2017,"2017-12-26","10米","142度","宁德时代",142,"直流","宇通客车","常规线路营运","科林",null,"换电",{"v":242380.731,"d":"242,380.73"},{"v":0.66,"d":"66.00%"},{"v":82.5,"d":"82.50"},{"v":11715,"d":"11,715.00"}]
[547,7700,"三业务部","7车队","赵星13973190486","806路",7700,7700,"湘A09015D","湘A09015D","ZK6105BEVG21","LZYTBGBW4H1050170","电动",2017,"2017-12-26","10米","142度","宁德时代",142,"直流","宇通客车","常规线路营运","科林",null,"换电",{"v":236459.97,"d":"236,459.97"},{"v":0.71,"d":"71.00%"},{"v":82.5,"d":"82.50"},{"v":11715,"d":"11,715.00"}]
[548,7701,"三业务部","8车队","黄泽左15367885799","229路",7701,7701,"湘A09096D","湘A09096D","ZK6105BEVG21","LZYTBGBW6H1050171","电动",2017,"2017-12-26","10米","142度","宁德时代",142,"直流","宇通客车","常规线路营运","科林",null,"换电",{"v":255253.124,"d":"255,253.12"},{"v":0.66,"d":"66.00%"},{"v":82.5,"d":"82.50"},{"v":11715,"d":"11,715.00"}]
[549,7702,"三业务部","8车队","黄泽左15367885799","229路",7702,7702,"湘A09098D","湘A09098D","ZK6105BEVG21","LZYTBGBW8H1050172","电动",2017,"2017-12-26","10米","142度","宁德时代",142,"直流","宇通客车","常规线路营运","科林",null,"换电",{"v":269856.925,"d":"269,856.93"},{"v":0.75,"d":"75.00%"},{"v":82.5,"d":"82.50"},{"v":11715,"d":"11,715.00"}]
[550,7703,"三业务部","8车队","黄泽左15367885799","229路",7703,7703,"湘A09091D","湘A09091D","ZK6105BEVG21","LZYTBGBWXH1050173","电动",2017,"2017-12-26","10米","142度","宁德时代",142,"直流","宇通客车","常规线路营运","科林",null,"换电",{"v":235251.254,"d":"235,251.25"},{"v":0.66,"d":"66.00%"},{"v":82.5,"d":"82.50"},{"v":11715,"d":"11,715.00"}]
[551,7704,"三业务部","8车队","黄泽左15367885799","229路",7704,7704,"湘A09022D","湘A09022D","ZK6105BEVG21","LZYTBGBW1H1050174","电动",2017,"2017-12-26","10米","142度","宁德时代",142,"直流","宇通客车","常规线路营运","科林",null,"换电",{"v":257760.645,"d":"257,760.65"},{"v":0.66,"d":"66.00%"},{"v":82.5,"d":"82.50"},{"v":11715,"d":"11,715.00"}]
[552,7705,"三业务部","8车队","黄泽左15367885799","229路",7705,7705,"湘A09050D","湘A09050D","ZK6105BEVG21","LZYTBGBW3H1050175","电动",2017,"2017-12-26","10米","142度","宁德时代",142,"直流","宇通客车","常规线路营运","科林",null,"换电",{"v":234810.158,"d":"234,810.16"},{"v":0.7,"d":"70.00%"},{"v":82.5,"d":"82.50"},{"v":11715,"d":"11,715.00"}]
[553,7706,"三业务部","8车队","黄泽左15367885799","229路",7706,7706,"湘A09391D","湘A09391D","ZK6105BEVG21","LZYTBGBW5H1050176","电动",2017,"2017-12-26","10米","142度","宁德时代",142,"直流","宇通客车","常规线路营运","科林",null,"换电",{"v":280518.533,"d":"280,518.53"},{"v":0.69,"d":"69.00%"},{"v":82.5,"d":"82.50"},{"v":11715,"d":"11,715.00"}]
[554,7707,"三业务部","8车队","黄泽左15367885799","229路",7707,7707,"湘A09035D","湘A09035D","ZK6105BEVG21","LZYTBGBW7H1050177","电动",2017,"2017-12-26","10米","142度","宁德时代",142,"直流","宇通客车","常规线路营运","科林",null,"换电",{"v":264632.69,"d":"264,632.69"},{"v":0.65,"d":"65.00%"},{"v":82.5,"d":"82.50"},{"v":11715,"d":"11,715.00"}]
[555,7708,"三业务部","8车队","黄泽左15367885799","229路",7708,7708,"湘A09399D","湘A09399D","ZK6105BEVG21","LZYTBGBW9H1050178","电动",2017,"2017-12-26","10米","142度","宁德时代",142,"直流","宇通客车","常规线路营运","科林",null,"换电",{"v":276437.431,"d":"276,437.43"},{"v":0.78,"d":"78.00%"},{"v":82.5,"d":"82.50"},{"v":11715,"d":"11,715.00"}]
[556,7709,"三业务部","8车队","黄泽左15367885799","229路",7709,7709,"湘A09089D","湘A09089D","ZK6105BEVG21","LZYTBGBW0H1050179","电动",2017,"2017-12-26","10米","142度","宁德时代",142,"直流","宇通客车","常规线路营运","科林",null,"换电",{"v":228592.455,"d":"228,592.46"},{"v":0.77,"d":"77.00%"},{"v":82.5,"d":"82.50"},{"v":11715,"d":"11,715.00"}]
[557,7710,"三业务部","3车队","丁广新15367802570","124路",7710,7710,"湘A09085D","湘A09085D","ZK6105BEVG21","LZYTBGBW7H1050180","电动",2017,"2017-12-26","10米","142度","宁德时代",142,"直流","宇通客车","常规线路营运","科林",null,"换电",{"v":237054.377,"d":"237,054.38"},{"v":0.71,"d":"71.00%"},{"v":82.5,"d":"82.50"},{"v":11715,"d":"11,715.00"}]
[558,7711,"三业务部","7车队","赵星13973190486","806路",7711,7711,"湘A09001D","湘A09001D","ZK6105BEVG21","LZYTBGBW9H1050181","电动",2017,"2017-12-26","10米","142度","宁德时代",142,"直流","宇通客车","常规线路营运","科林",null,"换电",{"v":217282.718,"d":"217,282.72"},{"v":0.74,"d":"74.00%"},{"v":82.5,"d":"82.50"},{"v":11715,"d":"11,715.00"}]
[559,7712,"五业务部","6车队","谭飞15874001715","31路",7712,7712,"湘A09036D","湘A09036D","ZK6105BEVG21","LZYTBGBW0H1050182","电动",2017,"2017-12-26","10米","142度","宁德时代",142,"直流","宇通客车","常规线路营运","科林",null,"换电",{"v":259220.177,"d":"259,220.18"},{"v":0.58,"d":"58.00%"},{"v":82.5,"d":"82.50"},{"v":11715,"d":"11,715.00"}]
[560,7713,"五业务部","4车队","黄学13787078668","311路",7713,7713,"湘A09079D","湘A09079D","ZK6105BEVG21","LZYTBGBW2H1050183","电动",2017,"2017-12-26","10米","142度","宁德时代",142,"直流","宇通客车","常规线路营运","科林",null,"换电",{"v":256628.896,"d":"256,628.90"},{"v":0.66,"d":"66.00%"},{"v":82.5,"d":"82.50"},{"v":11715,"d":"11,715.00"}]
[561,7714,"五业务部","3车队","朱志勇13975173864","356路",7714,7714,"湘A09030D","湘A09030D","ZK6105BEVG21","LZYTBGBW4H1050184","电动",2017,"2017-12-26","10米","142度","宁德时代",142,"直流","宇通客车","常规线路营运","科林",null,"换电",{"v":272786.524,"d":"272,786.52"},{"v":0.64,"d":"64.00%"},{"v":82.5,"d":"82.50"},{"v":11715,"d":"11,715.00"}]
[562,7715,"五业务部","3车队","朱志勇13975173864","356路",7715,7715,"湘A09038D","湘A09038D","ZK6105BEVG21","LZYTBGBW6H1050185","电动",2017,"2017-12-26","10米","142度","宁德时代",142,"直流","宇通客车","常规线路营运","科林",null,"换电",{"v":237717.32,"d":"237,717.32"},{"v":0.66,"d":"66.00%"},{"v":82.5,"d":"82.50"},{"v":11715,"d":"11,715.00"}]
[563,7716,"五业务部","3车队","朱志勇13975173864","356路",7716,7716,"湘A09086D","湘A09086D","ZK6105BEVG21","LZYTBGBW8H1050186","电动",2017,"2017-12-26","10米","142度","宁德时代",142,"直流","宇通客车","常规线路营运","科林",null,"换电",{"v":276718.414,"d":"276,718.41"},{"v":0.63,"d":"63.00%"},{"v":82.5,"d":"82.50"},{"v":11715,"d":"11,715.00"}]
[564,7717,"五业务部","3车队","朱志勇13975173864","356路",7717,7717,"湘A09011D","湘A09011D","ZK6105BEVG21","LZYTBGBWXH1050187","电动",2017,"2017-12-26","10米","142度","宁德时代",142,"直流","宇通客车","常规线路营运","科林",null,"换电",{"v":271929.884,"d":"271,929.88"},{"v":0.68,"d":"68.00%"},{"v":82.5,"d":"82.50"},{"v":11715,"d":"11,715.00"}]
[565,7718,"五业务部","3车队","朱志勇13975173864","356路",7718,7718,"湘A09052D","湘A09052D","ZK6105BEVG21","LZYTBGBW1H1050188","电动",2017,"2017-12-26","10米","142度","宁德时代",142,"直流","宇通客车","常规线路营运","科林",null,"换电",{"v":262951.108,"d":"262,951.11"},{"v":0.77,"d":"77.00%"},{"v":82.5,"d":"82.50"},{"v":11715,"d":"11,715.00"}]
[566,7719,"五业务部","3车队","朱志勇13975173864","356路",7719,7719,"湘A09009D","湘A09009D","ZK6105BEVG21","LZYTBGBW3H1050189","电动",2017,"2017-12-26","10米","142度","宁德时代",142,"直流","宇通客车","常规线路营运","科林",null,"换电",{"v":248348.415,"d":"248,348.42"},{"v":0.73,"d":"73.00%"},{"v":82.5,"d":"82.50"},{"v":11715,"d":"11,715.00"}]
[567,7720,"五业务部","3车队","朱志勇13975173864","356路",7720,7720,"湘A09081D","湘A09081D","ZK6105BEVG21","LZYTBGBWXH1050190","电动",2017,"2017-12-26","10米","142度","宁德时代",142,"直流","宇通客车","常规线路营运","科林",null,"换电",{"v":242876.287,"d":"242,876.29"},{"v":0.72,"d":"72.00%"},{"v":82.5,"d":"82.50"},{"v":11715,"d":"11,715.00"}]
[568,7721,"五业务部","3车队","朱志勇13975173864","356路",7721,7721,"湘A09071D","湘A09071D","ZK6105BEVG21","LZYTBGBW1H1050191","电动",2017,"2017-12-26","10米","142度","宁德时代",142,"直流","宇通客车","常规线路营运","科林",null,"换电",{"v":237797.215,"d":"237,797.22"},{"v":0.74,"d":"74.00%"},{"v":82.5,"d":"82.50"},{"v":11715,"d":"11,715.00"}]
[569,7722,"三业务部","7车队","赵星13973190486","806路",7722,7722,"湘A09350D","湘A09350D","ZK6105BEVG21","LZYTBGBW3H1050192","电动",2017,"2017-12-26","10米","142度","宁德时代",142,"直流","宇通客车","常规线路营运","科林",null,"换电",{"v":218092.917,"d":"218,092.92"},{"v":0.77,"d":"77.00%"},{"v":82.5,"d":"82.50"},{"v":11715,"d":"11,715.00"}]
[570,7723,"三业务部","7车队","赵星13973190486","806路",7723,7723,"湘A09097D","湘A09097D","ZK6105BEVG21","LZYTBGBW5H1050193","电动",2017,"2017-12-26","10米","142度","宁德时代",142,"直流","宇通客车","常规线路营运","科林",null,"换电",{"v":215989.647,"d":"215,989.65"},{"v":0.72,"d":"72.00%"},{"v":82.5,"d":"82.50"},{"v":11715,"d":"11,715.00"}]
[571,7724,"三业务部","3车队","丁广新15367802570","124路",7724,7724,"湘A09058D","湘A09058D","ZK6105BEVG21","LZYTBGBW7H1050194","电动",2017,"2017-12-26","10米","142度","宁德时代",142,"直流","宇通客车","常规线路营运","科林",null,"换电",{"v":206054.038,"d":"206,054.04"},{"v":0.68,"d":"68.00%"},{"v":82.5,"d":"82.50"},{"v":11715,"d":"11,715.00"}]
[572,7725,"三业务部","3车队","丁广新15367802570","124路",7725,7725,"湘A09006D","湘A09006D","ZK6105BEVG21","LZYTBGBW9H1050195","电动",2017,"2017-12-26","10米","142度","宁德时代",142,"直流","宇通客车","常规线路营运","科林",null,"换电",{"v":216880.444,"d":"216,880.44"},{"v":0.71,"d":"71.00%"},{"v":82.5,"d":"82.50"},{"v":11715,"d":"11,715.00"}]
[573,9048,"五业务部","7车队","张泽17607317210（主持工作）","803路",9048,9048,"湘AF0535","湘A95765D","TEG6106BEV20","LHWCJ95D2H1170824","电动",2017,"2017-11-29","10米","221度","宁德时代",221,"直流","中车时代","常规线路营运","通盛",73.8112898637467,"换电",{"v":315889.51,"d":"315,889.51"},{"v":0.7032,"d":"70.32%"},{"v":82.5,"d":"82.50"},{"v":18232.5,"d":"18,232.50"}]
[574,9049,"五业务部","7车队","张泽17607317210（主持工作）","803路",9049,9049,"湘AF0127","湘A08373D","TEG6106BEV20","LHWCJ95D6H1170826","电动",2017,"2017-11-29","10米","221度","宁德时代",221,"直流","中车时代","常规线路营运","通盛",76.8488361033756,"换电",{"v":316273.7,"d":"316,273.70"},{"v":0.6466,"d":"64.66%"},{"v":82.5,"d":"82.50"},{"v":18232.5,"d":"18,232.50"}]
[575,9050,"五业务部","7车队","张泽17607317210（主持工作）","122路",9050,9050,"湘AF0672","湘A03530D","TEG6106BEV20","LHWCJ95DXH1170828","电动",2017,"2017-11-29","10米","221度","宁德时代",221,"直流","中车时代","常规线路营运","通盛",90.1194401115733,"换电",{"v":280877.099,"d":"280,877.10"},{"v":0.745,"d":"74.50%"},{"v":82.5,"d":"82.50"},{"v":18232.5,"d":"18,232.50"}]
[576,9051,"五业务部","7车队","张泽17607317210（主持工作）","122路",9051,9051,"湘AF0871","湘A07138D","TEG6106BEV20","LHWCJ95D1H1170832","电动",2017,"2017-11-29","10米","221度","宁德时代",221,"直流","中车时代","常规线路营运","通盛",85.2724895591581,"换电",{"v":307030.712,"d":"307,030.71"},{"v":0.6602,"d":"66.02%"},{"v":82.5,"d":"82.50"},{"v":18232.5,"d":"18,232.50"}]
[577,9052,"五业务部","1车队","文帅13875911108","30路",9052,9052,"湘AF3059","湘A99582D","TEG6106BEV20","LHWCJ95D3H1170833","电动",2017,"2017-11-29","10米","221度","宁德时代",221,"直流","中车时代","常规线路营运","通盛",77.0703742689258,"换电",{"v":338592.477,"d":"338,592.48"},{"v":0.6518,"d":"65.18%"},{"v":82.5,"d":"82.50"},{"v":18232.5,"d":"18,232.50"}]
[578,9053,"五业务部","1车队","文帅13875911108","30路",9053,9053,"湘AF0915","湘A92300D","TEG6106BEV20","LHWCJ95D5H1170834","电动",2017,"2017-11-29","10米","221度","宁德时代",221,"直流","中车时代","常规线路营运","通盛",73.2169749127496,"换电",{"v":342910.85,"d":"342,910.85"},{"v":0.8072,"d":"80.72%"},{"v":82.5,"d":"82.50"},{"v":18232.5,"d":"18,232.50"}]
[579,9054,"五业务部","1车队","文帅13875911108","938路",9054,9054,"湘AF0920","湘A02293D","TEG6106BEV20","LHWCJ95D9H1170836","电动",2017,"2017-11-29","10米","221度","宁德时代",221,"直流","中车时代","常规线路营运","通盛",85.0963233358175,"换电",{"v":328431.1,"d":"328,431.10"},{"v":0.6472,"d":"64.72%"},{"v":82.5,"d":"82.50"},{"v":18232.5,"d":"18,232.50"}]
[580,9055,"四业务部","1车队","黄建新13875895531","918路",9055,9055,"湘AF3313","湘A02315D","TEG6106BEV20","LHWCJ95D0H1170837","电动",2017,"2017-11-29","10米","221度","宁德时代",221,"直流","中车时代","常规线路营运","通盛",79.3677359942398,"换电",{"v":313866.126,"d":"313,866.13"},{"v":0.6577,"d":"65.77%"},{"v":82.5,"d":"82.50"},{"v":18232.5,"d":"18,232.50"}]
[581,9056,"五业务部","1车队","文帅13875911108","938路",9056,9056,"湘AF3316","湘A98373D","TEG6106BEV20","LHWCJ95D2H1170838","电动",2017,"2017-11-29","10米","221度","宁德时代",221,"直流","中车时代","常规线路营运","通盛",82.3199808260323,"换电",{"v":323262.164,"d":"323,262.16"},{"v":0.6442,"d":"64.42%"},{"v":82.5,"d":"82.50"},{"v":18232.5,"d":"18,232.50"}]
[582,9057,"五业务部","9车队","彭景13787029829","705路",9057,9057,"湘AF1052","湘A07673D","TEG6106BEV20","LHWCJ95D2H1170841","电动",2017,"2017-11-29","10米","221度","宁德时代",221,"直流","中车时代","常规线路营运","通盛",81.8685492866365,"换电",{"v":288125.31,"d":"288,125.31"},{"v":0.7267,"d":"72.67%"},{"v":82.5,"d":"82.50"},{"v":18232.5,"d":"18,232.50"}]
[583,9058,"五业务部","9车队","彭景13787029829","705路",9058,9058,"湘AF0651","湘A03063D","TEG6106BEV20","LHWCJ95D8H1170844","电动",2017,"2017-11-29","10米","221度","宁德时代",221,"直流","中车时代","常规线路营运","通盛",80.2014094922835,"换电",{"v":286182.81,"d":"286,182.81"},{"v":0.6182,"d":"61.82%"},{"v":82.5,"d":"82.50"},{"v":18232.5,"d":"18,232.50"}]
[584,9059,"五业务部","9车队","彭景13787029829","705路",9059,9059,"湘AF0190","湘A03092D","TEG6106BEV20","LHWCJ95DXH1170845","电动",2017,"2017-11-29","10米","221度","宁德时代",221,"直流","中车时代","常规线路营运","通盛",84.5788642019171,"换电",{"v":303397.98,"d":"303,397.98"},{"v":0.7805,"d":"78.05%"},{"v":82.5,"d":"82.50"},{"v":18232.5,"d":"18,232.50"}]
[585,9060,"五业务部","2车队","钟声峰18874705317","908路",9060,9060,"湘AF0630","湘A02823D","TEG6106BEV20","LHWCJ95D3H1170847","电动",2017,"2017-11-29","10米","221度","宁德时代",221,"直流","中车时代","常规线路营运","通盛",71.3146104409399,"换电",{"v":286142.692,"d":"286,142.69"},{"v":0.7845,"d":"78.45%"},{"v":82.5,"d":"82.50"},{"v":18232.5,"d":"18,232.50"}]
[586,9061,"五业务部","2车队","钟声峰18874705317","908路",9061,9061,"湘AF0530","湘A05363D","TEG6106BEV20","LHWCJ95D7H1170849","电动",2017,"2017-11-29","10米","221度","宁德时代",221,"直流","中车时代","常规线路营运","通盛",66.834178974243,"换电",{"v":294128.44,"d":"294,128.44"},{"v":0.7112,"d":"71.12%"},{"v":82.5,"d":"82.50"},{"v":18232.5,"d":"18,232.50"}]
[587,9062,"四业务部","10车队","王政威13017281978","213路",9062,9062,"湘AF0715","湘A00058D","TEG6106BEV20","LHWCJ95D5H1170851","电动",2017,"2017-11-29","10米","221度","宁德时代",221,"直流","中车时代","常规线路营运","通盛",78.1298525632355,"换电",{"v":292119.34,"d":"292,119.34"},{"v":0.7572,"d":"75.72%"},{"v":82.5,"d":"82.50"},{"v":18232.5,"d":"18,232.50"}]
[588,9063,"四业务部","10车队","王政威13017281978","213路",9063,9063,"湘AF3285","湘A07291D","TEG6106BEV20","LHWCJ95D7H1170852","电动",2017,"2017-11-29","10米","221度","宁德时代",221,"直流","中车时代","常规线路营运","通盛",78.7336987071388,"换电",{"v":293420.18,"d":"293,420.18"},{"v":0.6916,"d":"69.16%"},{"v":82.5,"d":"82.50"},{"v":18232.5,"d":"18,232.50"}]
[589,9064,"四业务部","10车队","王政威13017281978","213路",9064,9064,"湘AF0395","湘A98031D","TEG6106BEV20","LHWCJ95D0H1170854","电动",2017,"2017-11-29","10米","221度","宁德时代",221,"直流","中车时代","常规线路营运","通盛",71.7144579927643,"换电",{"v":301998,"d":"301,998.00"},{"v":0.7264,"d":"72.64%"},{"v":82.5,"d":"82.50"},{"v":18232.5,"d":"18,232.50"}]
[590,9065,"四业务部","10车队","王政威13017281978","213路",9065,9065,"湘AF0910","湘A98005D","TEG6106BEV20","LHWCJ95D2H1170855","电动",2017,"2017-11-29","10米","221度","宁德时代",221,"直流","中车时代","常规线路营运","通盛",78.3884646850286,"换电",{"v":282096.62,"d":"282,096.62"},{"v":0.7441,"d":"74.41%"},{"v":82.5,"d":"82.50"},{"v":18232.5,"d":"18,232.50"}]
[591,9066,"四业务部","10车队","王政威13017281978","213路",9066,9066,"湘AF0365","湘A96700D","TEG6106BEV20","LHWCJ95D8H1170858","电动",2017,"2017-11-29","10米","221度","宁德时代",221,"直流","中车时代","常规线路营运","通盛",74.5192411558196,"换电",{"v":300499.22,"d":"300,499.22"},{"v":0.6354,"d":"63.54%"},{"v":82.5,"d":"82.50"},{"v":18232.5,"d":"18,232.50"}]
[592,9067,"四业务部","10车队","王政威13017281978","213路",9067,9067,"湘AF0977","湘A03036D","TEG6106BEV20","LHWCJ95DXH1170859","电动",2017,"2017-11-29","10米","221度","宁德时代",221,"直流","中车时代","常规线路营运","通盛",79.9733558617104,"换电",{"v":314518.518,"d":"314,518.52"},{"v":0.6734,"d":"67.34%"},{"v":82.5,"d":"82.50"},{"v":18232.5,"d":"18,232.50"}]
[593,9068,"四业务部","6车队","刘得良13807492332","916路",9068,9068,"湘AF0625","湘A93067D","TEG6106BEV20","LHWCJ95D6H1170860","电动",2017,"2017-11-29","10米","221度","宁德时代",221,"直流","中车时代","常规线路营运","通盛",89.5382337229027,"换电",{"v":267090.203,"d":"267,090.20"},{"v":0.7126,"d":"71.26%"},{"v":82.5,"d":"82.50"},{"v":18232.5,"d":"18,232.50"}]
[594,9069,"五业务部","1车队","文帅13875911108","938路",9069,9069,"湘AF0551","湘A08648D","TEG6106BEV20","LHWCJ95DXH1170862","电动",2017,"2017-11-29","10米","221度","宁德时代",221,"直流","中车时代","常规线路营运","通盛",84.3469241203224,"换电",{"v":327941.3,"d":"327,941.30"},{"v":0.6486,"d":"64.86%"},{"v":82.5,"d":"82.50"},{"v":18232.5,"d":"18,232.50"}]
[595,9070,"五业务部","7车队","张泽17607317210（主持工作）","122路",9070,9070,"湘AF0726","湘A95556D","TEG6106BEV20","LHWCJ95D7H1170866","电动",2017,"2017-11-29","10米","221度","宁德时代",221,"直流","中车时代","常规线路营运","通盛",83.0569958012076,"换电",{"v":303390.652,"d":"303,390.65"},{"v":0.7811,"d":"78.11%"},{"v":82.5,"d":"82.50"},{"v":18232.5,"d":"18,232.50"}]
[596,9071,"五业务部","7车队","张泽17607317210（主持工作）","122路",9071,9071,"湘AF0391","湘A09183D","TEG6106BEV20","LHWCJ95D9H1170867","电动",2017,"2017-11-29","10米","221度","宁德时代",221,"直流","中车时代","常规线路营运","通盛",79.1022448576879,"换电",{"v":311270.981,"d":"311,270.98"},{"v":0.7749,"d":"77.49%"},{"v":82.5,"d":"82.50"},{"v":18232.5,"d":"18,232.50"}]
[597,9072,"四业务部","7车队","覃小军13298692758","211路",9072,9072,"湘AF0960","湘A02163D","TEG6106BEV20","LHWCJ95D2H1170869","电动",2017,"2017-11-29","10米","221度","宁德时代",221,"直流","中车时代","常规线路营运","通盛",77.1969947858733,"换电",{"v":304752.767,"d":"304,752.77"},{"v":0.8489,"d":"84.89%"},{"v":82.5,"d":"82.50"},{"v":18232.5,"d":"18,232.50"}]
[598,9073,"四业务部","1车队","黄建新13875895531","918路",9073,9073,"湘AF0971","湘A07131D","TEG6106BEV20","LHWCJ95D1H1170880","电动",2017,"2017-11-29","10米","221度","宁德时代",221,"直流","中车时代","常规线路营运","通盛",78.5102791843059,"换电",{"v":315986.252,"d":"315,986.25"},{"v":0.7639,"d":"76.39%"},{"v":82.5,"d":"82.50"},{"v":18232.5,"d":"18,232.50"}]
[599,9074,"五业务部","7车队","张泽17607317210（主持工作）","122路",9074,9074,"湘AF0621","湘A03090D","TEG6106BEV20","LHWCJ95D5H1170882","电动",2017,"2017-11-29","10米","221度","宁德时代",221,"直流","中车时代","常规线路营运","通盛",87.4367404770122,"换电",{"v":278873.874,"d":"278,873.87"},{"v":0.7322,"d":"73.22%"},{"v":82.5,"d":"82.50"},{"v":18232.5,"d":"18,232.50"}]
[600,9075,"三业务部","3车队","丁广新15367802570","365路",9075,9075,"湘AF0703","湘A97390D","TEG6106BEV20","LHWCJ95D9H1170884","电动",2017,"2017-11-29","10米","221度","宁德时代",221,"直流","中车时代","常规线路营运","通盛",88.8932781808543,"换电",{"v":301993.63,"d":"301,993.63"},{"v":0.6803,"d":"68.03%"},{"v":82.5,"d":"82.50"},{"v":18232.5,"d":"18,232.50"}]
[601,9076,"五业务部","9车队","彭景13787029829","705路",9076,9076,"湘AF3162","湘A97219D","TEG6106BEV20","LHWCJ95D0H1170885","电动",2017,"2017-11-29","10米","221度","宁德时代",221,"直流","中车时代","常规线路营运","通盛",82.9681469165094,"换电",{"v":273888.768,"d":"273,888.77"},{"v":0.6518,"d":"65.18%"},{"v":82.5,"d":"82.50"},{"v":18232.5,"d":"18,232.50"}]
[602,9077,"一业务部","9车队","李刃15874081178","906路",9077,9077,"湘AF0909","湘A01499D","TEG6106BEV20","LHWCJ95D4H1170887","电动",2017,"2017-11-29","10米","221度","宁德时代",221,"直流","中车时代","常规线路营运","通盛",86.5333820671415,"换电",{"v":227742.918,"d":"227,742.92"},{"v":0.8191,"d":"81.91%"},{"v":82.5,"d":"82.50"},{"v":18232.5,"d":"18,232.50"}]
[603,9078,"一业务部","9车队","李刃15874081178","906路",9078,9078,"湘AF0852","湘A99368D","TEG6106BEV20","LHWCJ95D6H1170888","电动",2017,"2017-11-29","10米","221度","宁德时代",221,"直流","中车时代","常规线路营运","通盛",94.693004916328,"换电",{"v":223584.056,"d":"223,584.06"},{"v":0.7893,"d":"78.93%"},{"v":82.5,"d":"82.50"},{"v":18232.5,"d":"18,232.50"}]
[604,9079,"五业务部","7车队","张泽17607317210（主持工作）","122路",9079,9079,"湘AF0952","湘A00730D","TEG6106BEV20","LHWCJ95D8H1170889","电动",2017,"2017-11-29","10米","221度","宁德时代",221,"直流","中车时代","常规线路营运","通盛",76.8912745353738,"换电",{"v":272244.012,"d":"272,244.01"},{"v":0.8462,"d":"84.62%"},{"v":82.5,"d":"82.50"},{"v":18232.5,"d":"18,232.50"}]
[605,9080,"五业务部","7车队","张泽17607317210（主持工作）","122路",9080,9080,"湘AF0532","湘A05948D","TEG6106BEV20","LHWCJ95D1H1170894","电动",2017,"2017-11-29","10米","221度","宁德时代",221,"直流","中车时代","常规线路营运","通盛",83.1983425087673,"换电",{"v":277030.697,"d":"277,030.70"},{"v":0.6589,"d":"65.89%"},{"v":82.5,"d":"82.50"},{"v":18232.5,"d":"18,232.50"}]
[606,9081,"四业务部","10车队","王政威13017281978","213路",9081,9081,"湘AF0100","湘A95397D","TEG6106BEV20","LHWCJ95D3H1170895","电动",2017,"2017-11-29","10米","221度","宁德时代",221,"直流","中车时代","常规线路营运","通盛",77.3709857581681,"换电",{"v":278773.054,"d":"278,773.05"},{"v":0.7467,"d":"74.67%"},{"v":82.5,"d":"82.50"},{"v":18232.5,"d":"18,232.50"}]
[607,9082,"四业务部","10车队","王政威13017281978","213路",9082,9082,"湘AF0791","湘A03532D","TEG6106BEV20","LHWCJ95D5H1170896","电动",2017,"2017-11-29","10米","221度","宁德时代",221,"直流","中车时代","常规线路营运","通盛",79.5942285041225,"换电",{"v":277113.364,"d":"277,113.36"},{"v":0.7126,"d":"71.26%"},{"v":82.5,"d":"82.50"},{"v":18232.5,"d":"18,232.50"}]
[608,9083,"四业务部","10车队","王政威13017281978","213路",9083,9083,"湘AF0979","湘A04905D","TEG6106BEV20","LHWCJ95D9H1170898","电动",2017,"2017-11-29","10米","221度","宁德时代",221,"直流","中车时代","常规线路营运","通盛",77.9588062211013,"换电",{"v":279719.684,"d":"279,719.68"},{"v":0.7094,"d":"70.94%"},{"v":82.5,"d":"82.50"},{"v":18232.5,"d":"18,232.50"}]
[609,9084,"四业务部","1车队","黄建新13875895531","918路",9084,9084,"湘AF0325","湘A05076D","TEG6106BEV20","LHWCJ95D3H1170900","电动",2017,"2017-11-29","10米","221度","宁德时代",221,"直流","中车时代","常规线路营运","通盛",81.0152129023567,"换电",{"v":303702.76,"d":"303,702.76"},{"v":0.7396,"d":"73.96%"},{"v":82.5,"d":"82.50"},{"v":18232.5,"d":"18,232.50"}]
[610,9085,"四业务部","1车队","黄建新13875895531","918路",9085,9085,"湘AF3281","湘A01923D","TEG6106BEV20","LHWCJ95D2H1170905","电动",2017,"2017-11-29","10米","221度","宁德时代",221,"直流","中车时代","常规线路营运","通盛",75.8250287424067,"换电",{"v":317042.737,"d":"317,042.74"},{"v":0.684,"d":"68.40%"},{"v":82.5,"d":"82.50"},{"v":18232.5,"d":"18,232.50"}]
[611,9086,"三业务部","3车队","丁广新15367802570","365路",9086,9086,"湘AF0597","湘A02477D","TEG6106BEV20","LHWCJ95D6H1170910","电动",2017,"2017-11-29","10米","221度","宁德时代",221,"直流","中车时代","常规线路营运","通盛",78.4543414781104,"换电",{"v":328422.18,"d":"328,422.18"},{"v":0.6805,"d":"68.05%"},{"v":82.5,"d":"82.50"},{"v":18232.5,"d":"18,232.50"}]
[612,9087,"二业务部","9车队","刘宇13508492564","409路",9087,9087,"湘AF0999","湘A97181D","TEG6106BEV20","LHWCJ95D9H1170917","电动",2017,"2017-11-29","10米","221度","宁德时代",221,"直流","中车时代","常规线路营运","通盛",78.4921010513699,"换电",{"v":283527.96,"d":"283,527.96"},{"v":0.7936,"d":"79.36%"},{"v":82.5,"d":"82.50"},{"v":18232.5,"d":"18,232.50"}]
[613,9088,"二业务部","3车队","胡刚文13517494978","142路",9088,9088,"湘AF0967","湘A96398D","TEG6106BEV20","LHWCJ95D0H1170918","电动",2017,"2017-11-29","10米","221度","宁德时代",221,"直流","中车时代","常规线路营运","通盛",80.3926831200729,"换电",{"v":242269.188,"d":"242,269.19"},{"v":0.7104,"d":"71.04%"},{"v":82.5,"d":"82.50"},{"v":18232.5,"d":"18,232.50"}]
[614,9089,"四业务部","3车队","赵青西13787063198","288路",9089,9089,"湘AF3221","湘A09270D","TEG6106BEV20","LHWCJ95D9H1170920","电动",2017,"2017-11-29","10米","221度","宁德时代",221,"直流","中车时代","常规线路营运","通盛",80.6289161645151,"换电",{"v":288449.172,"d":"288,449.17"},{"v":0.7199,"d":"71.99%"},{"v":82.5,"d":"82.50"},{"v":18232.5,"d":"18,232.50"}]
[615,9090,"四业务部","8车队","何晔13739094979","69路",9090,9090,"湘AF0916","湘A03920D","TEG6106BEV20","LHWCJ95D2H1170922","电动",2017,"2017-11-29","10米","221度","宁德时代",221,"直流","中车时代","常规线路营运","通盛",81.1935415876228,"换电",{"v":277570.468,"d":"277,570.47"},{"v":0.8167,"d":"81.67%"},{"v":82.5,"d":"82.50"},{"v":18232.5,"d":"18,232.50"}]
[616,9091,"四业务部","8车队","何晔13739094979","69路",9091,9091,"湘AF0501","湘A91538D","TEG6106BEV20","LHWCJ95D4H1170923","电动",2017,"2017-11-29","10米","221度","宁德时代",221,"直流","中车时代","常规线路营运","通盛",84.5461356502405,"换电",{"v":281011.564,"d":"281,011.56"},{"v":0.7104,"d":"71.04%"},{"v":82.5,"d":"82.50"},{"v":18232.5,"d":"18,232.50"}]
[617,9092,"四业务部","5车队","刘忠民13874908456","355路",9092,9092,"湘AF3315","湘A90373D","TEG6106BEV20","LHWCJ95D8H1170925","电动",2017,"2017-11-29","10米","221度","宁德时代",221,"直流","中车时代","常规线路营运","华强",84.4343932715433,"换电",{"v":275115.841,"d":"275,115.84"},{"v":0.6714,"d":"67.14%"},{"v":82.5,"d":"82.50"},{"v":18232.5,"d":"18,232.50"}]
[618,9093,"三业务部","5车队","牛巍巍13755111011","58路",9093,9093,"湘AF0151","湘A95899D","TEG6106BEV20","LHWCJ95D3H1170928","电动",2017,"2017-11-29","10米","221度","宁德时代",221,"直流","中车时代","常规线路营运","华强",76.0287363993654,"换电",{"v":304976.68,"d":"304,976.68"},{"v":0.7062,"d":"70.62%"},{"v":82.5,"d":"82.50"},{"v":18232.5,"d":"18,232.50"}]
[619,9094,"五业务部","1车队","文帅13875911108","938路",9094,9094,"湘AF0552","湘A08360D","TEG6106BEV20","LHWCJ95D5H1170929","电动",2017,"2017-11-29","10米","221度","宁德时代",221,"直流","中车时代","常规线路营运","华强",77.4819131708679,"换电",{"v":315802.641,"d":"315,802.64"},{"v":0.7071,"d":"70.71%"},{"v":82.5,"d":"82.50"},{"v":18232.5,"d":"18,232.50"}]
[620,9095,"五业务部","1车队","文帅13875911108","938路",9095,9095,"湘AF0376","湘A06040D","TEG6106BEV20","LHWCJ95D1H1170930","电动",2017,"2017-11-29","10米","221度","宁德时代",221,"直流","中车时代","常规线路营运","华强",73.4614876552917,"换电",{"v":319540.93,"d":"319,540.93"},{"v":0.7111,"d":"71.11%"},{"v":82.5,"d":"82.50"},{"v":18232.5,"d":"18,232.50"}]
[621,9096,"四业务部","7车队","覃小军13298692758","211路",9096,9096,"湘AF3191","湘A96718D","TEG6106BEV20","LHWCJ95D5H1170932","电动",2017,"2017-11-29","10米","221度","宁德时代",221,"直流","中车时代","常规线路营运","华强",90.5380152223122,"换电",{"v":279487.405,"d":"279,487.41"},{"v":0.6571,"d":"65.71%"},{"v":82.5,"d":"82.50"},{"v":18232.5,"d":"18,232.50"}]
[622,9097,"四业务部","7车队","覃小军13298692758","211路",9097,9097,"湘AF0125","湘A09613D","TEG6106BEV20","LHWCJ95D4H1170937","电动",2017,"2017-11-29","10米","221度","宁德时代",221,"直流","中车时代","常规线路营运","华强",88.646027710943,"换电",{"v":273837.59,"d":"273,837.59"},{"v":0.7325,"d":"73.25%"},{"v":82.5,"d":"82.50"},{"v":18232.5,"d":"18,232.50"}]
[623,9098,"四业务部","7车队","覃小军13298692758","211路",9098,9098,"湘AF0317","湘A91737D","TEG6106BEV20","LHWCJ95D4H1170940","电动",2017,"2017-11-29","10米","221度","宁德时代",221,"直流","中车时代","常规线路营运","华强",81.3851493017144,"换电",{"v":273547.202,"d":"273,547.20"},{"v":0.751,"d":"75.10%"},{"v":82.5,"d":"82.50"},{"v":18232.5,"d":"18,232.50"}]
[624,9099,"二业务部","9车队","刘宇13508492564","409路",9099,9099,"湘AF0911","湘A95373D","TEG6106BEV20","LHWCJ95D6H1170941","电动",2017,"2017-11-29","10米","221度","宁德时代",221,"直流","中车时代","常规线路营运","华强",71.3757269510381,"换电",{"v":308488.78,"d":"308,488.78"},{"v":0.7362,"d":"73.62%"},{"v":82.5,"d":"82.50"},{"v":18232.5,"d":"18,232.50"}]
[625,9100,"五业务部","8车队","傅志龙18108418317（主持工作）","226路",9100,9100,"湘AF3205","湘A03850D","TEG6106BEV20","LHWCJ95D1H1170944","电动",2017,"2017-11-29","10米","221度","宁德时代",221,"直流","中车时代","常规线路营运","华强",77.3059934146719,"换电",{"v":299294.967,"d":"299,294.97"},{"v":0.7617,"d":"76.17%"},{"v":82.5,"d":"82.50"},{"v":18232.5,"d":"18,232.50"}]
[626,9101,"二业务部","9车队","刘宇13508492564","409路",9101,9101,"湘AF3091","湘A90121D","TEG6106BEV20","LHWCJ95D9H1170948","电动",2017,"2017-11-29","10米","221度","宁德时代",221,"直流","中车时代","常规线路营运","华强",71.0771355820505,"换电",{"v":294925.14,"d":"294,925.14"},{"v":0.6885,"d":"68.85%"},{"v":82.5,"d":"82.50"},{"v":18232.5,"d":"18,232.50"}]
[627,9102,"四业务部","8车队","何晔13739094979","12路",9102,9102,"湘AF3139","湘A96198D","TEG6106BEV20","LHWCJ95D9H1170951","电动",2017,"2017-11-29","10米","221度","宁德时代",221,"直流","中车时代","常规线路营运","华强",72.6001173249902,"换电",{"v":286085.777,"d":"286,085.78"},{"v":0.7103,"d":"71.03%"},{"v":82.5,"d":"82.50"},{"v":18232.5,"d":"18,232.50"}]
[628,9103,"四业务部","8车队","何晔13739094979","12路",9103,9103,"湘AF0360","湘A96525D","TEG6106BEV20","LHWCJ95D2H1170953","电动",2017,"2017-11-29","10米","221度","宁德时代",221,"直流","中车时代","常规线路营运","华强",67.9058824855319,"换电",{"v":303052.572,"d":"303,052.57"},{"v":0.7357,"d":"73.57%"},{"v":82.5,"d":"82.50"},{"v":18232.5,"d":"18,232.50"}]
[629,9104,"四业务部","8车队","何晔13739094979","12路",9104,9104,"湘AF0989","湘A91551D","TEG6106BEV20","LHWCJ95D6H1170955","电动",2017,"2017-11-29","10米","221度","宁德时代",221,"直流","中车时代","常规线路营运","华强",72.8900022433261,"换电",{"v":310623.727,"d":"310,623.73"},{"v":0.6637,"d":"66.37%"},{"v":82.5,"d":"82.50"},{"v":18232.5,"d":"18,232.50"}]
[630,9105,"四业务部","1车队","黄建新13875895531","903路",9105,9105,"湘AF0922","湘A01983D","TEG6106BEV20","LHWCJ95D8H1170956","电动",2017,"2017-11-29","10米","221度","宁德时代",221,"直流","中车时代","常规线路营运","华强",82.6386966581792,"换电",{"v":308555.406,"d":"308,555.41"},{"v":0.7032,"d":"70.32%"},{"v":82.5,"d":"82.50"},{"v":18232.5,"d":"18,232.50"}]
[631,9106,"四业务部","1车队","黄建新13875895531","918路",9106,9106,"湘AF0512","湘A08173D","TEG6106BEV20","LHWCJ95D3H1170959","电动",2017,"2017-11-29","10米","221度","宁德时代",221,"直流","中车时代","常规线路营运","华强",81.6057297806395,"换电",{"v":332380.712,"d":"332,380.71"},{"v":0.7126,"d":"71.26%"},{"v":82.5,"d":"82.50"},{"v":18232.5,"d":"18,232.50"}]
[632,9107,"三业务部","9车队","刘爱华13507319148","167路",9107,9107,"湘AF0903","湘A98391D","TEG6106BEV20","LHWCJ95D3H1170962","电动",2017,"2017-11-29","10米","221度","宁德时代",221,"直流","中车时代","常规线路营运","华强",75.4597961053975,"换电",{"v":274632.099,"d":"274,632.10"},{"v":0.6768,"d":"67.68%"},{"v":82.5,"d":"82.50"},{"v":18232.5,"d":"18,232.50"}]
[633,9108,"三业务部","9车队","刘爱华13507319148","167路",9108,9108,"湘AF0130","湘A01307D","TEG6106BEV20","LHWCJ95D0H1170966","电动",2017,"2017-11-29","10米","221度","宁德时代",221,"直流","中车时代","常规线路营运","华强",79.9951154884403,"换电",{"v":278692.312,"d":"278,692.31"},{"v":0.7551,"d":"75.51%"},{"v":82.5,"d":"82.50"},{"v":18232.5,"d":"18,232.50"}]
[634,9109,"三业务部","3车队","丁广新15367802570","365路",9109,9109,"湘AF0351","湘A09654D","TEG6106BEV20","LHWCJ95D2H1170967","电动",2017,"2017-11-29","10米","221度","宁德时代",221,"直流","中车时代","常规线路营运","华强",89.8355484504181,"换电",{"v":306144.9,"d":"306,144.90"},{"v":0.6918,"d":"69.18%"},{"v":82.5,"d":"82.50"},{"v":18232.5,"d":"18,232.50"}]
[635,9110,"二业务部","9车队","刘宇13508492564","409路",9110,9110,"湘AF3026","湘A08223D","TEG6106BEV20","LHWCJ95D4H1170968","电动",2017,"2017-11-29","10米","221度","宁德时代",221,"直流","中车时代","常规线路营运","华强",72.1646806199507,"换电",{"v":267658.418,"d":"267,658.42"},{"v":0.6955,"d":"69.55%"},{"v":82.5,"d":"82.50"},{"v":18232.5,"d":"18,232.50"}]
[636,9111,"二业务部","9车队","刘宇13508492564","409路",9111,9111,"湘AF0161","湘A91867D","TEG6106BEV20","LHWCJ95D6H1170969","电动",2017,"2017-11-29","10米","221度","宁德时代",221,"直流","中车时代","常规线路营运","华强",73.6530906612302,"换电",{"v":293425.31,"d":"293,425.31"},{"v":0.7878,"d":"78.78%"},{"v":82.5,"d":"82.50"},{"v":18232.5,"d":"18,232.50"}]
[637,9112,"三业务部","9车队","刘爱华13507319148","167路",9112,9112,"湘AF3802","湘A92980D","TEG6106BEV20","LHWCJ95D2H1170970","电动",2017,"2017-11-29","10米","221度","宁德时代",221,"直流","中车时代","常规线路营运","华强",79.451119887513,"换电",{"v":281147.847,"d":"281,147.85"},{"v":0.7756,"d":"77.56%"},{"v":82.5,"d":"82.50"},{"v":18232.5,"d":"18,232.50"}]
[638,9113,"二业务部","9车队","刘宇13508492564","382路",9113,9113,"湘AF0591","湘A99319D","TEG6106BEV20","LHWCJ95D6H1170972","电动",2017,"2017-11-29","10米","221度","宁德时代",221,"直流","中车时代","常规线路营运","华强",75.6167322915265,"换电",{"v":290229.76,"d":"290,229.76"},{"v":0.7938,"d":"79.38%"},{"v":82.5,"d":"82.50"},{"v":18232.5,"d":"18,232.50"}]
[639,9114,"二业务部","9车队","刘宇13508492564","382路",9114,9114,"湘AF0537","湘A09488D","TEG6106BEV20","LHWCJ95D1H1170975","电动",2017,"2017-11-29","10米","221度","宁德时代",221,"直流","中车时代","常规线路营运","华强",73.6445242728733,"换电",{"v":306779.343,"d":"306,779.34"},{"v":0.769,"d":"76.90%"},{"v":82.5,"d":"82.50"},{"v":18232.5,"d":"18,232.50"}]
[640,9115,"三业务部","9车队","刘爱华13507319148","167路",9115,9115,"湘AF0965","湘A09130D","TEG6106BEV20","LHWCJ95D3H1170976","电动",2017,"2017-11-29","10米","221度","宁德时代",221,"直流","中车时代","常规线路营运","华强",83.179016979315,"换电",{"v":280323.82,"d":"280,323.82"},{"v":0.7466,"d":"74.66%"},{"v":82.5,"d":"82.50"},{"v":18232.5,"d":"18,232.50"}]
[641,9116,"二业务部","9车队","刘宇13508492564","382路",9116,9116,"湘AF1025","湘A06349D","TEG6106BEV20","LHWCJ95D7H1170978","电动",2017,"2017-11-29","10米","221度","宁德时代",221,"直流","中车时代","常规线路营运","华强",69.693709986617,"换电",{"v":288888.08,"d":"288,888.08"},{"v":0.6918,"d":"69.18%"},{"v":82.5,"d":"82.50"},{"v":18232.5,"d":"18,232.50"}]
[642,9117,"四业务部","9车队","曹辉13637473078","17路",9117,9117,"湘AF3365","湘A91658D","TEG6106BEV20","LHWCJ95D5H1170980","电动",2017,"2017-11-29","10米","221度","宁德时代",221,"直流","中车时代","常规线路营运","华强",69.9041767302079,"换电",{"v":270136.06,"d":"270,136.06"},{"v":0.6954,"d":"69.54%"},{"v":82.5,"d":"82.50"},{"v":18232.5,"d":"18,232.50"}]
[643,9118,"四业务部","10车队","王政威13017281978","213路",9118,9118,"湘AF3890","湘A09583D","TEG6106BEV20","LHWCJ95D9H1170982","电动",2017,"2017-11-29","10米","221度","宁德时代",221,"直流","中车时代","常规线路营运","华强",75.4472158306489,"换电",{"v":273052.599,"d":"273,052.60"},{"v":0.6867,"d":"68.67%"},{"v":82.5,"d":"82.50"},{"v":18232.5,"d":"18,232.50"}]
[644,9119,"四业务部","9车队","曹辉13637473078","17路",9119,9119,"湘AF0981","湘A96827D","TEG6106BEV20","LHWCJ95D0H1170983","电动",2017,"2017-11-29","10米","221度","宁德时代",221,"直流","中车时代","常规线路营运","华强",75.3499181480919,"换电",{"v":264823.4,"d":"264,823.40"},{"v":0.6444,"d":"64.44%"},{"v":82.5,"d":"82.50"},{"v":18232.5,"d":"18,232.50"}]
[645,9120,"四业务部","9车队","曹辉13637473078","405路",9120,9120,"湘AF0721","湘A95571D","TEG6106BEV20","LHWCJ95D2H1170984","电动",2017,"2017-11-29","10米","221度","宁德时代",221,"直流","中车时代","常规线路营运","华强",85.0504170446098,"换电",{"v":275281,"d":"275,281.00"},{"v":0.6541,"d":"65.41%"},{"v":82.5,"d":"82.50"},{"v":18232.5,"d":"18,232.50"}]
[646,9121,"四业务部","10车队","王政威13017281978","213路",9121,9121,"湘AF0978","湘A92598D","TEG6106BEV20","LHWCJ95D4H1170985","电动",2017,"2017-11-29","10米","221度","宁德时代",221,"直流","中车时代","常规线路营运","华强",84.8665398478174,"换电",{"v":252556.072,"d":"252,556.07"},{"v":0.64,"d":"64.00%"},{"v":82.5,"d":"82.50"},{"v":18232.5,"d":"18,232.50"}]
[647,9122,"四业务部","4车队","刘果13755037587","387路",9122,9122,"湘AF0817","湘A97655D","TEG6106BEV20","LHWCJ95D8H1170987","电动",2017,"2017-11-29","10米","221度","宁德时代",221,"直流","中车时代","常规线路营运","华强",92.5286165424751,"换电",{"v":251886.286,"d":"251,886.29"},{"v":0.7297,"d":"72.97%"},{"v":82.5,"d":"82.50"},{"v":18232.5,"d":"18,232.50"}]
[648,9123,"四业务部","1车队","黄建新13875895531","918路",9123,9123,"湘AF0782","湘A97311D","TEG6106BEV20","LHWCJ95DXH1170988","电动",2017,"2017-11-29","10米","221度","宁德时代",221,"直流","中车时代","常规线路营运","华强",82.0281185333708,"换电",{"v":303794.375,"d":"303,794.38"},{"v":0.7652,"d":"76.52%"},{"v":82.5,"d":"82.50"},{"v":18232.5,"d":"18,232.50"}]
[649,9124,"四业务部","4车队","刘果13755037587","387路",9124,9124,"湘AF0531","湘A99776D","TEG6106BEV20","LHWCJ95D1H1170989","电动",2017,"2017-11-29","10米","221度","宁德时代",221,"直流","中车时代","常规线路营运","华强",88.5875854368275,"换电",{"v":261259.016,"d":"261,259.02"},{"v":0.717,"d":"71.70%"},{"v":82.5,"d":"82.50"},{"v":18232.5,"d":"18,232.50"}]
[650,9125,"四业务部","4车队","刘果13755037587","387路",9125,9125,"湘AF0215","湘A96776D","TEG6106BEV20","LHWCJ95D8H1170990","电动",2017,"2017-11-29","10米","221度","宁德时代",221,"直流","中车时代","常规线路营运","华强",83.4389573573355,"换电",{"v":265959.664,"d":"265,959.66"},{"v":0.7543,"d":"75.43%"},{"v":82.5,"d":"82.50"},{"v":18232.5,"d":"18,232.50"}]
[651,9126,"四业务部","10车队","王政威13017281978","213路",9126,9126,"湘AF0592","湘A99779D","TEG6106BEV20","LHWCJ95D1H1170992","电动",2017,"2017-11-29","10米","221度","宁德时代",221,"直流","中车时代","常规线路营运","华强",82.5170847323721,"换电",{"v":270243.005,"d":"270,243.01"},{"v":0.7536,"d":"75.36%"},{"v":82.5,"d":"82.50"},{"v":18232.5,"d":"18,232.50"}]
[652,9127,"四业务部","4车队","刘果13755037587","387路",9127,9127,"湘AF1102","湘A08849D","TEG6106BEV20","LHWCJ95D3H1170993","电动",2017,"2017-11-29","10米","221度","宁德时代",221,"直流","中车时代","常规线路营运","华强",91.9364725459203,"换电",{"v":248696.159,"d":"248,696.16"},{"v":0.7435,"d":"74.35%"},{"v":82.5,"d":"82.50"},{"v":18232.5,"d":"18,232.50"}]
[653,9128,"四业务部","4车队","刘果13755037587","387路",9128,9128,"湘AF0702","湘A01773D","TEG6106BEV20","LHWCJ95D5H1170994","电动",2017,"2017-11-29","10米","221度","宁德时代",221,"直流","中车时代","常规线路营运","华强",85.3746272459498,"换电",{"v":250054.848,"d":"250,054.85"},{"v":0.7833,"d":"78.33%"},{"v":82.5,"d":"82.50"},{"v":18232.5,"d":"18,232.50"}]
[654,9129,"四业务部","4车队","刘果13755037587","387路",9129,9129,"湘AF0321","湘A07652D","TEG6106BEV20","LHWCJ95D9H1170996","电动",2017,"2017-11-29","10米","221度","宁德时代",221,"直流","中车时代","常规线路营运","华强",82.1126763691443,"换电",{"v":241241.652,"d":"241,241.65"},{"v":0.7477,"d":"74.77%"},{"v":82.5,"d":"82.50"},{"v":18232.5,"d":"18,232.50"}]
[655,9130,"四业务部","8车队","何晔13739094979","12路",9130,9130,"湘AF0993","湘A01365D","TEG6106BEV20","LHWCJ95D0H1170997","电动",2017,"2017-11-29","10米","221度","宁德时代",221,"直流","中车时代","常规线路营运","华强",75.2677499634021,"换电",{"v":280519.037,"d":"280,519.04"},{"v":0.6688,"d":"66.88%"},{"v":82.5,"d":"82.50"},{"v":18232.5,"d":"18,232.50"}]
[656,9131,"四业务部","4车队","刘果13755037587","387路",9131,9131,"湘AF0935","湘A93928D","TEG6106BEV20","LHWCJ95D4H1170999","电动",2017,"2017-11-29","10米","221度","宁德时代",221,"直流","中车时代","常规线路营运","华强",79.5118819757871,"换电",{"v":245882.233,"d":"245,882.23"},{"v":0.7638,"d":"76.38%"},{"v":82.5,"d":"82.50"},{"v":18232.5,"d":"18,232.50"}]
[657,9132,"四业务部","8车队","何晔13739094979","12路",9132,9132,"湘AF1316","湘A06167D","TEG6106BEV20","LHWCJ95D5H1171000","电动",2017,"2017-11-29","10米","221度","宁德时代",221,"直流","中车时代","常规线路营运","华强",80.4828795043209,"换电",{"v":287956.41,"d":"287,956.41"},{"v":0.7431,"d":"74.31%"},{"v":82.5,"d":"82.50"},{"v":18232.5,"d":"18,232.50"}]
[658,9133,"四业务部","4车队","刘果13755037587","366路",9133,9133,"湘AF0906","湘A90002D","TEG6106BEV20","LHWCJ95D7H1171001","电动",2017,"2017-11-29","10米","221度","宁德时代",221,"直流","中车时代","常规线路营运","华强",92.0802312087508,"换电",{"v":253263.407,"d":"253,263.41"},{"v":0.6729,"d":"67.29%"},{"v":82.5,"d":"82.50"},{"v":18232.5,"d":"18,232.50"}]
[659,9134,"四业务部","5车队","刘忠民13874908456","317路",9134,9134,"湘AF0612","湘A90073D","TEG6106BEV20","LHWCJ95D9H1171002","电动",2017,"2017-11-29","10米","221度","宁德时代",221,"直流","中车时代","常规线路营运","华强",72.6473763164813,"换电",{"v":285514.234,"d":"285,514.23"},{"v":0.7515,"d":"75.15%"},{"v":82.5,"d":"82.50"},{"v":18232.5,"d":"18,232.50"}]
[660,9135,"四业务部","10车队","王政威13017281978","213路",9135,9135,"湘AF0936","湘A93513D","TEG6106BEV20","LHWCJ95D0H1171003","电动",2017,"2017-11-29","10米","221度","宁德时代",221,"直流","中车时代","常规线路营运","华强",74.7144831823069,"换电",{"v":265974.242,"d":"265,974.24"},{"v":0.7026,"d":"70.26%"},{"v":82.5,"d":"82.50"},{"v":18232.5,"d":"18,232.50"}]
[661,9136,"四业务部","4车队","刘果13755037587","367路",9136,9136,"湘AF0927","湘A08723D","TEG6106BEV20","LHWCJ95D4H1171005","电动",2017,"2017-11-29","10米","221度","宁德时代",221,"直流","中车时代","常规线路营运","华强",77.5525376367517,"换电",{"v":281089.69,"d":"281,089.69"},{"v":0.7405,"d":"74.05%"},{"v":82.5,"d":"82.50"},{"v":18232.5,"d":"18,232.50"}]
[662,9137,"五业务部","4车队","黄学13787078668","311路",9137,9137,"湘AF0202","湘A99629D","TEG6106BEV20","LHWCJ95D6H1171006","电动",2017,"2017-11-29","10米","221度","宁德时代",221,"直流","中车时代","常规线路营运","华强",82.410115430206,"换电",{"v":276085.71,"d":"276,085.71"},{"v":0.6642,"d":"66.42%"},{"v":82.5,"d":"82.50"},{"v":18232.5,"d":"18,232.50"}]
[663,9138,"四业务部","4车队","刘果13755037587","367路",9138,9138,"湘AF0810","湘A03151D","TEG6106BEV20","LHWCJ95D8H1171007","电动",2017,"2017-11-29","10米","221度","宁德时代",221,"直流","中车时代","常规线路营运","华强",78.3518238750397,"换电",{"v":289336.469,"d":"289,336.47"},{"v":0.7963,"d":"79.63%"},{"v":82.5,"d":"82.50"},{"v":18232.5,"d":"18,232.50"}]
[664,9139,"五业务部","7车队","张泽17607317210（主持工作）","803路",9139,9139,"湘AF0959","湘A97683D","TEG6106BEV20","LHWCJ95D8H1171010","电动",2017,"2017-11-29","10米","221度","宁德时代",221,"直流","中车时代","常规线路营运","华强",77.2292444426263,"换电",{"v":313751.102,"d":"313,751.10"},{"v":0.7027,"d":"70.27%"},{"v":82.5,"d":"82.50"},{"v":18232.5,"d":"18,232.50"}]
[665,9140,"五业务部","7车队","张泽17607317210（主持工作）","803路",9140,9140,"湘AF0772","湘A06823D","TEG6106BEV20","LHWCJ95DXH1171011","电动",2017,"2017-11-29","10米","221度","宁德时代",221,"直流","中车时代","常规线路营运","华强",78.1866896169643,"换电",{"v":319810.705,"d":"319,810.71"},{"v":0.7082,"d":"70.82%"},{"v":82.5,"d":"82.50"},{"v":18232.5,"d":"18,232.50"}]
[666,9141,"五业务部","9车队","彭景13787029829","287路",9141,9141,"湘AF0171","湘A97892D","TEG6106BEV20","LHWCJ95D1H1171012","电动",2017,"2017-11-29","10米","221度","宁德时代",221,"直流","中车时代","常规线路营运","华强",85.0055682905791,"换电",{"v":311245.812,"d":"311,245.81"},{"v":0.7667,"d":"76.67%"},{"v":82.5,"d":"82.50"},{"v":18232.5,"d":"18,232.50"}]
[667,9142,"五业务部","4车队","黄学13787078668","311路",9142,9142,"湘AF0751","湘A93351D","TEG6106BEV20","LHWCJ95D5H1171014","电动",2017,"2017-11-29","10米","221度","宁德时代",221,"直流","中车时代","常规线路营运","华强",74.9706446809168,"换电",{"v":299189.929,"d":"299,189.93"},{"v":0.6501,"d":"65.01%"},{"v":82.5,"d":"82.50"},{"v":18232.5,"d":"18,232.50"}]
[668,9143,"五业务部","5车队","刘向科13507497484（主持工作）","118路",9143,9143,"湘AF0926","湘A93718D","TEG6106BEV20","LHWCJ95D7H1171015","电动",2017,"2017-11-29","10米","221度","宁德时代",221,"直流","中车时代","常规线路营运","华强",85.7156709161865,"换电",{"v":285682.101,"d":"285,682.10"},{"v":0.7104,"d":"71.04%"},{"v":82.5,"d":"82.50"},{"v":18232.5,"d":"18,232.50"}]
[669,9144,"五业务部","5车队","刘向科13507497484（主持工作）","118路",9144,9144,"湘AF0192","湘A95350D","TEG6106BEV20","LHWCJ95D0H1171017","电动",2017,"2017-11-29","10米","221度","宁德时代",221,"直流","中车时代","常规线路营运","华强",87.1785338747745,"换电",{"v":297609.347,"d":"297,609.35"},{"v":0.6207,"d":"62.07%"},{"v":82.5,"d":"82.50"},{"v":18232.5,"d":"18,232.50"}]
[670,9145,"五业务部","5车队","刘向科13507497484（主持工作）","118路",9145,9145,"湘AF0635","湘A03381D","TEG6106BEV20","LHWCJ95D2H1171018","电动",2017,"2017-11-29","10米","221度","宁德时代",221,"直流","中车时代","常规线路营运","华强",83.8352160602473,"换电",{"v":284944.685,"d":"284,944.69"},{"v":0.7338,"d":"73.38%"},{"v":82.5,"d":"82.50"},{"v":18232.5,"d":"18,232.50"}]
[671,9146,"五业务部","4车队","黄学13787078668","311路",9146,9146,"湘AF0988","湘A09653D","TEG6106BEV20","LHWCJ95D0H1171020","电动",2017,"2017-11-29","10米","221度","宁德时代",221,"直流","中车时代","常规线路营运","华强",76.0809156856874,"换电",{"v":290702.06,"d":"290,702.06"},{"v":0.7308,"d":"73.08%"},{"v":82.5,"d":"82.50"},{"v":18232.5,"d":"18,232.50"}]
[672,9147,"五业务部","4车队","黄学13787078668","311路",9147,9147,"湘AF0392","湘A04900D","TEG6106BEV20","LHWCJ95D4H1171022","电动",2017,"2017-11-29","10米","221度","宁德时代",221,"直流","中车时代","常规线路营运","华强",78.7539395301105,"换电",{"v":301259.08,"d":"301,259.08"},{"v":0.7179,"d":"71.79%"},{"v":82.5,"d":"82.50"},{"v":18232.5,"d":"18,232.50"}]
[673,9148,"五业务部","4车队","黄学13787078668","311路",9148,9148,"湘AF0762","湘A04966D","TEG6106BEV20","LHWCJ95D6H1171023","电动",2017,"2017-11-29","10米","221度","宁德时代",221,"直流","中车时代","常规线路营运","华强",80.5842597265087,"换电",{"v":290836.146,"d":"290,836.15"},{"v":0.6852,"d":"68.52%"},{"v":82.5,"d":"82.50"},{"v":18232.5,"d":"18,232.50"}]
[674,9149,"五业务部","4车队","黄学13787078668","311路",9149,9149,"湘AF0720","湘A01653D","TEG6106BEV20","LHWCJ95D8H1171038","电动",2017,"2017-11-29","10米","221度","宁德时代",221,"直流","中车时代","常规线路营运","华强",85.3989110942671,"换电",{"v":286849.776,"d":"286,849.78"},{"v":0.8285,"d":"82.85%"},{"v":82.5,"d":"82.50"},{"v":18232.5,"d":"18,232.50"}]
[675,9150,"五业务部","4车队","黄学13787078668","311路",9150,9150,"湘AF0980","湘A99887D","TEG6106BEV20","LHWCJ95D8H1171041","电动",2017,"2017-11-29","10米","221度","宁德时代",221,"直流","中车时代","常规线路营运","华强",72.5594822615399,"换电",{"v":298732.579,"d":"298,732.58"},{"v":0.8345,"d":"83.45%"},{"v":82.5,"d":"82.50"},{"v":18232.5,"d":"18,232.50"}]
[676,9151,"五业务部","4车队","黄学13787078668","311路",9151,9151,"湘AF0632","湘A90566D","TEG6106BEV20","LHWCJ95DXH1171042","电动",2017,"2017-11-29","10米","221度","宁德时代",221,"直流","中车时代","常规线路营运","华强",84.7988484926802,"换电",{"v":289330.845,"d":"289,330.85"},{"v":0.8374,"d":"83.74%"},{"v":82.5,"d":"82.50"},{"v":18232.5,"d":"18,232.50"}]
[677,9152,"五业务部","4车队","黄学13787078668","311路",9152,9152,"湘AF0137","湘A98628D","TEG6106BEV20","LHWCJ95D1H1171043","电动",2017,"2017-11-29","10米","221度","宁德时代",221,"直流","中车时代","常规线路营运","华强",84.0117746323265,"换电",{"v":289695.96,"d":"289,695.96"},{"v":0.7728,"d":"77.28%"},{"v":82.5,"d":"82.50"},{"v":18232.5,"d":"18,232.50"}]
[678,9153,"五业务部","4车队","黄学13787078668","311路",9153,9153,"湘AF0570","湘A95157D","TEG6106BEV20","LHWCJ95D3H1171044","电动",2017,"2017-11-29","10米","221度","宁德时代",221,"直流","中车时代","常规线路营运","华强",77.9727716958753,"换电",{"v":296679.82,"d":"296,679.82"},{"v":0.7976,"d":"79.76%"},{"v":82.5,"d":"82.50"},{"v":18232.5,"d":"18,232.50"}]
[679,9154,"五业务部","4车队","黄学13787078668","311路",9154,9154,"湘AF0760","湘A95220D","TEG6106BEV20","LHWCJ95D5H1171045","电动",2017,"2017-11-29","10米","221度","宁德时代",221,"直流","中车时代","常规线路营运","华强",76.6411219695603,"换电",{"v":280134.26,"d":"280,134.26"},{"v":0.8373,"d":"83.73%"},{"v":82.5,"d":"82.50"},{"v":18232.5,"d":"18,232.50"}]
[680,9155,"五业务部","7车队","张泽17607317210（主持工作）","122路",9155,9155,"湘AF0937","湘A05193D","TEG6106BEV20","LHWCJ95D7H1171046","电动",2017,"2017-11-29","10米","221度","宁德时代",221,"直流","中车时代","常规线路营运","华强",84.245671807416,"换电",{"v":277774.151,"d":"277,774.15"},{"v":0.7554,"d":"75.54%"},{"v":82.5,"d":"82.50"},{"v":18232.5,"d":"18,232.50"}]
[681,9156,"五业务部","7车队","张泽17607317210（主持工作）","122路",9156,9156,"湘AF0302","湘A92506D","TEG6106BEV20","LHWCJ95D9H1171047","电动",2017,"2017-11-29","10米","221度","宁德时代",221,"直流","中车时代","常规线路营运","华强",87.021348055957,"换电",{"v":267847.54,"d":"267,847.54"},{"v":0.6991,"d":"69.91%"},{"v":82.5,"d":"82.50"},{"v":18232.5,"d":"18,232.50"}]
[682,9157,"五业务部","7车队","张泽17607317210（主持工作）","122路",9157,9157,"湘AF0510","湘A05759D","TEG6106BEV20","LHWCJ95D0H1171048","电动",2017,"2017-11-29","10米","221度","宁德时代",221,"直流","中车时代","常规线路营运","华强",89.9693435956735,"换电",{"v":269213.603,"d":"269,213.60"},{"v":0.8014,"d":"80.14%"},{"v":82.5,"d":"82.50"},{"v":18232.5,"d":"18,232.50"}]
[683,9158,"五业务部","7车队","张泽17607317210（主持工作）","122路",9158,9158,"湘AF0917","湘A98006D","TEG6106BEV20","LHWCJ95D2H1171049","电动",2017,"2017-11-29","10米","221度","宁德时代",221,"直流","中车时代","常规线路营运","华强",89.514582104199,"换电",{"v":280777.07,"d":"280,777.07"},{"v":0.7595,"d":"75.95%"},{"v":82.5,"d":"82.50"},{"v":18232.5,"d":"18,232.50"}]
[684,9159,"五业务部","7车队","张泽17607317210（主持工作）","122路",9159,9159,"湘AF0615","湘A97907D","TEG6106BEV20","LHWCJ95D9H1171050","电动",2017,"2017-11-29","10米","221度","宁德时代",221,"直流","中车时代","常规线路营运","华强",88.9622208437391,"换电",{"v":279393.519,"d":"279,393.52"},{"v":0.8296,"d":"82.96%"},{"v":82.5,"d":"82.50"},{"v":18232.5,"d":"18,232.50"}]
[685,9160,"四业务部","8车队","何晔13739094979","69路",9160,9160,"湘AF0750","湘A91329D","TEG6106BEV20","LHWCJ95D0H1171051","电动",2017,"2017-11-29","10米","221度","宁德时代",221,"直流","中车时代","常规线路营运","华强",89.9701639497328,"换电",{"v":304479.553,"d":"304,479.55"},{"v":0.7436,"d":"74.36%"},{"v":82.5,"d":"82.50"},{"v":18232.5,"d":"18,232.50"}]
[686,9161,"四业务部","3车队","赵青西13787063198","357路",9161,9161,"湘AF0175","湘A04744D","TEG6106BEV20","LHWCJ95D6H1171054","电动",2017,"2017-11-29","10米","221度","宁德时代",221,"直流","中车时代","常规线路营运","华强",80.8327754639748,"换电",{"v":300169.697,"d":"300,169.70"},{"v":0.8117,"d":"81.17%"},{"v":82.5,"d":"82.50"},{"v":18232.5,"d":"18,232.50"}]
[687,9162,"四业务部","3车队","赵青西13787063198","357路",9162,9162,"湘AF3262","湘A07941D","TEG6106BEV20","LHWCJ95D8H1171055","电动",2017,"2017-11-29","10米","221度","宁德时代",221,"直流","中车时代","常规线路营运","华强",76.2987762207538,"换电",{"v":295665.45,"d":"295,665.45"},{"v":0.7325,"d":"73.25%"},{"v":82.5,"d":"82.50"},{"v":18232.5,"d":"18,232.50"}]
[688,9163,"四业务部","3车队","赵青西13787063198","357路",9163,9163,"湘AF0918","湘A05313D","TEG6106BEV20","LHWCJ95D1H1171060","电动",2017,"2017-11-29","10米","221度","宁德时代",221,"直流","中车时代","常规线路营运","华强",83.8882861410823,"换电",{"v":287715.878,"d":"287,715.88"},{"v":0.6967,"d":"69.67%"},{"v":82.5,"d":"82.50"},{"v":18232.5,"d":"18,232.50"}]
[689,9164,"四业务部","3车队","赵青西13787063198","357路",9164,9164,"湘AF0372","湘A07513D","TEG6106BEV20","LHWCJ95D3H1171061","电动",2017,"2017-11-29","10米","221度","宁德时代",221,"直流","中车时代","常规线路营运","华强",76.2428591295538,"换电",{"v":291364.024,"d":"291,364.02"},{"v":0.6582,"d":"65.82%"},{"v":82.5,"d":"82.50"},{"v":18232.5,"d":"18,232.50"}]
[690,9165,"四业务部","3车队","赵青西13787063198","357路",9165,9165,"湘AF0968","湘A05237D","TEG6106BEV20","LHWCJ95D7H1171063","电动",2017,"2017-11-29","10米","221度","宁德时代",221,"直流","中车时代","常规线路营运","华强",86.2914006182183,"换电",{"v":271223.241,"d":"271,223.24"},{"v":0.7095,"d":"70.95%"},{"v":82.5,"d":"82.50"},{"v":18232.5,"d":"18,232.50"}]
[691,9166,"四业务部","3车队","赵青西13787063198","357路",9166,9166,"湘AF0986","湘A90125D","TEG6106BEV20","LHWCJ95D9H1171064","电动",2017,"2017-11-29","10米","221度","宁德时代",221,"直流","中车时代","常规线路营运","华强",90.245054850374,"换电",{"v":261366.565,"d":"261,366.57"},{"v":0.6307,"d":"63.07%"},{"v":82.5,"d":"82.50"},{"v":18232.5,"d":"18,232.50"}]
[692,9167,"四业务部","3车队","赵青西13787063198","357路",9167,9167,"湘AF0195","湘A95027D","TEG6106BEV20","LHWCJ95D2H1171066","电动",2017,"2017-11-29","10米","221度","宁德时代",221,"直流","中车时代","常规线路营运","华强",84.9151056931739,"换电",{"v":289580.468,"d":"289,580.47"},{"v":0.7133,"d":"71.33%"},{"v":82.5,"d":"82.50"},{"v":18232.5,"d":"18,232.50"}]
[693,9168,"四业务部","3车队","赵青西13787063198","357路",9168,9168,"湘AF0697","湘A96207D","TEG6106BEV20","LHWCJ95D4H1171067","电动",2017,"2017-11-29","10米","221度","宁德时代",221,"直流","中车时代","常规线路营运","华强",82.9132268619975,"换电",{"v":291760.586,"d":"291,760.59"},{"v":0.6729,"d":"67.29%"},{"v":82.5,"d":"82.50"},{"v":18232.5,"d":"18,232.50"}]
[694,9169,"四业务部","3车队","赵青西13787063198","357路",9169,9169,"湘AF0830","湘A01035D","TEG6106BEV20","LHWCJ95D4H1171070","电动",2017,"2017-11-29","10米","221度","宁德时代",221,"直流","中车时代","常规线路营运","华强",86.006394544287,"换电",{"v":284799.126,"d":"284,799.13"},{"v":0.8354,"d":"83.54%"},{"v":82.5,"d":"82.50"},{"v":18232.5,"d":"18,232.50"}]
[695,9170,"五业务部","2车队","钟声峰18874705317","908路",9170,9170,"湘AF0901","湘A95973D","TEG6106BEV20","LHWCJ95D6H1171071","电动",2017,"2017-11-29","10米","221度","宁德时代",221,"直流","中车时代","常规线路营运","华强",64.719758510168,"换电",{"v":328679.38,"d":"328,679.38"},{"v":0.706,"d":"70.60%"},{"v":82.5,"d":"82.50"},{"v":18232.5,"d":"18,232.50"}]
[696,9171,"三业务部","3车队","丁广新15367802570","365路",9171,9171,"湘AF0172","湘A96136D","TEG6106BEV20","LHWCJ95DXH1171073","电动",2017,"2017-11-29","10米","221度","宁德时代",221,"直流","中车时代","常规线路营运","华强",79.8798749347574,"换电",{"v":360137.314,"d":"360,137.31"},{"v":0.6307,"d":"63.07%"},{"v":82.5,"d":"82.50"},{"v":18232.5,"d":"18,232.50"}]
[697,9172,"五业务部","2车队","钟声峰18874705317","908路",9172,9172,"湘AF0191","湘A05954D","TEG6106BEV20","LHWCJ95D1H1171074","电动",2017,"2017-11-29","10米","221度","宁德时代",221,"直流","中车时代","常规线路营运","华强",75.7096358062613,"换电",{"v":336014.529,"d":"336,014.53"},{"v":0.6855,"d":"68.55%"},{"v":82.5,"d":"82.50"},{"v":18232.5,"d":"18,232.50"}]
[698,9173,"五业务部","2车队","钟声峰18874705317","908路",9173,9173,"湘AF0657","湘A04048D","TEG6106BEV20","LHWCJ95D3H1171075","电动",2017,"2017-11-29","10米","221度","宁德时代",221,"直流","中车时代","常规线路营运","华强",74.460078327215,"换电",{"v":339221.767,"d":"339,221.77"},{"v":0.849,"d":"84.90%"},{"v":82.5,"d":"82.50"},{"v":18232.5,"d":"18,232.50"}]
[699,9174,"五业务部","8车队","傅志龙18108418317（主持工作）","226路",9174,9174,"湘AF0983","湘A97868D","TEG6106BEV20","LHWCJ95D5H1171076","电动",2017,"2017-11-29","10米","221度","宁德时代",221,"直流","中车时代","常规线路营运","华强",83.2597325894986,"换电",{"v":327065.66,"d":"327,065.66"},{"v":0.8361,"d":"83.61%"},{"v":82.5,"d":"82.50"},{"v":18232.5,"d":"18,232.50"}]
[700,9175,"五业务部","2车队","钟声峰18874705317","908路",9175,9175,"湘AF0998","湘A92000D","TEG6106BEV20","LHWCJ95D7H1171077","电动",2017,"2017-11-29","10米","221度","宁德时代",221,"直流","中车时代","常规线路营运","华强",80.7886153882514,"换电",{"v":316162.483,"d":"316,162.48"},{"v":0.7172,"d":"71.72%"},{"v":82.5,"d":"82.50"},{"v":18232.5,"d":"18,232.50"}]
[701,9176,"五业务部","2车队","钟声峰18874705317","908路",9176,9176,"湘AF0956","湘A93039D","TEG6106BEV20","LHWCJ95D7H1171080","电动",2017,"2017-11-29","10米","221度","宁德时代",221,"直流","中车时代","常规线路营运","华强",79.7740537949597,"换电",{"v":338202.835,"d":"338,202.84"},{"v":0.739,"d":"73.90%"},{"v":82.5,"d":"82.50"},{"v":18232.5,"d":"18,232.50"}]
[702,9177,"五业务部","3车队","朱志勇13975173864","909路",9177,9177,"湘AF0170","湘A98901D","TEG6106BEV20","LHWCJ95D4H1171084","电动",2017,"2017-11-29","10米","221度","宁德时代",221,"直流","中车时代","常规线路营运","华强",71.251968752351,"换电",{"v":327214.089,"d":"327,214.09"},{"v":0.7126,"d":"71.26%"},{"v":82.5,"d":"82.50"},{"v":18232.5,"d":"18,232.50"}]
[703,9178,"五业务部","2车队","钟声峰18874705317","908路",9178,9178,"湘AF3332","湘A91633D","TEG6106BEV20","LHWCJ95D8H1171086","电动",2017,"2017-11-29","10米","221度","宁德时代",221,"直流","中车时代","常规线路营运","华强",73.4262376484457,"换电",{"v":325585.644,"d":"325,585.64"},{"v":0.6888,"d":"68.88%"},{"v":82.5,"d":"82.50"},{"v":18232.5,"d":"18,232.50"}]
[704,9179,"五业务部","9车队","彭景13787029829","705路",9179,9179,"湘AF0792","湘A09974D","TEG6106BEV20","LHWCJ95D3H1171089","电动",2017,"2017-11-29","10米","221度","宁德时代",221,"直流","中车时代","常规线路营运","华强",79.6187000531666,"换电",{"v":305372.03,"d":"305,372.03"},{"v":0.7588,"d":"75.88%"},{"v":82.5,"d":"82.50"},{"v":18232.5,"d":"18,232.50"}]
[705,9180,"五业务部","9车队","彭景13787029829","705路",9180,9180,"湘AF0995","湘A07593D","TEG6106BEV20","LHWCJ95D1H1171091","电动",2017,"2017-11-29","10米","221度","宁德时代",221,"直流","中车时代","常规线路营运","华强",89.631653381332,"换电",{"v":295270.769,"d":"295,270.77"},{"v":0.842,"d":"84.20%"},{"v":82.5,"d":"82.50"},{"v":18232.5,"d":"18,232.50"}]
[706,9181,"五业务部","2车队","钟声峰18874705317","908路",9181,9181,"湘AF1137","湘A95515D","TEG6106BEV20","LHWCJ95D3H1171092","电动",2017,"2017-11-29","10米","221度","宁德时代",221,"直流","中车时代","常规线路营运","华强",69.1980598648805,"换电",{"v":322179.672,"d":"322,179.67"},{"v":0.8513,"d":"85.13%"},{"v":82.5,"d":"82.50"},{"v":18232.5,"d":"18,232.50"}]
[707,9182,"五业务部","2车队","钟声峰18874705317","377路",9182,9182,"湘AF3116","湘A00573D","TEG6106BEV20","LHWCJ95D5H1171093","电动",2017,"2017-11-29","10米","221度","宁德时代",221,"直流","中车时代","常规线路营运","华强",71.1248362879043,"换电",{"v":307679.035,"d":"307,679.04"},{"v":0.7543,"d":"75.43%"},{"v":82.5,"d":"82.50"},{"v":18232.5,"d":"18,232.50"}]
[708,9183,"五业务部","2车队","钟声峰18874705317","377路",9183,9183,"湘AF0752","湘A07273D","TEG6106BEV20","LHWCJ95D9H1171095","电动",2017,"2017-11-29","10米","221度","宁德时代",221,"直流","中车时代","常规线路营运","华强",71.1586895061208,"换电",{"v":321616.016,"d":"321,616.02"},{"v":0.7188,"d":"71.88%"},{"v":82.5,"d":"82.50"},{"v":18232.5,"d":"18,232.50"}]
[709,9184,"五业务部","2车队","钟声峰18874705317","377路",9184,9184,"湘AF0957","湘A92923D","TEG6106BEV20","LHWCJ95D0H1171096","电动",2017,"2017-11-29","10米","221度","宁德时代",221,"直流","中车时代","常规线路营运","华强",65.5727693640229,"换电",{"v":320081.317,"d":"320,081.32"},{"v":0.8289,"d":"82.89%"},{"v":82.5,"d":"82.50"},{"v":18232.5,"d":"18,232.50"}]
[710,9185,"五业务部","2车队","钟声峰18874705317","377路",9185,9185,"湘AF0517","湘A02049D","TEG6106BEV20","LHWCJ95D2H1171097","电动",2017,"2017-11-29","10米","221度","宁德时代",221,"直流","中车时代","常规线路营运","华强",68.6875457071284,"换电",{"v":313927.42,"d":"313,927.42"},{"v":0.6432,"d":"64.32%"},{"v":82.5,"d":"82.50"},{"v":18232.5,"d":"18,232.50"}]
[711,9186,"五业务部","2车队","钟声峰18874705317","377路",9186,9186,"湘AF3119","湘A06563D","TEG6106BEV20","LHWCJ95D4H1171098","电动",2017,"2017-11-29","10米","221度","宁德时代",221,"直流","中车时代","常规线路营运","华强",67.4404126195164,"换电",{"v":317243.38,"d":"317,243.38"},{"v":0.7109,"d":"71.09%"},{"v":82.5,"d":"82.50"},{"v":18232.5,"d":"18,232.50"}]
[712,9187,"五业务部","2车队","钟声峰18874705317","377路",9187,9187,"湘AF0522","湘A03363D","TEG6106BEV20","LHWCJ95D6H1171099","电动",2017,"2017-11-29","10米","221度","宁德时代",221,"直流","中车时代","常规线路营运","华强",71.2830693924133,"换电",{"v":325047.814,"d":"325,047.81"},{"v":0.852,"d":"85.20%"},{"v":82.5,"d":"82.50"},{"v":18232.5,"d":"18,232.50"}]
[713,9188,"四业务部","1车队","黄建新13875895531","903路",9188,9188,"湘AF0929","湘A96133D","TEG6106BEV20","LHWCJ95D0H1171101","电动",2017,"2017-11-29","10米","221度","宁德时代",221,"直流","中车时代","常规线路营运","华强",79.8186252776118,"换电",{"v":304407.9,"d":"304,407.90"},{"v":0.7322,"d":"73.22%"},{"v":82.5,"d":"82.50"},{"v":18232.5,"d":"18,232.50"}]
[714,9189,"四业务部","1车队","黄建新13875895531","903路",9189,9189,"湘AF0637","湘A09485D","TEG6106BEV20","LHWCJ95D2H1171102","电动",2017,"2017-11-29","10米","221度","宁德时代",221,"直流","中车时代","常规线路营运","华强",79.1337305514378,"换电",{"v":293496.42,"d":"293,496.42"},{"v":0.8482,"d":"84.82%"},{"v":82.5,"d":"82.50"},{"v":18232.5,"d":"18,232.50"}]
[715,9190,"四业务部","1车队","黄建新13875895531","903路",9190,9190,"湘AF0383","湘A92969D","TEG6106BEV20","LHWCJ95D4H1171103","电动",2017,"2017-11-29","10米","221度","宁德时代",221,"直流","中车时代","常规线路营运","华强",78.6403856398529,"换电",{"v":287224.83,"d":"287,224.83"},{"v":0.7699,"d":"76.99%"},{"v":82.5,"d":"82.50"},{"v":18232.5,"d":"18,232.50"}]
[716,9191,"四业务部","2车队","邹倜18229925148","402路",9191,9191,"湘AF0908","湘A93653D","TEG6106BEV20","LHWCJ95D8H1171105","电动",2017,"2017-11-29","10米","221度","宁德时代",221,"直流","中车时代","常规线路营运","华强",85.1971595035123,"换电",{"v":282395.52,"d":"282,395.52"},{"v":0.6766,"d":"67.66%"},{"v":82.5,"d":"82.50"},{"v":18232.5,"d":"18,232.50"}]
[717,9192,"四业务部","5车队","刘忠民13874908456","201路",9192,9192,"湘AF0825","湘A97955D","TEG6106BEV20","LHWCJ95DXH1171106","电动",2017,"2017-11-29","10米","221度","宁德时代",221,"直流","中车时代","常规线路营运","华强",81.8764492645076,"换电",{"v":303878.28,"d":"303,878.28"},{"v":0.6915,"d":"69.15%"},{"v":82.5,"d":"82.50"},{"v":18232.5,"d":"18,232.50"}]
[718,9193,"四业务部","5车队","刘忠民13874908456","317路",9193,9193,"湘AF3870","湘A98218D","TEG6106BEV20","LHWCJ95D3H1171108","电动",2017,"2017-11-29","10米","221度","宁德时代",221,"直流","中车时代","常规线路营运","华强",75.1654368382133,"换电",{"v":305702.966,"d":"305,702.97"},{"v":0.8625,"d":"86.25%"},{"v":82.5,"d":"82.50"},{"v":18232.5,"d":"18,232.50"}]
[719,9194,"四业务部","2车队","邹倜18229925148","402路",9194,9194,"湘AF0939","湘A04201D","TEG6106BEV20","LHWCJ95D3H1171111","电动",2017,"2017-11-29","10米","221度","宁德时代",221,"直流","中车时代","常规线路营运","华强",83.2339073575685,"换电",{"v":276403.096,"d":"276,403.10"},{"v":0.694,"d":"69.40%"},{"v":82.5,"d":"82.50"},{"v":18232.5,"d":"18,232.50"}]
[720,9195,"四业务部","2车队","邹倜18229925148","402路",9195,9195,"湘AF0176","湘A99727D","TEG6106BEV20","LHWCJ95D5H1171112","电动",2017,"2017-11-29","10米","221度","宁德时代",221,"直流","中车时代","常规线路营运","华强",83.3405000808113,"换电",{"v":275823.033,"d":"275,823.03"},{"v":0.6075,"d":"60.75%"},{"v":82.5,"d":"82.50"},{"v":18232.5,"d":"18,232.50"}]
[721,9196,"四业务部","2车队","邹倜18229925148","402路",9196,9196,"湘AF0370","湘A93109D","TEG6106BEV20","LHWCJ95D7H1171113","电动",2017,"2017-11-29","10米","221度","宁德时代",221,"直流","中车时代","常规线路营运","华强",89.9958107403133,"换电",{"v":269146.193,"d":"269,146.19"},{"v":0.7235,"d":"72.35%"},{"v":82.5,"d":"82.50"},{"v":18232.5,"d":"18,232.50"}]
[722,9197,"二业务部","9车队","刘宇13508492564","409路",9197,9197,"湘AF0962","湘A00294D","TEG6106BEV20","LHWCJ95D9H1171114","电动",2017,"2017-11-29","10米","221度","宁德时代",221,"直流","中车时代","常规线路营运","华强",74.3396027724238,"换电",{"v":305652.96,"d":"305,652.96"},{"v":0.671,"d":"67.10%"},{"v":82.5,"d":"82.50"},{"v":18232.5,"d":"18,232.50"}]
[723,9198,"四业务部","2车队","邹倜18229925148","402路",9198,9198,"湘AF0905","湘A90993D","TEG6106BEV20","LHWCJ95D0H1171115","电动",2017,"2017-11-29","10米","221度","宁德时代",221,"直流","中车时代","常规线路营运","华强",80.9018557277714,"换电",{"v":256135.951,"d":"256,135.95"},{"v":0.6138,"d":"61.38%"},{"v":82.5,"d":"82.50"},{"v":18232.5,"d":"18,232.50"}]
[724,9199,"四业务部","2车队","邹倜18229925148","402路",9199,9199,"湘AF0620","湘A04170D","TEG6106BEV20","LHWCJ95D2H1171116","电动",2017,"2017-11-29","10米","221度","宁德时代",221,"直流","中车时代","常规线路营运","华强",89.8474857866529,"换电",{"v":250692.398,"d":"250,692.40"},{"v":0.7863,"d":"78.63%"},{"v":82.5,"d":"82.50"},{"v":18232.5,"d":"18,232.50"}]
[725,9200,"四业务部","2车队","邹倜18229925148","402路",9200,9200,"湘AF0571","湘A90177D","TEG6106BEV20","LHWCJ95D6H1171118","电动",2017,"2017-11-29","10米","221度","宁德时代",221,"直流","中车时代","常规线路营运","华强",85.5537245373018,"换电",{"v":257160.495,"d":"257,160.50"},{"v":0.6918,"d":"69.18%"},{"v":82.5,"d":"82.50"},{"v":18232.5,"d":"18,232.50"}]
[726,9201,"四业务部","2车队","邹倜18229925148","402路",9201,9201,"湘AF3835","湘A95788D","TEG6106BEV20","LHWCJ95D8H1171119","电动",2017,"2017-11-29","10米","221度","宁德时代",221,"直流","中车时代","常规线路营运","华强",82.1261397315614,"换电",{"v":256621.548,"d":"256,621.55"},{"v":0.8427,"d":"84.27%"},{"v":82.5,"d":"82.50"},{"v":18232.5,"d":"18,232.50"}]
[727,9202,"四业务部","2车队","邹倜18229925148","402路",9202,9202,"湘AF0902","湘A05053D","TEG6106BEV20","LHWCJ95D4H1171120","电动",2017,"2017-11-29","10米","221度","宁德时代",221,"直流","中车时代","常规线路营运","华强",79.7977517570061,"换电",{"v":267578.16,"d":"267,578.16"},{"v":0.7773,"d":"77.73%"},{"v":82.5,"d":"82.50"},{"v":18232.5,"d":"18,232.50"}]
[728,9203,"四业务部","4车队","刘果13755037587","367路",9203,9203,"湘AF0310","湘A97766D","TEG6106BEV20","LHWCJ95D6H1171121","电动",2017,"2017-11-29","10米","221度","宁德时代",221,"直流","中车时代","常规线路营运","华强",81.8199681273173,"换电",{"v":309802.773,"d":"309,802.77"},{"v":0.6608,"d":"66.08%"},{"v":82.5,"d":"82.50"},{"v":18232.5,"d":"18,232.50"}]
[729,9204,"四业务部","4车队","刘果13755037587","367路",9204,9204,"湘AF3872","湘A97206D","TEG6106BEV20","LHWCJ95D8H1171122","电动",2017,"2017-11-29","10米","221度","宁德时代",221,"直流","中车时代","常规线路营运","华强",91.2573737053337,"换电",{"v":263475.212,"d":"263,475.21"},{"v":0.7104,"d":"71.04%"},{"v":82.5,"d":"82.50"},{"v":18232.5,"d":"18,232.50"}]
[730,9205,"四业务部","4车队","刘果13755037587","367路",9205,9205,"湘AF3229","湘A98972D","TEG6106BEV20","LHWCJ95DXH1171123","电动",2017,"2017-11-29","10米","221度","宁德时代",221,"直流","中车时代","常规线路营运","华强",82.5404580008544,"换电",{"v":314495.328,"d":"314,495.33"},{"v":0.6251,"d":"62.51%"},{"v":82.5,"d":"82.50"},{"v":18232.5,"d":"18,232.50"}]
[731,9206,"四业务部","4车队","刘果13755037587","367路",9206,9206,"湘AF3333","湘A01309D","TEG6106BEV20","LHWCJ95D1H1171124","电动",2017,"2017-11-29","10米","221度","宁德时代",221,"直流","中车时代","常规线路营运","华强",78.8343725283517,"换电",{"v":320056.37,"d":"320,056.37"},{"v":0.6845,"d":"68.45%"},{"v":82.5,"d":"82.50"},{"v":18232.5,"d":"18,232.50"}]
[732,9207,"四业务部","4车队","刘果13755037587","367路",9207,9207,"湘AF0966","湘A92035D","TEG6106BEV20","LHWCJ95D3H1171125","电动",2017,"2017-11-29","10米","221度","宁德时代",221,"直流","中车时代","常规线路营运","华强",81.1219064191802,"换电",{"v":318637.84,"d":"318,637.84"},{"v":0.6458,"d":"64.58%"},{"v":82.5,"d":"82.50"},{"v":18232.5,"d":"18,232.50"}]
[733,9208,"四业务部","4车队","刘果13755037587","367路",9208,9208,"湘AF0561","湘A92558D","TEG6106BEV20","LHWCJ95D7H1171127","电动",2017,"2017-11-29","10米","221度","宁德时代",221,"直流","中车时代","常规线路营运","华强",77.5294406038616,"换电",{"v":298844.62,"d":"298,844.62"},{"v":0.84,"d":"84.00%"},{"v":82.5,"d":"82.50"},{"v":18232.5,"d":"18,232.50"}]
[734,9209,"四业务部","4车队","刘果13755037587","367路",9209,9209,"湘AF3339","湘A08793D","TEG6106BEV20","LHWCJ95D9H1171128","电动",2017,"2017-11-29","10米","221度","宁德时代",221,"直流","中车时代","常规线路营运","华强",80.4409245959755,"换电",{"v":301219.816,"d":"301,219.82"},{"v":0.7282,"d":"72.82%"},{"v":82.5,"d":"82.50"},{"v":18232.5,"d":"18,232.50"}]
[735,9210,"四业务部","5车队","刘忠民13874908456","201路",9210,9210,"湘AF3862","湘A95997D","TEG6106BEV20","LHWCJ95D0H1171129","电动",2017,"2017-11-29","10米","221度","宁德时代",221,"直流","中车时代","常规线路营运","华强",82.791355877237,"换电",{"v":292902.786,"d":"292,902.79"},{"v":0.6922,"d":"69.22%"},{"v":82.5,"d":"82.50"},{"v":18232.5,"d":"18,232.50"}]
[736,9211,"四业务部","1车队","黄建新13875895531","918路",9211,9211,"湘AF0985","湘A07873D","TEG6106BEV20","LHWCJ95D7H1171130","电动",2017,"2017-11-29","10米","221度","宁德时代",221,"直流","中车时代","常规线路营运","华强",87.6006468762199,"换电",{"v":278112.2,"d":"278,112.20"},{"v":0.8663,"d":"86.63%"},{"v":82.5,"d":"82.50"},{"v":18232.5,"d":"18,232.50"}]
[737,9212,"四业务部","4车队","刘果13755037587","367路",9212,9212,"湘AF0367","湘A99915D","TEG6106BEV20","LHWCJ95D2H1171133","电动",2017,"2017-11-29","10米","221度","宁德时代",221,"直流","中车时代","常规线路营运","华强",81.7652104728604,"换电",{"v":303595.477,"d":"303,595.48"},{"v":0.7368,"d":"73.68%"},{"v":82.5,"d":"82.50"},{"v":18232.5,"d":"18,232.50"}]
[738,9213,"四业务部","8车队","何晔13739094979","3路",9213,9213,"湘AF3367","湘A90090D","TEG6106BEV20","LHWCJ95D4H1171134","电动",2017,"2017-11-29","10米","221度","宁德时代",221,"直流","中车时代","常规线路营运","华强",80.6388415672913,"换电",{"v":262892.56,"d":"262,892.56"},{"v":0.6854,"d":"68.54%"},{"v":82.5,"d":"82.50"},{"v":18232.5,"d":"18,232.50"}]
[739,9214,"四业务部","4车队","刘果13755037587","367路",9214,9214,"湘AF0938","湘A04167D","TEG6106BEV20","LHWCJ95D6H1171135","电动",2017,"2017-11-29","10米","221度","宁德时代",221,"直流","中车时代","常规线路营运","华强",78.4042058379963,"换电",{"v":300935.103,"d":"300,935.10"},{"v":0.6866,"d":"68.66%"},{"v":82.5,"d":"82.50"},{"v":18232.5,"d":"18,232.50"}]
[740,9215,"四业务部","4车队","刘果13755037587","387路",9215,9215,"湘AF0617","湘A99920D","TEG6106BEV20","LHWCJ95D4H1171148","电动",2017,"2017-11-29","10米","221度","宁德时代",221,"直流","中车时代","常规线路营运","华强",90.874546465565,"换电",{"v":278650.636,"d":"278,650.64"},{"v":0.7667,"d":"76.67%"},{"v":82.5,"d":"82.50"},{"v":18232.5,"d":"18,232.50"}]
[741,9216,"四业务部","4车队","刘果13755037587","367路",9216,9216,"湘AF3280","湘A96615D","TEG6106BEV20","LHWCJ95D6H1171149","电动",2017,"2017-11-29","10米","221度","宁德时代",221,"直流","中车时代","常规线路营运","华强",78.9937995534791,"换电",{"v":297625.275,"d":"297,625.28"},{"v":0.7642,"d":"76.42%"},{"v":82.5,"d":"82.50"},{"v":18232.5,"d":"18,232.50"}]
[742,9217,"四业务部","4车队","刘果13755037587","367路",9217,9217,"湘AF0970","湘A97096D","TEG6106BEV20","LHWCJ95D4H1171151","电动",2017,"2017-11-29","10米","221度","宁德时代",221,"直流","中车时代","常规线路营运","华强",76.9832646678163,"换电",{"v":298265.032,"d":"298,265.03"},{"v":0.7312,"d":"73.12%"},{"v":82.5,"d":"82.50"},{"v":18232.5,"d":"18,232.50"}]
[743,9218,"四业务部","4车队","刘果13755037587","367路",9218,9218,"湘AF0690","湘A99662D","TEG6106BEV20","LHWCJ95D6H1171152","电动",2017,"2017-11-29","10米","221度","宁德时代",221,"直流","中车时代","常规线路营运","华强",84.7550163283797,"换电",{"v":310536.105,"d":"310,536.11"},{"v":0.7703,"d":"77.03%"},{"v":82.5,"d":"82.50"},{"v":18232.5,"d":"18,232.50"}]
[744,9219,"四业务部","4车队","刘果13755037587","387路",9219,9219,"湘AF0951","湘A90506D","TEG6106BEV20","LHWCJ95D8H1171153","电动",2017,"2017-11-29","10米","221度","宁德时代",221,"直流","中车时代","常规线路营运","华强",92.9885646524785,"换电",{"v":259880.248,"d":"259,880.25"},{"v":0.6996,"d":"69.96%"},{"v":82.5,"d":"82.50"},{"v":18232.5,"d":"18,232.50"}]
[745,9220,"四业务部","4车队","刘果13755037587","367路",9220,9220,"湘AF0705","湘A99567D","TEG6106BEV20","LHWCJ95D1H1171155","电动",2017,"2017-11-29","10米","221度","宁德时代",221,"直流","中车时代","常规线路营运","华强",79.2088481351503,"换电",{"v":304242.48,"d":"304,242.48"},{"v":0.841,"d":"84.10%"},{"v":82.5,"d":"82.50"},{"v":18232.5,"d":"18,232.50"}]
[746,9221,"四业务部","4车队","刘果13755037587","367路",9221,9221,"湘AF3300","湘A98353D","TEG6106BEV20","LHWCJ95D3H1171156","电动",2017,"2017-11-29","10米","221度","宁德时代",221,"直流","中车时代","常规线路营运","华强",82.8209643873168,"换电",{"v":297418.753,"d":"297,418.75"},{"v":0.6844,"d":"68.44%"},{"v":82.5,"d":"82.50"},{"v":18232.5,"d":"18,232.50"}]
[747,9222,"四业务部","4车队","刘果13755037587","367路",9222,9222,"湘AF3376","湘A03253D","TEG6106BEV20","LHWCJ95D5H1171157","电动",2017,"2017-11-29","10米","221度","宁德时代",221,"直流","中车时代","常规线路营运","华强",75.9759651258689,"换电",{"v":304891.619,"d":"304,891.62"},{"v":0.7662,"d":"76.62%"},{"v":82.5,"d":"82.50"},{"v":18232.5,"d":"18,232.50"}]
[748,9223,"二业务部","2车队","黄文伟13547210197","267路",9223,9223,"湘AF3131","湘A00991D","TEG6106BEV20","LHWCJ95D7H1171158","电动",2017,"2017-11-29","10米","221度","宁德时代",221,"直流","中车时代","常规线路营运","华强",66.0541128346133,"换电",{"v":292087.94,"d":"292,087.94"},{"v":0.8213,"d":"82.13%"},{"v":82.5,"d":"82.50"},{"v":18232.5,"d":"18,232.50"}]
[749,9224,"五业务部","1车队","文帅13875911108","30路",9224,9224,"湘AF0152","湘A99185D","TEG6106BEV20","LHWCJ95D5H1171160","电动",2017,"2017-11-29","10米","221度","宁德时代",221,"直流","中车时代","常规线路营运","华强",68.3985867386715,"换电",{"v":304352.9,"d":"304,352.90"},{"v":0.7943,"d":"79.43%"},{"v":82.5,"d":"82.50"},{"v":18232.5,"d":"18,232.50"}]
[750,9225,"二业务部","9车队","刘宇13508492564","409路",9225,9225,"湘AF1512","湘A03192D","TEG6106BEV20","LHWCJ95D7H1171161","电动",2017,"2017-11-29","10米","221度","宁德时代",221,"直流","中车时代","常规线路营运","华强",70.6877729257642,"换电",{"v":327618.115,"d":"327,618.12"},{"v":0.7669,"d":"76.69%"},{"v":82.5,"d":"82.50"},{"v":18232.5,"d":"18,232.50"}]
[751,9226,"二业务部","9车队","刘宇13508492564","409路",9226,9226,"湘AF0996","湘A98208D","TEG6106BEV20","LHWCJ95D9H1171162","电动",2017,"2017-11-29","10米","221度","宁德时代",221,"直流","中车时代","常规线路营运","华强",77.7748638572271,"换电",{"v":304394.066,"d":"304,394.07"},{"v":0.7277,"d":"72.77%"},{"v":82.5,"d":"82.50"},{"v":18232.5,"d":"18,232.50"}]
[752,9227,"一业务部","9车队","李刃15874081178","906路",9227,9227,"湘AF0928","湘A92338D","TEG6106BEV20","LHWCJ95D0H1171163","电动",2017,"2017-11-29","10米","221度","宁德时代",221,"直流","中车时代","常规线路营运","华强",90.6696910651589,"换电",{"v":266165.65,"d":"266,165.65"},{"v":0.7223,"d":"72.23%"},{"v":82.5,"d":"82.50"},{"v":18232.5,"d":"18,232.50"}]
[753,9228,"一业务部","9车队","李刃15874081178","906路",9228,9228,"湘AF0730","湘A09170D","TEG6106BEV20","LHWCJ95D2H1171164","电动",2017,"2017-11-29","10米","221度","宁德时代",221,"直流","中车时代","常规线路营运","华强",85.8262337145222,"换电",{"v":268366.75,"d":"268,366.75"},{"v":0.6983,"d":"69.83%"},{"v":82.5,"d":"82.50"},{"v":18232.5,"d":"18,232.50"}]
[754,9229,"一业务部","9车队","李刃15874081178","906路",9229,9229,"湘AF0387","湘A09192D","TEG6106BEV20","LHWCJ95D4H1171165","电动",2017,"2017-11-29","10米","221度","宁德时代",221,"直流","中车时代","常规线路营运","华强",91.0001772335989,"换电",{"v":263624.46,"d":"263,624.46"},{"v":0.7001,"d":"70.01%"},{"v":82.5,"d":"82.50"},{"v":18232.5,"d":"18,232.50"}]
[755,9230,"一业务部","9车队","李刃15874081178","906路",9230,9230,"湘AF0961","湘A07640D","TEG6106BEV20","LHWCJ95D6H1171166","电动",2017,"2017-11-29","10米","221度","宁德时代",221,"直流","中车时代","常规线路营运","华强",94.1857067993039,"换电",{"v":260376.27,"d":"260,376.27"},{"v":0.7357,"d":"73.57%"},{"v":82.5,"d":"82.50"},{"v":18232.5,"d":"18,232.50"}]
[756,9231,"四业务部","4车队","刘果13755037587","366路",9231,9231,"湘AF0982","湘A92572D","TEG6106BEV20","LHWCJ95DXH1171168","电动",2017,"2017-11-29","10米","221度","宁德时代",221,"直流","中车时代","常规线路营运","华强",80.7360007152613,"换电",{"v":294835.306,"d":"294,835.31"},{"v":0.6952,"d":"69.52%"},{"v":82.5,"d":"82.50"},{"v":18232.5,"d":"18,232.50"}]
[757,9232,"四业务部","4车队","刘果13755037587","367路",9232,9232,"湘AF3211","湘A98318D","TEG6106BEV20","LHWCJ95D1H1171169","电动",2017,"2017-11-29","10米","221度","宁德时代",221,"直流","中车时代","常规线路营运","华强",80.7140335209454,"换电",{"v":285378.98,"d":"285,378.98"},{"v":0.7875,"d":"78.75%"},{"v":82.5,"d":"82.50"},{"v":18232.5,"d":"18,232.50"}]
[758,9233,"五业务部","1车队","文帅13875911108","938路",9233,9233,"湘AF0725","湘A09261D","TEG6106BEV20","LHWCJ95D1H1171172","电动",2017,"2017-11-29","10米","221度","宁德时代",221,"直流","中车时代","常规线路营运","华强",81.5052251213289,"换电",{"v":320017.357,"d":"320,017.36"},{"v":0.7735,"d":"77.35%"},{"v":82.5,"d":"82.50"},{"v":18232.5,"d":"18,232.50"}]
[759,9234,"五业务部","1车队","文帅13875911108","938路",9234,9234,"湘AF0122","湘A04984D","TEG6106BEV20","LHWCJ95D3H1171173","电动",2017,"2017-11-29","10米","221度","宁德时代",221,"直流","中车时代","常规线路营运","华强",84.7013201744187,"换电",{"v":309349.69,"d":"309,349.69"},{"v":0.7801,"d":"78.01%"},{"v":82.5,"d":"82.50"},{"v":18232.5,"d":"18,232.50"}]
[760,9235,"五业务部","1车队","文帅13875911108","938路",9235,9235,"湘AF0975","湘A96989D","TEG6106BEV20","LHWCJ95D0H1171177","电动",2017,"2017-11-29","10米","221度","宁德时代",221,"直流","中车时代","常规线路营运","华强",79.3536453006616,"换电",{"v":304250.654,"d":"304,250.65"},{"v":0.7841,"d":"78.41%"},{"v":82.5,"d":"82.50"},{"v":18232.5,"d":"18,232.50"}]
[761,9236,"四业务部","10车队","王政威13017281978","213路",9236,9236,"湘AF0813","湘A03691D","TEG6106BEV20","LHWCJ95D2H1171178","电动",2017,"2017-11-29","10米","221度","宁德时代",221,"直流","中车时代","常规线路营运","华强",74.5608454312553,"换电",{"v":299524.05,"d":"299,524.05"},{"v":0.6949,"d":"69.49%"},{"v":82.5,"d":"82.50"},{"v":18232.5,"d":"18,232.50"}]
[762,9237,"四业务部","1车队","黄建新13875895531","918路",9237,9237,"湘AF0955","湘A92557D","TEG6106BEV20","LHWCJ95D2H1171181","电动",2017,"2017-11-29","10米","221度","宁德时代",221,"直流","中车时代","常规线路营运","华强",76.8773798001355,"换电",{"v":297105.254,"d":"297,105.25"},{"v":0.6995,"d":"69.95%"},{"v":82.5,"d":"82.50"},{"v":18232.5,"d":"18,232.50"}]
[763,9238,"四业务部","1车队","黄建新13875895531","918路",9238,9238,"湘AF0925","湘A04077D","TEG6106BEV20","LHWCJ95D6H1171183","电动",2017,"2017-11-29","10米","221度","宁德时代",221,"直流","中车时代","常规线路营运","华强",81.2274048023535,"换电",{"v":297584.104,"d":"297,584.10"},{"v":0.7232,"d":"72.32%"},{"v":82.5,"d":"82.50"},{"v":18232.5,"d":"18,232.50"}]
[764,9239,"四业务部","1车队","黄建新13875895531","918路",9239,9239,"湘AF0900","湘A03813D","TEG6106BEV20","LHWCJ95D8H1171184","电动",2017,"2017-11-29","10米","221度","宁德时代",221,"直流","中车时代","常规线路营运","华强",86.973374496539,"换电",{"v":302996.518,"d":"302,996.52"},{"v":0.6472,"d":"64.72%"},{"v":82.5,"d":"82.50"},{"v":18232.5,"d":"18,232.50"}]
[765,9240,"四业务部","1车队","黄建新13875895531","918路",9240,9240,"湘AF3017","湘A95918D","TEG6106BEV20","LHWCJ95DXH1171185","电动",2017,"2017-11-29","10米","221度","宁德时代",221,"直流","中车时代","常规线路营运","华强",82.5535247456157,"换电",{"v":318581.192,"d":"318,581.19"},{"v":0.6565,"d":"65.65%"},{"v":82.5,"d":"82.50"},{"v":18232.5,"d":"18,232.50"}]
[766,9241,"四业务部","1车队","黄建新13875895531","918路",9241,9241,"湘AF1320","湘A93223D","TEG6106BEV20","LHWCJ95D1H1171186","电动",2017,"2017-11-29","10米","221度","宁德时代",221,"直流","中车时代","常规线路营运","华强",86.7324961550303,"换电",{"v":292551.888,"d":"292,551.89"},{"v":0.7355,"d":"73.55%"},{"v":82.5,"d":"82.50"},{"v":18232.5,"d":"18,232.50"}]
[767,9242,"四业务部","1车队","黄建新13875895531","918路",9242,9242,"湘AF0850","湘A97228D","TEG6106BEV20","LHWCJ95D5H1171188","电动",2017,"2017-11-29","10米","221度","宁德时代",221,"直流","中车时代","常规线路营运","华强",74.4255530767986,"换电",{"v":290606.902,"d":"290,606.90"},{"v":0.7175,"d":"71.75%"},{"v":82.5,"d":"82.50"},{"v":18232.5,"d":"18,232.50"}]
[768,9243,"四业务部","1车队","黄建新13875895531","918路",9243,9243,"湘AF0997","湘A06234D","TEG6106BEV20","LHWCJ95D7H1171189","电动",2017,"2017-11-29","10米","221度","宁德时代",221,"直流","中车时代","常规线路营运","华强",82.7232358322585,"换电",{"v":301975.041,"d":"301,975.04"},{"v":0.8337,"d":"83.37%"},{"v":82.5,"d":"82.50"},{"v":18232.5,"d":"18,232.50"}]
[769,9244,"四业务部","1车队","黄建新13875895531","918路",9244,9244,"湘AF3380","湘A96200D","TEG6106BEV20","LHWCJ95D3H1171190","电动",2017,"2017-11-29","10米","221度","宁德时代",221,"直流","中车时代","常规线路营运","华强",81.8138779473438,"换电",{"v":301319.94,"d":"301,319.94"},{"v":0.6726,"d":"67.26%"},{"v":82.5,"d":"82.50"},{"v":18232.5,"d":"18,232.50"}]
[770,9245,"四业务部","1车队","黄建新13875895531","918路",9245,9245,"湘AF3321","湘A06325D","TEG6106BEV20","LHWCJ95D5H1171191","电动",2017,"2017-11-29","10米","221度","宁德时代",221,"直流","中车时代","常规线路营运","华强",81.0813799491587,"换电",{"v":296507.231,"d":"296,507.23"},{"v":0.7209,"d":"72.09%"},{"v":82.5,"d":"82.50"},{"v":18232.5,"d":"18,232.50"}]
[771,9246,"二业务部","9车队","刘宇13508492564","409路",9246,9246,"湘AF0976","湘A03325D","TEG6106BEV20","LHWCJ95D7H1171192","电动",2017,"2017-11-29","10米","221度","宁德时代",221,"直流","中车时代","常规线路营运","华强",72.5166813546519,"换电",{"v":290632.958,"d":"290,632.96"},{"v":0.7323,"d":"73.23%"},{"v":82.5,"d":"82.50"},{"v":18232.5,"d":"18,232.50"}]
[772,9247,"四业务部","1车队","黄建新13875895531","918路",9247,9247,"湘AF0710","湘A01466D","TEG6106BEV20","LHWCJ95D9H1171193","电动",2017,"2017-11-29","10米","221度","宁德时代",221,"直流","中车时代","常规线路营运","华强",80.8890186636039,"换电",{"v":283505.94,"d":"283,505.94"},{"v":0.7847,"d":"78.47%"},{"v":82.5,"d":"82.50"},{"v":18232.5,"d":"18,232.50"}]
[773,9248,"四业务部","1车队","黄建新13875895531","918路",9248,9248,"湘AF3375","湘A06615D","TEG6106BEV20","LHWCJ95D2H1171195","电动",2017,"2017-11-29","10米","221度","宁德时代",221,"直流","中车时代","常规线路营运","华强",84.3710693258747,"换电",{"v":280348.26,"d":"280,348.26"},{"v":0.7672,"d":"76.72%"},{"v":82.5,"d":"82.50"},{"v":18232.5,"d":"18,232.50"}]
[774,9249,"四业务部","1车队","黄建新13875895531","918路",9249,9249,"湘AF0105","湘A05381D","TEG6106BEV20","LHWCJ95D4H1171196","电动",2017,"2017-11-29","10米","221度","宁德时代",221,"直流","中车时代","常规线路营运","华强",83.9789009931385,"换电",{"v":288827.544,"d":"288,827.54"},{"v":0.7496,"d":"74.96%"},{"v":82.5,"d":"82.50"},{"v":18232.5,"d":"18,232.50"}]
[775,9250,"四业务部","1车队","黄建新13875895531","918路",9250,9250,"湘AF3852","湘A97552D","TEG6106BEV20","LHWCJ95D6H1171197","电动",2017,"2017-11-29","10米","221度","宁德时代",221,"直流","中车时代","常规线路营运","华强",82.9170884868759,"换电",{"v":286868.339,"d":"286,868.34"},{"v":0.7508,"d":"75.08%"},{"v":82.5,"d":"82.50"},{"v":18232.5,"d":"18,232.50"}]
[776,9251,"四业务部","1车队","黄建新13875895531","903路",9251,9251,"湘AF3359","湘A03339D","TEG6106BEV20","LHWCJ95D4H1171201","电动",2017,"2017-11-29","10米","221度","宁德时代",221,"直流","中车时代","常规线路营运","华强",81.0251358677995,"换电",{"v":307189.447,"d":"307,189.45"},{"v":0.7512,"d":"75.12%"},{"v":82.5,"d":"82.50"},{"v":18232.5,"d":"18,232.50"}]
[777,9252,"四业务部","5车队","刘忠民13874908456","201路",9252,9252,"湘AF0507","湘A03812D","TEG6106BEV20","LHWCJ95D8H1171203","电动",2017,"2017-11-29","10米","221度","宁德时代",221,"直流","中车时代","常规线路营运","华强",79.4884521023096,"换电",{"v":275027.654,"d":"275,027.65"},{"v":0.7166,"d":"71.66%"},{"v":82.5,"d":"82.50"},{"v":18232.5,"d":"18,232.50"}]
[778,9253,"四业务部","5车队","刘忠民13874908456","201路",9253,9253,"湘AF3895","湘A03501D","TEG6106BEV20","LHWCJ95DXH1171204","电动",2017,"2017-11-29","10米","221度","宁德时代",221,"直流","中车时代","常规线路营运","华强",87.6743239012265,"换电",{"v":276258.97,"d":"276,258.97"},{"v":0.704,"d":"70.40%"},{"v":82.5,"d":"82.50"},{"v":18232.5,"d":"18,232.50"}]
[779,9254,"四业务部","7车队","覃小军13298692758","371路",9254,9254,"湘AF0987","湘A96606D","TEG6106BEV20","LHWCJ95D1H1171205","电动",2017,"2017-11-29","10米","221度","宁德时代",221,"直流","中车时代","常规线路营运","华强",94.6060935624276,"换电",{"v":239840.825,"d":"239,840.83"},{"v":0.6936,"d":"69.36%"},{"v":82.5,"d":"82.50"},{"v":18232.5,"d":"18,232.50"}]
[780,9255,"四业务部","7车队","覃小军13298692758","371路",9255,9255,"湘AF0610","湘A03103D","TEG6106BEV20","LHWCJ95D3H1171206","电动",2017,"2017-11-29","10米","221度","宁德时代",221,"直流","中车时代","常规线路营运","华强",92.0934700153095,"换电",{"v":239507.64,"d":"239,507.64"},{"v":0.7258,"d":"72.58%"},{"v":82.5,"d":"82.50"},{"v":18232.5,"d":"18,232.50"}]
[781,9256,"二业务部","9车队","刘宇13508492564","409路",9256,9256,"湘AF0907","湘A09783D","TEG6106BEV20","LHWCJ95D5H1171207","电动",2017,"2017-11-29","10米","221度","宁德时代",221,"直流","中车时代","常规线路营运","华强",73.4163496022485,"换电",{"v":275289.128,"d":"275,289.13"},{"v":0.7774,"d":"77.74%"},{"v":82.5,"d":"82.50"},{"v":18232.5,"d":"18,232.50"}]
[782,9257,"二业务部","9车队","刘宇13508492564","409路",9257,9257,"湘AF0150","湘A96359D","TEG6106BEV20","LHWCJ95D7H1171208","电动",2017,"2017-11-29","10米","221度","宁德时代",221,"直流","中车时代","常规线路营运","华强",73.8190777933457,"换电",{"v":268550.919,"d":"268,550.92"},{"v":0.8303,"d":"83.03%"},{"v":82.5,"d":"82.50"},{"v":18232.5,"d":"18,232.50"}]
[783,9258,"二业务部","9车队","刘宇13508492564","931路",9258,9258,"湘AF3328","湘A91226D","TEG6106BEV20","LHWCJ95D9H1171209","电动",2017,"2017-11-29","10米","221度","宁德时代",221,"直流","中车时代","常规线路营运","华强",76.0990172381208,"换电",{"v":262349.06,"d":"262,349.06"},{"v":0.8191,"d":"81.91%"},{"v":82.5,"d":"82.50"},{"v":18232.5,"d":"18,232.50"}]
[784,9259,"二业务部","9车队","刘宇13508492564","931路",9259,9259,"湘AF0958","湘A96669D","TEG6106BEV20","LHWCJ95D5H1171210","电动",2017,"2017-11-29","10米","221度","宁德时代",221,"直流","中车时代","常规线路营运","华强",73.3812086255154,"换电",{"v":255197.657,"d":"255,197.66"},{"v":0.7866,"d":"78.66%"},{"v":82.5,"d":"82.50"},{"v":18232.5,"d":"18,232.50"}]
[785,9260,"四业务部","6车队","刘得良13807492332","916路",9260,9260,"湘AF0716","湘A06994D","TEG6106BEV20","LHWCJ95D7H1171211","电动",2017,"2017-11-29","10米","221度","宁德时代",221,"直流","中车时代","常规线路营运","华强",88.968155266629,"换电",{"v":245584.544,"d":"245,584.54"},{"v":0.7268,"d":"72.68%"},{"v":82.5,"d":"82.50"},{"v":18232.5,"d":"18,232.50"}]
[786,9261,"四业务部","7车队","覃小军13298692758","371路",9261,9261,"湘AF0950","湘A07105D","TEG6106BEV20","LHWCJ95D0H1171213","电动",2017,"2017-11-29","10米","221度","宁德时代",221,"直流","中车时代","常规线路营运","华强",99.2062778711782,"换电",{"v":267333.732,"d":"267,333.73"},{"v":0.8065,"d":"80.65%"},{"v":82.5,"d":"82.50"},{"v":18232.5,"d":"18,232.50"}]
[787,9262,"四业务部","7车队","覃小军13298692758","371路",9262,9262,"湘AF0919","湘A03835D","TEG6106BEV20","LHWCJ95D2H1171214","电动",2017,"2017-11-29","10米","221度","宁德时代",221,"直流","中车时代","常规线路营运","华强",88.9259885202208,"换电",{"v":265918.945,"d":"265,918.95"},{"v":0.7424,"d":"74.24%"},{"v":82.5,"d":"82.50"},{"v":18232.5,"d":"18,232.50"}]
[788,9263,"四业务部","7车队","覃小军13298692758","371路",9263,9263,"湘AF1275","湘A09253D","TEG6106BEV20","LHWCJ95D4H1171215","电动",2017,"2017-11-29","10米","221度","宁德时代",221,"直流","中车时代","常规线路营运","华强",94.3796052673024,"换电",{"v":278385.568,"d":"278,385.57"},{"v":0.6655,"d":"66.55%"},{"v":82.5,"d":"82.50"},{"v":18232.5,"d":"18,232.50"}]
[789,9264,"二业务部","9车队","刘宇13508492564","931路",9264,9264,"湘AF1220","湘A97330D","TEG6106BEV20","LHWCJ95DXH1171218","电动",2017,"2017-11-29","10米","221度","宁德时代",221,"直流","中车时代","常规线路营运","华强",76.2817295980512,"换电",{"v":294241.448,"d":"294,241.45"},{"v":0.7639,"d":"76.39%"},{"v":82.5,"d":"82.50"},{"v":18232.5,"d":"18,232.50"}]
[790,9265,"四业务部","7车队","覃小军13298692758","211路",9265,9265,"湘AF3092","湘A91980D","TEG6106BEV20","LHWCJ95D8H1171220","电动",2017,"2017-11-29","10米","221度","宁德时代",221,"直流","中车时代","常规线路营运","华强",78.5878131453307,"换电",{"v":267406.71,"d":"267,406.71"},{"v":0.7112,"d":"71.12%"},{"v":82.5,"d":"82.50"},{"v":18232.5,"d":"18,232.50"}]
[791,9266,"四业务部","7车队","覃小军13298692758","211路",9266,9266,"湘AF0356","湘A05164D","TEG6106BEV20","LHWCJ95DXH1171221","电动",2017,"2017-11-29","10米","221度","宁德时代",221,"直流","中车时代","常规线路营运","华强",79.1078514639991,"换电",{"v":267763.029,"d":"267,763.03"},{"v":0.82,"d":"82.00%"},{"v":82.5,"d":"82.50"},{"v":18232.5,"d":"18,232.50"}]
[792,9267,"四业务部","7车队","覃小军13298692758","211路",9267,9267,"湘AF0350","湘A97299D","TEG6106BEV20","LHWCJ95D1H1171222","电动",2017,"2017-11-29","10米","221度","宁德时代",221,"直流","中车时代","常规线路营运","华强",81.7488876945143,"换电",{"v":267382.97,"d":"267,382.97"},{"v":0.8018,"d":"80.18%"},{"v":82.5,"d":"82.50"},{"v":18232.5,"d":"18,232.50"}]
[793,9268,"四业务部","7车队","覃小军13298692758","211路",9268,9268,"湘AF0790","湘A90197D","TEG6106BEV20","LHWCJ95D3H1171223","电动",2017,"2017-11-29","10米","221度","宁德时代",221,"直流","中车时代","常规线路营运","华强",83.4578084504354,"换电",{"v":260031.697,"d":"260,031.70"},{"v":0.7112,"d":"71.12%"},{"v":82.5,"d":"82.50"},{"v":18232.5,"d":"18,232.50"}]
[794,9269,"四业务部","10车队","王政威13017281978","913路",9269,9269,"湘AF3076","湘A06131D","TEG6106BEV20","LHWCJ95D5H1171224","电动",2017,"2017-11-29","10米","221度","宁德时代",221,"直流","中车时代","常规线路营运","华强",94.8587337512769,"换电",{"v":243185.2,"d":"243,185.20"},{"v":0.7104,"d":"71.04%"},{"v":82.5,"d":"82.50"},{"v":18232.5,"d":"18,232.50"}]
[795,9270,"四业务部","7车队","覃小军13298692758","211路",9270,9270,"湘AF3050","湘A02854D","TEG6106BEV20","LHWCJ95D7H1171225","电动",2017,"2017-11-29","10米","221度","宁德时代",221,"直流","中车时代","常规线路营运","华强",80.6531827588858,"换电",{"v":272855.075,"d":"272,855.08"},{"v":0.796,"d":"79.60%"},{"v":82.5,"d":"82.50"},{"v":18232.5,"d":"18,232.50"}]
[796,9271,"四业务部","7车队","覃小军13298692758","211路",9271,9271,"湘AF0120","湘A92392D","TEG6106BEV20","LHWCJ95D9H1171226","电动",2017,"2017-11-29","10米","221度","宁德时代",221,"直流","中车时代","常规线路营运","华强",83.7083831702868,"换电",{"v":262649.83,"d":"262,649.83"},{"v":0.7376,"d":"73.76%"},{"v":82.5,"d":"82.50"},{"v":18232.5,"d":"18,232.50"}]
[797,9272,"四业务部","7车队","覃小军13298692758","211路",9272,9272,"湘AF0921","湘A99703D","TEG6106BEV20","LHWCJ95D4H1171232","电动",2017,"2017-11-29","10米","221度","宁德时代",221,"直流","中车时代","常规线路营运","华强",84.8238822557908,"换电",{"v":269679.47,"d":"269,679.47"},{"v":0.7607,"d":"76.07%"},{"v":82.5,"d":"82.50"},{"v":18232.5,"d":"18,232.50"}]
[798,9273,"四业务部","10车队","王政威13017281978","213路",9273,9273,"湘AF3820","湘A90352D","TEG6106BEV20","LHWCJ95D1H1171236","电动",2017,"2017-11-29","10米","221度","宁德时代",221,"直流","中车时代","常规线路营运","华强",75.6814268944829,"换电",{"v":286985.641,"d":"286,985.64"},{"v":0.7496,"d":"74.96%"},{"v":82.5,"d":"82.50"},{"v":18232.5,"d":"18,232.50"}]
[799,9274,"四业务部","10车队","王政威13017281978","213路",9274,9274,"湘AF1380","湘A05983D","TEG6106BEV20","LHWCJ95D3H1171237","电动",2017,"2017-11-29","10米","221度","宁德时代",221,"直流","中车时代","常规线路营运","华强",72.8356164383562,"换电",{"v":291020.942,"d":"291,020.94"},{"v":0.6944,"d":"69.44%"},{"v":82.5,"d":"82.50"},{"v":18232.5,"d":"18,232.50"}]
[800,9275,"四业务部","10车队","王政威13017281978","213路",9275,9275,"湘AF0990","湘A01104D","TEG6106BEV20","LHWCJ95D5H1171238","电动",2017,"2017-11-29","10米","221度","宁德时代",221,"直流","中车时代","常规线路营运","华强",73.1613649508386,"换电",{"v":280696.981,"d":"280,696.98"},{"v":0.704,"d":"70.40%"},{"v":82.5,"d":"82.50"},{"v":18232.5,"d":"18,232.50"}]
[801,9276,"四业务部","10车队","王政威13017281978","213路",9276,9276,"湘AF0527","湘A92527D","TEG6106BEV20","LHWCJ95D5H1171241","电动",2017,"2017-11-29","10米","221度","宁德时代",221,"直流","中车时代","常规线路营运","华强",81.4966742596811,"换电",{"v":277048.529,"d":"277,048.53"},{"v":0.67,"d":"67.00%"},{"v":82.5,"d":"82.50"},{"v":18232.5,"d":"18,232.50"}]
[802,9277,"四业务部","10车队","王政威13017281978","213路",9277,9277,"湘AF1575","湘A92271D","TEG6106BEV20","LHWCJ95D7H1171242","电动",2017,"2017-11-29","10米","221度","宁德时代",221,"直流","中车时代","常规线路营运","华强",80.7888735314444,"换电",{"v":293038.977,"d":"293,038.98"},{"v":0.6275,"d":"62.75%"},{"v":82.5,"d":"82.50"},{"v":18232.5,"d":"18,232.50"}]
[803,9278,"一业务部","2车队","聂晓辉15387520328","121路",9278,9278,"湘AF3805","湘A03471D","TEG6106BEV20","LHWCJ95D0H1171244","电动",2017,"2017-11-29","10米","221度","宁德时代",221,"直流","中车时代","常规线路营运","华强",80.123470097567,"换电",{"v":256819.641,"d":"256,819.64"},{"v":0.7103,"d":"71.03%"},{"v":82.5,"d":"82.50"},{"v":18232.5,"d":"18,232.50"}]
[804,9279,"三业务部","9车队","刘爱华13507319148","167路",9279,9279,"湘AF0197","湘A91350D","TEG6106BEV20","LHWCJ95D2H1171245","电动",2017,"2017-11-29","10米","221度","宁德时代",221,"直流","中车时代","常规线路营运","华强",79.9078276228485,"换电",{"v":271459.633,"d":"271,459.63"},{"v":0.787,"d":"78.70%"},{"v":82.5,"d":"82.50"},{"v":18232.5,"d":"18,232.50"}]
[805,9280,"五业务部","9车队","彭景13787029829","370路",9280,9280,"湘AF0912","湘A03039D","TEG6106BEV20","LHWCJ95D4H1171246","电动",2017,"2017-11-29","10米","221度","宁德时代",221,"直流","中车时代","常规线路营运","华强",76.7641061618168,"换电",{"v":303769.509,"d":"303,769.51"},{"v":0.7228,"d":"72.28%"},{"v":82.5,"d":"82.50"},{"v":18232.5,"d":"18,232.50"}]
[806,9281,"五业务部","9车队","彭景13787029829","370路",9281,9281,"湘AF3810","湘A02388D","TEG6106BEV20","LHWCJ95D8H1171248","电动",2017,"2017-11-29","10米","221度","宁德时代",221,"直流","中车时代","常规线路营运","华强",74.965091174189,"换电",{"v":300980.859,"d":"300,980.86"},{"v":0.6773,"d":"67.73%"},{"v":82.5,"d":"82.50"},{"v":18232.5,"d":"18,232.50"}]
[807,9282,"五业务部","9车队","彭景13787029829","370路",9282,9282,"湘AF3202","湘A96037D","TEG6106BEV20","LHWCJ95D6H1171250","电动",2017,"2017-11-29","10米","221度","宁德时代",221,"直流","中车时代","常规线路营运","华强",72.3062424836535,"换电",{"v":303629.803,"d":"303,629.80"},{"v":0.7303,"d":"73.03%"},{"v":82.5,"d":"82.50"},{"v":18232.5,"d":"18,232.50"}]
[808,9283,"五业务部","9车队","彭景13787029829","370路",9283,9283,"湘AF0735","湘A99819D","TEG6106BEV20","LHWCJ95D8H1171251","电动",2017,"2017-11-29","10米","221度","宁德时代",221,"直流","中车时代","常规线路营运","华强",76.5631741108153,"换电",{"v":275065.21,"d":"275,065.21"},{"v":0.6881,"d":"68.81%"},{"v":82.5,"d":"82.50"},{"v":18232.5,"d":"18,232.50"}]
[809,9284,"二业务部","2车队","黄文伟13547210197","267路",9284,9284,"湘AF3379","湘A92188D","TEG6106BEV20","LHWCJ95DXH1171252","电动",2017,"2017-11-29","10米","221度","宁德时代",221,"直流","中车时代","常规线路营运","华强",68.4905715249584,"换电",{"v":276101.708,"d":"276,101.71"},{"v":0.7155,"d":"71.55%"},{"v":82.5,"d":"82.50"},{"v":18232.5,"d":"18,232.50"}]
[810,9285,"二业务部","2车队","黄文伟13547210197","203路",9285,9285,"湘AF3327","湘A92065D","TEG6106BEV20","LHWCJ95D3H1171254","电动",2017,"2017-11-29","10米","221度","宁德时代",221,"直流","中车时代","常规线路营运","华强",76.6012602290285,"换电",{"v":270397.94,"d":"270,397.94"},{"v":0.7429,"d":"74.29%"},{"v":82.5,"d":"82.50"},{"v":18232.5,"d":"18,232.50"}]
[811,9286,"二业务部","2车队","黄文伟13547210197","203路",9286,9286,"湘AF0135","湘A91900D","TEG6106BEV20","LHWCJ95D5H1171255","电动",2017,"2017-11-29","10米","221度","宁德时代",221,"直流","中车时代","常规线路营运","华强",72.6755629592873,"换电",{"v":273661.76,"d":"273,661.76"},{"v":0.7504,"d":"75.04%"},{"v":82.5,"d":"82.50"},{"v":18232.5,"d":"18,232.50"}]
[812,9287,"五业务部","1车队","文帅13875911108","938路",9287,9287,"湘AF3305","湘A99575D","TEG6106BEV20","LHWCJ95D4H1170825","电动",2017,"2017-11-30","10米","221度","宁德时代",221,"直流","中车时代","常规线路营运","通盛",85.3278214043613,"换电",{"v":339028.125,"d":"339,028.13"},{"v":0.7144,"d":"71.44%"},{"v":82.5,"d":"82.50"},{"v":18232.5,"d":"18,232.50"}]
[813,9288,"五业务部","1车队","文帅13875911108","938路",9288,9288,"湘AF3276","湘A03285D","TEG6106BEV20","LHWCJ95D8H1170827","电动",2017,"2017-11-30","10米","221度","宁德时代",221,"直流","中车时代","常规线路营运","通盛",84.3798954833,"换电",{"v":333560.29,"d":"333,560.29"},{"v":0.7299,"d":"72.99%"},{"v":82.5,"d":"82.50"},{"v":18232.5,"d":"18,232.50"}]
[814,9289,"五业务部","1车队","文帅13875911108","938路",9289,9289,"湘AF3502","湘A93075D","TEG6106BEV20","LHWCJ95D1H1170829","电动",2017,"2017-11-30","10米","221度","宁德时代",221,"直流","中车时代","常规线路营运","通盛",84.8049206721943,"换电",{"v":334022.102,"d":"334,022.10"},{"v":0.7356,"d":"73.56%"},{"v":82.5,"d":"82.50"},{"v":18232.5,"d":"18,232.50"}]
[815,9290,"五业务部","1车队","文帅13875911108","938路",9290,9290,"湘AF3577","湘A00693D","TEG6106BEV20","LHWCJ95D8H1170830","电动",2017,"2017-11-30","10米","221度","宁德时代",221,"直流","中车时代","常规线路营运","通盛",74.7207820625904,"换电",{"v":334257.83,"d":"334,257.83"},{"v":0.7126,"d":"71.26%"},{"v":82.5,"d":"82.50"},{"v":18232.5,"d":"18,232.50"}]
[816,9291,"五业务部","1车队","文帅13875911108","938路",9291,9291,"湘AF3565","湘A95276D","TEG6106BEV20","LHWCJ95DXH1170831","电动",2017,"2017-11-30","10米","221度","宁德时代",221,"直流","中车时代","常规线路营运","通盛",82.2632787871246,"换电",{"v":336177.159,"d":"336,177.16"},{"v":0.705,"d":"70.50%"},{"v":82.5,"d":"82.50"},{"v":18232.5,"d":"18,232.50"}]
[817,9292,"五业务部","1车队","文帅13875911108","938路",9292,9292,"湘AF3580","湘A95280D","TEG6106BEV20","LHWCJ95D7H1170835","电动",2017,"2017-11-30","10米","221度","宁德时代",221,"直流","中车时代","常规线路营运","通盛",78.8554500487277,"换电",{"v":330074.265,"d":"330,074.27"},{"v":0.6466,"d":"64.66%"},{"v":82.5,"d":"82.50"},{"v":18232.5,"d":"18,232.50"}]
[818,9293,"五业务部","1车队","文帅13875911108","938路",9293,9293,"湘AF3250","湘A02441D","TEG6106BEV20","LHWCJ95D4H1170839","电动",2017,"2017-11-30","10米","221度","宁德时代",221,"直流","中车时代","常规线路营运","通盛",87.7731003623936,"换电",{"v":320322.97,"d":"320,322.97"},{"v":0.6782,"d":"67.82%"},{"v":82.5,"d":"82.50"},{"v":18232.5,"d":"18,232.50"}]
[819,9294,"五业务部","1车队","文帅13875911108","938路",9294,9294,"湘AF3362","湘A91536D","TEG6106BEV20","LHWCJ95D0H1170840","电动",2017,"2017-11-30","10米","221度","宁德时代",221,"直流","中车时代","常规线路营运","通盛",69.2497359562941,"换电",{"v":331332.59,"d":"331,332.59"},{"v":0.6614,"d":"66.14%"},{"v":82.5,"d":"82.50"},{"v":18232.5,"d":"18,232.50"}]
[820,9295,"五业务部","3车队","朱志勇13975173864","909路",9295,9295,"湘AF3095","湘A02630D","TEG6106BEV20","LHWCJ95D4H1170842","电动",2017,"2017-11-30","10米","221度","宁德时代",221,"直流","中车时代","常规线路营运","通盛",72.6995591651244,"换电",{"v":310735.28,"d":"310,735.28"},{"v":0.7988,"d":"79.88%"},{"v":82.5,"d":"82.50"},{"v":18232.5,"d":"18,232.50"}]
[821,9296,"五业务部","7车队","张泽17607317210（主持工作）","150路",9296,9296,"湘AF3087","湘A06849D","TEG6106BEV20","LHWCJ95D6H1170843","电动",2017,"2017-11-30","10米","221度","宁德时代",221,"直流","中车时代","常规线路营运","通盛",83.4182727847736,"换电",{"v":302654.454,"d":"302,654.45"},{"v":0.7316,"d":"73.16%"},{"v":82.5,"d":"82.50"},{"v":18232.5,"d":"18,232.50"}]
[822,9297,"五业务部","9车队","彭景13787029829","705路",9297,9297,"湘AF3560","湘A02360D","TEG6106BEV20","LHWCJ95D1H1170846","电动",2017,"2017-11-30","10米","221度","宁德时代",221,"直流","中车时代","常规线路营运","通盛",87.0687849254432,"换电",{"v":298714.256,"d":"298,714.26"},{"v":0.6845,"d":"68.45%"},{"v":82.5,"d":"82.50"},{"v":18232.5,"d":"18,232.50"}]
[823,9298,"五业务部","7车队","张泽17607317210（主持工作）","150路",9298,9298,"湘AF3589","湘A07253D","TEG6106BEV20","LHWCJ95D5H1170848","电动",2017,"2017-11-30","10米","221度","宁德时代",221,"直流","中车时代","常规线路营运","通盛",78.1287694288095,"换电",{"v":293857.86,"d":"293,857.86"},{"v":0.7111,"d":"71.11%"},{"v":82.5,"d":"82.50"},{"v":18232.5,"d":"18,232.50"}]
[824,9299,"四业务部","6车队","刘得良13807492332","916路",9299,9299,"湘AF3891","湘A02932D","TEG6106BEV20","LHWCJ95D3H1170850","电动",2017,"2017-11-30","10米","221度","宁德时代",221,"直流","中车时代","常规线路营运","通盛",92.8652099551781,"换电",{"v":269049.085,"d":"269,049.09"},{"v":0.7658,"d":"76.58%"},{"v":82.5,"d":"82.50"},{"v":18232.5,"d":"18,232.50"}]
[825,9300,"四业务部","1车队","黄建新13875895531","903路",9300,9300,"湘AF3357","湘A03763D","TEG6106BEV20","LHWCJ95D9H1170853","电动",2017,"2017-11-30","10米","221度","宁德时代",221,"直流","中车时代","常规线路营运","通盛",78.8914390709918,"换电",{"v":300206.604,"d":"300,206.60"},{"v":0.7082,"d":"70.82%"},{"v":82.5,"d":"82.50"},{"v":18232.5,"d":"18,232.50"}]
[826,9301,"四业务部","1车队","黄建新13875895531","903路",9301,9301,"湘AF3125","湘A01436D","TEG6106BEV20","LHWCJ95D4H1170856","电动",2017,"2017-11-30","10米","221度","宁德时代",221,"直流","中车时代","常规线路营运","通盛",85.9816985367678,"换电",{"v":298018.975,"d":"298,018.98"},{"v":0.638,"d":"63.80%"},{"v":82.5,"d":"82.50"},{"v":18232.5,"d":"18,232.50"}]
[827,9302,"四业务部","1车队","黄建新13875895531","903路",9302,9302,"湘AF3260","湘A93777D","TEG6106BEV20","LHWCJ95D6H1170857","电动",2017,"2017-11-30","10米","221度","宁德时代",221,"直流","中车时代","常规线路营运","通盛",89.2452116256773,"换电",{"v":288815.479,"d":"288,815.48"},{"v":0.7733,"d":"77.33%"},{"v":82.5,"d":"82.50"},{"v":18232.5,"d":"18,232.50"}]
[828,9303,"四业务部","1车队","黄建新13875895531","903路",9303,9303,"湘AF3121","湘A04746D","TEG6106BEV20","LHWCJ95D8H1170861","电动",2017,"2017-11-30","10米","221度","宁德时代",221,"直流","中车时代","常规线路营运","通盛",86.3471190975364,"换电",{"v":281032.478,"d":"281,032.48"},{"v":0.7248,"d":"72.48%"},{"v":82.5,"d":"82.50"},{"v":18232.5,"d":"18,232.50"}]
[829,9304,"五业务部","8车队","傅志龙18108418317（主持工作）","226路",9304,9304,"湘AF3860","湘A95103D","TEG6106BEV20","LHWCJ95D1H1170863","电动",2017,"2017-11-30","10米","221度","宁德时代",221,"直流","中车时代","常规线路营运","通盛",82.3927005311911,"换电",{"v":297429.915,"d":"297,429.92"},{"v":0.7973,"d":"79.73%"},{"v":82.5,"d":"82.50"},{"v":18232.5,"d":"18,232.50"}]
[830,9305,"五业务部","7车队","张泽17607317210（主持工作）","150路",9305,9305,"湘AF3598","湘A03915D","TEG6106BEV20","LHWCJ95D3H1170864","电动",2017,"2017-11-30","10米","221度","宁德时代",221,"直流","中车时代","常规线路营运","通盛",98.4946101675843,"换电",{"v":309465.056,"d":"309,465.06"},{"v":0.8249,"d":"82.49%"},{"v":82.5,"d":"82.50"},{"v":18232.5,"d":"18,232.50"}]
[831,9306,"五业务部","7车队","张泽17607317210（主持工作）","150路",9306,9306,"湘AF3185","湘A03898D","TEG6106BEV20","LHWCJ95D5H1170865","电动",2017,"2017-11-30","10米","221度","宁德时代",221,"直流","中车时代","常规线路营运","通盛",77.2847693547635,"换电",{"v":329138.23,"d":"329,138.23"},{"v":0.7816,"d":"78.16%"},{"v":82.5,"d":"82.50"},{"v":18232.5,"d":"18,232.50"}]
[832,9307,"五业务部","7车队","张泽17607317210（主持工作）","122路",9307,9307,"湘AF3397","湘A96780D","TEG6106BEV20","LHWCJ95D0H1170868","电动",2017,"2017-11-30","10米","221度","宁德时代",221,"直流","中车时代","常规线路营运","通盛",84.7406444863968,"换电",{"v":314548.44,"d":"314,548.44"},{"v":0.8157,"d":"81.57%"},{"v":82.5,"d":"82.50"},{"v":18232.5,"d":"18,232.50"}]
[833,9308,"五业务部","9车队","彭景13787029829","104路",9308,9308,"湘AF3567","湘A99963D","TEG6106BEV20","LHWCJ95D9H1170870","电动",2017,"2017-11-30","10米","221度","宁德时代",221,"直流","中车时代","常规线路营运","通盛",74.2919638611507,"换电",{"v":285026.658,"d":"285,026.66"},{"v":0.6804,"d":"68.04%"},{"v":82.5,"d":"82.50"},{"v":18232.5,"d":"18,232.50"}]
[834,9309,"五业务部","9车队","彭景13787029829","104路",9309,9309,"湘AF3396","湘A96911D","TEG6106BEV20","LHWCJ95D0H1170871","电动",2017,"2017-11-30","10米","221度","宁德时代",221,"直流","中车时代","常规线路营运","通盛",81.1631061376738,"换电",{"v":297071.05,"d":"297,071.05"},{"v":0.8097,"d":"80.97%"},{"v":82.5,"d":"82.50"},{"v":18232.5,"d":"18,232.50"}]
[835,9310,"五业务部","3车队","朱志勇13975173864","905路",9310,9310,"湘AF3122","湘A09417D","TEG6106BEV20","LHWCJ95D2H1170872","电动",2017,"2017-11-30","10米","221度","宁德时代",221,"直流","中车时代","常规线路营运","通盛",77.9332981043324,"换电",{"v":296055.828,"d":"296,055.83"},{"v":0.7796,"d":"77.96%"},{"v":82.5,"d":"82.50"},{"v":18232.5,"d":"18,232.50"}]
[836,9311,"五业务部","3车队","朱志勇13975173864","905路",9311,9311,"湘AF3212","湘A05133D","TEG6106BEV20","LHWCJ95D4H1170873","电动",2017,"2017-11-30","10米","221度","宁德时代",221,"直流","中车时代","常规线路营运","通盛",82.9076343343453,"换电",{"v":285815.838,"d":"285,815.84"},{"v":0.6759,"d":"67.59%"},{"v":82.5,"d":"82.50"},{"v":18232.5,"d":"18,232.50"}]
[837,9312,"二业务部","9车队","刘宇13508492564","408路",9312,9312,"湘AF3181","湘A00087D","TEG6106BEV20","LHWCJ95D6H1170874","电动",2017,"2017-11-30","10米","221度","宁德时代",221,"直流","中车时代","常规线路营运","通盛",75.5303693700725,"换电",{"v":277933.53,"d":"277,933.53"},{"v":0.8455,"d":"84.55%"},{"v":82.5,"d":"82.50"},{"v":18232.5,"d":"18,232.50"}]
[838,9313,"二业务部","9车队","刘宇13508492564","408路",9313,9313,"湘AF3337","湘A96126D","TEG6106BEV20","LHWCJ95D8H1170875","电动",2017,"2017-11-30","10米","221度","宁德时代",221,"直流","中车时代","常规线路营运","通盛",71.9442233856894,"换电",{"v":282856.06,"d":"282,856.06"},{"v":0.7109,"d":"71.09%"},{"v":82.5,"d":"82.50"},{"v":18232.5,"d":"18,232.50"}]
[839,9314,"二业务部","9车队","刘宇13508492564","408路",9314,9314,"湘AF3187","湘A98911D","TEG6106BEV20","LHWCJ95DXH1170876","电动",2017,"2017-11-30","10米","221度","宁德时代",221,"直流","中车时代","常规线路营运","通盛",74.2052198988569,"换电",{"v":285842.39,"d":"285,842.39"},{"v":0.7879,"d":"78.79%"},{"v":82.5,"d":"82.50"},{"v":18232.5,"d":"18,232.50"}]
[840,9315,"二业务部","9车队","刘宇13508492564","408路",9315,9315,"湘AF3529","湘A98588D","TEG6106BEV20","LHWCJ95D1H1170877","电动",2017,"2017-11-30","10米","221度","宁德时代",221,"直流","中车时代","常规线路营运","通盛",81.301301576606,"换电",{"v":287599.095,"d":"287,599.10"},{"v":0.7961,"d":"79.61%"},{"v":82.5,"d":"82.50"},{"v":18232.5,"d":"18,232.50"}]
[841,9316,"二业务部","9车队","刘宇13508492564","408路",9316,9316,"湘AF3595","湘A91216D","TEG6106BEV20","LHWCJ95D3H1170878","电动",2017,"2017-11-30","10米","221度","宁德时代",221,"直流","中车时代","常规线路营运","通盛",78.1879560136769,"换电",{"v":287114.345,"d":"287,114.35"},{"v":0.6637,"d":"66.37%"},{"v":82.5,"d":"82.50"},{"v":18232.5,"d":"18,232.50"}]
[842,9317,"二业务部","2车队","黄文伟13547210197","203路",9317,9317,"湘AF3579","湘A98250D","TEG6106BEV20","LHWCJ95D5H1170879","电动",2017,"2017-11-30","10米","221度","宁德时代",221,"直流","中车时代","常规线路营运","通盛",74.1882618622815,"换电",{"v":286166.607,"d":"286,166.61"},{"v":0.7862,"d":"78.62%"},{"v":82.5,"d":"82.50"},{"v":18232.5,"d":"18,232.50"}]
[843,9318,"三业务部","6车队","刘永恒13272411406","105路",9318,9318,"湘AF3837","湘A04901D","TEG6106BEV20","LHWCJ95D3H1170881","电动",2017,"2017-11-30","10米","221度","宁德时代",221,"直流","中车时代","常规线路营运","通盛",87.5502265970672,"换电",{"v":298536.477,"d":"298,536.48"},{"v":0.645,"d":"64.50%"},{"v":82.5,"d":"82.50"},{"v":18232.5,"d":"18,232.50"}]
[844,9319,"二业务部","4车队","文专辉15580930345","360路",9319,9319,"湘AF3506","湘A93808D","TEG6106BEV20","LHWCJ95D7H1170883","电动",2017,"2017-11-30","10米","221度","宁德时代",221,"直流","中车时代","常规线路营运","通盛",87.1603569827621,"换电",{"v":291761.836,"d":"291,761.84"},{"v":0.817,"d":"81.70%"},{"v":82.5,"d":"82.50"},{"v":18232.5,"d":"18,232.50"}]
[845,9320,"一业务部","2车队","聂晓辉15387520328","121路",9320,9320,"湘AF3322","湘A04163D","TEG6106BEV20","LHWCJ95D2H1170886","电动",2017,"2017-11-30","10米","221度","宁德时代",221,"直流","中车时代","常规线路营运","通盛",85.2977010975575,"换电",{"v":258493.665,"d":"258,493.67"},{"v":0.6548,"d":"65.48%"},{"v":82.5,"d":"82.50"},{"v":18232.5,"d":"18,232.50"}]
[846,9321,"四业务部","10车队","王政威13017281978","213路",9321,9321,"湘AF3311","湘A90895D","TEG6106BEV20","LHWCJ95D4H1170890","电动",2017,"2017-11-30","10米","221度","宁德时代",221,"直流","中车时代","常规线路营运","通盛",77.4246019356853,"换电",{"v":277679.466,"d":"277,679.47"},{"v":0.6644,"d":"66.44%"},{"v":82.5,"d":"82.50"},{"v":18232.5,"d":"18,232.50"}]
[847,9322,"四业务部","1车队","黄建新13875895531","918路",9322,9322,"湘AF3568","湘A95911D","TEG6106BEV20","LHWCJ95D6H1170891","电动",2017,"2017-11-30","10米","221度","宁德时代",221,"直流","中车时代","常规线路营运","通盛",83.4570591323991,"换电",{"v":268255.06,"d":"268,255.06"},{"v":0.7397,"d":"73.97%"},{"v":82.5,"d":"82.50"},{"v":18232.5,"d":"18,232.50"}]
[848,9323,"四业务部","1车队","黄建新13875895531","918路",9323,9323,"湘AF3052","湘A95671D","TEG6106BEV20","LHWCJ95D8H1170892","电动",2017,"2017-11-30","10米","221度","宁德时代",221,"直流","中车时代","常规线路营运","通盛",86.5581478269113,"换电",{"v":274688.047,"d":"274,688.05"},{"v":0.6472,"d":"64.72%"},{"v":82.5,"d":"82.50"},{"v":18232.5,"d":"18,232.50"}]
[849,9324,"四业务部","1车队","黄建新13875895531","918路",9324,9324,"湘AF3010","湘A95986D","TEG6106BEV20","LHWCJ95DXH1170893","电动",2017,"2017-11-30","10米","221度","宁德时代",221,"直流","中车时代","常规线路营运","通盛",88.7450299425299,"换电",{"v":276740.228,"d":"276,740.23"},{"v":0.76,"d":"76.00%"},{"v":82.5,"d":"82.50"},{"v":18232.5,"d":"18,232.50"}]
[850,9325,"二业务部","9车队","刘宇13508492564","931路",9325,9325,"湘AF3270","湘A04610D","TEG6106BEV20","LHWCJ95D7H1170897","电动",2017,"2017-11-30","10米","221度","宁德时代",221,"直流","中车时代","常规线路营运","通盛",75.6735321267711,"换电",{"v":295814.06,"d":"295,814.06"},{"v":0.6578,"d":"65.78%"},{"v":82.5,"d":"82.50"},{"v":18232.5,"d":"18,232.50"}]
[851,9326,"四业务部","9车队","曹辉13637473078","68路",9326,9326,"湘AF3586","湘A99956D","TEG6106BEV20","LHWCJ95D0H1170899","电动",2017,"2017-11-30","10米","221度","宁德时代",221,"直流","中车时代","常规线路营运","通盛",79.0530469034545,"换电",{"v":304658.567,"d":"304,658.57"},{"v":0.6595,"d":"65.95%"},{"v":82.5,"d":"82.50"},{"v":18232.5,"d":"18,232.50"}]
[852,9327,"四业务部","1车队","黄建新13875895531","918路",9327,9327,"湘AF3377","湘A04257D","TEG6106BEV20","LHWCJ95D5H1170901","电动",2017,"2017-11-30","10米","221度","宁德时代",221,"直流","中车时代","常规线路营运","通盛",80.6701092633395,"换电",{"v":320781.661,"d":"320,781.66"},{"v":0.746,"d":"74.60%"},{"v":82.5,"d":"82.50"},{"v":18232.5,"d":"18,232.50"}]
[853,9328,"四业务部","5车队","刘忠民13874908456","355路",9328,9328,"湘AF3306","湘A90309D","TEG6106BEV20","LHWCJ95D7H1170902","电动",2017,"2017-11-30","10米","221度","宁德时代",221,"直流","中车时代","常规线路营运","通盛",83.7657773568497,"换电",{"v":309700.203,"d":"309,700.20"},{"v":0.6925,"d":"69.25%"},{"v":82.5,"d":"82.50"},{"v":18232.5,"d":"18,232.50"}]
[854,9329,"四业务部","5车队","刘忠民13874908456","355路",9329,9329,"湘AF3590","湘A93988D","TEG6106BEV20","LHWCJ95D9H1170903","电动",2017,"2017-11-30","10米","221度","宁德时代",221,"直流","中车时代","常规线路营运","通盛",80.9182209469153,"换电",{"v":303234.127,"d":"303,234.13"},{"v":0.6952,"d":"69.52%"},{"v":82.5,"d":"82.50"},{"v":18232.5,"d":"18,232.50"}]
[855,9330,"四业务部","5车队","刘忠民13874908456","355路",9330,9330,"湘AF3592","湘A03983D","TEG6106BEV20","LHWCJ95D0H1170904","电动",2017,"2017-11-30","10米","221度","宁德时代",221,"直流","中车时代","常规线路营运","通盛",81.7436754615926,"换电",{"v":289553.536,"d":"289,553.54"},{"v":0.8052,"d":"80.52%"},{"v":82.5,"d":"82.50"},{"v":18232.5,"d":"18,232.50"}]
[856,9331,"四业务部","5车队","刘忠民13874908456","355路",9331,9331,"湘AF3111","湘A03052D","TEG6106BEV20","LHWCJ95D4H1170906","电动",2017,"2017-11-30","10米","221度","宁德时代",221,"直流","中车时代","常规线路营运","通盛",91.1705610518856,"换电",{"v":270984.388,"d":"270,984.39"},{"v":0.7479,"d":"74.79%"},{"v":82.5,"d":"82.50"},{"v":18232.5,"d":"18,232.50"}]
[857,9332,"四业务部","5车队","刘忠民13874908456","355路",9332,9332,"湘AF3532","湘A93932D","TEG6106BEV20","LHWCJ95D6H1170907","电动",2017,"2017-11-30","10米","221度","宁德时代",221,"直流","中车时代","常规线路营运","通盛",87.6307981121102,"换电",{"v":277529.42,"d":"277,529.42"},{"v":0.7846,"d":"78.46%"},{"v":82.5,"d":"82.50"},{"v":18232.5,"d":"18,232.50"}]
[858,9333,"四业务部","5车队","刘忠民13874908456","355路",9333,9333,"湘AF3297","湘A03605D","TEG6106BEV20","LHWCJ95D8H1170908","电动",2017,"2017-11-30","10米","221度","宁德时代",221,"直流","中车时代","常规线路营运","通盛",90.1481498992989,"换电",{"v":258989.8,"d":"258,989.80"},{"v":0.7272,"d":"72.72%"},{"v":82.5,"d":"82.50"},{"v":18232.5,"d":"18,232.50"}]
[859,9334,"五业务部","1车队","文帅13875911108","30路",9334,9334,"湘AF3385","湘A00923D","TEG6106BEV20","LHWCJ95DXH1170909","电动",2017,"2017-11-30","10米","221度","宁德时代",221,"直流","中车时代","常规线路营运","通盛",67.5256450588648,"换电",{"v":306634.97,"d":"306,634.97"},{"v":0.7161,"d":"71.61%"},{"v":82.5,"d":"82.50"},{"v":18232.5,"d":"18,232.50"}]
[860,9335,"二业务部","1车队","粟玉钢13974933549","701路",9335,9335,"湘AF3552","湘A92799D","TEG6106BEV20","LHWCJ95D8H1170911","电动",2017,"2017-11-30","10米","221度","宁德时代",221,"直流","中车时代","常规线路营运","通盛",87.7465586364441,"换电",{"v":265056.178,"d":"265,056.18"},{"v":0.7731,"d":"77.31%"},{"v":82.5,"d":"82.50"},{"v":18232.5,"d":"18,232.50"}]
[861,9336,"二业务部","1车队","粟玉钢13974933549","701路",9336,9336,"湘AF3522","湘A98689D","TEG6106BEV20","LHWCJ95DXH1170912","电动",2017,"2017-11-30","10米","221度","宁德时代",221,"直流","中车时代","常规线路营运","通盛",83.801780634652,"换电",{"v":284547.92,"d":"284,547.92"},{"v":0.7393,"d":"73.93%"},{"v":82.5,"d":"82.50"},{"v":18232.5,"d":"18,232.50"}]
[862,9337,"二业务部","1车队","粟玉钢13974933549","701路",9337,9337,"湘AF3392","湘A01243D","TEG6106BEV20","LHWCJ95D1H1170913","电动",2017,"2017-11-30","10米","221度","宁德时代",221,"直流","中车时代","常规线路营运","通盛",98.5659325395544,"换电",{"v":261963.419,"d":"261,963.42"},{"v":0.7562,"d":"75.62%"},{"v":82.5,"d":"82.50"},{"v":18232.5,"d":"18,232.50"}]
[863,9338,"二业务部","9车队","刘宇13508492564","931路",9338,9338,"湘AF3295","湘A97077D","TEG6106BEV20","LHWCJ95D3H1170914","电动",2017,"2017-11-30","10米","221度","宁德时代",221,"直流","中车时代","常规线路营运","通盛",72.5274337967458,"换电",{"v":290548.04,"d":"290,548.04"},{"v":0.7824,"d":"78.24%"},{"v":82.5,"d":"82.50"},{"v":18232.5,"d":"18,232.50"}]
[864,9339,"二业务部","3车队","胡刚文13517494978","142路",9339,9339,"湘AF3215","湘A04323D","TEG6106BEV20","LHWCJ95D5H1170915","电动",2017,"2017-11-30","10米","221度","宁德时代",221,"直流","中车时代","常规线路营运","通盛",87.3618528473461,"换电",{"v":254520.611,"d":"254,520.61"},{"v":0.7109,"d":"71.09%"},{"v":82.5,"d":"82.50"},{"v":18232.5,"d":"18,232.50"}]
[865,9340,"二业务部","3车队","胡刚文13517494978","142路",9340,9340,"湘AF3535","湘A98078D","TEG6106BEV20","LHWCJ95D7H1170916","电动",2017,"2017-11-30","10米","221度","宁德时代",221,"直流","中车时代","常规线路营运","通盛",81.6796669063572,"换电",{"v":251767.214,"d":"251,767.21"},{"v":0.7095,"d":"70.95%"},{"v":82.5,"d":"82.50"},{"v":18232.5,"d":"18,232.50"}]
[866,9341,"四业务部","1车队","黄建新13875895531","903路",9341,9341,"湘AF3562","湘A04037D","TEG6106BEV20","LHWCJ95D2H1170919","电动",2017,"2017-11-30","10米","221度","宁德时代",221,"直流","中车时代","常规线路营运","通盛",75.4546011775143,"换电",{"v":290855.759,"d":"290,855.76"},{"v":0.7645,"d":"76.45%"},{"v":82.5,"d":"82.50"},{"v":18232.5,"d":"18,232.50"}]
[867,9342,"四业务部","1车队","黄建新13875895531","903路",9342,9342,"湘AF3106","湘A91780D","TEG6106BEV20","LHWCJ95D0H1170921","电动",2017,"2017-11-30","10米","221度","宁德时代",221,"直流","中车时代","常规线路营运","通盛",83.2774400625357,"换电",{"v":273255.833,"d":"273,255.83"},{"v":0.715,"d":"71.50%"},{"v":82.5,"d":"82.50"},{"v":18232.5,"d":"18,232.50"}]
[868,9343,"二业务部","1车队","粟玉钢13974933549","701路",9343,9343,"湘AF3539","湘A97068D","TEG6106BEV20","LHWCJ95D6H1170924","电动",2017,"2017-11-30","10米","221度","宁德时代",221,"直流","中车时代","常规线路营运","华强",82.2873451158915,"换电",{"v":294392.738,"d":"294,392.74"},{"v":0.718,"d":"71.80%"},{"v":82.5,"d":"82.50"},{"v":18232.5,"d":"18,232.50"}]
[869,9344,"四业务部","9车队","曹辉13637473078","63路",9344,9344,"湘AF3113","湘A95779D","TEG6106BEV20","LHWCJ95DXH1170926","电动",2017,"2017-11-30","10米","221度","宁德时代",221,"直流","中车时代","常规线路营运","华强",71.809638829868,"换电",{"v":323569.9,"d":"323,569.90"},{"v":0.7496,"d":"74.96%"},{"v":82.5,"d":"82.50"},{"v":18232.5,"d":"18,232.50"}]
[870,9345,"四业务部","9车队","曹辉13637473078","63路",9345,9345,"湘AF3067","湘A09255D","TEG6106BEV20","LHWCJ95D1H1170927","电动",2017,"2017-11-30","10米","221度","宁德时代",221,"直流","中车时代","常规线路营运","华强",73.0434283817863,"换电",{"v":310693.31,"d":"310,693.31"},{"v":0.7155,"d":"71.55%"},{"v":82.5,"d":"82.50"},{"v":18232.5,"d":"18,232.50"}]
[871,9346,"四业务部","7车队","覃小军13298692758","211路",9346,9346,"湘AF3553","湘A92813D","TEG6106BEV20","LHWCJ95D3H1170931","电动",2017,"2017-11-30","10米","221度","宁德时代",221,"直流","中车时代","常规线路营运","华强",89.6327611239218,"换电",{"v":267944.289,"d":"267,944.29"},{"v":0.7643,"d":"76.43%"},{"v":82.5,"d":"82.50"},{"v":18232.5,"d":"18,232.50"}]
[872,9347,"四业务部","7车队","覃小军13298692758","211路",9347,9347,"湘AF3520","湘A97756D","TEG6106BEV20","LHWCJ95D7H1170933","电动",2017,"2017-11-30","10米","221度","宁德时代",221,"直流","中车时代","常规线路营运","华强",87.5529975081558,"换电",{"v":288662.96,"d":"288,662.96"},{"v":0.7492,"d":"74.92%"},{"v":82.5,"d":"82.50"},{"v":18232.5,"d":"18,232.50"}]
[873,9348,"四业务部","7车队","覃小军13298692758","211路",9348,9348,"湘AF3587","湘A90883D","TEG6106BEV20","LHWCJ95D9H1170934","电动",2017,"2017-11-30","10米","221度","宁德时代",221,"直流","中车时代","常规线路营运","华强",88.7206601790535,"换电",{"v":278063.055,"d":"278,063.06"},{"v":0.7126,"d":"71.26%"},{"v":82.5,"d":"82.50"},{"v":18232.5,"d":"18,232.50"}]
[874,9349,"四业务部","9车队","曹辉13637473078","68路",9349,9349,"湘AF3500","湘A03551D","TEG6106BEV20","LHWCJ95D0H1170935","电动",2017,"2017-11-30","10米","221度","宁德时代",221,"直流","中车时代","常规线路营运","华强",82.9366315565864,"换电",{"v":284846.032,"d":"284,846.03"},{"v":0.774,"d":"77.40%"},{"v":82.5,"d":"82.50"},{"v":18232.5,"d":"18,232.50"}]
[875,9350,"四业务部","1车队","黄建新13875895531","918路",9350,9350,"湘AF3536","湘A08478D","TEG6106BEV20","LHWCJ95D2H1170936","电动",2017,"2017-11-30","10米","221度","宁德时代",221,"直流","中车时代","常规线路营运","华强",78.687229832443,"换电",{"v":306028.199,"d":"306,028.20"},{"v":0.7646,"d":"76.46%"},{"v":82.5,"d":"82.50"},{"v":18232.5,"d":"18,232.50"}]
[876,9351,"四业务部","4车队","刘果13755037587","386路",9351,9351,"湘AF3850","湘A96616D","TEG6106BEV20","LHWCJ95D6H1170938","电动",2017,"2017-11-30","10米","221度","宁德时代",221,"直流","中车时代","常规线路营运","华强",78.1263525531009,"换电",{"v":250849.228,"d":"250,849.23"},{"v":0.8157,"d":"81.57%"},{"v":82.5,"d":"82.50"},{"v":18232.5,"d":"18,232.50"}]
[877,9352,"二业务部","4车队","文专辉15580930345","360路",9352,9352,"湘AF3832","湘A93885D","TEG6106BEV20","LHWCJ95D8H1170939","电动",2017,"2017-11-30","10米","221度","宁德时代",221,"直流","中车时代","常规线路营运","华强",84.1944910358195,"换电",{"v":280830.36,"d":"280,830.36"},{"v":0.6581,"d":"65.81%"},{"v":82.5,"d":"82.50"},{"v":18232.5,"d":"18,232.50"}]
[878,9353,"四业务部","7车队","覃小军13298692758","211路",9353,9353,"湘AF3807","湘A96933D","TEG6106BEV20","LHWCJ95D8H1170942","电动",2017,"2017-11-30","10米","221度","宁德时代",221,"直流","中车时代","常规线路营运","华强",81.2314037910434,"换电",{"v":281439.597,"d":"281,439.60"},{"v":0.7194,"d":"71.94%"},{"v":82.5,"d":"82.50"},{"v":18232.5,"d":"18,232.50"}]
[879,9354,"二业务部","9车队","刘宇13508492564","931路",9354,9354,"湘AF3336","湘A04152D","TEG6106BEV20","LHWCJ95DXH1170943","电动",2017,"2017-11-30","10米","221度","宁德时代",221,"直流","中车时代","常规线路营运","华强",79.700128944024,"换电",{"v":296855.43,"d":"296,855.43"},{"v":0.7848,"d":"78.48%"},{"v":82.5,"d":"82.50"},{"v":18232.5,"d":"18,232.50"}]
[880,9355,"四业务部","5车队","刘忠民13874908456","317路",9355,9355,"湘AF3265","湘A92761D","TEG6106BEV20","LHWCJ95D3H1170945","电动",2017,"2017-11-30","10米","221度","宁德时代",221,"直流","中车时代","常规线路营运","华强",71.4406969089211,"换电",{"v":293221.51,"d":"293,221.51"},{"v":0.7717,"d":"77.17%"},{"v":82.5,"d":"82.50"},{"v":18232.5,"d":"18,232.50"}]
[881,9356,"二业务部","9车队","刘宇13508492564","931路",9356,9356,"湘AF3588","湘A06044D","TEG6106BEV20","LHWCJ95D5H1170946","电动",2017,"2017-11-30","10米","221度","宁德时代",221,"直流","中车时代","常规线路营运","华强",81.8299158504673,"换电",{"v":278480.07,"d":"278,480.07"},{"v":0.7635,"d":"76.35%"},{"v":82.5,"d":"82.50"},{"v":18232.5,"d":"18,232.50"}]
[882,9357,"五业务部","4车队","黄学13787078668","311路",9357,9357,"湘AF3329","湘A03923D","TEG6106BEV20","LHWCJ95D7H1170947","电动",2017,"2017-11-30","10米","221度","宁德时代",221,"直流","中车时代","常规线路营运","华强",82.6055642339567,"换电",{"v":277719.526,"d":"277,719.53"},{"v":0.7217,"d":"72.17%"},{"v":82.5,"d":"82.50"},{"v":18232.5,"d":"18,232.50"}]
[883,9358,"四业务部","8车队","何晔13739094979","69路",9358,9358,"湘AF3372","湘A91268D","TEG6106BEV20","LHWCJ95D0H1170949","电动",2017,"2017-11-30","10米","221度","宁德时代",221,"直流","中车时代","常规线路营运","华强",84.7850358280223,"换电",{"v":251984.972,"d":"251,984.97"},{"v":0.7745,"d":"77.45%"},{"v":82.5,"d":"82.50"},{"v":18232.5,"d":"18,232.50"}]
[884,9359,"四业务部","1车队","黄建新13875895531","918路",9359,9359,"湘AF3867","湘A97313D","TEG6106BEV20","LHWCJ95D7H1170950","电动",2017,"2017-11-30","10米","221度","宁德时代",221,"直流","中车时代","常规线路营运","华强",84.7720307865435,"换电",{"v":291962.712,"d":"291,962.71"},{"v":0.6264,"d":"62.64%"},{"v":82.5,"d":"82.50"},{"v":18232.5,"d":"18,232.50"}]
[885,9360,"二业务部","9车队","刘宇13508492564","382路",9360,9360,"湘AF3857","湘A97908D","TEG6106BEV20","LHWCJ95D0H1170952","电动",2017,"2017-11-30","10米","221度","宁德时代",221,"直流","中车时代","常规线路营运","华强",74.1081087802634,"换电",{"v":255166.147,"d":"255,166.15"},{"v":0.7126,"d":"71.26%"},{"v":82.5,"d":"82.50"},{"v":18232.5,"d":"18,232.50"}]
[886,9361,"四业务部","5车队","刘忠民13874908456","355路",9361,9361,"湘AF3326","湘A98231D","TEG6106BEV20","LHWCJ95D4H1170954","电动",2017,"2017-11-30","10米","221度","宁德时代",221,"直流","中车时代","常规线路营运","华强",88.3960151396438,"换电",{"v":305459.162,"d":"305,459.16"},{"v":0.6124,"d":"61.24%"},{"v":82.5,"d":"82.50"},{"v":18232.5,"d":"18,232.50"}]
[887,9362,"二业务部","1车队","粟玉钢13974933549","809路",9362,9362,"湘AF3075","湘A91597D","TEG6106BEV20","LHWCJ95DXH1170957","电动",2017,"2017-11-30","10米","221度","宁德时代",221,"直流","中车时代","常规线路营运","华强",89.1087027677931,"换电",{"v":300995.021,"d":"300,995.02"},{"v":0.8138,"d":"81.38%"},{"v":82.5,"d":"82.50"},{"v":18232.5,"d":"18,232.50"}]
[888,9363,"二业务部","1车队","粟玉钢13974933549","809路",9363,9363,"湘AF3389","湘A03056D","TEG6106BEV20","LHWCJ95D1H1170958","电动",2017,"2017-11-30","10米","221度","宁德时代",221,"直流","中车时代","常规线路营运","华强",85.0826610811038,"换电",{"v":304448.566,"d":"304,448.57"},{"v":0.634,"d":"63.40%"},{"v":82.5,"d":"82.50"},{"v":18232.5,"d":"18,232.50"}]
[889,9364,"二业务部","1车队","粟玉钢13974933549","809路",9364,9364,"湘AF3227","湘A99969D","TEG6106BEV20","LHWCJ95DXH1170960","电动",2017,"2017-11-30","10米","221度","宁德时代",221,"直流","中车时代","常规线路营运","华强",90.1810811531589,"换电",{"v":312056.844,"d":"312,056.84"},{"v":0.6753,"d":"67.53%"},{"v":82.5,"d":"82.50"},{"v":18232.5,"d":"18,232.50"}]
[890,9365,"四业务部","5车队","刘忠民13874908456","355路",9365,9365,"湘AF3308","湘A99812D","TEG6106BEV20","LHWCJ95D1H1170961","电动",2017,"2017-11-30","10米","221度","宁德时代",221,"直流","中车时代","常规线路营运","华强",88.3839607385677,"换电",{"v":298930.02,"d":"298,930.02"},{"v":0.7253,"d":"72.53%"},{"v":82.5,"d":"82.50"},{"v":18232.5,"d":"18,232.50"}]
[891,9366,"四业务部","7车队","覃小军13298692758","211路",9366,9366,"湘AF3369","湘A05763D","TEG6106BEV20","LHWCJ95D5H1170963","电动",2017,"2017-11-30","10米","221度","宁德时代",221,"直流","中车时代","常规线路营运","华强",85.0928140970454,"换电",{"v":271710.892,"d":"271,710.89"},{"v":0.7621,"d":"76.21%"},{"v":82.5,"d":"82.50"},{"v":18232.5,"d":"18,232.50"}]
[892,9367,"四业务部","8车队","何晔13739094979","69路",9367,9367,"湘AF3378","湘A97208D","TEG6106BEV20","LHWCJ95D7H1170964","电动",2017,"2017-11-30","10米","221度","宁德时代",221,"直流","中车时代","常规线路营运","华强",76.9383529494636,"换电",{"v":282092.27,"d":"282,092.27"},{"v":0.7565,"d":"75.65%"},{"v":82.5,"d":"82.50"},{"v":18232.5,"d":"18,232.50"}]
[893,9368,"四业务部","5车队","刘忠民13874908456","317路",9368,9368,"湘AF3335","湘A07313D","TEG6106BEV20","LHWCJ95D9H1170965","电动",2017,"2017-11-30","10米","221度","宁德时代",221,"直流","中车时代","常规线路营运","华强",68.4372214305206,"换电",{"v":290703.68,"d":"290,703.68"},{"v":0.7328,"d":"73.28%"},{"v":82.5,"d":"82.50"},{"v":18232.5,"d":"18,232.50"}]
[894,9369,"四业务部","5车队","刘忠民13874908456","355路",9369,9369,"湘AF3060","湘A98616D","TEG6106BEV20","LHWCJ95D4H1170971","电动",2017,"2017-11-30","10米","221度","宁德时代",221,"直流","中车时代","常规线路营运","华强",92.5541356396481,"换电",{"v":283046.9,"d":"283,046.90"},{"v":0.7375,"d":"73.75%"},{"v":82.5,"d":"82.50"},{"v":18232.5,"d":"18,232.50"}]
[895,9370,"二业务部","9车队","刘宇13508492564","409路",9370,9370,"湘AF3032","湘A02940D","TEG6106BEV20","LHWCJ95D8H1170973","电动",2017,"2017-11-30","10米","221度","宁德时代",221,"直流","中车时代","常规线路营运","华强",72.7225679208155,"换电",{"v":316907.531,"d":"316,907.53"},{"v":0.6667,"d":"66.67%"},{"v":82.5,"d":"82.50"},{"v":18232.5,"d":"18,232.50"}]
[896,9371,"二业务部","4车队","文专辉15580930345","360路",9371,9371,"湘AF3097","湘A05830D","TEG6106BEV20","LHWCJ95DXH1170974","电动",2017,"2017-11-30","10米","221度","宁德时代",221,"直流","中车时代","常规线路营运","华强",86.9636434341952,"换电",{"v":274011.895,"d":"274,011.90"},{"v":0.6592,"d":"65.92%"},{"v":82.5,"d":"82.50"},{"v":18232.5,"d":"18,232.50"}]
[897,9372,"二业务部","4车队","文专辉15580930345","360路",9372,9372,"湘AF3382","湘A99001D","TEG6106BEV20","LHWCJ95D5H1170977","电动",2017,"2017-11-30","10米","221度","宁德时代",221,"直流","中车时代","常规线路营运","华强",83.4281798386451,"换电",{"v":289492.739,"d":"289,492.74"},{"v":0.662,"d":"66.20%"},{"v":82.5,"d":"82.50"},{"v":18232.5,"d":"18,232.50"}]
[898,9373,"四业务部","3车队","赵青西13787063198","288路",9373,9373,"湘AF3225","湘A99260D","TEG6106BEV20","LHWCJ95D9H1170979","电动",2017,"2017-11-30","10米","221度","宁德时代",221,"直流","中车时代","常规线路营运","华强",75.4544887149919,"换电",{"v":266350.613,"d":"266,350.61"},{"v":0.6241,"d":"62.41%"},{"v":82.5,"d":"82.50"},{"v":18232.5,"d":"18,232.50"}]
[899,9374,"四业务部","3车队","赵青西13787063198","288路",9374,9374,"湘AF3275","湘A91233D","TEG6106BEV20","LHWCJ95D7H1170981","电动",2017,"2017-11-30","10米","221度","宁德时代",221,"直流","中车时代","常规线路营运","华强",84.1687398276629,"换电",{"v":270031.925,"d":"270,031.93"},{"v":0.6504,"d":"65.04%"},{"v":82.5,"d":"82.50"},{"v":18232.5,"d":"18,232.50"}]
[900,9375,"四业务部","3车队","赵青西13787063198","288路",9375,9375,"湘AF3161","湘A95792D","TEG6106BEV20","LHWCJ95D6H1170986","电动",2017,"2017-11-30","10米","221度","宁德时代",221,"直流","中车时代","常规线路营运","华强",92.8030404321318,"换电",{"v":253273.91,"d":"253,273.91"},{"v":0.6935,"d":"69.35%"},{"v":82.5,"d":"82.50"},{"v":18232.5,"d":"18,232.50"}]
[901,9376,"四业务部","6车队","刘得良13807492332","916路",9376,9376,"湘AF3827","湘A02193D","TEG6106BEV20","LHWCJ95DXH1170991","电动",2017,"2017-11-30","10米","221度","宁德时代",221,"直流","中车时代","常规线路营运","华强",87.9783168301195,"换电",{"v":255811.785,"d":"255,811.79"},{"v":0.7884,"d":"78.84%"},{"v":82.5,"d":"82.50"},{"v":18232.5,"d":"18,232.50"}]
[902,9377,"四业务部","6车队","刘得良13807492332","916路",9377,9377,"湘AF3152","湘A95560D","TEG6106BEV20","LHWCJ95D7H1170995","电动",2017,"2017-11-30","10米","221度","宁德时代",221,"直流","中车时代","常规线路营运","华强",93.5136693412771,"换电",{"v":246442.439,"d":"246,442.44"},{"v":0.7279,"d":"72.79%"},{"v":82.5,"d":"82.50"},{"v":18232.5,"d":"18,232.50"}]
[903,9378,"四业务部","4车队","刘果13755037587","367路",9378,9378,"湘AF3195","湘A95955D","TEG6106BEV20","LHWCJ95D2H1170998","电动",2017,"2017-11-30","10米","221度","宁德时代",221,"直流","中车时代","常规线路营运","华强",78.9106814731964,"换电",{"v":288316.376,"d":"288,316.38"},{"v":0.6754,"d":"67.54%"},{"v":82.5,"d":"82.50"},{"v":18232.5,"d":"18,232.50"}]
[904,9379,"四业务部","6车队","刘得良13807492332","916路",9379,9379,"湘AF3559","湘A90758D","TEG6106BEV20","LHWCJ95D2H1171004","电动",2017,"2017-11-30","10米","221度","宁德时代",221,"直流","中车时代","常规线路营运","华强",90.5920886190321,"换电",{"v":252048.816,"d":"252,048.82"},{"v":0.6544,"d":"65.44%"},{"v":82.5,"d":"82.50"},{"v":18232.5,"d":"18,232.50"}]
[905,9380,"四业务部","4车队","刘果13755037587","367路",9380,9380,"湘AF3201","湘A92021D","TEG6106BEV20","LHWCJ95DXH1171008","电动",2017,"2017-11-30","10米","221度","宁德时代",221,"直流","中车时代","常规线路营运","华强",78.985043285068,"换电",{"v":277499.93,"d":"277,499.93"},{"v":0.7618,"d":"76.18%"},{"v":82.5,"d":"82.50"},{"v":18232.5,"d":"18,232.50"}]
[906,9381,"五业务部","4车队","黄学13787078668","311路",9381,9381,"湘AF3558","湘A02373D","TEG6106BEV20","LHWCJ95D1H1171009","电动",2017,"2017-11-30","10米","221度","宁德时代",221,"直流","中车时代","常规线路营运","华强",81.9836857328497,"换电",{"v":283245.765,"d":"283,245.77"},{"v":0.762,"d":"76.20%"},{"v":82.5,"d":"82.50"},{"v":18232.5,"d":"18,232.50"}]
[907,9382,"五业务部","4车队","黄学13787078668","311路",9382,9382,"湘AF3186","湘A97331D","TEG6106BEV20","LHWCJ95D3H1171013","电动",2017,"2017-11-30","10米","221度","宁德时代",221,"直流","中车时代","常规线路营运","华强",80.5743764186322,"换电",{"v":297741.601,"d":"297,741.60"},{"v":0.7083,"d":"70.83%"},{"v":82.5,"d":"82.50"},{"v":18232.5,"d":"18,232.50"}]
[908,9383,"五业务部","4车队","黄学13787078668","311路",9383,9383,"湘AF3257","湘A01873D","TEG6106BEV20","LHWCJ95D9H1171016","电动",2017,"2017-11-30","10米","221度","宁德时代",221,"直流","中车时代","常规线路营运","华强",84.8814013099925,"换电",{"v":290949.546,"d":"290,949.55"},{"v":0.6182,"d":"61.82%"},{"v":82.5,"d":"82.50"},{"v":18232.5,"d":"18,232.50"}]
[909,9384,"五业务部","4车队","黄学13787078668","311路",9384,9384,"湘AF3596","湘A01804D","TEG6106BEV20","LHWCJ95D4H1171019","电动",2017,"2017-11-30","10米","221度","宁德时代",221,"直流","中车时代","常规线路营运","华强",89.9700621205092,"换电",{"v":291721.576,"d":"291,721.58"},{"v":0.7128,"d":"71.28%"},{"v":82.5,"d":"82.50"},{"v":18232.5,"d":"18,232.50"}]
[910,9385,"五业务部","4车队","黄学13787078668","311路",9385,9385,"湘AF3165","湘A06132D","TEG6106BEV20","LHWCJ95D2H1171021","电动",2017,"2017-11-30","10米","221度","宁德时代",221,"直流","中车时代","常规线路营运","华强",77.143639644784,"换电",{"v":289491.528,"d":"289,491.53"},{"v":0.732,"d":"73.20%"},{"v":82.5,"d":"82.50"},{"v":18232.5,"d":"18,232.50"}]
[911,9386,"五业务部","4车队","黄学13787078668","311路",9386,9386,"湘AF3021","湘A91065D","TEG6106BEV20","LHWCJ95D4H1171036","电动",2017,"2017-11-30","10米","221度","宁德时代",221,"直流","中车时代","常规线路营运","华强",79.0726897924481,"换电",{"v":281492.709,"d":"281,492.71"},{"v":0.8435,"d":"84.35%"},{"v":82.5,"d":"82.50"},{"v":18232.5,"d":"18,232.50"}]
[912,9387,"二业务部","4车队","文专辉15580930345","360路",9387,9387,"湘AF3356","湘A96307D","TEG6106BEV20","LHWCJ95D6H1171037","电动",2017,"2017-11-30","10米","221度","宁德时代",221,"直流","中车时代","常规线路营运","华强",81.3906081934091,"换电",{"v":301884.31,"d":"301,884.31"},{"v":0.7109,"d":"71.09%"},{"v":82.5,"d":"82.50"},{"v":18232.5,"d":"18,232.50"}]
[913,9388,"二业务部","4车队","文专辉15580930345","360路",9388,9388,"湘AF3570","湘A02063D","TEG6106BEV20","LHWCJ95DXH1171039","电动",2017,"2017-11-30","10米","221度","宁德时代",221,"直流","中车时代","常规线路营运","华强",81.2708611481976,"换电",{"v":291483.298,"d":"291,483.30"},{"v":0.6746,"d":"67.46%"},{"v":82.5,"d":"82.50"},{"v":18232.5,"d":"18,232.50"}]
[914,9389,"二业务部","4车队","文专辉15580930345","360路",9389,9389,"湘AF3508","湘A03622D","TEG6106BEV20","LHWCJ95D6H1171040","电动",2017,"2017-11-30","10米","221度","宁德时代",221,"直流","中车时代","常规线路营运","华强",79.8239376507701,"换电",{"v":298542.806,"d":"298,542.81"},{"v":0.6406,"d":"64.06%"},{"v":82.5,"d":"82.50"},{"v":18232.5,"d":"18,232.50"}]
[915,9390,"四业务部","3车队","赵青西13787063198","357路",9390,9390,"湘AF3876","湘A03597D","TEG6106BEV20","LHWCJ95D2H1171052","电动",2017,"2017-11-30","10米","221度","宁德时代",221,"直流","中车时代","常规线路营运","华强",77.1885745760711,"换电",{"v":305960.134,"d":"305,960.13"},{"v":0.7853,"d":"78.53%"},{"v":82.5,"d":"82.50"},{"v":18232.5,"d":"18,232.50"}]
[916,9391,"四业务部","3车队","赵青西13787063198","357路",9391,9391,"湘AF3325","湘A01793D","TEG6106BEV20","LHWCJ95D4H1171053","电动",2017,"2017-11-30","10米","221度","宁德时代",221,"直流","中车时代","常规线路营运","华强",82.9626662765329,"换电",{"v":293350.016,"d":"293,350.02"},{"v":0.6719,"d":"67.19%"},{"v":82.5,"d":"82.50"},{"v":18232.5,"d":"18,232.50"}]
[917,9392,"四业务部","3车队","赵青西13787063198","357路",9392,9392,"湘AF3386","湘A01194D","TEG6106BEV20","LHWCJ95DXH1171056","电动",2017,"2017-11-30","10米","221度","宁德时代",221,"直流","中车时代","常规线路营运","华强",83.5547513889995,"换电",{"v":286872.341,"d":"286,872.34"},{"v":0.84,"d":"84.00%"},{"v":82.5,"d":"82.50"},{"v":18232.5,"d":"18,232.50"}]
[918,9393,"四业务部","3车队","赵青西13787063198","357路",9393,9393,"湘AF3318","湘A92730D","TEG6106BEV20","LHWCJ95D1H1171057","电动",2017,"2017-11-30","10米","221度","宁德时代",221,"直流","中车时代","常规线路营运","华强",82.6065993552944,"换电",{"v":290826.144,"d":"290,826.14"},{"v":0.6856,"d":"68.56%"},{"v":82.5,"d":"82.50"},{"v":18232.5,"d":"18,232.50"}]
[919,9394,"四业务部","3车队","赵青西13787063198","375路",9394,9394,"湘AF3861","湘A95083D","TEG6106BEV20","LHWCJ95D3H1171058","电动",2017,"2017-11-30","10米","221度","宁德时代",221,"直流","中车时代","常规线路营运","华强",75.9096586690452,"换电",{"v":289836.519,"d":"289,836.52"},{"v":0.6902,"d":"69.02%"},{"v":82.5,"d":"82.50"},{"v":18232.5,"d":"18,232.50"}]
[920,9395,"四业务部","3车队","赵青西13787063198","288路",9395,9395,"湘AF3816","湘A04107D","TEG6106BEV20","LHWCJ95D5H1171059","电动",2017,"2017-11-30","10米","221度","宁德时代",221,"直流","中车时代","常规线路营运","华强",81.8267060753446,"换电",{"v":304952.407,"d":"304,952.41"},{"v":0.8148,"d":"81.48%"},{"v":82.5,"d":"82.50"},{"v":18232.5,"d":"18,232.50"}]
[921,9396,"四业务部","3车队","赵青西13787063198","288路",9396,9396,"湘AF3235","湘A90563D","TEG6106BEV20","LHWCJ95D5H1171062","电动",2017,"2017-11-30","10米","221度","宁德时代",221,"直流","中车时代","常规线路营运","华强",83.2637573012927,"换电",{"v":294426.144,"d":"294,426.14"},{"v":0.8313,"d":"83.13%"},{"v":82.5,"d":"82.50"},{"v":18232.5,"d":"18,232.50"}]
[922,9397,"四业务部","1车队","黄建新13875895531","903路",9397,9397,"湘AF3360","湘A97531D","TEG6106BEV20","LHWCJ95D0H1171065","电动",2017,"2017-11-30","10米","221度","宁德时代",221,"直流","中车时代","常规线路营运","华强",81.1471919195868,"换电",{"v":297464.054,"d":"297,464.05"},{"v":0.7194,"d":"71.94%"},{"v":82.5,"d":"82.50"},{"v":18232.5,"d":"18,232.50"}]
[923,9398,"四业务部","4车队","刘果13755037587","366路",9398,9398,"湘AF3556","湘A95975D","TEG6106BEV20","LHWCJ95D6H1171068","电动",2017,"2017-11-30","10米","221度","宁德时代",221,"直流","中车时代","常规线路营运","华强",80.3736640407206,"换电",{"v":286402.659,"d":"286,402.66"},{"v":0.7129,"d":"71.29%"},{"v":82.5,"d":"82.50"},{"v":18232.5,"d":"18,232.50"}]
[924,9399,"四业务部","3车队","赵青西13787063198","288路",9399,9399,"湘AF3223","湘A96151D","TEG6106BEV20","LHWCJ95D8H1171069","电动",2017,"2017-11-30","10米","221度","宁德时代",221,"直流","中车时代","常规线路营运","华强",79.6517070647257,"换电",{"v":295659.744,"d":"295,659.74"},{"v":0.7136,"d":"71.36%"},{"v":82.5,"d":"82.50"},{"v":18232.5,"d":"18,232.50"}]
[925,9400,"一业务部","9车队","李刃15874081178","358路",9400,9400,"湘AF3801","湘A05147D","TEG6106BEV20","LHWCJ95D8H1171072","电动",2017,"2017-11-30","10米","221度","宁德时代",221,"直流","中车时代","常规线路营运","华强",76.0172046737489,"换电",{"v":314792.77,"d":"314,792.77"},{"v":0.6885,"d":"68.85%"},{"v":82.5,"d":"82.50"},{"v":18232.5,"d":"18,232.50"}]
[926,9401,"一业务部","9车队","李刃15874081178","358路",9401,9401,"湘AF3267","湘A90333D","TEG6106BEV20","LHWCJ95D9H1171078","电动",2017,"2017-11-30","10米","221度","宁德时代",221,"直流","中车时代","常规线路营运","华强",97.3371311906312,"换电",{"v":283251.146,"d":"283,251.15"},{"v":0.7104,"d":"71.04%"},{"v":82.5,"d":"82.50"},{"v":18232.5,"d":"18,232.50"}]
[927,9402,"三业务部","3车队","丁广新15367802570","365路",9402,9402,"湘AF3395","湘A95026D","TEG6106BEV20","LHWCJ95D0H1171079","电动",2017,"2017-11-30","10米","221度","宁德时代",221,"直流","中车时代","常规线路营运","华强",79.0550422975454,"换电",{"v":340017.073,"d":"340,017.07"},{"v":0.6399,"d":"63.99%"},{"v":82.5,"d":"82.50"},{"v":18232.5,"d":"18,232.50"}]
[928,9403,"一业务部","9车队","李刃15874081178","358路",9403,9403,"湘AF3180","湘A04359D","TEG6106BEV20","LHWCJ95D9H1171081","电动",2017,"2017-11-30","10米","221度","宁德时代",221,"直流","中车时代","常规线路营运","华强",79.6034309804632,"换电",{"v":328786.259,"d":"328,786.26"},{"v":0.8146,"d":"81.46%"},{"v":82.5,"d":"82.50"},{"v":18232.5,"d":"18,232.50"}]
[929,9404,"五业务部","7车队","张泽17607317210（主持工作）","150路",9404,9404,"湘AF3352","湘A05503D","TEG6106BEV20","LHWCJ95D0H1171082","电动",2017,"2017-11-30","10米","221度","宁德时代",221,"直流","中车时代","常规线路营运","华强",78.9274788554976,"换电",{"v":320034.473,"d":"320,034.47"},{"v":0.7528,"d":"75.28%"},{"v":82.5,"d":"82.50"},{"v":18232.5,"d":"18,232.50"}]
[930,9405,"五业务部","7车队","张泽17607317210（主持工作）","150路",9405,9405,"湘AF3156","湘A07203D","TEG6106BEV20","LHWCJ95D2H1171083","电动",2017,"2017-11-30","10米","221度","宁德时代",221,"直流","中车时代","常规线路营运","华强",79.9041574903468,"换电",{"v":309015.929,"d":"309,015.93"},{"v":0.854,"d":"85.40%"},{"v":82.5,"d":"82.50"},{"v":18232.5,"d":"18,232.50"}]
[931,9406,"四业务部","10车队","王政威13017281978","213路",9406,9406,"湘AF3877","湘A90198D","TEG6106BEV20","LHWCJ95D6H1171085","电动",2017,"2017-11-30","10米","221度","宁德时代",221,"直流","中车时代","常规线路营运","华强",80.2916833000665,"换电",{"v":321561.908,"d":"321,561.91"},{"v":0.6816,"d":"68.16%"},{"v":82.5,"d":"82.50"},{"v":18232.5,"d":"18,232.50"}]
[932,9407,"五业务部","7车队","张泽17607317210（主持工作）","122路",9407,9407,"湘AF3817","湘A05103D","TEG6106BEV20","LHWCJ95DXH1171087","电动",2017,"2017-11-30","10米","221度","宁德时代",221,"直流","中车时代","常规线路营运","华强",81.2616758910074,"换电",{"v":310038.102,"d":"310,038.10"},{"v":0.7721,"d":"77.21%"},{"v":82.5,"d":"82.50"},{"v":18232.5,"d":"18,232.50"}]
[933,9408,"五业务部","5车队","刘向科13507497484（主持工作）","118路",9408,9408,"湘AF3035","湘A06903D","TEG6106BEV20","LHWCJ95D1H1171088","电动",2017,"2017-11-30","10米","221度","宁德时代",221,"直流","中车时代","常规线路营运","华强",84.9583802558919,"换电",{"v":297912.29,"d":"297,912.29"},{"v":0.7481,"d":"74.81%"},{"v":82.5,"d":"82.50"},{"v":18232.5,"d":"18,232.50"}]
[934,9409,"五业务部","4车队","黄学13787078668","239路",9409,9409,"湘AF3819","湘A93180D","TEG6106BEV20","LHWCJ95DXH1171090","电动",2017,"2017-11-30","10米","221度","宁德时代",221,"直流","中车时代","常规线路营运","华强",74.9769681819017,"换电",{"v":302802.214,"d":"302,802.21"},{"v":0.6832,"d":"68.32%"},{"v":82.5,"d":"82.50"},{"v":18232.5,"d":"18,232.50"}]
[935,9410,"五业务部","9车队","彭景13787029829","705路",9410,9410,"湘AF3760","湘A09562D","TEG6106BEV20","LHWCJ95D7H1171094","电动",2017,"2017-11-30","10米","221度","宁德时代",221,"直流","中车时代","常规线路营运","华强",83.8239775241183,"换电",{"v":298749.133,"d":"298,749.13"},{"v":0.8494,"d":"84.94%"},{"v":82.5,"d":"82.50"},{"v":18232.5,"d":"18,232.50"}]
[936,9411,"五业务部","4车队","黄学13787078668","239路",9411,9411,"湘AF3353","湘A93907D","TEG6106BEV20","LHWCJ95D9H1171100","电动",2017,"2017-11-30","10米","221度","宁德时代",221,"直流","中车时代","常规线路营运","华强",73.4998053574059,"换电",{"v":296151.113,"d":"296,151.11"},{"v":0.7624,"d":"76.24%"},{"v":82.5,"d":"82.50"},{"v":18232.5,"d":"18,232.50"}]
[937,9412,"四业务部","4车队","刘果13755037587","366路",9412,9412,"湘AF3110","湘A97787D","TEG6106BEV20","LHWCJ95D6H1171104","电动",2017,"2017-11-30","10米","221度","宁德时代",221,"直流","中车时代","常规线路营运","华强",83.6851826354936,"换电",{"v":274722.15,"d":"274,722.15"},{"v":0.8614,"d":"86.14%"},{"v":82.5,"d":"82.50"},{"v":18232.5,"d":"18,232.50"}]
[938,9413,"二业务部","10车队","李卓13469458288","112路",9413,9413,"湘AF3207","湘A08273D","TEG6106BEV20","LHWCJ95D1H1171107","电动",2017,"2017-11-30","10米","221度","宁德时代",221,"直流","中车时代","常规线路营运","华强",78.6558013451344,"换电",{"v":319116.932,"d":"319,116.93"},{"v":0.6684,"d":"66.84%"},{"v":82.5,"d":"82.50"},{"v":18232.5,"d":"18,232.50"}]
[939,9414,"四业务部","8车队","何晔13739094979","12路",9414,9414,"湘AF3159","湘A01650D","TEG6106BEV20","LHWCJ95D5H1171109","电动",2017,"2017-11-30","10米","221度","宁德时代",221,"直流","中车时代","常规线路营运","华强",73.8383831612817,"换电",{"v":305281.765,"d":"305,281.77"},{"v":0.7219,"d":"72.19%"},{"v":82.5,"d":"82.50"},{"v":18232.5,"d":"18,232.50"}]
[940,9415,"二业务部","10车队","李卓13469458288","112路",9415,9415,"湘AF3056","湘A93306D","TEG6106BEV20","LHWCJ95D1H1171110","电动",2017,"2017-11-30","10米","221度","宁德时代",221,"直流","中车时代","常规线路营运","华强",78.5080212166816,"换电",{"v":304825.76,"d":"304,825.76"},{"v":0.7241,"d":"72.41%"},{"v":82.5,"d":"82.50"},{"v":18232.5,"d":"18,232.50"}]
[941,9416,"二业务部","10车队","李卓13469458288","112路",9416,9416,"湘AF3272","湘A96301D","TEG6106BEV20","LHWCJ95D4H1171117","电动",2017,"2017-11-30","10米","221度","宁德时代",221,"直流","中车时代","常规线路营运","华强",79.5078659956345,"换电",{"v":287274.349,"d":"287,274.35"},{"v":0.7644,"d":"76.44%"},{"v":82.5,"d":"82.50"},{"v":18232.5,"d":"18,232.50"}]
[942,9417,"四业务部","4车队","刘果13755037587","367路",9417,9417,"湘AF3081","湘A02460D","TEG6106BEV20","LHWCJ95D5H1171126","电动",2017,"2017-11-30","10米","221度","宁德时代",221,"直流","中车时代","常规线路营运","华强",78.32834203675,"换电",{"v":302569.029,"d":"302,569.03"},{"v":0.7112,"d":"71.12%"},{"v":82.5,"d":"82.50"},{"v":18232.5,"d":"18,232.50"}]
[943,9418,"四业务部","4车队","刘果13755037587","367路",9418,9418,"湘AF3150","湘A97050D","TEG6106BEV20","LHWCJ95D9H1171131","电动",2017,"2017-11-30","10米","221度","宁德时代",221,"直流","中车时代","常规线路营运","华强",80.4267148462338,"换电",{"v":307519.1,"d":"307,519.10"},{"v":0.8541,"d":"85.41%"},{"v":82.5,"d":"82.50"},{"v":18232.5,"d":"18,232.50"}]
[944,9419,"四业务部","6车队","刘得良13807492332","916路",9419,9419,"湘AF3507","湘A95755D","TEG6106BEV20","LHWCJ95D0H1171132","电动",2017,"2017-11-30","10米","221度","宁德时代",221,"直流","中车时代","常规线路营运","华强",86.6862862102636,"换电",{"v":265663.549,"d":"265,663.55"},{"v":0.7433,"d":"74.33%"},{"v":82.5,"d":"82.50"},{"v":18232.5,"d":"18,232.50"}]
[945,9420,"四业务部","4车队","刘果13755037587","367路",9420,9420,"湘AF3515","湘A02484D","TEG6106BEV20","LHWCJ95D2H1171150","电动",2017,"2017-11-30","10米","221度","宁德时代",221,"直流","中车时代","常规线路营运","华强",83.0510200092521,"换电",{"v":310856.592,"d":"310,856.59"},{"v":0.6834,"d":"68.34%"},{"v":82.5,"d":"82.50"},{"v":18232.5,"d":"18,232.50"}]
[946,9421,"四业务部","6车队","刘得良13807492332","916路",9421,9421,"湘AF3725","湘A95553D","TEG6106BEV20","LHWCJ95DXH1171154","电动",2017,"2017-11-30","10米","221度","宁德时代",221,"直流","中车时代","常规线路营运","华强",87.091152569112,"换电",{"v":262320.567,"d":"262,320.57"},{"v":0.7856,"d":"78.56%"},{"v":82.5,"d":"82.50"},{"v":18232.5,"d":"18,232.50"}]
[947,9422,"二业务部","9车队","刘宇13508492564","409路",9422,9422,"湘AF3391","湘A99663D","TEG6106BEV20","LHWCJ95D9H1171159","电动",2017,"2017-11-30","10米","221度","宁德时代",221,"直流","中车时代","常规线路营运","华强",69.8522046445488,"换电",{"v":326232.67,"d":"326,232.67"},{"v":0.7439,"d":"74.39%"},{"v":82.5,"d":"82.50"},{"v":18232.5,"d":"18,232.50"}]
[948,9423,"一业务部","2车队","聂晓辉15387520328","121路",9423,9423,"湘AF3027","湘A97329D","TEG6106BEV20","LHWCJ95D8H1171167","电动",2017,"2017-11-30","10米","221度","宁德时代",221,"直流","中车时代","常规线路营运","华强",81.4999965513092,"换电",{"v":258415.116,"d":"258,415.12"},{"v":0.7333,"d":"73.33%"},{"v":82.5,"d":"82.50"},{"v":18232.5,"d":"18,232.50"}]
[949,9424,"四业务部","4车队","刘果13755037587","366路",9424,9424,"湘AF3538","湘A99902D","TEG6106BEV20","LHWCJ95D8H1171170","电动",2017,"2017-11-30","10米","221度","宁德时代",221,"直流","中车时代","常规线路营运","华强",79.405194120534,"换电",{"v":281302.987,"d":"281,302.99"},{"v":0.7334,"d":"73.34%"},{"v":82.5,"d":"82.50"},{"v":18232.5,"d":"18,232.50"}]
[950,9425,"四业务部","4车队","刘果13755037587","366路",9425,9425,"湘AF3025","湘A93361D","TEG6106BEV20","LHWCJ95DXH1171171","电动",2017,"2017-11-30","10米","221度","宁德时代",221,"直流","中车时代","常规线路营运","华强",77.476307914178,"换电",{"v":268410.176,"d":"268,410.18"},{"v":0.7206,"d":"72.06%"},{"v":82.5,"d":"82.50"},{"v":18232.5,"d":"18,232.50"}]
[951,9426,"四业务部","4车队","刘果13755037587","366路",9426,9426,"湘AF3251","湘A02400D","TEG6106BEV20","LHWCJ95D5H1171174","电动",2017,"2017-11-30","10米","221度","宁德时代",221,"直流","中车时代","常规线路营运","华强",76.7182550380805,"换电",{"v":284702.43,"d":"284,702.43"},{"v":0.7625,"d":"76.25%"},{"v":82.5,"d":"82.50"},{"v":18232.5,"d":"18,232.50"}]
[952,9427,"四业务部","4车队","刘果13755037587","366路",9427,9427,"湘AF3151","湘A97991D","TEG6106BEV20","LHWCJ95D7H1171175","电动",2017,"2017-11-30","10米","221度","宁德时代",221,"直流","中车时代","常规线路营运","华强",77.9517475310889,"换电",{"v":287421.828,"d":"287,421.83"},{"v":0.7199,"d":"71.99%"},{"v":82.5,"d":"82.50"},{"v":18232.5,"d":"18,232.50"}]
[953,9428,"四业务部","4车队","刘果13755037587","366路",9428,9428,"湘AF3599","湘A97920D","TEG6106BEV20","LHWCJ95D9H1171176","电动",2017,"2017-11-30","10米","221度","宁德时代",221,"直流","中车时代","常规线路营运","华强",74.8055838592263,"换电",{"v":282934.31,"d":"282,934.31"},{"v":0.8596,"d":"85.96%"},{"v":82.5,"d":"82.50"},{"v":18232.5,"d":"18,232.50"}]
[954,9429,"四业务部","4车队","刘果13755037587","366路",9429,9429,"湘AF3578","湘A98308D","TEG6106BEV20","LHWCJ95D4H1171179","电动",2017,"2017-11-30","10米","221度","宁德时代",221,"直流","中车时代","常规线路营运","华强",79.5137617620544,"换电",{"v":276092.374,"d":"276,092.37"},{"v":0.9147,"d":"91.47%"},{"v":82.5,"d":"82.50"},{"v":18232.5,"d":"18,232.50"}]
[955,9430,"四业务部","1车队","黄建新13875895531","918路",9430,9430,"湘AF3381","湘A99760D","TEG6106BEV20","LHWCJ95D0H1171180","电动",2017,"2017-11-30","10米","221度","宁德时代",221,"直流","中车时代","常规线路营运","华强",91.4349107110776,"换电",{"v":273943.421,"d":"273,943.42"},{"v":0.695,"d":"69.50%"},{"v":82.5,"d":"82.50"},{"v":18232.5,"d":"18,232.50"}]
[956,9431,"四业务部","1车队","黄建新13875895531","918路",9431,9431,"湘AF3259","湘A93758D","TEG6106BEV20","LHWCJ95D4H1171182","电动",2017,"2017-11-30","10米","221度","宁德时代",221,"直流","中车时代","常规线路营运","华强",99.589339818516,"换电",{"v":269725.872,"d":"269,725.87"},{"v":0.7158,"d":"71.58%"},{"v":82.5,"d":"82.50"},{"v":18232.5,"d":"18,232.50"}]
[957,9432,"四业务部","4车队","刘果13755037587","366路",9432,9432,"湘AF3310","湘A99975D","TEG6106BEV20","LHWCJ95D3H1171187","电动",2017,"2017-11-30","10米","221度","宁德时代",221,"直流","中车时代","常规线路营运","华强",80.3318141802987,"换电",{"v":264419.634,"d":"264,419.63"},{"v":0.7524,"d":"75.24%"},{"v":82.5,"d":"82.50"},{"v":18232.5,"d":"18,232.50"}]
[958,9433,"四业务部","1车队","黄建新13875895531","918路",9433,9433,"湘AF0030","湘A00104D","TEG6106BEV20","LHWCJ95D0H1171194","电动",2017,"2017-11-30","10米","221度","宁德时代",221,"直流","中车时代","常规线路营运","华强",89.5971568763217,"换电",{"v":275725.79,"d":"275,725.79"},{"v":0.7248,"d":"72.48%"},{"v":82.5,"d":"82.50"},{"v":18232.5,"d":"18,232.50"}]
[959,9434,"四业务部","4车队","刘果13755037587","366路",9434,9434,"湘AF3371","湘A03877D","TEG6106BEV20","LHWCJ95D8H1171198","电动",2017,"2017-11-30","10米","221度","宁德时代",221,"直流","中车时代","常规线路营运","华强",79.291403951746,"换电",{"v":294162.182,"d":"294,162.18"},{"v":0.7026,"d":"70.26%"},{"v":82.5,"d":"82.50"},{"v":18232.5,"d":"18,232.50"}]
[960,9435,"四业务部","1车队","黄建新13875895531","918路",9435,9435,"湘AF3390","湘A04642D","TEG6106BEV20","LHWCJ95DXH1171199","电动",2017,"2017-11-30","10米","221度","宁德时代",221,"直流","中车时代","常规线路营运","华强",81.464882250698,"换电",{"v":286508.079,"d":"286,508.08"},{"v":0.6801,"d":"68.01%"},{"v":82.5,"d":"82.50"},{"v":18232.5,"d":"18,232.50"}]
[961,9436,"四业务部","1车队","黄建新13875895531","918路",9436,9436,"湘AF3309","湘A03430D","TEG6106BEV20","LHWCJ95D2H1171200","电动",2017,"2017-11-30","10米","221度","宁德时代",221,"直流","中车时代","常规线路营运","华强",82.2445011963924,"换电",{"v":279164.737,"d":"279,164.74"},{"v":0.7051,"d":"70.51%"},{"v":82.5,"d":"82.50"},{"v":18232.5,"d":"18,232.50"}]
[962,9437,"四业务部","1车队","黄建新13875895531","918路",9437,9437,"湘AF3597","湘A90577D","TEG6106BEV20","LHWCJ95D6H1171202","电动",2017,"2017-11-30","10米","221度","宁德时代",221,"直流","中车时代","常规线路营运","华强",79.6704914653658,"换电",{"v":279725.5,"d":"279,725.50"},{"v":0.8546,"d":"85.46%"},{"v":82.5,"d":"82.50"},{"v":18232.5,"d":"18,232.50"}]
[963,9438,"四业务部","4车队","刘果13755037587","386路",9438,9438,"湘AF3182","湘A95236D","TEG6106BEV20","LHWCJ95D9H1171212","电动",2017,"2017-11-30","10米","221度","宁德时代",221,"直流","中车时代","常规线路营运","华强",81.7050902592513,"换电",{"v":229982.82,"d":"229,982.82"},{"v":0.8038,"d":"80.38%"},{"v":82.5,"d":"82.50"},{"v":18232.5,"d":"18,232.50"}]
[964,9439,"四业务部","7车队","覃小军13298692758","211路",9439,9439,"湘AF3007","湘A02533D","TEG6106BEV20","LHWCJ95D6H1171216","电动",2017,"2017-11-30","10米","221度","宁德时代",221,"直流","中车时代","常规线路营运","华强",82.7370826232777,"换电",{"v":269840,"d":"269,840.00"},{"v":0.7431,"d":"74.31%"},{"v":82.5,"d":"82.50"},{"v":18232.5,"d":"18,232.50"}]
[965,9440,"四业务部","7车队","覃小军13298692758","211路",9440,9440,"湘AF3112","湘A03361D","TEG6106BEV20","LHWCJ95D8H1171217","电动",2017,"2017-11-30","10米","221度","宁德时代",221,"直流","中车时代","常规线路营运","华强",82.5073314814164,"换电",{"v":266669.235,"d":"266,669.24"},{"v":0.7276,"d":"72.76%"},{"v":82.5,"d":"82.50"},{"v":18232.5,"d":"18,232.50"}]
[966,9441,"四业务部","7车队","覃小军13298692758","211路",9441,9441,"湘AF3575","湘A02213D","TEG6106BEV20","LHWCJ95D1H1171219","电动",2017,"2017-11-30","10米","221度","宁德时代",221,"直流","中车时代","常规线路营运","华强",84.2826189772187,"换电",{"v":263835.901,"d":"263,835.90"},{"v":0.6723,"d":"67.23%"},{"v":82.5,"d":"82.50"},{"v":18232.5,"d":"18,232.50"}]
[967,9442,"四业务部","7车队","覃小军13298692758","211路",9442,9442,"湘AF3361","湘A92526D","TEG6106BEV20","LHWCJ95D0H1171227","电动",2017,"2017-11-30","10米","221度","宁德时代",221,"直流","中车时代","常规线路营运","华强",84.522657661585,"换电",{"v":274606.77,"d":"274,606.77"},{"v":0.7833,"d":"78.33%"},{"v":82.5,"d":"82.50"},{"v":18232.5,"d":"18,232.50"}]
[968,9443,"四业务部","7车队","覃小军13298692758","211路",9443,9443,"湘AF3062","湘A96867D","TEG6106BEV20","LHWCJ95D2H1171228","电动",2017,"2017-11-30","10米","221度","宁德时代",221,"直流","中车时代","常规线路营运","华强",87.366132510011,"换电",{"v":269597.429,"d":"269,597.43"},{"v":0.7279,"d":"72.79%"},{"v":82.5,"d":"82.50"},{"v":18232.5,"d":"18,232.50"}]
[969,9444,"四业务部","7车队","覃小军13298692758","211路",9444,9444,"湘AF3739","湘A04372D","TEG6106BEV20","LHWCJ95D4H1171229","电动",2017,"2017-11-30","10米","221度","宁德时代",221,"直流","中车时代","常规线路营运","华强",91.2934507669928,"换电",{"v":270984.437,"d":"270,984.44"},{"v":0.7369,"d":"73.69%"},{"v":82.5,"d":"82.50"},{"v":18232.5,"d":"18,232.50"}]
[970,9445,"四业务部","7车队","覃小军13298692758","211路",9445,9445,"湘AF3171","湘A98386D","TEG6106BEV20","LHWCJ95D0H1171230","电动",2017,"2017-11-30","10米","221度","宁德时代",221,"直流","中车时代","常规线路营运","华强",89.3974567726996,"换电",{"v":268212.12,"d":"268,212.12"},{"v":0.7559,"d":"75.59%"},{"v":82.5,"d":"82.50"},{"v":18232.5,"d":"18,232.50"}]
[971,9446,"四业务部","1车队","黄建新13875895531","903路",9446,9446,"湘AF3057","湘A08531D","TEG6106BEV20","LHWCJ95D2H1171231","电动",2017,"2017-11-30","10米","221度","宁德时代",221,"直流","中车时代","常规线路营运","华强",79.4899340742868,"换电",{"v":257669.341,"d":"257,669.34"},{"v":0.7751,"d":"77.51%"},{"v":82.5,"d":"82.50"},{"v":18232.5,"d":"18,232.50"}]
[972,9447,"四业务部","7车队","覃小军13298692758","211路",9447,9447,"湘AF3373","湘A03281D","TEG6106BEV20","LHWCJ95D6H1171233","电动",2017,"2017-11-30","10米","221度","宁德时代",221,"直流","中车时代","常规线路营运","华强",80.2029334408835,"换电",{"v":248739.083,"d":"248,739.08"},{"v":0.8432,"d":"84.32%"},{"v":82.5,"d":"82.50"},{"v":18232.5,"d":"18,232.50"}]
[973,9448,"四业务部","7车队","覃小军13298692758","211路",9448,9448,"湘AF3833","湘A92998D","TEG6106BEV20","LHWCJ95D8H1171234","电动",2017,"2017-11-30","10米","221度","宁德时代",221,"直流","中车时代","常规线路营运","华强",88.0149705631468,"换电",{"v":281164.904,"d":"281,164.90"},{"v":0.7272,"d":"72.72%"},{"v":82.5,"d":"82.50"},{"v":18232.5,"d":"18,232.50"}]
[974,9449,"一业务部","9车队","李刃15874081178","358路",9449,9449,"湘AF3331","湘A07237D","TEG6106BEV20","LHWCJ95DXH1171235","电动",2017,"2017-11-30","10米","221度","宁德时代",221,"直流","中车时代","常规线路营运","华强",83.0417418801725,"换电",{"v":269390.123,"d":"269,390.12"},{"v":0.6561,"d":"65.61%"},{"v":82.5,"d":"82.50"},{"v":18232.5,"d":"18,232.50"}]
[975,9450,"四业务部","8车队","何晔13739094979","69路",9450,9450,"湘AF3370","湘A09753D","TEG6106BEV20","LHWCJ95D7H1171239","电动",2017,"2017-11-30","10米","221度","宁德时代",221,"直流","中车时代","常规线路营运","华强",96.2807852280385,"换电",{"v":260802.056,"d":"260,802.06"},{"v":0.7292,"d":"72.92%"},{"v":82.5,"d":"82.50"},{"v":18232.5,"d":"18,232.50"}]
[976,9451,"一业务部","9车队","李刃15874081178","358路",9451,9451,"湘AF3319","湘A90398D","TEG6106BEV20","LHWCJ95D3H1171240","电动",2017,"2017-11-30","10米","221度","宁德时代",221,"直流","中车时代","常规线路营运","华强",82.0484791080086,"换电",{"v":269607.361,"d":"269,607.36"},{"v":0.7258,"d":"72.58%"},{"v":82.5,"d":"82.50"},{"v":18232.5,"d":"18,232.50"}]
[977,9452,"一业务部","2车队","聂晓辉15387520328","7路",9452,9452,"湘AF3206","湘A98390D","TEG6106BEV20","LHWCJ95D9H1171243","电动",2017,"2017-11-30","10米","221度","宁德时代",221,"直流","中车时代","常规线路营运","华强",82.5927194037976,"换电",{"v":259226.956,"d":"259,226.96"},{"v":0.7111,"d":"71.11%"},{"v":82.5,"d":"82.50"},{"v":18232.5,"d":"18,232.50"}]
[978,9453,"二业务部","10车队","李卓13469458288","372路",9453,9453,"湘AF3252","湘A95812D","TEG6106BEV20","LHWCJ95D6H1171247","电动",2017,"2017-11-30","10米","221度","宁德时代",221,"直流","中车时代","常规线路营运","华强",77.1727349610499,"换电",{"v":279299.503,"d":"279,299.50"},{"v":0.8085,"d":"80.85%"},{"v":82.5,"d":"82.50"},{"v":18232.5,"d":"18,232.50"}]
[979,9454,"二业务部","10车队","李卓13469458288","372路",9454,9454,"湘AF3557","湘A99377D","TEG6106BEV20","LHWCJ95DXH1171249","电动",2017,"2017-11-30","10米","221度","宁德时代",221,"直流","中车时代","常规线路营运","华强",85.9752280910234,"换电",{"v":272910.819,"d":"272,910.82"},{"v":0.739,"d":"73.90%"},{"v":82.5,"d":"82.50"},{"v":18232.5,"d":"18,232.50"}]
[980,9455,"二业务部","10车队","李卓13469458288","372路",9455,9455,"湘AF3085","湘A90388D","TEG6106BEV20","LHWCJ95D1H1171253","电动",2017,"2017-11-30","10米","221度","宁德时代",221,"直流","中车时代","常规线路营运","华强",81.4902830027895,"换电",{"v":256275.23,"d":"256,275.23"},{"v":0.8243,"d":"82.43%"},{"v":82.5,"d":"82.50"},{"v":18232.5,"d":"18,232.50"}]
[981,9456,"二业务部","10车队","李卓13469458288","372路",9456,9456,"湘AF0092","湘A97073D","TEG6106BEV20","LHWCJ95D8H1173422","电动",2017,"2017-12-08","10米","221度","宁德时代",221,"直流","中车时代","常规线路营运","通盛",76.998222489535,"换电",{"v":296902.581,"d":"296,902.58"},{"v":0.7467,"d":"74.67%"},{"v":82.5,"d":"82.50"},{"v":18232.5,"d":"18,232.50"}]
[982,9457,"二业务部","10车队","李卓13469458288","372路",9457,9457,"湘AF5056","湘A98085D","TEG6106BEV20","LHWCJ95DXH1173423","电动",2017,"2017-12-08","10米","221度","宁德时代",221,"直流","中车时代","常规线路营运","通盛",77.1839253222439,"换电",{"v":288672.709,"d":"288,672.71"},{"v":0.7564,"d":"75.64%"},{"v":82.5,"d":"82.50"},{"v":18232.5,"d":"18,232.50"}]
[983,9458,"一业务部","9车队","李刃15874081178","358路",9458,9458,"湘AF0025","湘A96106D","TEG6106BEV20","LHWCJ95D1H1173424","电动",2017,"2017-12-08","10米","221度","宁德时代",221,"直流","中车时代","常规线路营运","通盛",81.1856205075408,"换电",{"v":288123.754,"d":"288,123.75"},{"v":0.825,"d":"82.50%"},{"v":82.5,"d":"82.50"},{"v":18232.5,"d":"18,232.50"}]
[984,9459,"一业务部","9车队","李刃15874081178","358路",9459,9459,"湘AF5085","湘A04866D","TEG6106BEV20","LHWCJ95D3H1173425","电动",2017,"2017-12-08","10米","221度","宁德时代",221,"直流","中车时代","常规线路营运","通盛",81.4586491869556,"换电",{"v":295723.71,"d":"295,723.71"},{"v":0.7334,"d":"73.34%"},{"v":82.5,"d":"82.50"},{"v":18232.5,"d":"18,232.50"}]
[985,9460,"一业务部","9车队","李刃15874081178","358路",9460,9460,"湘AF5020","湘A99679D","TEG6106BEV20","LHWCJ95D5H1173426","电动",2017,"2017-12-08","10米","221度","宁德时代",221,"直流","中车时代","常规线路营运","通盛",76.2545340722874,"换电",{"v":287952.744,"d":"287,952.74"},{"v":0.7843,"d":"78.43%"},{"v":82.5,"d":"82.50"},{"v":18232.5,"d":"18,232.50"}]
[986,9461,"一业务部","9车队","李刃15874081178","358路",9461,9461,"湘AF5072","湘A91838D","TEG6106BEV20","LHWCJ95D7H1173427","电动",2017,"2017-12-08","10米","221度","宁德时代",221,"直流","中车时代","常规线路营运","通盛",75.0698125289033,"换电",{"v":294258.615,"d":"294,258.62"},{"v":0.7004,"d":"70.04%"},{"v":82.5,"d":"82.50"},{"v":18232.5,"d":"18,232.50"}]
[987,9462,"一业务部","9车队","李刃15874081178","358路",9462,9462,"湘AF0043","湘A92708D","TEG6106BEV20","LHWCJ95D9H1173428","电动",2017,"2017-12-08","10米","221度","宁德时代",221,"直流","中车时代","常规线路营运","通盛",76.5572928530287,"换电",{"v":290128.46,"d":"290,128.46"},{"v":0.8053,"d":"80.53%"},{"v":82.5,"d":"82.50"},{"v":18232.5,"d":"18,232.50"}]
[988,9463,"四业务部","4车队","刘果13755037587","386路",9463,9463,"湘AF0003","湘A92820D","TEG6106BEV20","LHWCJ95D0H1173429","电动",2017,"2017-12-08","10米","221度","宁德时代",221,"直流","中车时代","常规线路营运","通盛",84.34249482844,"换电",{"v":238911.535,"d":"238,911.54"},{"v":0.7906,"d":"79.06%"},{"v":82.5,"d":"82.50"},{"v":18232.5,"d":"18,232.50"}]
[989,9464,"二业务部","4车队","文专辉15580930345","360路",9464,9464,"湘AF0013","湘A95932D","TEG6106BEV20","LHWCJ95D7H1173430","电动",2017,"2017-12-08","10米","221度","宁德时代",221,"直流","中车时代","常规线路营运","通盛",89.8009010761795,"换电",{"v":277240.3,"d":"277,240.30"},{"v":0.64,"d":"64.00%"},{"v":82.5,"d":"82.50"},{"v":18232.5,"d":"18,232.50"}]
[990,9465,"四业务部","1车队","黄建新13875895531","903路",9465,9465,"湘AF5125","湘A90316D","TEG6106BEV20","LHWCJ95D9H1173431","电动",2017,"2017-12-08","10米","221度","宁德时代",221,"直流","中车时代","常规线路营运","通盛",82.2391879690804,"换电",{"v":274228.76,"d":"274,228.76"},{"v":0.7597,"d":"75.97%"},{"v":82.5,"d":"82.50"},{"v":18232.5,"d":"18,232.50"}]
[991,9466,"四业务部","1车队","黄建新13875895531","903路",9466,9466,"湘AF5355","湘A07504D","TEG6106BEV20","LHWCJ95D0H1173432","电动",2017,"2017-12-08","10米","221度","宁德时代",221,"直流","中车时代","常规线路营运","通盛",88.5188651200039,"换电",{"v":277658.245,"d":"277,658.25"},{"v":0.7421,"d":"74.21%"},{"v":82.5,"d":"82.50"},{"v":18232.5,"d":"18,232.50"}]
[992,9467,"四业务部","1车队","黄建新13875895531","903路",9467,9467,"湘AF5159","湘A03173D","TEG6106BEV20","LHWCJ95D2H1173433","电动",2017,"2017-12-08","10米","221度","宁德时代",221,"直流","中车时代","常规线路营运","通盛",87.9139079467927,"换电",{"v":260748.417,"d":"260,748.42"},{"v":0.8048,"d":"80.48%"},{"v":82.5,"d":"82.50"},{"v":18232.5,"d":"18,232.50"}]
[993,9468,"四业务部","1车队","黄建新13875895531","903路",9468,9468,"湘AF5025","湘A03831D","TEG6106BEV20","LHWCJ95D4H1173434","电动",2017,"2017-12-08","10米","221度","宁德时代",221,"直流","中车时代","常规线路营运","通盛",87.9582102390907,"换电",{"v":267095.354,"d":"267,095.35"},{"v":0.8354,"d":"83.54%"},{"v":82.5,"d":"82.50"},{"v":18232.5,"d":"18,232.50"}]
[994,9469,"四业务部","1车队","黄建新13875895531","903路",9469,9469,"湘AF5058","湘A03901D","TEG6106BEV20","LHWCJ95D6H1173435","电动",2017,"2017-12-08","10米","221度","宁德时代",221,"直流","中车时代","常规线路营运","通盛",82.3804295788589,"换电",{"v":267339.42,"d":"267,339.42"},{"v":0.8367,"d":"83.67%"},{"v":82.5,"d":"82.50"},{"v":18232.5,"d":"18,232.50"}]
[995,9470,"四业务部","1车队","黄建新13875895531","903路",9470,9470,"湘AF5388","湘A02273D","TEG6106BEV20","LHWCJ95D8H1173436","电动",2017,"2017-12-08","10米","221度","宁德时代",221,"直流","中车时代","常规线路营运","通盛",85.7264857447337,"换电",{"v":260272.322,"d":"260,272.32"},{"v":0.8133,"d":"81.33%"},{"v":82.5,"d":"82.50"},{"v":18232.5,"d":"18,232.50"}]
[996,9471,"四业务部","1车队","黄建新13875895531","903路",9471,9471,"湘AF0583","湘A96558D","TEG6106BEV20","LHWCJ95DXH1173437","电动",2017,"2017-12-08","10米","221度","宁德时代",221,"直流","中车时代","常规线路营运","通盛",89.2631267603074,"换电",{"v":250878.611,"d":"250,878.61"},{"v":0.7126,"d":"71.26%"},{"v":82.5,"d":"82.50"},{"v":18232.5,"d":"18,232.50"}]
[997,9472,"四业务部","1车队","黄建新13875895531","903路",9472,9472,"湘AF5161","湘A04749D","TEG6106BEV20","LHWCJ95D1H1173438","电动",2017,"2017-12-08","10米","221度","宁德时代",221,"直流","中车时代","常规线路营运","通盛",86.378843288636,"换电",{"v":266746.543,"d":"266,746.54"},{"v":0.8226,"d":"82.26%"},{"v":82.5,"d":"82.50"},{"v":18232.5,"d":"18,232.50"}]
[998,9473,"四业务部","1车队","黄建新13875895531","903路",9473,9473,"湘AF5170","湘A95699D","TEG6106BEV20","LHWCJ95D3H1173439","电动",2017,"2017-12-08","10米","221度","宁德时代",221,"直流","中车时代","常规线路营运","通盛",89.3727849784698,"换电",{"v":264832.05,"d":"264,832.05"},{"v":0.7677,"d":"76.77%"},{"v":82.5,"d":"82.50"},{"v":18232.5,"d":"18,232.50"}]
[999,9474,"二业务部","4车队","文专辉15580930345","360路",9474,9474,"湘AF0237","湘A03538D","TEG6106BEV20","LHWCJ95DXH1173440","电动",2017,"2017-12-08","10米","221度","宁德时代",221,"直流","中车时代","常规线路营运","通盛",76.0433833104768,"换电",{"v":313965.406,"d":"313,965.41"},{"v":0.6807,"d":"68.07%"},{"v":82.5,"d":"82.50"},{"v":18232.5,"d":"18,232.50"}]
[1000,9475,"四业务部","1车队","黄建新13875895531","903路",9475,9475,"湘AF0291","湘A06774D","TEG6106BEV20","LHWCJ95D1H1173441","电动",2017,"2017-12-08","10米","221度","宁德时代",221,"直流","中车时代","常规线路营运","通盛",76.2730374346778,"换电",{"v":283269.914,"d":"283,269.91"},{"v":0.8126,"d":"81.26%"},{"v":82.5,"d":"82.50"},{"v":18232.5,"d":"18,232.50"}]
[1001,9476,"五业务部","7车队","张泽17607317210（主持工作）","122路",9476,9476,"湘AF5177","湘A92050D","TEG6106BEV20","LHWCJ95D3H1173442","电动",2017,"2017-12-08","10米","221度","宁德时代",221,"直流","中车时代","常规线路营运","通盛",82.2884824837981,"换电",{"v":278833.287,"d":"278,833.29"},{"v":0.7771,"d":"77.71%"},{"v":82.5,"d":"82.50"},{"v":18232.5,"d":"18,232.50"}]
[1002,9477,"四业务部","1车队","黄建新13875895531","918路",9477,9477,"湘AF0352","湘A02420D","TEG6106BEV20","LHWCJ95D5H1173443","电动",2017,"2017-12-08","10米","221度","宁德时代",221,"直流","中车时代","常规线路营运","通盛",77.0473503034103,"换电",{"v":287303.762,"d":"287,303.76"},{"v":0.7674,"d":"76.74%"},{"v":82.5,"d":"82.50"},{"v":18232.5,"d":"18,232.50"}]
[1003,9478,"五业务部","7车队","张泽17607317210（主持工作）","122路",9478,9478,"湘AF0382","湘A08593D","TEG6106BEV20","LHWCJ95D7H1173444","电动",2017,"2017-12-08","10米","221度","宁德时代",221,"直流","中车时代","常规线路营运","通盛",79.077851186101,"换电",{"v":303380.102,"d":"303,380.10"},{"v":0.7808,"d":"78.08%"},{"v":82.5,"d":"82.50"},{"v":18232.5,"d":"18,232.50"}]
[1004,9479,"五业务部","7车队","张泽17607317210（主持工作）","122路",9479,9479,"湘AF0763","湘A05593D","TEG6106BEV20","LHWCJ95D9H1173445","电动",2017,"2017-12-08","10米","221度","宁德时代",221,"直流","中车时代","常规线路营运","通盛",87.4058087028202,"换电",{"v":303850.461,"d":"303,850.46"},{"v":0.7613,"d":"76.13%"},{"v":82.5,"d":"82.50"},{"v":18232.5,"d":"18,232.50"}]
[1005,9480,"五业务部","7车队","张泽17607317210（主持工作）","122路",9480,9480,"湘AF0761","湘A98561D","TEG6106BEV20","LHWCJ95D0H1173446","电动",2017,"2017-12-08","10米","221度","宁德时代",221,"直流","中车时代","常规线路营运","通盛",84.446089113271,"换电",{"v":303675.079,"d":"303,675.08"},{"v":0.8134,"d":"81.34%"},{"v":82.5,"d":"82.50"},{"v":18232.5,"d":"18,232.50"}]
[1006,9481,"五业务部","7车队","张泽17607317210（主持工作）","122路",9481,9481,"湘AF0932","湘A01893D","TEG6106BEV20","LHWCJ95D2H1173447","电动",2017,"2017-12-08","10米","221度","宁德时代",221,"直流","中车时代","常规线路营运","通盛",87.0343516896829,"换电",{"v":272518.02,"d":"272,518.02"},{"v":0.796,"d":"79.60%"},{"v":82.5,"d":"82.50"},{"v":18232.5,"d":"18,232.50"}]
[1007,9482,"四业务部","3车队","赵青西13787063198","288路",9482,9482,"湘AF0723","湘A91375D","TEG6106BEV20","LHWCJ95D4H1173448","电动",2017,"2017-12-08","10米","221度","宁德时代",221,"直流","中车时代","常规线路营运","通盛",88.5352831697412,"换电",{"v":263384.906,"d":"263,384.91"},{"v":0.8322,"d":"83.22%"},{"v":82.5,"d":"82.50"},{"v":18232.5,"d":"18,232.50"}]
[1008,9483,"五业务部","7车队","张泽17607317210（主持工作）","122路",9483,9483,"湘AF5362","湘A07113D","TEG6106BEV20","LHWCJ95D6H1173449","电动",2017,"2017-12-08","10米","221度","宁德时代",221,"直流","中车时代","常规线路营运","通盛",90.3357144618622,"换电",{"v":283352.088,"d":"283,352.09"},{"v":0.7317,"d":"73.17%"},{"v":82.5,"d":"82.50"},{"v":18232.5,"d":"18,232.50"}]
[1009,9484,"四业务部","7车队","覃小军13298692758","371路",9484,9484,"湘AF0027","湘A01444D","TEG6106BEV20","LHWCJ95D2H1173450","电动",2017,"2017-12-08","10米","221度","宁德时代",221,"直流","中车时代","常规线路营运","通盛",95.5684461323124,"换电",{"v":244198.571,"d":"244,198.57"},{"v":0.7661,"d":"76.61%"},{"v":82.5,"d":"82.50"},{"v":18232.5,"d":"18,232.50"}]
[1010,9485,"五业务部","7车队","张泽17607317210（主持工作）","122路",9485,9485,"湘AF5007","湘A03126D","TEG6106BEV20","LHWCJ95D4H1173451","电动",2017,"2017-12-08","10米","221度","宁德时代",221,"直流","中车时代","常规线路营运","通盛",90.2164435237006,"换电",{"v":276644.263,"d":"276,644.26"},{"v":0.784,"d":"78.40%"},{"v":82.5,"d":"82.50"},{"v":18232.5,"d":"18,232.50"}]
[1011,9486,"五业务部","7车队","张泽17607317210（主持工作）","122路",9486,9486,"湘AF5082","湘A92138D","TEG6106BEV20","LHWCJ95D6H1173452","电动",2017,"2017-12-08","10米","221度","宁德时代",221,"直流","中车时代","常规线路营运","通盛",90.4329427850727,"换电",{"v":283352.726,"d":"283,352.73"},{"v":0.7514,"d":"75.14%"},{"v":82.5,"d":"82.50"},{"v":18232.5,"d":"18,232.50"}]
[1012,9487,"五业务部","4车队","黄学13787078668","239路",9487,9487,"湘AF5075","湘A90922D","TEG6106BEV20","LHWCJ95D8H1173453","电动",2017,"2017-12-08","10米","221度","宁德时代",221,"直流","中车时代","常规线路营运","通盛",77.2075615103669,"换电",{"v":278353.751,"d":"278,353.75"},{"v":0.7438,"d":"74.38%"},{"v":82.5,"d":"82.50"},{"v":18232.5,"d":"18,232.50"}]
[1013,9488,"五业务部","4车队","黄学13787078668","239路",9488,9488,"湘AF5080","湘A97066D","TEG6106BEV20","LHWCJ95DXH1173454","电动",2017,"2017-12-08","10米","221度","宁德时代",221,"直流","中车时代","常规线路营运","通盛",75.1374139414477,"换电",{"v":277133.181,"d":"277,133.18"},{"v":0.8028,"d":"80.28%"},{"v":82.5,"d":"82.50"},{"v":18232.5,"d":"18,232.50"}]
[1014,9489,"五业务部","9车队","彭景13787029829","915路",9489,9489,"湘AF0103","湘A05583D","TEG6106BEV20","LHWCJ95D1H1173455","电动",2017,"2017-12-08","10米","221度","宁德时代",221,"直流","中车时代","常规线路营运","通盛",76.4551524927786,"换电",{"v":288224.09,"d":"288,224.09"},{"v":0.7724,"d":"77.24%"},{"v":82.5,"d":"82.50"},{"v":18232.5,"d":"18,232.50"}]
[1015,9490,"五业务部","4车队","黄学13787078668","239路",9490,9490,"湘AF5087","湘A06213D","TEG6106BEV20","LHWCJ95D3H1173456","电动",2017,"2017-12-08","10米","221度","宁德时代",221,"直流","中车时代","常规线路营运","通盛",74.8721426648762,"换电",{"v":267728.142,"d":"267,728.14"},{"v":0.8188,"d":"81.88%"},{"v":82.5,"d":"82.50"},{"v":18232.5,"d":"18,232.50"}]
[1016,9491,"二业务部","4车队","文专辉15580930345","360路",9491,9491,"湘AF5373","湘A95069D","TEG6106BEV20","LHWCJ95D5H1173457","电动",2017,"2017-12-08","10米","221度","宁德时代",221,"直流","中车时代","常规线路营运","通盛",89.8284494309634,"换电",{"v":271992.869,"d":"271,992.87"},{"v":0.7677,"d":"76.77%"},{"v":82.5,"d":"82.50"},{"v":18232.5,"d":"18,232.50"}]
[1017,9492,"四业务部","1车队","黄建新13875895531","903路",9492,9492,"湘AF5390","湘A98597D","TEG6106BEV20","LHWCJ95D7H1173458","电动",2017,"2017-12-08","10米","221度","宁德时代",221,"直流","中车时代","常规线路营运","通盛",78.0014248882213,"换电",{"v":278690.077,"d":"278,690.08"},{"v":0.7611,"d":"76.11%"},{"v":82.5,"d":"82.50"},{"v":18232.5,"d":"18,232.50"}]
[1018,9493,"四业务部","5车队","刘忠民13874908456","355路",9493,9493,"湘AF5171","湘A00590D","TEG6106BEV20","LHWCJ95D9H1173459","电动",2017,"2017-12-08","10米","221度","宁德时代",221,"直流","中车时代","常规线路营运","通盛",87.9394282032678,"换电",{"v":333028.473,"d":"333,028.47"},{"v":0.7735,"d":"77.35%"},{"v":82.5,"d":"82.50"},{"v":18232.5,"d":"18,232.50"}]
[1019,9494,"四业务部","5车队","刘忠民13874908456","355路",9494,9494,"湘AF5051","湘A99168D","TEG6106BEV20","LHWCJ95D5H1173460","电动",2017,"2017-12-08","10米","221度","宁德时代",221,"直流","中车时代","常规线路营运","通盛",88.9855469804223,"换电",{"v":314344.507,"d":"314,344.51"},{"v":0.8033,"d":"80.33%"},{"v":82.5,"d":"82.50"},{"v":18232.5,"d":"18,232.50"}]
[1020,9495,"四业务部","5车队","刘忠民13874908456","355路",9495,9495,"湘AF5368","湘A07614D","TEG6106BEV20","LHWCJ95D7H1173461","电动",2017,"2017-12-08","10米","221度","宁德时代",221,"直流","中车时代","常规线路营运","通盛",89.9327729515513,"换电",{"v":323855.462,"d":"323,855.46"},{"v":0.7985,"d":"79.85%"},{"v":82.5,"d":"82.50"},{"v":18232.5,"d":"18,232.50"}]
[1021,9496,"四业务部","5车队","刘忠民13874908456","355路",9496,9496,"湘AF0294","湘A00348D","TEG6106BEV20","LHWCJ95D9H1173462","电动",2017,"2017-12-08","10米","221度","宁德时代",221,"直流","中车时代","常规线路营运","通盛",87.9905273895385,"换电",{"v":316507.824,"d":"316,507.82"},{"v":0.7541,"d":"75.41%"},{"v":82.5,"d":"82.50"},{"v":18232.5,"d":"18,232.50"}]
[1022,9497,"四业务部","5车队","刘忠民13874908456","355路",9497,9497,"湘AF0312","湘A04851D","TEG6106BEV20","LHWCJ95D0H1173463","电动",2017,"2017-12-08","10米","221度","宁德时代",221,"直流","中车时代","常规线路营运","通盛",92.0386779175708,"换电",{"v":314482.158,"d":"314,482.16"},{"v":0.7692,"d":"76.92%"},{"v":82.5,"d":"82.50"},{"v":18232.5,"d":"18,232.50"}]
[1023,9498,"四业务部","5车队","刘忠民13874908456","355路",9498,9498,"湘AF5179","湘A01635D","TEG6106BEV20","LHWCJ95D2H1173464","电动",2017,"2017-12-08","10米","221度","宁德时代",221,"直流","中车时代","常规线路营运","通盛",84.1313915560252,"换电",{"v":318322.505,"d":"318,322.51"},{"v":0.7413,"d":"74.13%"},{"v":82.5,"d":"82.50"},{"v":18232.5,"d":"18,232.50"}]
[1024,9499,"四业务部","5车队","刘忠民13874908456","355路",9499,9499,"湘AF5066","湘A90195D","TEG6106BEV20","LHWCJ95D4H1173465","电动",2017,"2017-12-08","10米","221度","宁德时代",221,"直流","中车时代","常规线路营运","通盛",90.5250683285259,"换电",{"v":325526.11,"d":"325,526.11"},{"v":0.7652,"d":"76.52%"},{"v":82.5,"d":"82.50"},{"v":18232.5,"d":"18,232.50"}]
[1025,9500,"四业务部","5车队","刘忠民13874908456","355路",9500,9500,"湘AF0065","湘A97161D","TEG6106BEV20","LHWCJ95D6H1173466","电动",2017,"2017-12-08","10米","221度","宁德时代",221,"直流","中车时代","常规线路营运","通盛",87.2366951782587,"换电",{"v":341091.459,"d":"341,091.46"},{"v":0.81,"d":"81.00%"},{"v":82.5,"d":"82.50"},{"v":18232.5,"d":"18,232.50"}]
[1026,9501,"四业务部","5车队","刘忠民13874908456","355路",9501,9501,"湘AF5189","湘A01093D","TEG6106BEV20","LHWCJ95D8H1173467","电动",2017,"2017-12-08","10米","221度","宁德时代",221,"直流","中车时代","常规线路营运","通盛",82.3126698367485,"换电",{"v":332398.004,"d":"332,398.00"},{"v":0.7081,"d":"70.81%"},{"v":82.5,"d":"82.50"},{"v":18232.5,"d":"18,232.50"}]
[1027,9502,"四业务部","5车队","刘忠民13874908456","355路",9502,9502,"湘AF1521","湘A99581D","TEG6106BEV20","LHWCJ95DXH1173468","电动",2017,"2017-12-08","10米","221度","宁德时代",221,"直流","中车时代","常规线路营运","通盛",87.082280980502,"换电",{"v":320052.71,"d":"320,052.71"},{"v":0.749,"d":"74.90%"},{"v":82.5,"d":"82.50"},{"v":18232.5,"d":"18,232.50"}]
[1028,9503,"四业务部","5车队","刘忠民13874908456","355路",9503,9503,"湘AF0015","湘A06813D","TEG6106BEV20","LHWCJ95D1H1173469","电动",2017,"2017-12-08","10米","221度","宁德时代",221,"直流","中车时代","常规线路营运","通盛",85.4827875254442,"换电",{"v":308649.256,"d":"308,649.26"},{"v":0.7286,"d":"72.86%"},{"v":82.5,"d":"82.50"},{"v":18232.5,"d":"18,232.50"}]
[1029,9504,"四业务部","5车队","刘忠民13874908456","355路",9504,9504,"湘AF5330","湘A05229D","TEG6106BEV20","LHWCJ95D8H1173470","电动",2017,"2017-12-08","10米","221度","宁德时代",221,"直流","中车时代","常规线路营运","通盛",86.6350803539858,"换电",{"v":315927.192,"d":"315,927.19"},{"v":0.7738,"d":"77.38%"},{"v":82.5,"d":"82.50"},{"v":18232.5,"d":"18,232.50"}]
[1030,9505,"四业务部","10车队","王政威13017281978","913路",9505,9505,"湘AF5018","湘A90321D","TEG6106BEV20","LHWCJ95DXH1173471","电动",2017,"2017-12-08","10米","221度","宁德时代",221,"直流","中车时代","常规线路营运","通盛",93.2524621567035,"换电",{"v":267363.844,"d":"267,363.84"},{"v":0.76,"d":"76.00%"},{"v":82.5,"d":"82.50"},{"v":18232.5,"d":"18,232.50"}]
[1031,9506,"四业务部","10车队","王政威13017281978","913路",9506,9506,"湘AF0203","湘A91270D","TEG6106BEV20","LHWCJ95D1H1173472","电动",2017,"2017-12-08","10米","221度","宁德时代",221,"直流","中车时代","常规线路营运","通盛",89.1139321413987,"换电",{"v":279949.262,"d":"279,949.26"},{"v":0.8256,"d":"82.56%"},{"v":82.5,"d":"82.50"},{"v":18232.5,"d":"18,232.50"}]
[1032,9507,"四业务部","1车队","黄建新13875895531","903路",9507,9507,"湘AF0200","湘A06753D","TEG6106BEV20","LHWCJ95D3H1173473","电动",2017,"2017-12-08","10米","221度","宁德时代",221,"直流","中车时代","常规线路营运","通盛",81.4834430345119,"换电",{"v":283159.226,"d":"283,159.23"},{"v":0.7426,"d":"74.26%"},{"v":82.5,"d":"82.50"},{"v":18232.5,"d":"18,232.50"}]
[1033,9509,"四业务部","1车队","黄建新13875895531","903路",9509,9509,"湘AF0675","湘A03370D","TEG6106BEV20","LHWCJ95D7H1173475","电动",2017,"2017-12-08","10米","221度","宁德时代",221,"直流","中车时代","常规线路营运","通盛",82.1767589255487,"换电",{"v":313495.83,"d":"313,495.83"},{"v":0.8183,"d":"81.83%"},{"v":82.5,"d":"82.50"},{"v":18232.5,"d":"18,232.50"}]
[1034,9510,"五业务部","9车队","彭景13787029829","370路",9510,9510,"湘AF0272","湘A01716D","TEG6106BEV20","LHWCJ95D9H1173476","电动",2017,"2017-12-08","10米","221度","宁德时代",221,"直流","中车时代","常规线路营运","通盛",77.7367354362625,"换电",{"v":280644.898,"d":"280,644.90"},{"v":0.7311,"d":"73.11%"},{"v":82.5,"d":"82.50"},{"v":18232.5,"d":"18,232.50"}]
[1035,9511,"五业务部","9车队","彭景13787029829","370路",9511,9511,"湘AF5380","湘A93026D","TEG6106BEV20","LHWCJ95D0H1173477","电动",2017,"2017-12-08","10米","221度","宁德时代",221,"直流","中车时代","常规线路营运","通盛",75.5693257920843,"换电",{"v":303310.303,"d":"303,310.30"},{"v":0.7088,"d":"70.88%"},{"v":82.5,"d":"82.50"},{"v":18232.5,"d":"18,232.50"}]
[1036,9512,"五业务部","9车队","彭景13787029829","370路",9512,9512,"湘AF5009","湘A03187D","TEG6106BEV20","LHWCJ95D2H1173478","电动",2017,"2017-12-08","10米","221度","宁德时代",221,"直流","中车时代","常规线路营运","通盛",88.610198306562,"换电",{"v":299987.246,"d":"299,987.25"},{"v":0.7545,"d":"75.45%"},{"v":82.5,"d":"82.50"},{"v":18232.5,"d":"18,232.50"}]
[1037,9513,"五业务部","9车队","彭景13787029829","370路",9513,9513,"湘AF0020","湘A95723D","TEG6106BEV20","LHWCJ95D4H1173479","电动",2017,"2017-12-08","10米","221度","宁德时代",221,"直流","中车时代","常规线路营运","通盛",72.8329501626905,"换电",{"v":293943.589,"d":"293,943.59"},{"v":0.757,"d":"75.70%"},{"v":82.5,"d":"82.50"},{"v":18232.5,"d":"18,232.50"}]
[1038,9514,"五业务部","9车队","彭景13787029829","915路",9514,9514,"湘AF5322","湘A05387D","TEG6106BEV20","LHWCJ95D0H1173480","电动",2017,"2017-12-08","10米","221度","宁德时代",221,"直流","中车时代","常规线路营运","通盛",79.9395229930238,"换电",{"v":295871.278,"d":"295,871.28"},{"v":0.8268,"d":"82.68%"},{"v":82.5,"d":"82.50"},{"v":18232.5,"d":"18,232.50"}]
[1039,9515,"五业务部","9车队","彭景13787029829","370路",9515,9515,"湘AF5156","湘A07053D","TEG6106BEV20","LHWCJ95D2H1173481","电动",2017,"2017-12-08","10米","221度","宁德时代",221,"直流","中车时代","常规线路营运","通盛",86.1898372406724,"换电",{"v":315174.56,"d":"315,174.56"},{"v":0.7792,"d":"77.92%"},{"v":82.5,"d":"82.50"},{"v":18232.5,"d":"18,232.50"}]
[1040,9516,"五业务部","9车队","彭景13787029829","370路",9516,9516,"湘AF0226","湘A91312D","TEG6106BEV20","LHWCJ95D4H1173482","电动",2017,"2017-12-08","10米","221度","宁德时代",221,"直流","中车时代","常规线路营运","通盛",80.7994486560992,"换电",{"v":313152.907,"d":"313,152.91"},{"v":0.6584,"d":"65.84%"},{"v":82.5,"d":"82.50"},{"v":18232.5,"d":"18,232.50"}]
[1041,9517,"五业务部","9车队","彭景13787029829","370路",9517,9517,"湘AF5311","湘A08295D","TEG6106BEV20","LHWCJ95D6H1173483","电动",2017,"2017-12-08","10米","221度","宁德时代",221,"直流","中车时代","常规线路营运","通盛",84.0112487358399,"换电",{"v":289052.755,"d":"289,052.76"},{"v":0.8155,"d":"81.55%"},{"v":82.5,"d":"82.50"},{"v":18232.5,"d":"18,232.50"}]
[1042,9518,"五业务部","9车队","彭景13787029829","370路",9518,9518,"湘AF0201","湘A96011D","TEG6106BEV20","LHWCJ95D8H1173484","电动",2017,"2017-12-08","10米","221度","宁德时代",221,"直流","中车时代","常规线路营运","通盛",73.0096372147846,"换电",{"v":314008.15,"d":"314,008.15"},{"v":0.7744,"d":"77.44%"},{"v":82.5,"d":"82.50"},{"v":18232.5,"d":"18,232.50"}]
[1043,9519,"五业务部","9车队","彭景13787029829","370路",9519,9519,"湘AF5309","湘A05113D","TEG6106BEV20","LHWCJ95DXH1173485","电动",2017,"2017-12-08","10米","221度","宁德时代",221,"直流","中车时代","常规线路营运","通盛",88.8281042486399,"换电",{"v":282473.49,"d":"282,473.49"},{"v":0.7624,"d":"76.24%"},{"v":82.5,"d":"82.50"},{"v":18232.5,"d":"18,232.50"}]
[1044,9520,"五业务部","9车队","彭景13787029829","705路",9520,9520,"湘AF0061","湘A01450D","TEG6106BEV20","LHWCJ95D1H1173486","电动",2017,"2017-12-08","10米","221度","宁德时代",221,"直流","中车时代","常规线路营运","通盛",76.7196463177443,"换电",{"v":339256.755,"d":"339,256.76"},{"v":0.7984,"d":"79.84%"},{"v":82.5,"d":"82.50"},{"v":18232.5,"d":"18,232.50"}]
[1045,9521,"五业务部","9车队","彭景13787029829","705路",9521,9521,"湘AF0239","湘A09457D","TEG6106BEV20","LHWCJ95D3H1173487","电动",2017,"2017-12-08","10米","221度","宁德时代",221,"直流","中车时代","常规线路营运","通盛",73.7202382951287,"换电",{"v":303965.201,"d":"303,965.20"},{"v":0.7922,"d":"79.22%"},{"v":82.5,"d":"82.50"},{"v":18232.5,"d":"18,232.50"}]
[1046,9522,"五业务部","9车队","彭景13787029829","705路",9522,9522,"湘AF5039","湘A00725D","TEG6106BEV20","LHWCJ95D5H1173488","电动",2017,"2017-12-08","10米","221度","宁德时代",221,"直流","中车时代","常规线路营运","通盛",78.1746473851913,"换电",{"v":305817.245,"d":"305,817.25"},{"v":0.7948,"d":"79.48%"},{"v":82.5,"d":"82.50"},{"v":18232.5,"d":"18,232.50"}]
[1047,9523,"五业务部","9车队","彭景13787029829","705路",9523,9523,"湘AF5385","湘A04304D","TEG6106BEV20","LHWCJ95D7H1173489","电动",2017,"2017-12-08","10米","221度","宁德时代",221,"直流","中车时代","常规线路营运","通盛",77.5908598750697,"换电",{"v":300328.339,"d":"300,328.34"},{"v":0.7517,"d":"75.17%"},{"v":82.5,"d":"82.50"},{"v":18232.5,"d":"18,232.50"}]
[1048,9524,"五业务部","9车队","彭景13787029829","705路",9524,9524,"湘AF5152","湘A03613D","TEG6106BEV20","LHWCJ95D3H1173490","电动",2017,"2017-12-08","10米","221度","宁德时代",221,"直流","中车时代","常规线路营运","通盛",78.7932585504698,"换电",{"v":297711.811,"d":"297,711.81"},{"v":0.7942,"d":"79.42%"},{"v":82.5,"d":"82.50"},{"v":18232.5,"d":"18,232.50"}]
[1049,9525,"五业务部","9车队","彭景13787029829","705路",9525,9525,"湘AF5300","湘A99238D","TEG6106BEV20","LHWCJ95D5H1173491","电动",2017,"2017-12-08","10米","221度","宁德时代",221,"直流","中车时代","常规线路营运","通盛",77.6338011825829,"换电",{"v":277324.407,"d":"277,324.41"},{"v":0.8238,"d":"82.38%"},{"v":82.5,"d":"82.50"},{"v":18232.5,"d":"18,232.50"}]
[1050,9526,"五业务部","9车队","彭景13787029829","705路",9526,9526,"湘AF5061","湘A96720D","TEG6106BEV20","LHWCJ95D7H1173492","电动",2017,"2017-12-08","10米","221度","宁德时代",221,"直流","中车时代","常规线路营运","通盛",78.6463823006734,"换电",{"v":292877.879,"d":"292,877.88"},{"v":0.7062,"d":"70.62%"},{"v":82.5,"d":"82.50"},{"v":18232.5,"d":"18,232.50"}]
[1051,9527,"三业务部","5车队","牛巍巍13755111011","212路",9527,9527,"湘AF5059","湘A95108D","TEG6106BEV20","LHWCJ95D9H1173493","电动",2017,"2017-12-08","10米","221度","宁德时代",221,"直流","中车时代","常规线路营运","通盛",84.0753051281371,"换电",{"v":284912.7,"d":"284,912.70"},{"v":0.7915,"d":"79.15%"},{"v":82.5,"d":"82.50"},{"v":18232.5,"d":"18,232.50"}]
[1052,9528,"三业务部","5车队","牛巍巍13755111011","212路",9528,9528,"湘AF5055","湘A95989D","TEG6106BEV20","LHWCJ95D0H1173494","电动",2017,"2017-12-08","10米","221度","宁德时代",221,"直流","中车时代","常规线路营运","通盛",82.6385153558526,"换电",{"v":315479.832,"d":"315,479.83"},{"v":0.8013,"d":"80.13%"},{"v":82.5,"d":"82.50"},{"v":18232.5,"d":"18,232.50"}]
[1053,9529,"三业务部","5车队","牛巍巍13755111011","212路",9529,9529,"湘AF0162","湘A97006D","TEG6106BEV20","LHWCJ95D2H1173495","电动",2017,"2017-12-08","10米","221度","宁德时代",221,"直流","中车时代","常规线路营运","通盛",82.6635097288532,"换电",{"v":324231.144,"d":"324,231.14"},{"v":0.7599,"d":"75.99%"},{"v":82.5,"d":"82.50"},{"v":18232.5,"d":"18,232.50"}]
[1054,9530,"三业务部","5车队","牛巍巍13755111011","212路",9530,9530,"湘AF5086","湘A96777D","TEG6106BEV20","LHWCJ95D4H1173496","电动",2017,"2017-12-08","10米","221度","宁德时代",221,"直流","中车时代","常规线路营运","通盛",84.0763373029287,"换电",{"v":320809.076,"d":"320,809.08"},{"v":0.7798,"d":"77.98%"},{"v":82.5,"d":"82.50"},{"v":18232.5,"d":"18,232.50"}]
[1055,9531,"三业务部","5车队","牛巍巍13755111011","212路",9531,9531,"湘AF5119","湘A05135D","TEG6106BEV20","LHWCJ95D6H1173497","电动",2017,"2017-12-08","10米","221度","宁德时代",221,"直流","中车时代","常规线路营运","通盛",78.6112169397044,"换电",{"v":313232.665,"d":"313,232.67"},{"v":0.8275,"d":"82.75%"},{"v":82.5,"d":"82.50"},{"v":18232.5,"d":"18,232.50"}]
[1056,9532,"三业务部","9车队","刘爱华13507319148","220路",9532,9532,"湘AF0075","湘A95308D","TEG6106BEV20","LHWCJ95D8H1173498","电动",2017,"2017-12-08","10米","221度","宁德时代",221,"直流","中车时代","常规线路营运","通盛",68.9458969080916,"换电",{"v":335054.625,"d":"335,054.63"},{"v":0.8155,"d":"81.55%"},{"v":82.5,"d":"82.50"},{"v":18232.5,"d":"18,232.50"}]
[1057,9533,"三业务部","9车队","刘爱华13507319148","167路",9533,9533,"湘AF5175","湘A09004D","TEG6106BEV20","LHWCJ95DXH1173499","电动",2017,"2017-12-08","10米","221度","宁德时代",221,"直流","中车时代","常规线路营运","通盛",86.7415308403186,"换电",{"v":299431.47,"d":"299,431.47"},{"v":0.7956,"d":"79.56%"},{"v":82.5,"d":"82.50"},{"v":18232.5,"d":"18,232.50"}]
[1058,9534,"三业务部","3车队","丁广新15367802570","365路",9534,9534,"湘AF5192","湘A97028D","TEG6106BEV20","LHWCJ95D2H1173500","电动",2017,"2017-12-08","10米","221度","宁德时代",221,"直流","中车时代","常规线路营运","通盛",87.8963077620893,"换电",{"v":299957.457,"d":"299,957.46"},{"v":0.7522,"d":"75.22%"},{"v":82.5,"d":"82.50"},{"v":18232.5,"d":"18,232.50"}]
[1059,9535,"四业务部","4车队","刘果13755037587","386路",9535,9535,"湘AF5382","湘A07135D","TEG6106BEV20","LHWCJ95D4H1173501","电动",2017,"2017-12-08","10米","221度","宁德时代",221,"直流","中车时代","常规线路营运","通盛",82.036443454701,"换电",{"v":260496.689,"d":"260,496.69"},{"v":0.7756,"d":"77.56%"},{"v":82.5,"d":"82.50"},{"v":18232.5,"d":"18,232.50"}]
[1060,9536,"四业务部","4车队","刘果13755037587","386路",9536,9536,"湘AF5328","湘A05776D","TEG6106BEV20","LHWCJ95D6H1173502","电动",2017,"2017-12-08","10米","221度","宁德时代",221,"直流","中车时代","常规线路营运","通盛",73.6627831618939,"换电",{"v":297943,"d":"297,943.00"},{"v":0.7813,"d":"78.13%"},{"v":82.5,"d":"82.50"},{"v":18232.5,"d":"18,232.50"}]
[1061,9537,"四业务部","4车队","刘果13755037587","386路",9537,9537,"湘AF0050","湘A91106D","TEG6106BEV20","LHWCJ95D8H1173503","电动",2017,"2017-12-08","10米","221度","宁德时代",221,"直流","中车时代","常规线路营运","通盛",81.2285786432795,"换电",{"v":296944.63,"d":"296,944.63"},{"v":0.8056,"d":"80.56%"},{"v":82.5,"d":"82.50"},{"v":18232.5,"d":"18,232.50"}]
[1062,9538,"四业务部","4车队","刘果13755037587","386路",9538,9538,"湘AF5062","湘A01992D","TEG6106BEV20","LHWCJ95DXH1173504","电动",2017,"2017-12-08","10米","221度","宁德时代",221,"直流","中车时代","常规线路营运","通盛",76.288282015142,"换电",{"v":295220.21,"d":"295,220.21"},{"v":0.863,"d":"86.30%"},{"v":82.5,"d":"82.50"},{"v":18232.5,"d":"18,232.50"}]
[1063,9539,"四业务部","4车队","刘果13755037587","386路",9539,9539,"湘AF0781","湘A09106D","TEG6106BEV20","LHWCJ95D1H1173505","电动",2017,"2017-12-08","10米","221度","宁德时代",221,"直流","中车时代","常规线路营运","通盛",75.942032455178,"换电",{"v":304229.775,"d":"304,229.78"},{"v":0.6919,"d":"69.19%"},{"v":82.5,"d":"82.50"},{"v":18232.5,"d":"18,232.50"}]
[1064,9540,"四业务部","4车队","刘果13755037587","386路",9540,9540,"湘AF5167","湘A03531D","TEG6106BEV20","LHWCJ95D3H1173506","电动",2017,"2017-12-08","10米","221度","宁德时代",221,"直流","中车时代","常规线路营运","通盛",81.3637062251269,"换电",{"v":301375.517,"d":"301,375.52"},{"v":0.7103,"d":"71.03%"},{"v":82.5,"d":"82.50"},{"v":18232.5,"d":"18,232.50"}]
[1065,9541,"四业务部","4车队","刘果13755037587","386路",9541,9541,"湘AF5069","湘A04934D","TEG6106BEV20","LHWCJ95D5H1173507","电动",2017,"2017-12-08","10米","221度","宁德时代",221,"直流","中车时代","常规线路营运","通盛",78.5978263905529,"换电",{"v":305610.52,"d":"305,610.52"},{"v":0.7854,"d":"78.54%"},{"v":82.5,"d":"82.50"},{"v":18232.5,"d":"18,232.50"}]
[1066,9542,"四业务部","4车队","刘果13755037587","386路",9542,9542,"湘AF5320","湘A02367D","TEG6106BEV20","LHWCJ95D7H1173508","电动",2017,"2017-12-08","10米","221度","宁德时代",221,"直流","中车时代","常规线路营运","通盛",75.9944912754606,"换电",{"v":297486.949,"d":"297,486.95"},{"v":0.7613,"d":"76.13%"},{"v":82.5,"d":"82.50"},{"v":18232.5,"d":"18,232.50"}]
[1067,9543,"四业务部","4车队","刘果13755037587","386路",9543,9543,"湘AF5100","湘A06607D","TEG6106BEV20","LHWCJ95D9H1173509","电动",2017,"2017-12-08","10米","221度","宁德时代",221,"直流","中车时代","常规线路营运","通盛",79.9371899769565,"换电",{"v":256315.808,"d":"256,315.81"},{"v":0.7733,"d":"77.33%"},{"v":82.5,"d":"82.50"},{"v":18232.5,"d":"18,232.50"}]
[1068,9544,"四业务部","4车队","刘果13755037587","386路",9544,9544,"湘AF5099","湘A07983D","TEG6106BEV20","LHWCJ95D5H1173510","电动",2017,"2017-12-08","10米","221度","宁德时代",221,"直流","中车时代","常规线路营运","通盛",82.8457995757038,"换电",{"v":264913.14,"d":"264,913.14"},{"v":0.8399,"d":"83.99%"},{"v":82.5,"d":"82.50"},{"v":18232.5,"d":"18,232.50"}]
[1069,9545,"四业务部","4车队","刘果13755037587","386路",9545,9545,"湘AF5077","湘A07394D","TEG6106BEV20","LHWCJ95D7H1173511","电动",2017,"2017-12-08","10米","221度","宁德时代",221,"直流","中车时代","常规线路营运","通盛",83.3909963764407,"换电",{"v":260403.321,"d":"260,403.32"},{"v":0.8406,"d":"84.06%"},{"v":82.5,"d":"82.50"},{"v":18232.5,"d":"18,232.50"}]
[1070,9546,"四业务部","4车队","刘果13755037587","386路",9546,9546,"湘AF0265","湘A03963D","TEG6106BEV20","LHWCJ95D9H1173512","电动",2017,"2017-12-08","10米","221度","宁德时代",221,"直流","中车时代","常规线路营运","通盛",73.3130195614978,"换电",{"v":262616.39,"d":"262,616.39"},{"v":0.8463,"d":"84.63%"},{"v":82.5,"d":"82.50"},{"v":18232.5,"d":"18,232.50"}]
[1071,9547,"四业务部","4车队","刘果13755037587","386路",9547,9547,"湘AF0279","湘A05703D","TEG6106BEV20","LHWCJ95D0H1173513","电动",2017,"2017-12-08","10米","221度","宁德时代",221,"直流","中车时代","常规线路营运","通盛",75.7973641198241,"换电",{"v":267079.463,"d":"267,079.46"},{"v":0.8219,"d":"82.19%"},{"v":82.5,"d":"82.50"},{"v":18232.5,"d":"18,232.50"}]
[1072,9548,"四业务部","4车队","刘果13755037587","367路",9548,9548,"湘AF5005","湘A03067D","TEG6106BEV20","LHWCJ95D2H1173514","电动",2017,"2017-12-08","10米","221度","宁德时代",221,"直流","中车时代","常规线路营运","通盛",83.0808316355335,"换电",{"v":264887.462,"d":"264,887.46"},{"v":0.8228,"d":"82.28%"},{"v":82.5,"d":"82.50"},{"v":18232.5,"d":"18,232.50"}]
[1073,9549,"四业务部","4车队","刘果13755037587","367路",9549,9549,"湘AF0097","湘A93332D","TEG6106BEV20","LHWCJ95D4H1173515","电动",2017,"2017-12-08","10米","221度","宁德时代",221,"直流","中车时代","常规线路营运","通盛",77.3738865594426,"换电",{"v":268580.87,"d":"268,580.87"},{"v":0.7966,"d":"79.66%"},{"v":82.5,"d":"82.50"},{"v":18232.5,"d":"18,232.50"}]
[1074,9550,"四业务部","5车队","刘忠民13874908456","317路",9550,9550,"湘AF5337","湘A07940D","TEG6106BEV20","LHWCJ95D6H1173516","电动",2017,"2017-12-08","10米","221度","宁德时代",221,"直流","中车时代","常规线路营运","通盛",74.9336463120309,"换电",{"v":285928.558,"d":"285,928.56"},{"v":0.7172,"d":"71.72%"},{"v":82.5,"d":"82.50"},{"v":18232.5,"d":"18,232.50"}]
[1075,9551,"四业务部","5车队","刘忠民13874908456","317路",9551,9551,"湘AF0132","湘A90826D","TEG6106BEV20","LHWCJ95D8H1173517","电动",2017,"2017-12-08","10米","221度","宁德时代",221,"直流","中车时代","常规线路营运","通盛",80.1179158141475,"换电",{"v":291358.34,"d":"291,358.34"},{"v":0.7643,"d":"76.43%"},{"v":82.5,"d":"82.50"},{"v":18232.5,"d":"18,232.50"}]
[1076,9552,"四业务部","5车队","刘忠民13874908456","317路",9552,9552,"湘AF5308","湘A95052D","TEG6106BEV20","LHWCJ95DXH1173518","电动",2017,"2017-12-08","10米","221度","宁德时代",221,"直流","中车时代","常规线路营运","通盛",74.7365445270924,"换电",{"v":286089.43,"d":"286,089.43"},{"v":0.7126,"d":"71.26%"},{"v":82.5,"d":"82.50"},{"v":18232.5,"d":"18,232.50"}]
["合计",{"$nulls":17},221620,{"$nulls":6},{"v":321642363.469954,"d":"321,642,363.47"},null,null,{"v":18283700,"d":"18,283,700.00"}]
["评估机构：长沙德晟资产评估事务所（普通合伙）"]
["填表日期：2025年9月8日"]